Statistics for Countries in Random Cut-out Squares of the World Map

Click here to take the quiz!

General Stats

  • This quiz has been taken 220 times
  • The average score is 15 of 18

Answers on the Map

Answers color-coded by a green-red scale on the quiz's map according to % correct below.
 

Answer Stats

# AnswersCountries% Correct
10Algeria | Mali | Mauritania | Guinea | Burkina Faso | Ghana | Togo | Benin | Nigeria | Niger
100%
10Algeria | Mali | Mauritania | Guinea | Burkina Faso | Ghana | Togo | Benin | Nigeria | Niger
100%
10Algeria | Mali | Mauritania | Guinea | Burkina Faso | Ghana | Togo | Benin | Nigeria | Niger
100%
10Algeria | Mali | Mauritania | Guinea | Burkina Faso | Ghana | Togo | Benin | Nigeria | Niger
100%
10Algeria | Mali | Mauritania | Guinea | Burkina Faso | Ghana | Togo | Benin | Nigeria | Niger
100%
10Algeria | Mali | Mauritania | Guinea | Burkina Faso | Ghana | Togo | Benin | Nigeria | Niger
100%
10Algeria | Mali | Mauritania | Guinea | Burkina Faso | Ghana | Togo | Benin | Nigeria | Niger
100%
10Algeria | Mali | Mauritania | Guinea | Burkina Faso | Ghana | Togo | Benin | Nigeria | Niger
100%
10Algeria | Mali | Mauritania | Guinea | Burkina Faso | Ghana | Togo | Benin | Nigeria | Niger
100%
10Algeria | Mali | Mauritania | Guinea | Burkina Faso | Ghana | Togo | Benin | Nigeria | Niger
100%
10Algeria | Mali | Mauritania | Guinea | Burkina Faso | Ghana | Togo | Benin | Nigeria | Niger
100%
3Argentina | Uruguay | Brazil
100%
3Argentina | Uruguay | Brazil
100%
3Argentina | Uruguay | Brazil
100%
3Argentina | Uruguay | Brazil
100%
3Argentina | Uruguay | Brazil
100%
3Argentina | Uruguay | Brazil
100%
3Argentina | Uruguay | Brazil
100%
3Argentina | Uruguay | Brazil
100%
1Australia
100%
1Australia
100%
1Australia
100%
1Australia
100%
1Australia
100%
1Australia
100%
1Australia
100%
1Australia
100%
1Australia
100%
1Australia
100%
1Australia
100%
1Australia
100%
1Australia
100%
1Australia
100%
1Australia
100%
1Australia
100%
1Australia
100%
1Australia
100%
1Australia
100%
1Australia
100%
1Australia
100%
1Australia
100%
1Australia
100%
1Australia
100%
1Australia
100%
1Australia
100%
1Australia
100%
1Australia
100%
1Australia
100%
1Australia
100%
1Australia
100%
1Australia
100%
1Australia
100%
1Australia
100%
1Australia
100%
1Australia
100%
1Australia
100%
1Australia
100%
1Australia
100%
1Australia
100%
1Australia
100%
1Australia
100%
1Australia
100%
1Australia
100%
1Australia
100%
1Australia
100%
1Australia
100%
3Australia | Indonesia | East Timor
100%
3Australia | Indonesia | East Timor
100%
3Australia | Indonesia | East Timor
100%
3Australia | Indonesia | East Timor
100%
3Australia | Indonesia | East Timor
100%
3Australia | Indonesia | East Timor
100%
3Australia | Indonesia | East Timor
100%
3Australia | Indonesia | Papua New Guinea
100%
3Australia | Indonesia | Papua New Guinea
100%
3Australia | Indonesia | Papua New Guinea
100%
3Australia | Indonesia | Papua New Guinea
100%
3Australia | Indonesia | Papua New Guinea
100%
3Australia | Indonesia | Papua New Guinea
100%
3Australia | Indonesia | Papua New Guinea
100%
3Australia | Indonesia | Papua New Guinea
100%
3Australia | Indonesia | Papua New Guinea
100%
3Australia | Indonesia | Papua New Guinea
100%
3Australia | Indonesia | Papua New Guinea
100%
3Australia | Indonesia | Papua New Guinea
100%
3Australia | Indonesia | Papua New Guinea
100%
3Australia | Indonesia | Papua New Guinea
100%
3Australia | Indonesia | Papua New Guinea
100%
3Australia | Indonesia | Papua New Guinea
100%
3Australia | Vanuatu | France
100%
3Australia | Vanuatu | France
100%
3Australia | Vanuatu | France
100%
3Australia | Vanuatu | France
100%
3Australia | Vanuatu | France
100%
3Australia | Vanuatu | France
100%
3Australia | Vanuatu | France
100%
3Australia | Vanuatu | France
100%
3Australia | Vanuatu | France
100%
3Australia | Vanuatu | France
100%
3Australia | Vanuatu | France
100%
1Brazil
100%
1Brazil
100%
1Brazil
100%
1Brazil
100%
1Brazil
100%
1Brazil
100%
1Brazil
100%
1Brazil
100%
1Brazil
100%
1Brazil
100%
1Brazil
100%
1Brazil
100%
1Brazil
100%
1Brazil
100%
1Brazil
100%
1Brazil
100%
1Brazil
100%
1Brazil
100%
1Brazil
100%
1Brazil
100%
1Brazil
100%
3Brazil | Bolivia | Peru
100%
3Brazil | Bolivia | Peru
100%
3Brazil | Bolivia | Peru
100%
3Brazil | Bolivia | Peru
100%
3Brazil | Bolivia | Peru
100%
3Brazil | Bolivia | Peru
100%
3Brazil | Bolivia | Peru
100%
6Brazil | Paraguay | Argentina | Chile | Bolivia | Peru
100%
6Brazil | Paraguay | Argentina | Chile | Bolivia | Peru
100%
6Brazil | Paraguay | Argentina | Chile | Bolivia | Peru
100%
6Brazil | Paraguay | Argentina | Chile | Bolivia | Peru
100%
6Brazil | Paraguay | Argentina | Chile | Bolivia | Peru
100%
6Brazil | Paraguay | Argentina | Chile | Bolivia | Peru
100%
6Brazil | Paraguay | Argentina | Chile | Bolivia | Peru
100%
6Brazil | Paraguay | Argentina | Chile | Bolivia | Peru
100%
6Brazil | Paraguay | Argentina | Chile | Bolivia | Peru
100%
6Brazil | Paraguay | Argentina | Chile | Bolivia | Peru
100%
6Brazil | Paraguay | Argentina | Chile | Bolivia | Peru
100%
1Canada
100%
1Canada
100%
1Canada
100%
1Canada
100%
1Canada
100%
1Canada
100%
1Canada
100%
1Canada
100%
1Canada
100%
1Canada
100%
1Canada
100%
1Canada
100%
1Canada
100%
1Canada
100%
1Canada
100%
1Canada
100%
1Canada
100%
1Canada
100%
1Canada
100%
1Canada
100%
1Canada
100%
1Canada
100%
1Canada
100%
1Canada
100%
1Canada
100%
1Canada
100%
1Canada
100%
1Canada
100%
1Canada
100%
1Canada
100%
1Canada
100%
1Canada
100%
1Canada
100%
1Canada
100%
1Canada
100%
1Canada
100%
1Canada
100%
1Canada
100%
1Canada
100%
1Canada
100%
1Canada
100%
1Canada
100%
1Canada
100%
1Canada
100%
1Canada
100%
1Canada
100%
1Canada
100%
1Canada
100%
1Canada
100%
1Canada
100%
2Canada | Denmark
100%
2Canada | Denmark
100%
2Canada | Denmark
100%
2Canada | Denmark
100%
2Canada | Denmark
100%
2Canada | Denmark
100%
2Canada | Denmark
100%
2Canada | Denmark
100%
2Canada | Denmark
100%
2Canada | Denmark
100%
2Canada | Denmark
100%
2Canada | Denmark
100%
2Canada | Denmark
100%
2Canada | Denmark
100%
2Canada | Denmark
100%
2Canada | Denmark
100%
2Canada | Denmark
100%
2Canada | Denmark
100%
2Canada | Denmark
100%
2Canada | Denmark
100%
2Canada | Denmark
100%
2Canada | Denmark
100%
2Canada | Denmark
100%
8Cape Verde | Morocco | Mauritania | Mali | Senegal | Gambia | Guinea | Guinea-Bissau
100%
8Cape Verde | Morocco | Mauritania | Mali | Senegal | Gambia | Guinea | Guinea-Bissau
100%
8Cape Verde | Morocco | Mauritania | Mali | Senegal | Gambia | Guinea | Guinea-Bissau
100%
8Cape Verde | Morocco | Mauritania | Mali | Senegal | Gambia | Guinea | Guinea-Bissau
100%
8Cape Verde | Morocco | Mauritania | Mali | Senegal | Gambia | Guinea | Guinea-Bissau
100%
8Cape Verde | Morocco | Mauritania | Mali | Senegal | Gambia | Guinea | Guinea-Bissau
100%
8Cape Verde | Morocco | Mauritania | Mali | Senegal | Gambia | Guinea | Guinea-Bissau
100%
8Cape Verde | Morocco | Mauritania | Mali | Senegal | Gambia | Guinea | Guinea-Bissau
100%
8Cape Verde | Morocco | Mauritania | Mali | Senegal | Gambia | Guinea | Guinea-Bissau
100%
2Chile | Argentina
100%
2Chile | Argentina
100%
2Chile | Argentina
100%
2Chile | Argentina
100%
2Chile | Argentina
100%
2Chile | Argentina
100%
2Chile | Argentina
100%
2Chile | Argentina
100%
2Chile | Argentina
100%
2Chile | Argentina
100%
2Chile | Argentina
100%
2Chile | Argentina
100%
2Chile | Argentina
100%
2Chile | Argentina
100%
2Chile | Argentina
100%
3Chile | Argentina | United Kingdom
100%
3Chile | Argentina | United Kingdom
100%
3Chile | Argentina | United Kingdom
100%
3Chile | Argentina | United Kingdom
100%
3Chile | Argentina | United Kingdom
100%
3Chile | Argentina | United Kingdom
100%
3Chile | Argentina | United Kingdom
100%
5China | Bhutan | Bangladesh | India | Myanmar
100%
5China | Bhutan | Bangladesh | India | Myanmar
100%
5China | Bhutan | Bangladesh | India | Myanmar
100%
5China | Bhutan | Bangladesh | India | Myanmar
100%
5China | Bhutan | Bangladesh | India | Myanmar
100%
5China | Bhutan | Bangladesh | India | Myanmar
100%
5China | Bhutan | Bangladesh | India | Myanmar
100%
5China | Bhutan | Bangladesh | India | Myanmar
100%
5China | Bhutan | Bangladesh | India | Myanmar
100%
5China | Bhutan | Bangladesh | India | Myanmar
100%
3China | Taiwan | Philippines
100%
3China | Taiwan | Philippines
100%
3China | Taiwan | Philippines
100%
3China | Taiwan | Philippines
100%
3China | Taiwan | Philippines
100%
3China | Taiwan | Philippines
100%
3China | Taiwan | Philippines
100%
3China | Taiwan | Philippines
100%
3China | Taiwan | Philippines
100%
3China | Taiwan | Philippines
100%
3China | Taiwan | Philippines
100%
4China | Taiwan | South Korea | Japan
100%
4China | Taiwan | South Korea | Japan
100%
4China | Taiwan | South Korea | Japan
100%
4China | Taiwan | South Korea | Japan
100%
4China | Taiwan | South Korea | Japan
100%
4China | Taiwan | South Korea | Japan
100%
4China | Taiwan | South Korea | Japan
100%
4China | Taiwan | South Korea | Japan
100%
4China | Taiwan | South Korea | Japan
100%
4China | Taiwan | South Korea | Japan
100%
4China | Taiwan | South Korea | Japan
100%
4China | Taiwan | South Korea | Japan
100%
4China | Taiwan | South Korea | Japan
100%
4China | Taiwan | South Korea | Japan
100%
7Colombia | Venezuela | Brazil | Guyana | France | Trinidad and Tobago | Suriname
100%
7Colombia | Venezuela | Brazil | Guyana | France | Trinidad and Tobago | Suriname
100%
7Colombia | Venezuela | Brazil | Guyana | France | Trinidad and Tobago | Suriname
100%
7Colombia | Venezuela | Brazil | Guyana | France | Trinidad and Tobago | Suriname
100%
7Colombia | Venezuela | Brazil | Guyana | France | Trinidad and Tobago | Suriname
100%
7Colombia | Venezuela | Brazil | Guyana | France | Trinidad and Tobago | Suriname
100%
7Colombia | Venezuela | Brazil | Guyana | France | Trinidad and Tobago | Suriname
100%
7Colombia | Venezuela | Brazil | Guyana | France | Trinidad and Tobago | Suriname
100%
7Colombia | Venezuela | Brazil | Guyana | France | Trinidad and Tobago | Suriname
100%
7Colombia | Venezuela | Brazil | Guyana | France | Trinidad and Tobago | Suriname
100%
7Colombia | Venezuela | Brazil | Guyana | France | Trinidad and Tobago | Suriname
100%
7Colombia | Venezuela | Brazil | Guyana | France | Trinidad and Tobago | Suriname
100%
7Colombia | Venezuela | Brazil | Guyana | France | Trinidad and Tobago | Suriname
100%
8Costa Rica | Panama | Colombia | Venezuela | Brazil | Peru | Ecuador | Nicaragua
100%
8Costa Rica | Panama | Colombia | Venezuela | Brazil | Peru | Ecuador | Nicaragua
100%
8Costa Rica | Panama | Colombia | Venezuela | Brazil | Peru | Ecuador | Nicaragua
100%
8Costa Rica | Panama | Colombia | Venezuela | Brazil | Peru | Ecuador | Nicaragua
100%
8Costa Rica | Panama | Colombia | Venezuela | Brazil | Peru | Ecuador | Nicaragua
100%
8Costa Rica | Panama | Colombia | Venezuela | Brazil | Peru | Ecuador | Nicaragua
100%
8Costa Rica | Panama | Colombia | Venezuela | Brazil | Peru | Ecuador | Nicaragua
100%
8Costa Rica | Panama | Colombia | Venezuela | Brazil | Peru | Ecuador | Nicaragua
100%
8Costa Rica | Panama | Colombia | Venezuela | Brazil | Peru | Ecuador | Nicaragua
100%
8Costa Rica | Panama | Colombia | Venezuela | Brazil | Peru | Ecuador | Nicaragua
100%
8Costa Rica | Panama | Colombia | Venezuela | Brazil | Peru | Ecuador | Nicaragua
100%
8Costa Rica | Panama | Colombia | Venezuela | Brazil | Peru | Ecuador | Nicaragua
100%
8Costa Rica | Panama | Colombia | Venezuela | Brazil | Peru | Ecuador | Nicaragua
100%
15Cuba | Bahamas | Dominican Republic | Haiti | Jamaica | Belize | Guatemala | Honduras | El Salvador | Nicaragua | Costa Rica | Colombia | Venezuela | Netherlands | Mexico
100%
15Cuba | Bahamas | Dominican Republic | Haiti | Jamaica | Belize | Guatemala | Honduras | El Salvador | Nicaragua | Costa Rica | Colombia | Venezuela | Netherlands | Mexico
100%
15Cuba | Bahamas | Dominican Republic | Haiti | Jamaica | Belize | Guatemala | Honduras | El Salvador | Nicaragua | Costa Rica | Colombia | Venezuela | Netherlands | Mexico
100%
15Cuba | Bahamas | Dominican Republic | Haiti | Jamaica | Belize | Guatemala | Honduras | El Salvador | Nicaragua | Costa Rica | Colombia | Venezuela | Netherlands | Mexico
100%
15Cuba | Bahamas | Dominican Republic | Haiti | Jamaica | Belize | Guatemala | Honduras | El Salvador | Nicaragua | Costa Rica | Colombia | Venezuela | Netherlands | Mexico
100%
15Cuba | Bahamas | Dominican Republic | Haiti | Jamaica | Belize | Guatemala | Honduras | El Salvador | Nicaragua | Costa Rica | Colombia | Venezuela | Netherlands | Mexico
100%
15Cuba | Bahamas | Dominican Republic | Haiti | Jamaica | Belize | Guatemala | Honduras | El Salvador | Nicaragua | Costa Rica | Colombia | Venezuela | Netherlands | Mexico
100%
15Cuba | Bahamas | Dominican Republic | Haiti | Jamaica | Belize | Guatemala | Honduras | El Salvador | Nicaragua | Costa Rica | Colombia | Venezuela | Netherlands | Mexico
100%
15Cuba | Bahamas | Dominican Republic | Haiti | Jamaica | Belize | Guatemala | Honduras | El Salvador | Nicaragua | Costa Rica | Colombia | Venezuela | Netherlands | Mexico
100%
15Cuba | Bahamas | Dominican Republic | Haiti | Jamaica | Belize | Guatemala | Honduras | El Salvador | Nicaragua | Costa Rica | Colombia | Venezuela | Netherlands | Mexico
100%
15Cuba | Bahamas | Dominican Republic | Haiti | Jamaica | Belize | Guatemala | Honduras | El Salvador | Nicaragua | Costa Rica | Colombia | Venezuela | Netherlands | Mexico
100%
1Denmark
100%
1Denmark
100%
1Denmark
100%
1Denmark
100%
1Denmark
100%
1Denmark
100%
1Denmark
100%
2Denmark | Iceland
100%
2Denmark | Iceland
100%
2Denmark | Iceland
100%
2Denmark | Iceland
100%
2Denmark | Iceland
100%
2Denmark | Iceland
100%
2Denmark | Iceland
100%
2Denmark | Iceland
100%
2Denmark | Iceland
100%
13Dominican Republic | United States | Grenada | Trinidad and Tobago | Antigua and Barbuda | St Kitts and Nevis | St Vincent and the Grenadines | Barbados | Venezuela | Netherlands | France | St Lucia | Dominica
100%
13Dominican Republic | United States | Grenada | Trinidad and Tobago | Antigua and Barbuda | St Kitts and Nevis | St Vincent and the Grenadines | Barbados | Venezuela | Netherlands | France | St Lucia | Dominica
100%
13Dominican Republic | United States | Grenada | Trinidad and Tobago | Antigua and Barbuda | St Kitts and Nevis | St Vincent and the Grenadines | Barbados | Venezuela | Netherlands | France | St Lucia | Dominica
100%
13Dominican Republic | United States | Grenada | Trinidad and Tobago | Antigua and Barbuda | St Kitts and Nevis | St Vincent and the Grenadines | Barbados | Venezuela | Netherlands | France | St Lucia | Dominica
100%
13Dominican Republic | United States | Grenada | Trinidad and Tobago | Antigua and Barbuda | St Kitts and Nevis | St Vincent and the Grenadines | Barbados | Venezuela | Netherlands | France | St Lucia | Dominica
100%
13Dominican Republic | United States | Grenada | Trinidad and Tobago | Antigua and Barbuda | St Kitts and Nevis | St Vincent and the Grenadines | Barbados | Venezuela | Netherlands | France | St Lucia | Dominica
100%
13Dominican Republic | United States | Grenada | Trinidad and Tobago | Antigua and Barbuda | St Kitts and Nevis | St Vincent and the Grenadines | Barbados | Venezuela | Netherlands | France | St Lucia | Dominica
100%
13Dominican Republic | United States | Grenada | Trinidad and Tobago | Antigua and Barbuda | St Kitts and Nevis | St Vincent and the Grenadines | Barbados | Venezuela | Netherlands | France | St Lucia | Dominica
100%
13Dominican Republic | United States | Grenada | Trinidad and Tobago | Antigua and Barbuda | St Kitts and Nevis | St Vincent and the Grenadines | Barbados | Venezuela | Netherlands | France | St Lucia | Dominica
100%
1Ecuador
100%
1Ecuador
100%
1Ecuador
100%
5Ecuador | Peru | Brazil | Colombia | Bolivia
100%
5Ecuador | Peru | Brazil | Colombia | Bolivia
100%
5Ecuador | Peru | Brazil | Colombia | Bolivia
100%
5Ecuador | Peru | Brazil | Colombia | Bolivia
100%
5Ecuador | Peru | Brazil | Colombia | Bolivia
100%
5Ecuador | Peru | Brazil | Colombia | Bolivia
100%
5Ecuador | Peru | Brazil | Colombia | Bolivia
100%
5Ecuador | Peru | Brazil | Colombia | Bolivia
100%
9Egypt | Sudan | South Sudan | Eritrea | Djibouti | Somalia | Ethiopia | Saudi Arabia | Yemen
100%
9Egypt | Sudan | South Sudan | Eritrea | Djibouti | Somalia | Ethiopia | Saudi Arabia | Yemen
100%
9Egypt | Sudan | South Sudan | Eritrea | Djibouti | Somalia | Ethiopia | Saudi Arabia | Yemen
100%
9Egypt | Sudan | South Sudan | Eritrea | Djibouti | Somalia | Ethiopia | Saudi Arabia | Yemen
100%
4Federated States of Micronesia | Nauru | Marshall Islands | Kiribati
100%
4Federated States of Micronesia | Nauru | Marshall Islands | Kiribati
100%
4Federated States of Micronesia | Nauru | Marshall Islands | Kiribati
100%
4Federated States of Micronesia | Nauru | Marshall Islands | Kiribati
100%
4Federated States of Micronesia | Nauru | Marshall Islands | Kiribati
100%
4Federated States of Micronesia | Nauru | Marshall Islands | Kiribati
100%
4Federated States of Micronesia | Nauru | Marshall Islands | Kiribati
100%
2Fiji | Tonga
100%
2Fiji | Tonga
100%
2Fiji | Tonga
100%
2Fiji | Tonga
100%
2Fiji | Tonga
100%
2Fiji | Tonga
100%
2Fiji | Tonga
100%
2Fiji | Tonga
100%
23Germany | Slovakia | Czech Republic | Poland | Ukraine | Moldova | Romania | Bulgaria | Greece | Turkey | North Macedonia | Italy | Vatican City | San Marino | Slovenia | Austria | Hungary | Croatia | Bosnia and Herzegovina | Albania | Montenegro | Kosovo | Serbia
100%
23Germany | Slovakia | Czech Republic | Poland | Ukraine | Moldova | Romania | Bulgaria | Greece | Turkey | North Macedonia | Italy | Vatican City | San Marino | Slovenia | Austria | Hungary | Croatia | Bosnia and Herzegovina | Albania | Montenegro | Kosovo | Serbia
100%
23Germany | Slovakia | Czech Republic | Poland | Ukraine | Moldova | Romania | Bulgaria | Greece | Turkey | North Macedonia | Italy | Vatican City | San Marino | Slovenia | Austria | Hungary | Croatia | Bosnia and Herzegovina | Albania | Montenegro | Kosovo | Serbia
100%
23Germany | Slovakia | Czech Republic | Poland | Ukraine | Moldova | Romania | Bulgaria | Greece | Turkey | North Macedonia | Italy | Vatican City | San Marino | Slovenia | Austria | Hungary | Croatia | Bosnia and Herzegovina | Albania | Montenegro | Kosovo | Serbia
100%
23Germany | Slovakia | Czech Republic | Poland | Ukraine | Moldova | Romania | Bulgaria | Greece | Turkey | North Macedonia | Italy | Vatican City | San Marino | Slovenia | Austria | Hungary | Croatia | Bosnia and Herzegovina | Albania | Montenegro | Kosovo | Serbia
100%
23Germany | Slovakia | Czech Republic | Poland | Ukraine | Moldova | Romania | Bulgaria | Greece | Turkey | North Macedonia | Italy | Vatican City | San Marino | Slovenia | Austria | Hungary | Croatia | Bosnia and Herzegovina | Albania | Montenegro | Kosovo | Serbia
100%
23Germany | Slovakia | Czech Republic | Poland | Ukraine | Moldova | Romania | Bulgaria | Greece | Turkey | North Macedonia | Italy | Vatican City | San Marino | Slovenia | Austria | Hungary | Croatia | Bosnia and Herzegovina | Albania | Montenegro | Kosovo | Serbia
100%
23Germany | Slovakia | Czech Republic | Poland | Ukraine | Moldova | Romania | Bulgaria | Greece | Turkey | North Macedonia | Italy | Vatican City | San Marino | Slovenia | Austria | Hungary | Croatia | Bosnia and Herzegovina | Albania | Montenegro | Kosovo | Serbia
100%
23Germany | Slovakia | Czech Republic | Poland | Ukraine | Moldova | Romania | Bulgaria | Greece | Turkey | North Macedonia | Italy | Vatican City | San Marino | Slovenia | Austria | Hungary | Croatia | Bosnia and Herzegovina | Albania | Montenegro | Kosovo | Serbia
100%
13Guinea | Liberia | Ivory Coast | Mali | Burkina Faso | Ghana | Togo | Benin | Nigeria | Cameroon | Gabon | São Tomé and Príncipe | Equatorial Guinea
100%
13Guinea | Liberia | Ivory Coast | Mali | Burkina Faso | Ghana | Togo | Benin | Nigeria | Cameroon | Gabon | São Tomé and Príncipe | Equatorial Guinea
100%
13Guinea | Liberia | Ivory Coast | Mali | Burkina Faso | Ghana | Togo | Benin | Nigeria | Cameroon | Gabon | São Tomé and Príncipe | Equatorial Guinea
100%
13Guinea | Liberia | Ivory Coast | Mali | Burkina Faso | Ghana | Togo | Benin | Nigeria | Cameroon | Gabon | São Tomé and Príncipe | Equatorial Guinea
100%
13Guinea | Liberia | Ivory Coast | Mali | Burkina Faso | Ghana | Togo | Benin | Nigeria | Cameroon | Gabon | São Tomé and Príncipe | Equatorial Guinea
100%
13Guinea | Liberia | Ivory Coast | Mali | Burkina Faso | Ghana | Togo | Benin | Nigeria | Cameroon | Gabon | São Tomé and Príncipe | Equatorial Guinea
100%
13Guinea | Liberia | Ivory Coast | Mali | Burkina Faso | Ghana | Togo | Benin | Nigeria | Cameroon | Gabon | São Tomé and Príncipe | Equatorial Guinea
100%
13Guinea | Liberia | Ivory Coast | Mali | Burkina Faso | Ghana | Togo | Benin | Nigeria | Cameroon | Gabon | São Tomé and Príncipe | Equatorial Guinea
100%
13Guinea | Liberia | Ivory Coast | Mali | Burkina Faso | Ghana | Togo | Benin | Nigeria | Cameroon | Gabon | São Tomé and Príncipe | Equatorial Guinea
100%
13Guinea | Liberia | Ivory Coast | Mali | Burkina Faso | Ghana | Togo | Benin | Nigeria | Cameroon | Gabon | São Tomé and Príncipe | Equatorial Guinea
100%
13Guinea | Liberia | Ivory Coast | Mali | Burkina Faso | Ghana | Togo | Benin | Nigeria | Cameroon | Gabon | São Tomé and Príncipe | Equatorial Guinea
100%
13Guinea | Liberia | Ivory Coast | Mali | Burkina Faso | Ghana | Togo | Benin | Nigeria | Cameroon | Gabon | São Tomé and Príncipe | Equatorial Guinea
100%
3Guinea | Sierra Leone | Liberia
100%
3Guinea | Sierra Leone | Liberia
100%
3Guinea | Sierra Leone | Liberia
100%
3Guinea | Sierra Leone | Liberia
100%
3Guinea | Sierra Leone | Liberia
100%
3Guinea | Sierra Leone | Liberia
100%
3Guinea | Sierra Leone | Liberia
100%
3Guinea | Sierra Leone | Liberia
100%
3Guinea | Sierra Leone | Liberia
100%
2Iceland | Ireland
100%
2Iceland | Ireland
100%
2Iceland | Ireland
100%
2Iceland | Ireland
100%
2Iceland | Ireland
100%
2India | Bangladesh
100%
2India | Bangladesh
100%
2India | Bangladesh
100%
2India | Bangladesh
100%
2India | Bangladesh
100%
2India | Bangladesh
100%
2India | Bangladesh
100%
2India | Bangladesh
100%
2India | Bangladesh
100%
2India | Bangladesh
100%
2India | Bangladesh
100%
2India | Bangladesh
100%
8India | Bangladesh | Myanmar | Thailand | Laos | China | Vietnam | Cambodia
100%
8India | Bangladesh | Myanmar | Thailand | Laos | China | Vietnam | Cambodia
100%
8India | Bangladesh | Myanmar | Thailand | Laos | China | Vietnam | Cambodia
100%
8India | Bangladesh | Myanmar | Thailand | Laos | China | Vietnam | Cambodia
100%
8India | Bangladesh | Myanmar | Thailand | Laos | China | Vietnam | Cambodia
100%
8India | Bangladesh | Myanmar | Thailand | Laos | China | Vietnam | Cambodia
100%
8India | Bangladesh | Myanmar | Thailand | Laos | China | Vietnam | Cambodia
100%
8India | Bangladesh | Myanmar | Thailand | Laos | China | Vietnam | Cambodia
100%
8India | Bangladesh | Myanmar | Thailand | Laos | China | Vietnam | Cambodia
100%
8India | Bangladesh | Myanmar | Thailand | Laos | China | Vietnam | Cambodia
100%
3India | Sri Lanka | Maldives
100%
3India | Sri Lanka | Maldives
100%
3India | Sri Lanka | Maldives
100%
3India | Sri Lanka | Maldives
100%
3India | Sri Lanka | Maldives
100%
3India | Sri Lanka | Maldives
100%
3India | Sri Lanka | Maldives
100%
3India | Sri Lanka | Maldives
100%
3India | Sri Lanka | Maldives
100%
1Indonesia
100%
1Indonesia
100%
1Indonesia
100%
1Indonesia
100%
1Indonesia
100%
1Indonesia
100%
1Indonesia
100%
1Indonesia
100%
1Indonesia
100%
1Indonesia
100%
11Iran | Turkmenistan | Afghanistan | Pakistan | Tajikistan | Uzbekistan | Qatar | Saudi Arabia | United Arab Emirates | Oman | India
100%
11Iran | Turkmenistan | Afghanistan | Pakistan | Tajikistan | Uzbekistan | Qatar | Saudi Arabia | United Arab Emirates | Oman | India
100%
11Iran | Turkmenistan | Afghanistan | Pakistan | Tajikistan | Uzbekistan | Qatar | Saudi Arabia | United Arab Emirates | Oman | India
100%
11Iran | Turkmenistan | Afghanistan | Pakistan | Tajikistan | Uzbekistan | Qatar | Saudi Arabia | United Arab Emirates | Oman | India
100%
11Iran | Turkmenistan | Afghanistan | Pakistan | Tajikistan | Uzbekistan | Qatar | Saudi Arabia | United Arab Emirates | Oman | India
100%
11Iran | Turkmenistan | Afghanistan | Pakistan | Tajikistan | Uzbekistan | Qatar | Saudi Arabia | United Arab Emirates | Oman | India
100%
11Iran | Turkmenistan | Afghanistan | Pakistan | Tajikistan | Uzbekistan | Qatar | Saudi Arabia | United Arab Emirates | Oman | India
100%
11Iran | Turkmenistan | Afghanistan | Pakistan | Tajikistan | Uzbekistan | Qatar | Saudi Arabia | United Arab Emirates | Oman | India
100%
11Iran | Turkmenistan | Afghanistan | Pakistan | Tajikistan | Uzbekistan | Qatar | Saudi Arabia | United Arab Emirates | Oman | India
100%
7Ireland | United Kingdom | Belgium | Netherlands | Germany | Denmark | Norway
100%
7Ireland | United Kingdom | Belgium | Netherlands | Germany | Denmark | Norway
100%
7Ireland | United Kingdom | Belgium | Netherlands | Germany | Denmark | Norway
100%
7Ireland | United Kingdom | Belgium | Netherlands | Germany | Denmark | Norway
100%
7Ireland | United Kingdom | Belgium | Netherlands | Germany | Denmark | Norway
100%
7Ireland | United Kingdom | Belgium | Netherlands | Germany | Denmark | Norway
100%
7Ireland | United Kingdom | Belgium | Netherlands | Germany | Denmark | Norway
100%
7Ireland | United Kingdom | Belgium | Netherlands | Germany | Denmark | Norway
100%
7Ireland | United Kingdom | Belgium | Netherlands | Germany | Denmark | Norway
100%
1Japan
100%
1Japan
100%
1Japan
100%
1Japan
100%
1Japan
100%
1Japan
100%
1Japan
100%
1Japan
100%
1Japan
100%
8Kenya | Tanzania | Mozambique | Comoros | Madagascar | Malawi | Zambia | France
100%
8Kenya | Tanzania | Mozambique | Comoros | Madagascar | Malawi | Zambia | France
100%
8Kenya | Tanzania | Mozambique | Comoros | Madagascar | Malawi | Zambia | France
100%
8Kenya | Tanzania | Mozambique | Comoros | Madagascar | Malawi | Zambia | France
100%
8Kenya | Tanzania | Mozambique | Comoros | Madagascar | Malawi | Zambia | France
100%
8Kenya | Tanzania | Mozambique | Comoros | Madagascar | Malawi | Zambia | France
100%
8Kenya | Tanzania | Mozambique | Comoros | Madagascar | Malawi | Zambia | France
100%
8Kenya | Tanzania | Mozambique | Comoros | Madagascar | Malawi | Zambia | France
100%
8Kenya | Tanzania | Mozambique | Comoros | Madagascar | Malawi | Zambia | France
100%
1Kiribati
100%
1Kiribati
100%
1Kiribati
100%
1Kiribati
100%
1Kiribati
100%
1Kiribati
100%
1Kiribati
100%
1Kiribati
100%
1Kiribati
100%
1Kiribati
100%
1Kiribati
100%
1Kiribati
100%
2Kiribati | Marshall Islands
100%
2Kiribati | Marshall Islands
100%
2Kiribati | Marshall Islands
100%
2Kiribati | Marshall Islands
100%
2Kiribati | Marshall Islands
100%
2Kiribati | Marshall Islands
100%
2Kiribati | Marshall Islands
100%
2Kiribati | Marshall Islands
100%
2Kiribati | Marshall Islands
100%
2Kiribati | Marshall Islands
100%
2Kiribati | Marshall Islands
100%
2Kiribati | Marshall Islands
100%
4Kiribati | Tuvalu | Samoa | Fiji
100%
4Kiribati | Tuvalu | Samoa | Fiji
100%
4Kiribati | Tuvalu | Samoa | Fiji
100%
9Libya | Egypt | Sudan | Chad | Nigeria | Niger | Cameroon | Algeria | Central African Republic
100%
9Libya | Egypt | Sudan | Chad | Nigeria | Niger | Cameroon | Algeria | Central African Republic
100%
9Libya | Egypt | Sudan | Chad | Nigeria | Niger | Cameroon | Algeria | Central African Republic
100%
9Libya | Egypt | Sudan | Chad | Nigeria | Niger | Cameroon | Algeria | Central African Republic
100%
9Libya | Egypt | Sudan | Chad | Nigeria | Niger | Cameroon | Algeria | Central African Republic
100%
9Libya | Egypt | Sudan | Chad | Nigeria | Niger | Cameroon | Algeria | Central African Republic
100%
9Libya | Egypt | Sudan | Chad | Nigeria | Niger | Cameroon | Algeria | Central African Republic
100%
9Libya | Egypt | Sudan | Chad | Nigeria | Niger | Cameroon | Algeria | Central African Republic
100%
9Libya | Egypt | Sudan | Chad | Nigeria | Niger | Cameroon | Algeria | Central African Republic
100%
6Malawi | Mozambique | Madagascar | Zimbabwe | Eswatini | South Africa
100%
6Malawi | Mozambique | Madagascar | Zimbabwe | Eswatini | South Africa
100%
6Malawi | Mozambique | Madagascar | Zimbabwe | Eswatini | South Africa
100%
6Malawi | Mozambique | Madagascar | Zimbabwe | Eswatini | South Africa
100%
6Malawi | Mozambique | Madagascar | Zimbabwe | Eswatini | South Africa
100%
6Malawi | Mozambique | Madagascar | Zimbabwe | Eswatini | South Africa
100%
6Malawi | Mozambique | Madagascar | Zimbabwe | Eswatini | South Africa
100%
1Marshall Islands
100%
1Marshall Islands
100%
1Marshall Islands
100%
1Marshall Islands
100%
1Marshall Islands
100%
1Marshall Islands
100%
1Marshall Islands
100%
1Marshall Islands
100%
1Marshall Islands
100%
2Mauritius | France
100%
2Mauritius | France
100%
2Mauritius | France
100%
2Mauritius | France
100%
2Mauritius | France
100%
2Mauritius | France
100%
2Mauritius | France
100%
4Mexico | Guatemala | El Salvador | Belize
100%
4Mexico | Guatemala | El Salvador | Belize
100%
4Mexico | Guatemala | El Salvador | Belize
100%
4Mexico | Guatemala | El Salvador | Belize
100%
4Mexico | Guatemala | El Salvador | Belize
100%
4Mexico | Guatemala | El Salvador | Belize
100%
4Mexico | Guatemala | El Salvador | Belize
100%
4Mexico | Guatemala | El Salvador | Belize
100%
3Morocco | Mauritania | Spain
100%
3Morocco | Mauritania | Spain
100%
3Morocco | Mauritania | Spain
100%
3Morocco | Mauritania | Spain
100%
3Morocco | Mauritania | Spain
100%
3Morocco | Mauritania | Spain
100%
3Morocco | Mauritania | Spain
100%
7Namibia | Angola | Zambia | Zimbabwe | South Africa | Lesotho | Botswana
100%
7Namibia | Angola | Zambia | Zimbabwe | South Africa | Lesotho | Botswana
100%
7Namibia | Angola | Zambia | Zimbabwe | South Africa | Lesotho | Botswana
100%
7Namibia | Angola | Zambia | Zimbabwe | South Africa | Lesotho | Botswana
100%
7Namibia | Angola | Zambia | Zimbabwe | South Africa | Lesotho | Botswana
100%
7Namibia | Angola | Zambia | Zimbabwe | South Africa | Lesotho | Botswana
100%
7Namibia | Angola | Zambia | Zimbabwe | South Africa | Lesotho | Botswana
100%
7Namibia | Angola | Zambia | Zimbabwe | South Africa | Lesotho | Botswana
100%
7Namibia | Angola | Zambia | Zimbabwe | South Africa | Lesotho | Botswana
100%
1New Zealand
100%
1New Zealand
100%
1New Zealand
100%
1New Zealand
100%
1New Zealand
100%
1New Zealand
100%
1New Zealand
100%
1New Zealand
100%
1New Zealand
100%
1New Zealand
100%
1New Zealand
100%
1New Zealand
100%
1New Zealand
100%
1New Zealand
100%
1New Zealand
100%
1New Zealand
100%
1New Zealand
100%
1New Zealand
100%
1New Zealand
100%
1New Zealand
100%
1New Zealand
100%
4Norway | Sweden | Finland | Russia
100%
4Norway | Sweden | Finland | Russia
100%
4Norway | Sweden | Finland | Russia
100%
4Norway | Sweden | Finland | Russia
100%
4Norway | Sweden | Finland | Russia
100%
4Norway | Sweden | Finland | Russia
100%
4Norway | Sweden | Finland | Russia
100%
4Norway | Sweden | Finland | Russia
100%
4Norway | Sweden | Finland | Russia
100%
12Norway | Sweden | Finland | Russia | Estonia | Latvia | Lithuania | Belarus | Ukraine | Poland | Denmark | Germany
100%
12Norway | Sweden | Finland | Russia | Estonia | Latvia | Lithuania | Belarus | Ukraine | Poland | Denmark | Germany
100%
12Norway | Sweden | Finland | Russia | Estonia | Latvia | Lithuania | Belarus | Ukraine | Poland | Denmark | Germany
100%
12Norway | Sweden | Finland | Russia | Estonia | Latvia | Lithuania | Belarus | Ukraine | Poland | Denmark | Germany
100%
12Norway | Sweden | Finland | Russia | Estonia | Latvia | Lithuania | Belarus | Ukraine | Poland | Denmark | Germany
100%
12Norway | Sweden | Finland | Russia | Estonia | Latvia | Lithuania | Belarus | Ukraine | Poland | Denmark | Germany
100%
12Norway | Sweden | Finland | Russia | Estonia | Latvia | Lithuania | Belarus | Ukraine | Poland | Denmark | Germany
100%
12Norway | Sweden | Finland | Russia | Estonia | Latvia | Lithuania | Belarus | Ukraine | Poland | Denmark | Germany
100%
12Norway | Sweden | Finland | Russia | Estonia | Latvia | Lithuania | Belarus | Ukraine | Poland | Denmark | Germany
100%
12Norway | Sweden | Finland | Russia | Estonia | Latvia | Lithuania | Belarus | Ukraine | Poland | Denmark | Germany
100%
12Norway | Sweden | Finland | Russia | Estonia | Latvia | Lithuania | Belarus | Ukraine | Poland | Denmark | Germany
100%
12Norway | Sweden | Finland | Russia | Estonia | Latvia | Lithuania | Belarus | Ukraine | Poland | Denmark | Germany
100%
3Palau | Federated States of Micronesia | Indonesia
100%
3Palau | Federated States of Micronesia | Indonesia
100%
3Palau | Federated States of Micronesia | Indonesia
100%
3Palau | Federated States of Micronesia | Indonesia
100%
3Palau | Federated States of Micronesia | Indonesia
100%
3Palau | Federated States of Micronesia | Indonesia
100%
3Palau | Federated States of Micronesia | Indonesia
100%
3Palau | Federated States of Micronesia | Indonesia
100%
3Palau | Federated States of Micronesia | Indonesia
100%
3Palau | Federated States of Micronesia | Indonesia
100%
3Palau | Federated States of Micronesia | Indonesia
100%
3Palau | Federated States of Micronesia | Indonesia
100%
3Palau | Federated States of Micronesia | Indonesia
100%
3Palau | Federated States of Micronesia | Indonesia
100%
3Papua New Guinea | Solomon Islands | Vanuatu
100%
3Papua New Guinea | Solomon Islands | Vanuatu
100%
3Papua New Guinea | Solomon Islands | Vanuatu
100%
3Papua New Guinea | Solomon Islands | Vanuatu
100%
3Papua New Guinea | Solomon Islands | Vanuatu
100%
3Papua New Guinea | Solomon Islands | Vanuatu
100%
4Peru | Bolivia | Chile | Argentina
100%
4Peru | Bolivia | Chile | Argentina
100%
4Peru | Bolivia | Chile | Argentina
100%
4Peru | Bolivia | Chile | Argentina
100%
4Peru | Bolivia | Chile | Argentina
100%
4Peru | Bolivia | Chile | Argentina
100%
4Peru | Bolivia | Chile | Argentina
100%
4Philippines | Brunei | Malaysia | Indonesia
100%
4Philippines | Brunei | Malaysia | Indonesia
100%
4Philippines | Brunei | Malaysia | Indonesia
100%
4Philippines | Brunei | Malaysia | Indonesia
100%
4Philippines | Brunei | Malaysia | Indonesia
100%
4Philippines | Brunei | Malaysia | Indonesia
100%
4Philippines | Brunei | Malaysia | Indonesia
100%
4Philippines | Brunei | Malaysia | Indonesia
100%
4Philippines | Brunei | Malaysia | Indonesia
100%
4Philippines | Brunei | Malaysia | Indonesia
100%
4Philippines | Brunei | Malaysia | Indonesia
100%
4Philippines | Brunei | Malaysia | Indonesia
100%
14Portugal | Spain | France | Andorra | Monaco | United Kingdom | Italy | Switzerland | Liechtenstein | Austria | Germany | Belgium | Netherlands | Luxembourg
100%
14Portugal | Spain | France | Andorra | Monaco | United Kingdom | Italy | Switzerland | Liechtenstein | Austria | Germany | Belgium | Netherlands | Luxembourg
100%
14Portugal | Spain | France | Andorra | Monaco | United Kingdom | Italy | Switzerland | Liechtenstein | Austria | Germany | Belgium | Netherlands | Luxembourg
100%
14Portugal | Spain | France | Andorra | Monaco | United Kingdom | Italy | Switzerland | Liechtenstein | Austria | Germany | Belgium | Netherlands | Luxembourg
100%
14Portugal | Spain | France | Andorra | Monaco | United Kingdom | Italy | Switzerland | Liechtenstein | Austria | Germany | Belgium | Netherlands | Luxembourg
100%
14Portugal | Spain | France | Andorra | Monaco | United Kingdom | Italy | Switzerland | Liechtenstein | Austria | Germany | Belgium | Netherlands | Luxembourg
100%
14Portugal | Spain | France | Andorra | Monaco | United Kingdom | Italy | Switzerland | Liechtenstein | Austria | Germany | Belgium | Netherlands | Luxembourg
100%
14Portugal | Spain | France | Andorra | Monaco | United Kingdom | Italy | Switzerland | Liechtenstein | Austria | Germany | Belgium | Netherlands | Luxembourg
100%
14Portugal | Spain | France | Andorra | Monaco | United Kingdom | Italy | Switzerland | Liechtenstein | Austria | Germany | Belgium | Netherlands | Luxembourg
100%
14Portugal | Spain | France | Andorra | Monaco | United Kingdom | Italy | Switzerland | Liechtenstein | Austria | Germany | Belgium | Netherlands | Luxembourg
100%
14Portugal | Spain | France | Andorra | Monaco | United Kingdom | Italy | Switzerland | Liechtenstein | Austria | Germany | Belgium | Netherlands | Luxembourg
100%
14Portugal | Spain | France | Andorra | Monaco | United Kingdom | Italy | Switzerland | Liechtenstein | Austria | Germany | Belgium | Netherlands | Luxembourg
100%
14Portugal | Spain | France | Andorra | Monaco | United Kingdom | Italy | Switzerland | Liechtenstein | Austria | Germany | Belgium | Netherlands | Luxembourg
100%
10Republic of the Congo | Democratic Republic of the Congo | Burundi | Rwanda | Tanzania | Angola | Zambia | Zimbabwe | Mozambique | Gabon
100%
10Republic of the Congo | Democratic Republic of the Congo | Burundi | Rwanda | Tanzania | Angola | Zambia | Zimbabwe | Mozambique | Gabon
100%
10Republic of the Congo | Democratic Republic of the Congo | Burundi | Rwanda | Tanzania | Angola | Zambia | Zimbabwe | Mozambique | Gabon
100%
10Republic of the Congo | Democratic Republic of the Congo | Burundi | Rwanda | Tanzania | Angola | Zambia | Zimbabwe | Mozambique | Gabon
100%
10Republic of the Congo | Democratic Republic of the Congo | Burundi | Rwanda | Tanzania | Angola | Zambia | Zimbabwe | Mozambique | Gabon
100%
10Republic of the Congo | Democratic Republic of the Congo | Burundi | Rwanda | Tanzania | Angola | Zambia | Zimbabwe | Mozambique | Gabon
100%
10Republic of the Congo | Democratic Republic of the Congo | Burundi | Rwanda | Tanzania | Angola | Zambia | Zimbabwe | Mozambique | Gabon
100%
10Republic of the Congo | Democratic Republic of the Congo | Burundi | Rwanda | Tanzania | Angola | Zambia | Zimbabwe | Mozambique | Gabon
100%
10Republic of the Congo | Democratic Republic of the Congo | Burundi | Rwanda | Tanzania | Angola | Zambia | Zimbabwe | Mozambique | Gabon
100%
10Republic of the Congo | Democratic Republic of the Congo | Burundi | Rwanda | Tanzania | Angola | Zambia | Zimbabwe | Mozambique | Gabon
100%
10Republic of the Congo | Democratic Republic of the Congo | Burundi | Rwanda | Tanzania | Angola | Zambia | Zimbabwe | Mozambique | Gabon
100%
1Russia
100%
1Russia
100%
1Russia
100%
1Russia
100%
1Russia
100%
1Russia
100%
1Russia
100%
1Russia
100%
1Russia
100%
1Russia
100%
1Russia
100%
1Russia
100%
1Russia
100%
1Russia
100%
1Russia
100%
1Russia
100%
1Russia
100%
1Russia
100%
1Russia
100%
1Russia
100%
1Russia
100%
1Russia
100%
1Russia
100%
1Russia
100%
1Russia
100%
1Russia
100%
1Russia
100%
1Russia
100%
1Russia
100%
1Russia
100%
1Russia
100%
1Russia
100%
1Russia
100%
1Russia
100%
1Russia
100%
1Russia
100%
1Russia
100%
1Russia
100%
1Russia
100%
1Russia
100%
1Russia
100%
1Russia
100%
1Russia
100%
1Russia
100%
1Russia
100%
1Russia
100%
1Russia
100%
1Russia
100%
1Russia
100%
1Russia
100%
1Russia
100%
1Russia
100%
1Russia
100%
1Russia
100%
1Russia
100%
1Russia
100%
1Russia
100%
1Russia
100%
1Russia
100%
1Russia
100%
1Russia
100%
1Russia
100%
1Russia
100%
1Russia
100%
1Russia
100%
1Russia
100%
1Russia
100%
1Russia
100%
1Russia
100%
1Russia
100%
1Russia
100%
1Russia
100%
1Russia
100%
1Russia
100%
1Russia
100%
1Russia
100%
1Russia
100%
1Russia
100%
1Russia
100%
1Russia
100%
1Russia
100%
1Russia
100%
1Russia
100%
1Russia
100%
1Russia
100%
1Russia
100%
1Russia
100%
1Russia
100%
1Russia
100%
1Russia
100%
1Russia
100%
1Russia
100%
1Russia
100%
1Russia
100%
1Russia
100%
2Russia | China
100%
2Russia | China
100%
2Russia | China
100%
2Russia | China
100%
2Russia | China
100%
2Russia | China
100%
2Russia | China
100%
2Russia | China
100%
3Russia | China | Japan
100%
3Russia | China | Japan
100%
3Russia | China | Japan
100%
3Russia | China | Japan
100%
3Russia | China | Japan
100%
3Russia | China | Japan
100%
3Russia | China | Japan
100%
3Russia | China | Japan
100%
3Russia | China | Japan
100%
3Russia | China | Japan
100%
3Russia | China | Japan
100%
3Russia | China | Japan
100%
3Russia | China | Mongolia
100%
3Russia | China | Mongolia
100%
3Russia | China | Mongolia
100%
3Russia | China | Mongolia
100%
3Russia | China | Mongolia
100%
3Russia | China | Mongolia
100%
3Russia | China | Mongolia
100%
3Russia | China | Mongolia
100%
3Russia | China | Mongolia
100%
3Russia | China | Mongolia
100%
3Russia | China | Mongolia
100%
3Russia | China | Mongolia
100%
3Russia | China | Mongolia
100%
5Russia | China | Mongolia | South Korea | North Korea
100%
5Russia | China | Mongolia | South Korea | North Korea
100%
5Russia | China | Mongolia | South Korea | North Korea
100%
5Russia | China | Mongolia | South Korea | North Korea
100%
5Russia | China | Mongolia | South Korea | North Korea
100%
5Russia | China | Mongolia | South Korea | North Korea
100%
5Russia | Finland | Belarus | Ukraine | Kazakhstan
100%
5Russia | Finland | Belarus | Ukraine | Kazakhstan
100%
5Russia | Finland | Belarus | Ukraine | Kazakhstan
100%
5Russia | Finland | Belarus | Ukraine | Kazakhstan
100%
5Russia | Finland | Belarus | Ukraine | Kazakhstan
100%
5Russia | Finland | Belarus | Ukraine | Kazakhstan
100%
2Russia | Kazakhstan
100%
2Russia | Kazakhstan
100%
2Russia | Kazakhstan
100%
2Russia | Kazakhstan
100%
2Russia | Kazakhstan
100%
2Russia | Kazakhstan
100%
2Russia | Kazakhstan
100%
2Russia | Kazakhstan
100%
2Russia | Kazakhstan
100%
2Russia | Kazakhstan
100%
2Russia | Kazakhstan
100%
2Russia | Kazakhstan
100%
2Russia | Kazakhstan
100%
2Russia | Kazakhstan
100%
2Russia | Kazakhstan
100%
2Russia | Kazakhstan
100%
2Russia | Kazakhstan
100%
8Russia | Kazakhstan | Kyrgyzstan | Tajikistan | Uzbekistan | Afghanistan | China | Mongolia
100%
8Russia | Kazakhstan | Kyrgyzstan | Tajikistan | Uzbekistan | Afghanistan | China | Mongolia
100%
8Russia | Kazakhstan | Kyrgyzstan | Tajikistan | Uzbekistan | Afghanistan | China | Mongolia
100%
8Russia | Kazakhstan | Kyrgyzstan | Tajikistan | Uzbekistan | Afghanistan | China | Mongolia
100%
8Russia | Kazakhstan | Kyrgyzstan | Tajikistan | Uzbekistan | Afghanistan | China | Mongolia
100%
8Russia | Kazakhstan | Kyrgyzstan | Tajikistan | Uzbekistan | Afghanistan | China | Mongolia
100%
8Russia | Kazakhstan | Kyrgyzstan | Tajikistan | Uzbekistan | Afghanistan | China | Mongolia
100%
8Russia | Kazakhstan | Turkmenistan | Tajikistan | Uzbekistan | Iran | Kyrgyzstan | Afghanistan
100%
8Russia | Kazakhstan | Turkmenistan | Tajikistan | Uzbekistan | Iran | Kyrgyzstan | Afghanistan
100%
8Russia | Kazakhstan | Turkmenistan | Tajikistan | Uzbekistan | Iran | Kyrgyzstan | Afghanistan
100%
8Russia | Kazakhstan | Turkmenistan | Tajikistan | Uzbekistan | Iran | Kyrgyzstan | Afghanistan
100%
8Russia | Kazakhstan | Turkmenistan | Tajikistan | Uzbekistan | Iran | Kyrgyzstan | Afghanistan
100%
8Russia | Kazakhstan | Turkmenistan | Tajikistan | Uzbekistan | Iran | Kyrgyzstan | Afghanistan
100%
2Russia | Mongolia
100%
2Russia | Mongolia
100%
2Russia | Mongolia
100%
2Russia | Mongolia
100%
2Russia | Mongolia
100%
2Russia | Mongolia
100%
2Russia | Mongolia
100%
2Russia | Mongolia
100%
6Saudi Arabia | United Arab Emirates | Oman | Yemen | India | Pakistan
100%
6Saudi Arabia | United Arab Emirates | Oman | Yemen | India | Pakistan
100%
6Saudi Arabia | United Arab Emirates | Oman | Yemen | India | Pakistan
100%
6Saudi Arabia | United Arab Emirates | Oman | Yemen | India | Pakistan
100%
6Saudi Arabia | United Arab Emirates | Oman | Yemen | India | Pakistan
100%
6Saudi Arabia | United Arab Emirates | Oman | Yemen | India | Pakistan
100%
6Saudi Arabia | United Arab Emirates | Oman | Yemen | India | Pakistan
100%
6Saudi Arabia | United Arab Emirates | Oman | Yemen | India | Pakistan
100%
1Seychelles
100%
2South Africa | Lesotho
100%
2South Africa | Lesotho
100%
2South Africa | Lesotho
100%
2South Africa | Lesotho
100%
2South Africa | Lesotho
100%
2South Africa | Lesotho
100%
2South Africa | Lesotho
100%
2South Africa | Lesotho
100%
2South Africa | Lesotho
100%
8Spain | Portugal | Morocco | Mauritania | Algeria | Tunisia | Mali | Libya
100%
8Spain | Portugal | Morocco | Mauritania | Algeria | Tunisia | Mali | Libya
100%
8Spain | Portugal | Morocco | Mauritania | Algeria | Tunisia | Mali | Libya
100%
8Spain | Portugal | Morocco | Mauritania | Algeria | Tunisia | Mali | Libya
100%
8Spain | Portugal | Morocco | Mauritania | Algeria | Tunisia | Mali | Libya
100%
8Spain | Portugal | Morocco | Mauritania | Algeria | Tunisia | Mali | Libya
100%
8Spain | Portugal | Morocco | Mauritania | Algeria | Tunisia | Mali | Libya
100%
8Spain | Portugal | Morocco | Mauritania | Algeria | Tunisia | Mali | Libya
100%
8Spain | Portugal | Morocco | Mauritania | Algeria | Tunisia | Mali | Libya
100%
8Spain | Portugal | Morocco | Mauritania | Algeria | Tunisia | Mali | Libya
100%
8Spain | Portugal | Morocco | Mauritania | Algeria | Tunisia | Mali | Libya
100%
8Spain | Portugal | Morocco | Mauritania | Algeria | Tunisia | Mali | Libya
100%
14Sudan | South Sudan | Democratic Republic of the Congo | Republic of the Congo | Rwanda | Uganda | Central African Republic | Chad | Cameroon | Nigeria | Gabon | Equatorial Guinea | Burundi | Tanzania
100%
14Sudan | South Sudan | Democratic Republic of the Congo | Republic of the Congo | Rwanda | Uganda | Central African Republic | Chad | Cameroon | Nigeria | Gabon | Equatorial Guinea | Burundi | Tanzania
100%
14Sudan | South Sudan | Democratic Republic of the Congo | Republic of the Congo | Rwanda | Uganda | Central African Republic | Chad | Cameroon | Nigeria | Gabon | Equatorial Guinea | Burundi | Tanzania
100%
14Sudan | South Sudan | Democratic Republic of the Congo | Republic of the Congo | Rwanda | Uganda | Central African Republic | Chad | Cameroon | Nigeria | Gabon | Equatorial Guinea | Burundi | Tanzania
100%
14Sudan | South Sudan | Democratic Republic of the Congo | Republic of the Congo | Rwanda | Uganda | Central African Republic | Chad | Cameroon | Nigeria | Gabon | Equatorial Guinea | Burundi | Tanzania
100%
14Sudan | South Sudan | Democratic Republic of the Congo | Republic of the Congo | Rwanda | Uganda | Central African Republic | Chad | Cameroon | Nigeria | Gabon | Equatorial Guinea | Burundi | Tanzania
100%
8Sudan | South Sudan | Ethiopia | Kenya | Uganda | Tanzania | Somalia | Democratic Republic of the Congo
100%
8Sudan | South Sudan | Ethiopia | Kenya | Uganda | Tanzania | Somalia | Democratic Republic of the Congo
100%
8Sudan | South Sudan | Ethiopia | Kenya | Uganda | Tanzania | Somalia | Democratic Republic of the Congo
100%
8Sudan | South Sudan | Ethiopia | Kenya | Uganda | Tanzania | Somalia | Democratic Republic of the Congo
100%
8Sudan | South Sudan | Ethiopia | Kenya | Uganda | Tanzania | Somalia | Democratic Republic of the Congo
100%
8Sudan | South Sudan | Ethiopia | Kenya | Uganda | Tanzania | Somalia | Democratic Republic of the Congo
100%
8Sudan | South Sudan | Ethiopia | Kenya | Uganda | Tanzania | Somalia | Democratic Republic of the Congo
100%
8Tajikistan | Pakistan | Afghanistan | India | China | Nepal | Bangladesh | Bhutan
100%
8Tajikistan | Pakistan | Afghanistan | India | China | Nepal | Bangladesh | Bhutan
100%
8Tajikistan | Pakistan | Afghanistan | India | China | Nepal | Bangladesh | Bhutan
100%
8Tajikistan | Pakistan | Afghanistan | India | China | Nepal | Bangladesh | Bhutan
100%
8Tajikistan | Pakistan | Afghanistan | India | China | Nepal | Bangladesh | Bhutan
100%
8Tajikistan | Pakistan | Afghanistan | India | China | Nepal | Bangladesh | Bhutan
100%
8Tajikistan | Pakistan | Afghanistan | India | China | Nepal | Bangladesh | Bhutan
100%
8Tajikistan | Pakistan | Afghanistan | India | China | Nepal | Bangladesh | Bhutan
100%
8Tajikistan | Pakistan | Afghanistan | India | China | Nepal | Bangladesh | Bhutan
100%
8Tunisia | Italy | Malta | Greece | Turkey | Egypt | Libya | Algeria
100%
8Tunisia | Italy | Malta | Greece | Turkey | Egypt | Libya | Algeria
100%
8Tunisia | Italy | Malta | Greece | Turkey | Egypt | Libya | Algeria
100%
8Tunisia | Italy | Malta | Greece | Turkey | Egypt | Libya | Algeria
100%
8Tunisia | Italy | Malta | Greece | Turkey | Egypt | Libya | Algeria
100%
8Tunisia | Italy | Malta | Greece | Turkey | Egypt | Libya | Algeria
100%
8Tunisia | Italy | Malta | Greece | Turkey | Egypt | Libya | Algeria
100%
8Tunisia | Italy | Malta | Greece | Turkey | Egypt | Libya | Algeria
100%
13Turkey | Syria | Cyprus | Egypt | Israel | Lebanon | Jordan | Saudi Arabia | Kuwait | Iraq | Iran | Bahrain | Qatar
100%
13Turkey | Syria | Cyprus | Egypt | Israel | Lebanon | Jordan | Saudi Arabia | Kuwait | Iraq | Iran | Bahrain | Qatar
100%
13Turkey | Syria | Cyprus | Egypt | Israel | Lebanon | Jordan | Saudi Arabia | Kuwait | Iraq | Iran | Bahrain | Qatar
100%
13Turkey | Syria | Cyprus | Egypt | Israel | Lebanon | Jordan | Saudi Arabia | Kuwait | Iraq | Iran | Bahrain | Qatar
100%
13Turkey | Syria | Cyprus | Egypt | Israel | Lebanon | Jordan | Saudi Arabia | Kuwait | Iraq | Iran | Bahrain | Qatar
100%
13Turkey | Syria | Cyprus | Egypt | Israel | Lebanon | Jordan | Saudi Arabia | Kuwait | Iraq | Iran | Bahrain | Qatar
100%
13Turkey | Syria | Cyprus | Egypt | Israel | Lebanon | Jordan | Saudi Arabia | Kuwait | Iraq | Iran | Bahrain | Qatar
100%
13Turkey | Syria | Cyprus | Egypt | Israel | Lebanon | Jordan | Saudi Arabia | Kuwait | Iraq | Iran | Bahrain | Qatar
100%
13Turkey | Syria | Cyprus | Egypt | Israel | Lebanon | Jordan | Saudi Arabia | Kuwait | Iraq | Iran | Bahrain | Qatar
100%
13Turkey | Syria | Cyprus | Egypt | Israel | Lebanon | Jordan | Saudi Arabia | Kuwait | Iraq | Iran | Bahrain | Qatar
100%
13Turkey | Syria | Cyprus | Egypt | Israel | Lebanon | Jordan | Saudi Arabia | Kuwait | Iraq | Iran | Bahrain | Qatar
100%
8Ukraine | Russia | Armenia | Georgia | Azerbaijan | Turkey | Iran | Kazakhstan
100%
8Ukraine | Russia | Armenia | Georgia | Azerbaijan | Turkey | Iran | Kazakhstan
100%
8Ukraine | Russia | Armenia | Georgia | Azerbaijan | Turkey | Iran | Kazakhstan
100%
8Ukraine | Russia | Armenia | Georgia | Azerbaijan | Turkey | Iran | Kazakhstan
100%
8Ukraine | Russia | Armenia | Georgia | Azerbaijan | Turkey | Iran | Kazakhstan
100%
8Ukraine | Russia | Armenia | Georgia | Azerbaijan | Turkey | Iran | Kazakhstan
100%
8Ukraine | Russia | Armenia | Georgia | Azerbaijan | Turkey | Iran | Kazakhstan
100%
8Ukraine | Russia | Armenia | Georgia | Azerbaijan | Turkey | Iran | Kazakhstan
100%
8Ukraine | Russia | Armenia | Georgia | Azerbaijan | Turkey | Iran | Kazakhstan
100%
8Ukraine | Russia | Armenia | Georgia | Azerbaijan | Turkey | Iran | Kazakhstan
100%
8Ukraine | Russia | Armenia | Georgia | Azerbaijan | Turkey | Iran | Kazakhstan
100%
8Ukraine | Russia | Armenia | Georgia | Azerbaijan | Turkey | Iran | Kazakhstan
100%
8Ukraine | Russia | Armenia | Georgia | Azerbaijan | Turkey | Iran | Kazakhstan
100%
8Ukraine | Russia | Armenia | Georgia | Azerbaijan | Turkey | Iran | Kazakhstan
100%
8Ukraine | Russia | Armenia | Georgia | Azerbaijan | Turkey | Iran | Kazakhstan
100%
8Ukraine | Russia | Armenia | Georgia | Azerbaijan | Turkey | Iran | Kazakhstan
100%
1United States
100%
1United States
100%
1United States
100%
1United States
100%
1United States
100%
1United States
100%
1United States
100%
1United States
100%
1United States
100%
1United States
100%
1United States
100%
1United States
100%
1United States
100%
1United States
100%
1United States
100%
1United States
100%
1United States
100%
1United States
100%
1United States
100%
1United States
100%
1United States
100%
1United States
100%
1United States
100%
1United States
100%
2United States | Bahamas
100%
2United States | Bahamas
100%
2United States | Bahamas
100%
2United States | Bahamas
100%
2United States | Bahamas
100%
2United States | Bahamas
100%
2United States | Bahamas
100%
2United States | Bahamas
100%
2United States | Bahamas
100%
2United States | Bahamas
100%
2United States | Bahamas
100%
2United States | Bahamas
100%
2United States | Bahamas
100%
2United States | Bahamas
100%
2United States | Bahamas
100%
2United States | Canada
100%
2United States | Canada
100%
2United States | Canada
100%
2United States | Canada
100%
2United States | Canada
100%
2United States | Canada
100%
2United States | Canada
100%
2United States | Canada
100%
2United States | Canada
100%
2United States | Canada
100%
2United States | Canada
100%
2United States | Canada
100%
2United States | Canada
100%
2United States | Canada
100%
2United States | Canada
100%
2United States | Canada
100%
2United States | Canada
100%
2United States | Canada
100%
2United States | Canada
100%
2United States | Canada
100%
2United States | Canada
100%
2United States | Canada
100%
2United States | Canada
100%
2United States | Canada
100%
2United States | Canada
100%
2United States | Canada
100%
2United States | Canada
100%
2United States | Canada
100%
2United States | Canada
100%
2United States | Canada
100%
2United States | Canada
100%
2United States | Canada
100%
2United States | Canada
100%
2United States | Canada
100%
2United States | Canada
100%
2United States | Canada
100%
2United States | Canada
100%
2United States | Canada
100%
2United States | Canada
100%
2United States | Canada
100%
2United States | Canada
100%
2United States | Canada
100%
2United States | Canada
100%
2United States | Canada
100%
2United States | Canada
100%
2United States | Canada
100%
2United States | Canada
100%
2United States | Canada
100%
2United States | Canada
100%
2United States | Canada
100%
2United States | Canada
100%
2United States | Canada
100%
2United States | Canada
100%
2United States | Canada
100%
2United States | Canada
100%
2United States | Mexico
100%
2United States | Mexico
100%
2United States | Mexico
100%
2United States | Mexico
100%
2United States | Mexico
100%
2United States | Mexico
100%
2United States | Mexico
100%
2United States | Mexico
100%
2United States | Mexico
100%
2United States | Mexico
100%
2United States | Mexico
100%
2United States | Mexico
100%
2United States | Mexico
100%
2United States | Mexico
100%
2United States | Mexico
100%
2United States | Mexico
100%
2United States | Mexico
100%
2United States | Mexico
100%
7Vietnam | Cambodia | Myanmar | Malaysia | Thailand | Singapore | Indonesia
100%
7Vietnam | Cambodia | Myanmar | Malaysia | Thailand | Singapore | Indonesia
100%
7Vietnam | Cambodia | Myanmar | Malaysia | Thailand | Singapore | Indonesia
100%
7Vietnam | Cambodia | Myanmar | Malaysia | Thailand | Singapore | Indonesia
100%
7Vietnam | Cambodia | Myanmar | Malaysia | Thailand | Singapore | Indonesia
100%
7Vietnam | Cambodia | Myanmar | Malaysia | Thailand | Singapore | Indonesia
100%
7Vietnam | Cambodia | Myanmar | Malaysia | Thailand | Singapore | Indonesia
100%
7Vietnam | Cambodia | Myanmar | Malaysia | Thailand | Singapore | Indonesia
100%
7Vietnam | Cambodia | Myanmar | Malaysia | Thailand | Singapore | Indonesia
100%
7Vietnam | Cambodia | Myanmar | Malaysia | Thailand | Singapore | Indonesia
100%
7Vietnam | Cambodia | Myanmar | Malaysia | Thailand | Singapore | Indonesia
100%
3Argentina | Uruguay | Brazil
50%
1Australia
50%
1Australia
50%
1Canada
50%
1Canada
50%
2Chile | Argentina
50%
3Chile | Argentina | United Kingdom
50%
8Costa Rica | Panama | Colombia | Venezuela | Brazil | Peru | Ecuador | Nicaragua
50%
1Marshall Islands
50%
1Marshall Islands
50%
2Mauritius | France
50%
1New Zealand
50%
1New Zealand
50%
1Russia
50%
8Russia | Kazakhstan | Turkmenistan | Tajikistan | Uzbekistan | Iran | Kyrgyzstan | Afghanistan
50%
6Saudi Arabia | United Arab Emirates | Oman | Yemen | India | Pakistan
50%
1Seychelles
50%
8Sudan | South Sudan | Ethiopia | Kenya | Uganda | Tanzania | Somalia | Democratic Republic of the Congo
50%
8Ukraine | Russia | Armenia | Georgia | Azerbaijan | Turkey | Iran | Kazakhstan
50%
10Algeria | Mali | Mauritania | Guinea | Burkina Faso | Ghana | Togo | Benin | Nigeria | Niger
0%
10Algeria | Mali | Mauritania | Guinea | Burkina Faso | Ghana | Togo | Benin | Nigeria | Niger
0%
10Algeria | Mali | Mauritania | Guinea | Burkina Faso | Ghana | Togo | Benin | Nigeria | Niger
0%
10Algeria | Mali | Mauritania | Guinea | Burkina Faso | Ghana | Togo | Benin | Nigeria | Niger
0%
10Algeria | Mali | Mauritania | Guinea | Burkina Faso | Ghana | Togo | Benin | Nigeria | Niger
0%
10Algeria | Mali | Mauritania | Guinea | Burkina Faso | Ghana | Togo | Benin | Nigeria | Niger
0%
10Algeria | Mali | Mauritania | Guinea | Burkina Faso | Ghana | Togo | Benin | Nigeria | Niger
0%
10Algeria | Mali | Mauritania | Guinea | Burkina Faso | Ghana | Togo | Benin | Nigeria | Niger
0%
10Algeria | Mali | Mauritania | Guinea | Burkina Faso | Ghana | Togo | Benin | Nigeria | Niger
0%
10Algeria | Mali | Mauritania | Guinea | Burkina Faso | Ghana | Togo | Benin | Nigeria | Niger
0%
10Algeria | Mali | Mauritania | Guinea | Burkina Faso | Ghana | Togo | Benin | Nigeria | Niger
0%
10Algeria | Mali | Mauritania | Guinea | Burkina Faso | Ghana | Togo | Benin | Nigeria | Niger
0%
10Algeria | Mali | Mauritania | Guinea | Burkina Faso | Ghana | Togo | Benin | Nigeria | Niger
0%
10Algeria | Mali | Mauritania | Guinea | Burkina Faso | Ghana | Togo | Benin | Nigeria | Niger
0%
10Algeria | Mali | Mauritania | Guinea | Burkina Faso | Ghana | Togo | Benin | Nigeria | Niger
0%
10Algeria | Mali | Mauritania | Guinea | Burkina Faso | Ghana | Togo | Benin | Nigeria | Niger
0%
10Algeria | Mali | Mauritania | Guinea | Burkina Faso | Ghana | Togo | Benin | Nigeria | Niger
0%
10Algeria | Mali | Mauritania | Guinea | Burkina Faso | Ghana | Togo | Benin | Nigeria | Niger
0%
10Algeria | Mali | Mauritania | Guinea | Burkina Faso | Ghana | Togo | Benin | Nigeria | Niger
0%
10Algeria | Mali | Mauritania | Guinea | Burkina Faso | Ghana | Togo | Benin | Nigeria | Niger
0%
10Algeria | Mali | Mauritania | Guinea | Burkina Faso | Ghana | Togo | Benin | Nigeria | Niger
0%
10Algeria | Mali | Mauritania | Guinea | Burkina Faso | Ghana | Togo | Benin | Nigeria | Niger
0%
10Algeria | Mali | Mauritania | Guinea | Burkina Faso | Ghana | Togo | Benin | Nigeria | Niger
0%
10Algeria | Mali | Mauritania | Guinea | Burkina Faso | Ghana | Togo | Benin | Nigeria | Niger
0%
10Algeria | Mali | Mauritania | Guinea | Burkina Faso | Ghana | Togo | Benin | Nigeria | Niger
0%
10Algeria | Mali | Mauritania | Guinea | Burkina Faso | Ghana | Togo | Benin | Nigeria | Niger
0%
10Algeria | Mali | Mauritania | Guinea | Burkina Faso | Ghana | Togo | Benin | Nigeria | Niger
0%
10Algeria | Mali | Mauritania | Guinea | Burkina Faso | Ghana | Togo | Benin | Nigeria | Niger
0%
10Algeria | Mali | Mauritania | Guinea | Burkina Faso | Ghana | Togo | Benin | Nigeria | Niger
0%
10Algeria | Mali | Mauritania | Guinea | Burkina Faso | Ghana | Togo | Benin | Nigeria | Niger
0%
10Algeria | Mali | Mauritania | Guinea | Burkina Faso | Ghana | Togo | Benin | Nigeria | Niger
0%
10Algeria | Mali | Mauritania | Guinea | Burkina Faso | Ghana | Togo | Benin | Nigeria | Niger
0%
10Algeria | Mali | Mauritania | Guinea | Burkina Faso | Ghana | Togo | Benin | Nigeria | Niger
0%
10Algeria | Mali | Mauritania | Guinea | Burkina Faso | Ghana | Togo | Benin | Nigeria | Niger
0%
10Algeria | Mali | Mauritania | Guinea | Burkina Faso | Ghana | Togo | Benin | Nigeria | Niger
0%
10Algeria | Mali | Mauritania | Guinea | Burkina Faso | Ghana | Togo | Benin | Nigeria | Niger
0%
10Algeria | Mali | Mauritania | Guinea | Burkina Faso | Ghana | Togo | Benin | Nigeria | Niger
0%
10Algeria | Mali | Mauritania | Guinea | Burkina Faso | Ghana | Togo | Benin | Nigeria | Niger
0%
10Algeria | Mali | Mauritania | Guinea | Burkina Faso | Ghana | Togo | Benin | Nigeria | Niger
0%
10Algeria | Mali | Mauritania | Guinea | Burkina Faso | Ghana | Togo | Benin | Nigeria | Niger
0%
10Algeria | Mali | Mauritania | Guinea | Burkina Faso | Ghana | Togo | Benin | Nigeria | Niger
0%
10Algeria | Mali | Mauritania | Guinea | Burkina Faso | Ghana | Togo | Benin | Nigeria | Niger
0%
10Algeria | Mali | Mauritania | Guinea | Burkina Faso | Ghana | Togo | Benin | Nigeria | Niger
0%
10Algeria | Mali | Mauritania | Guinea | Burkina Faso | Ghana | Togo | Benin | Nigeria | Niger
0%
10Algeria | Mali | Mauritania | Guinea | Burkina Faso | Ghana | Togo | Benin | Nigeria | Niger
0%
10Algeria | Mali | Mauritania | Guinea | Burkina Faso | Ghana | Togo | Benin | Nigeria | Niger
0%
10Algeria | Mali | Mauritania | Guinea | Burkina Faso | Ghana | Togo | Benin | Nigeria | Niger
0%
10Algeria | Mali | Mauritania | Guinea | Burkina Faso | Ghana | Togo | Benin | Nigeria | Niger
0%
10Algeria | Mali | Mauritania | Guinea | Burkina Faso | Ghana | Togo | Benin | Nigeria | Niger
0%
10Algeria | Mali | Mauritania | Guinea | Burkina Faso | Ghana | Togo | Benin | Nigeria | Niger
0%
10Algeria | Mali | Mauritania | Guinea | Burkina Faso | Ghana | Togo | Benin | Nigeria | Niger
0%
10Algeria | Mali | Mauritania | Guinea | Burkina Faso | Ghana | Togo | Benin | Nigeria | Niger
0%
10Algeria | Mali | Mauritania | Guinea | Burkina Faso | Ghana | Togo | Benin | Nigeria | Niger
0%
10Algeria | Mali | Mauritania | Guinea | Burkina Faso | Ghana | Togo | Benin | Nigeria | Niger
0%
10Algeria | Mali | Mauritania | Guinea | Burkina Faso | Ghana | Togo | Benin | Nigeria | Niger
0%
10Algeria | Mali | Mauritania | Guinea | Burkina Faso | Ghana | Togo | Benin | Nigeria | Niger
0%
10Algeria | Mali | Mauritania | Guinea | Burkina Faso | Ghana | Togo | Benin | Nigeria | Niger
0%
10Algeria | Mali | Mauritania | Guinea | Burkina Faso | Ghana | Togo | Benin | Nigeria | Niger
0%
10Algeria | Mali | Mauritania | Guinea | Burkina Faso | Ghana | Togo | Benin | Nigeria | Niger
0%
10Algeria | Mali | Mauritania | Guinea | Burkina Faso | Ghana | Togo | Benin | Nigeria | Niger
0%
10Algeria | Mali | Mauritania | Guinea | Burkina Faso | Ghana | Togo | Benin | Nigeria | Niger
0%
10Algeria | Mali | Mauritania | Guinea | Burkina Faso | Ghana | Togo | Benin | Nigeria | Niger
0%
10Algeria | Mali | Mauritania | Guinea | Burkina Faso | Ghana | Togo | Benin | Nigeria | Niger
0%
10Algeria | Mali | Mauritania | Guinea | Burkina Faso | Ghana | Togo | Benin | Nigeria | Niger
0%
10Algeria | Mali | Mauritania | Guinea | Burkina Faso | Ghana | Togo | Benin | Nigeria | Niger
0%
10Algeria | Mali | Mauritania | Guinea | Burkina Faso | Ghana | Togo | Benin | Nigeria | Niger
0%
10Algeria | Mali | Mauritania | Guinea | Burkina Faso | Ghana | Togo | Benin | Nigeria | Niger
0%
10Algeria | Mali | Mauritania | Guinea | Burkina Faso | Ghana | Togo | Benin | Nigeria | Niger
0%
10Algeria | Mali | Mauritania | Guinea | Burkina Faso | Ghana | Togo | Benin | Nigeria | Niger
0%
10Algeria | Mali | Mauritania | Guinea | Burkina Faso | Ghana | Togo | Benin | Nigeria | Niger
0%
10Algeria | Mali | Mauritania | Guinea | Burkina Faso | Ghana | Togo | Benin | Nigeria | Niger
0%
10Algeria | Mali | Mauritania | Guinea | Burkina Faso | Ghana | Togo | Benin | Nigeria | Niger
0%
10Algeria | Mali | Mauritania | Guinea | Burkina Faso | Ghana | Togo | Benin | Nigeria | Niger
0%
10Algeria | Mali | Mauritania | Guinea | Burkina Faso | Ghana | Togo | Benin | Nigeria | Niger
0%
10Algeria | Mali | Mauritania | Guinea | Burkina Faso | Ghana | Togo | Benin | Nigeria | Niger
0%
10Algeria | Mali | Mauritania | Guinea | Burkina Faso | Ghana | Togo | Benin | Nigeria | Niger
0%
10Algeria | Mali | Mauritania | Guinea | Burkina Faso | Ghana | Togo | Benin | Nigeria | Niger
0%
10Algeria | Mali | Mauritania | Guinea | Burkina Faso | Ghana | Togo | Benin | Nigeria | Niger
0%
10Algeria | Mali | Mauritania | Guinea | Burkina Faso | Ghana | Togo | Benin | Nigeria | Niger
0%
3Argentina | Uruguay | Brazil
0%
3Argentina | Uruguay | Brazil
0%
3Argentina | Uruguay | Brazil
0%
3Argentina | Uruguay | Brazil
0%
3Argentina | Uruguay | Brazil
0%
3Argentina | Uruguay | Brazil
0%
3Argentina | Uruguay | Brazil
0%
3Argentina | Uruguay | Brazil
0%
3Argentina | Uruguay | Brazil
0%
3Argentina | Uruguay | Brazil
0%
3Argentina | Uruguay | Brazil
0%
3Argentina | Uruguay | Brazil
0%
3Argentina | Uruguay | Brazil
0%
3Argentina | Uruguay | Brazil
0%
3Argentina | Uruguay | Brazil
0%
3Argentina | Uruguay | Brazil
0%
3Argentina | Uruguay | Brazil
0%
3Argentina | Uruguay | Brazil
0%
3Argentina | Uruguay | Brazil
0%
3Argentina | Uruguay | Brazil
0%
3Argentina | Uruguay | Brazil
0%
3Argentina | Uruguay | Brazil
0%
3Argentina | Uruguay | Brazil
0%
3Argentina | Uruguay | Brazil
0%
3Argentina | Uruguay | Brazil
0%
3Argentina | Uruguay | Brazil
0%
3Argentina | Uruguay | Brazil
0%
3Argentina | Uruguay | Brazil
0%
3Argentina | Uruguay | Brazil
0%
3Argentina | Uruguay | Brazil
0%
3Argentina | Uruguay | Brazil
0%
3Argentina | Uruguay | Brazil
0%
3Argentina | Uruguay | Brazil
0%
3Argentina | Uruguay | Brazil
0%
3Argentina | Uruguay | Brazil
0%
3Argentina | Uruguay | Brazil
0%
3Argentina | Uruguay | Brazil
0%
3Argentina | Uruguay | Brazil
0%
3Argentina | Uruguay | Brazil
0%
3Argentina | Uruguay | Brazil
0%
3Argentina | Uruguay | Brazil
0%
3Argentina | Uruguay | Brazil
0%
3Argentina | Uruguay | Brazil
0%
3Argentina | Uruguay | Brazil
0%
3Argentina | Uruguay | Brazil
0%
3Argentina | Uruguay | Brazil
0%
3Argentina | Uruguay | Brazil
0%
3Argentina | Uruguay | Brazil
0%
3Argentina | Uruguay | Brazil
0%
3Argentina | Uruguay | Brazil
0%
3Argentina | Uruguay | Brazil
0%
3Argentina | Uruguay | Brazil
0%
3Argentina | Uruguay | Brazil
0%
3Argentina | Uruguay | Brazil
0%
3Argentina | Uruguay | Brazil
0%
3Argentina | Uruguay | Brazil
0%
3Argentina | Uruguay | Brazil
0%
3Argentina | Uruguay | Brazil
0%
3Argentina | Uruguay | Brazil
0%
3Argentina | Uruguay | Brazil
0%
3Argentina | Uruguay | Brazil
0%
3Argentina | Uruguay | Brazil
0%
3Argentina | Uruguay | Brazil
0%
3Argentina | Uruguay | Brazil
0%
1Australia
0%
1Australia
0%
1Australia
0%
1Australia
0%
1Australia
0%
1Australia
0%
1Australia
0%
1Australia
0%
1Australia
0%
1Australia
0%
1Australia
0%
1Australia
0%
1Australia
0%
1Australia
0%
1Australia
0%
1Australia
0%
1Australia
0%
1Australia
0%
1Australia
0%
1Australia
0%
1Australia
0%
1Australia
0%
1Australia
0%
1Australia
0%
1Australia
0%
1Australia
0%
1Australia
0%
1Australia
0%
1Australia
0%
1Australia
0%
1Australia
0%
1Australia
0%
1Australia
0%
1Australia
0%
1Australia
0%
1Australia
0%
1Australia
0%
1Australia
0%
1Australia
0%
1Australia
0%
1Australia
0%
1Australia
0%
1Australia
0%
1Australia
0%
1Australia
0%
1Australia
0%
1Australia
0%
1Australia
0%
1Australia
0%
1Australia
0%
1Australia
0%
1Australia
0%
1Australia
0%
1Australia
0%
1Australia
0%
1Australia
0%
1Australia
0%
1Australia
0%
1Australia
0%
1Australia
0%
1Australia
0%
1Australia
0%
1Australia
0%
1Australia
0%
1Australia
0%
1Australia
0%
1Australia
0%
1Australia
0%
1Australia
0%
1Australia
0%
1Australia
0%
1Australia
0%
1Australia
0%
1Australia
0%
1Australia
0%
1Australia
0%
1Australia
0%
1Australia
0%
1Australia
0%
1Australia
0%
1Australia
0%
1Australia
0%
1Australia
0%
1Australia
0%
1Australia
0%
1Australia
0%
1Australia
0%
1Australia
0%
1Australia
0%
1Australia
0%
1Australia
0%
1Australia
0%
1Australia
0%
1Australia
0%
1Australia
0%
1Australia
0%
1Australia
0%
1Australia
0%
1Australia
0%
1Australia
0%
1Australia
0%
1Australia
0%
1Australia
0%
1Australia
0%
1Australia
0%
1Australia
0%
1Australia
0%
1Australia
0%
1Australia
0%
1Australia
0%
1Australia
0%
1Australia
0%
1Australia
0%
1Australia
0%
1Australia
0%
1Australia
0%
1Australia
0%
1Australia
0%
1Australia
0%
1Australia
0%
1Australia
0%
1Australia
0%
1Australia
0%
1Australia
0%
1Australia
0%
1Australia
0%
1Australia
0%
1Australia
0%
1Australia
0%
1Australia
0%
1Australia
0%
1Australia
0%
1Australia
0%
1Australia
0%
1Australia
0%
1Australia
0%
1Australia
0%
1Australia
0%
1Australia
0%
1Australia
0%
1Australia
0%
1Australia
0%
1Australia
0%
1Australia
0%
1Australia
0%
1Australia
0%
1Australia
0%
1Australia
0%
1Australia
0%
1Australia
0%
1Australia
0%
1Australia
0%
1Australia
0%
1Australia
0%
1Australia
0%
1Australia
0%
1Australia
0%
1Australia
0%
1Australia
0%
1Australia
0%
1Australia
0%
1Australia
0%
1Australia
0%
1Australia
0%
1Australia
0%
1Australia
0%
1Australia
0%
1Australia
0%
1Australia
0%
1Australia
0%
1Australia
0%
1Australia
0%
1Australia
0%
1Australia
0%
1Australia
0%
1Australia
0%
1Australia
0%
1Australia
0%
1Australia
0%
1Australia
0%
1Australia
0%
1Australia
0%
1Australia
0%
1Australia
0%
1Australia
0%
1Australia
0%
1Australia
0%
1Australia
0%
1Australia
0%
1Australia
0%
1Australia
0%
1Australia
0%
1Australia
0%
1Australia
0%
1Australia
0%
1Australia
0%
1Australia
0%
1Australia
0%
1Australia
0%
1Australia
0%
1Australia
0%
1Australia
0%
1Australia
0%
1Australia
0%
1Australia
0%
1Australia
0%
1Australia
0%
1Australia
0%
1Australia
0%
1Australia
0%
1Australia
0%
1Australia
0%
1Australia
0%
1Australia
0%
1Australia
0%
1Australia
0%
1Australia
0%
1Australia
0%
1Australia
0%
1Australia
0%
1Australia
0%
1Australia
0%
1Australia
0%
1Australia
0%
1Australia
0%
1Australia
0%
1Australia
0%
1Australia
0%
1Australia
0%
1Australia
0%
1Australia
0%
1Australia
0%
1Australia
0%
1Australia
0%
1Australia
0%
1Australia
0%
1Australia
0%
1Australia
0%
1Australia
0%
1Australia
0%
1Australia
0%
1Australia
0%
1Australia
0%
1Australia
0%
1Australia
0%
1Australia
0%
1Australia
0%
1Australia
0%
1Australia
0%
1Australia
0%
1Australia
0%
1Australia
0%
1Australia
0%
1Australia
0%
1Australia
0%
1Australia
0%
1Australia
0%
1Australia
0%
1Australia
0%
1Australia
0%
1Australia
0%
1Australia
0%
1Australia
0%
1Australia
0%
1Australia
0%
1Australia
0%
1Australia
0%
1Australia
0%
1Australia
0%
1Australia
0%
1Australia
0%
1Australia
0%
1Australia
0%
1Australia
0%
1Australia
0%
1Australia
0%
1Australia
0%
1Australia
0%
1Australia
0%
1Australia
0%
1Australia
0%
1Australia
0%
1Australia
0%
1Australia
0%
1Australia
0%
1Australia
0%
1Australia
0%
1Australia
0%
1Australia
0%
1Australia
0%
1Australia
0%
1Australia
0%
1Australia
0%
1Australia
0%
1Australia
0%
1Australia
0%
1Australia
0%
1Australia
0%
1Australia
0%
1Australia
0%
1Australia
0%
1Australia
0%
1Australia
0%
1Australia
0%
1Australia
0%
1Australia
0%
1Australia
0%
1Australia
0%
1Australia
0%
1Australia
0%
1Australia
0%
1Australia
0%
1Australia
0%
1Australia
0%
1Australia
0%
1Australia
0%
1Australia
0%
1Australia
0%
1Australia
0%
1Australia
0%
1Australia
0%
1Australia
0%
1Australia
0%
1Australia
0%
1Australia
0%
1Australia
0%
1Australia
0%
1Australia
0%
1Australia
0%
1Australia
0%
1Australia
0%
1Australia
0%
1Australia
0%
1Australia
0%
1Australia
0%
1Australia
0%
1Australia
0%
1Australia
0%
1Australia
0%
1Australia
0%
1Australia
0%
1Australia
0%
1Australia
0%
1Australia
0%
1Australia
0%
1Australia
0%
1Australia
0%
1Australia
0%
1Australia
0%
1Australia
0%
1Australia
0%
1Australia
0%
1Australia
0%
1Australia
0%
1Australia
0%
1Australia
0%
1Australia
0%
1Australia
0%
1Australia
0%
1Australia
0%
1Australia
0%
1Australia
0%
1Australia
0%
1Australia
0%
1Australia
0%
1Australia
0%
1Australia
0%
1Australia
0%
1Australia
0%
1Australia
0%
1Australia
0%
1Australia
0%
1Australia
0%
1Australia
0%
1Australia
0%
1Australia
0%
1Australia
0%
1Australia
0%
1Australia
0%
1Australia
0%
1Australia
0%
1Australia
0%
1Australia
0%
1Australia
0%
1Australia
0%
1Australia
0%
1Australia
0%
1Australia
0%
1Australia
0%
1Australia
0%
1Australia
0%
1Australia
0%
1Australia
0%
1Australia
0%
1Australia
0%
1Australia
0%
1Australia
0%
1Australia
0%
1Australia
0%
1Australia
0%
1Australia
0%
1Australia
0%
1Australia
0%
1Australia
0%
1Australia
0%
1Australia
0%
1Australia
0%
1Australia
0%
1Australia
0%
1Australia
0%
1Australia
0%
1Australia
0%
1Australia
0%
1Australia
0%
1Australia
0%
1Australia
0%
1Australia
0%
1Australia
0%
1Australia
0%
1Australia
0%
1Australia
0%
3Australia | Indonesia | East Timor
0%
3Australia | Indonesia | East Timor
0%
3Australia | Indonesia | East Timor
0%
3Australia | Indonesia | East Timor
0%
3Australia | Indonesia | East Timor
0%
3Australia | Indonesia | East Timor
0%
3Australia | Indonesia | East Timor
0%
3Australia | Indonesia | East Timor
0%
3Australia | Indonesia | East Timor
0%
3Australia | Indonesia | East Timor
0%
3Australia | Indonesia | East Timor
0%
3Australia | Indonesia | East Timor
0%
3Australia | Indonesia | East Timor
0%
3Australia | Indonesia | East Timor
0%
3Australia | Indonesia | East Timor
0%
3Australia | Indonesia | East Timor
0%
3Australia | Indonesia | East Timor
0%
3Australia | Indonesia | East Timor
0%
3Australia | Indonesia | East Timor
0%
3Australia | Indonesia | East Timor
0%
3Australia | Indonesia | East Timor
0%
3Australia | Indonesia | East Timor
0%
3Australia | Indonesia | East Timor
0%
3Australia | Indonesia | East Timor
0%
3Australia | Indonesia | East Timor
0%
3Australia | Indonesia | East Timor
0%
3Australia | Indonesia | East Timor
0%
3Australia | Indonesia | East Timor
0%
3Australia | Indonesia | East Timor
0%
3Australia | Indonesia | East Timor
0%
3Australia | Indonesia | East Timor
0%
3Australia | Indonesia | East Timor
0%
3Australia | Indonesia | East Timor
0%
3Australia | Indonesia | East Timor
0%
3Australia | Indonesia | East Timor
0%
3Australia | Indonesia | East Timor
0%
3Australia | Indonesia | East Timor
0%
3Australia | Indonesia | East Timor
0%
3Australia | Indonesia | East Timor
0%
3Australia | Indonesia | East Timor
0%
3Australia | Indonesia | East Timor
0%
3Australia | Indonesia | East Timor
0%
3Australia | Indonesia | East Timor
0%
3Australia | Indonesia | East Timor
0%
3Australia | Indonesia | East Timor
0%
3Australia | Indonesia | East Timor
0%
3Australia | Indonesia | East Timor
0%
3Australia | Indonesia | East Timor
0%
3Australia | Indonesia | East Timor
0%
3Australia | Indonesia | East Timor
0%
3Australia | Indonesia | East Timor
0%
3Australia | Indonesia | East Timor
0%
3Australia | Indonesia | East Timor
0%
3Australia | Indonesia | East Timor
0%
3Australia | Indonesia | East Timor
0%
3Australia | Indonesia | East Timor
0%
3Australia | Indonesia | East Timor
0%
3Australia | Indonesia | East Timor
0%
3Australia | Indonesia | East Timor
0%
3Australia | Indonesia | East Timor
0%
3Australia | Indonesia | East Timor
0%
3Australia | Indonesia | East Timor
0%
3Australia | Indonesia | East Timor
0%
3Australia | Indonesia | East Timor
0%
3Australia | Indonesia | East Timor
0%
3Australia | Indonesia | East Timor
0%
3Australia | Indonesia | East Timor
0%
3Australia | Indonesia | East Timor
0%
3Australia | Indonesia | East Timor
0%
3Australia | Indonesia | East Timor
0%
3Australia | Indonesia | East Timor
0%
3Australia | Indonesia | East Timor
0%
3Australia | Indonesia | East Timor
0%
3Australia | Indonesia | East Timor
0%
3Australia | Indonesia | East Timor
0%
3Australia | Indonesia | Papua New Guinea
0%
3Australia | Indonesia | Papua New Guinea
0%
3Australia | Indonesia | Papua New Guinea
0%
3Australia | Indonesia | Papua New Guinea
0%
3Australia | Indonesia | Papua New Guinea
0%
3Australia | Indonesia | Papua New Guinea
0%
3Australia | Indonesia | Papua New Guinea
0%
3Australia | Indonesia | Papua New Guinea
0%
3Australia | Indonesia | Papua New Guinea
0%
3Australia | Indonesia | Papua New Guinea
0%
3Australia | Indonesia | Papua New Guinea
0%
3Australia | Indonesia | Papua New Guinea
0%
3Australia | Indonesia | Papua New Guinea
0%
3Australia | Indonesia | Papua New Guinea
0%
3Australia | Indonesia | Papua New Guinea
0%
3Australia | Indonesia | Papua New Guinea
0%
3Australia | Indonesia | Papua New Guinea
0%
3Australia | Indonesia | Papua New Guinea
0%
3Australia | Indonesia | Papua New Guinea
0%
3Australia | Indonesia | Papua New Guinea
0%
3Australia | Indonesia | Papua New Guinea
0%
3Australia | Indonesia | Papua New Guinea
0%
3Australia | Indonesia | Papua New Guinea
0%
3Australia | Indonesia | Papua New Guinea
0%
3Australia | Indonesia | Papua New Guinea
0%
3Australia | Indonesia | Papua New Guinea
0%
3Australia | Indonesia | Papua New Guinea
0%
3Australia | Indonesia | Papua New Guinea
0%
3Australia | Indonesia | Papua New Guinea
0%
3Australia | Indonesia | Papua New Guinea
0%
3Australia | Indonesia | Papua New Guinea
0%
3Australia | Indonesia | Papua New Guinea
0%
3Australia | Indonesia | Papua New Guinea
0%
3Australia | Indonesia | Papua New Guinea
0%
3Australia | Indonesia | Papua New Guinea
0%
3Australia | Indonesia | Papua New Guinea
0%
3Australia | Indonesia | Papua New Guinea
0%
3Australia | Indonesia | Papua New Guinea
0%
3Australia | Indonesia | Papua New Guinea
0%
3Australia | Indonesia | Papua New Guinea
0%
3Australia | Indonesia | Papua New Guinea
0%
3Australia | Indonesia | Papua New Guinea
0%
3Australia | Indonesia | Papua New Guinea
0%
3Australia | Indonesia | Papua New Guinea
0%
3Australia | Indonesia | Papua New Guinea
0%
3Australia | Indonesia | Papua New Guinea
0%
3Australia | Indonesia | Papua New Guinea
0%
3Australia | Indonesia | Papua New Guinea
0%
3Australia | Indonesia | Papua New Guinea
0%
3Australia | Indonesia | Papua New Guinea
0%
3Australia | Indonesia | Papua New Guinea
0%
3Australia | Indonesia | Papua New Guinea
0%
3Australia | Indonesia | Papua New Guinea
0%
3Australia | Indonesia | Papua New Guinea
0%
3Australia | Indonesia | Papua New Guinea
0%
3Australia | Indonesia | Papua New Guinea
0%
3Australia | Indonesia | Papua New Guinea
0%
3Australia | Indonesia | Papua New Guinea
0%
3Australia | Indonesia | Papua New Guinea
0%
3Australia | Indonesia | Papua New Guinea
0%
3Australia | Indonesia | Papua New Guinea
0%
3Australia | Indonesia | Papua New Guinea
0%
3Australia | Indonesia | Papua New Guinea
0%
3Australia | Indonesia | Papua New Guinea
0%
3Australia | Indonesia | Papua New Guinea
0%
3Australia | Indonesia | Papua New Guinea
0%
3Australia | Indonesia | Papua New Guinea
0%
3Australia | Indonesia | Papua New Guinea
0%
3Australia | Indonesia | Papua New Guinea
0%
3Australia | Indonesia | Papua New Guinea
0%
3Australia | Indonesia | Papua New Guinea
0%
3Australia | Indonesia | Papua New Guinea
0%
3Australia | Indonesia | Papua New Guinea
0%
3Australia | Indonesia | Papua New Guinea
0%
3Australia | Indonesia | Papua New Guinea
0%
3Australia | Indonesia | Papua New Guinea
0%
3Australia | Indonesia | Papua New Guinea
0%
3Australia | Indonesia | Papua New Guinea
0%
3Australia | Indonesia | Papua New Guinea
0%
3Australia | Indonesia | Papua New Guinea
0%
3Australia | Indonesia | Papua New Guinea
0%
3Australia | Vanuatu | France
0%
3Australia | Vanuatu | France
0%
3Australia | Vanuatu | France
0%
3Australia | Vanuatu | France
0%
3Australia | Vanuatu | France
0%
3Australia | Vanuatu | France
0%
3Australia | Vanuatu | France
0%
3Australia | Vanuatu | France
0%
3Australia | Vanuatu | France
0%
3Australia | Vanuatu | France
0%
3Australia | Vanuatu | France
0%
3Australia | Vanuatu | France
0%
3Australia | Vanuatu | France
0%
3Australia | Vanuatu | France
0%
3Australia | Vanuatu | France
0%
3Australia | Vanuatu | France
0%
3Australia | Vanuatu | France
0%
3Australia | Vanuatu | France
0%
3Australia | Vanuatu | France
0%
3Australia | Vanuatu | France
0%
3Australia | Vanuatu | France
0%
3Australia | Vanuatu | France
0%
3Australia | Vanuatu | France
0%
3Australia | Vanuatu | France
0%
3Australia | Vanuatu | France
0%
3Australia | Vanuatu | France
0%
3Australia | Vanuatu | France
0%
3Australia | Vanuatu | France
0%
3Australia | Vanuatu | France
0%
3Australia | Vanuatu | France
0%
3Australia | Vanuatu | France
0%
3Australia | Vanuatu | France
0%
3Australia | Vanuatu | France
0%
3Australia | Vanuatu | France
0%
3Australia | Vanuatu | France
0%
3Australia | Vanuatu | France
0%
3Australia | Vanuatu | France
0%
3Australia | Vanuatu | France
0%
3Australia | Vanuatu | France
0%
3Australia | Vanuatu | France
0%
3Australia | Vanuatu | France
0%
3Australia | Vanuatu | France
0%
3Australia | Vanuatu | France
0%
3Australia | Vanuatu | France
0%
3Australia | Vanuatu | France
0%
3Australia | Vanuatu | France
0%
3Australia | Vanuatu | France
0%
3Australia | Vanuatu | France
0%
3Australia | Vanuatu | France
0%
3Australia | Vanuatu | France
0%
3Australia | Vanuatu | France
0%
3Australia | Vanuatu | France
0%
3Australia | Vanuatu | France
0%
3Australia | Vanuatu | France
0%
3Australia | Vanuatu | France
0%
3Australia | Vanuatu | France
0%
3Australia | Vanuatu | France
0%
3Australia | Vanuatu | France
0%
3Australia | Vanuatu | France
0%
3Australia | Vanuatu | France
0%
3Australia | Vanuatu | France
0%
3Australia | Vanuatu | France
0%
3Australia | Vanuatu | France
0%
3Australia | Vanuatu | France
0%
3Australia | Vanuatu | France
0%
3Australia | Vanuatu | France
0%
3Australia | Vanuatu | France
0%
3Australia | Vanuatu | France
0%
3Australia | Vanuatu | France
0%
3Australia | Vanuatu | France
0%
3Australia | Vanuatu | France
0%
3Australia | Vanuatu | France
0%
3Australia | Vanuatu | France
0%
3Australia | Vanuatu | France
0%
3Australia | Vanuatu | France
0%
3Australia | Vanuatu | France
0%
3Australia | Vanuatu | France
0%
3Australia | Vanuatu | France
0%
3Australia | Vanuatu | France
0%
1Brazil
0%
1Brazil
0%
1Brazil
0%
1Brazil
0%
1Brazil
0%
1Brazil
0%
1Brazil
0%
1Brazil
0%
1Brazil
0%
1Brazil
0%
1Brazil
0%
1Brazil
0%
1Brazil
0%
1Brazil
0%
1Brazil
0%
1Brazil
0%
1Brazil
0%
1Brazil
0%
1Brazil
0%
1Brazil
0%
1Brazil
0%
1Brazil
0%
1Brazil
0%
1Brazil
0%
1Brazil
0%
1Brazil
0%
1Brazil
0%
1Brazil
0%
1Brazil
0%
1Brazil
0%
1Brazil
0%
1Brazil
0%
1Brazil
0%
1Brazil
0%
1Brazil
0%
1Brazil
0%
1Brazil
0%
1Brazil
0%
1Brazil
0%
1Brazil
0%
1Brazil
0%
1Brazil
0%
1Brazil
0%
1Brazil
0%
1Brazil
0%
1Brazil
0%
1Brazil
0%
1Brazil
0%
1Brazil
0%
1Brazil
0%
1Brazil
0%
1Brazil
0%
1Brazil
0%
1Brazil
0%
1Brazil
0%
1Brazil
0%
1Brazil
0%
1Brazil
0%
1Brazil
0%
1Brazil
0%
1Brazil
0%
1Brazil
0%
1Brazil
0%
1Brazil
0%
1Brazil
0%
1Brazil
0%
1Brazil
0%
1Brazil
0%
1Brazil
0%
1Brazil
0%
1Brazil
0%
1Brazil
0%
1Brazil
0%
1Brazil
0%
1Brazil
0%
1Brazil
0%
1Brazil
0%
1Brazil
0%
1Brazil
0%
1Brazil
0%
1Brazil
0%
1Brazil
0%
1Brazil
0%
1Brazil
0%
1Brazil
0%
1Brazil
0%
1Brazil
0%
1Brazil
0%
1Brazil
0%
1Brazil
0%
1Brazil
0%
1Brazil
0%
1Brazil
0%
1Brazil
0%
1Brazil
0%
1Brazil
0%
1Brazil
0%
1Brazil
0%
1Brazil
0%
1Brazil
0%
1Brazil
0%
1Brazil
0%
1Brazil
0%
1Brazil
0%
1Brazil
0%
1Brazil
0%
1Brazil
0%
1Brazil
0%
1Brazil
0%
1Brazil
0%
1Brazil
0%
1Brazil
0%
1Brazil
0%
1Brazil
0%
1Brazil
0%
1Brazil
0%
1Brazil
0%
1Brazil
0%
1Brazil
0%
1Brazil
0%
1Brazil
0%
1Brazil
0%
1Brazil
0%
1Brazil
0%
1Brazil
0%
1Brazil
0%
1Brazil
0%
1Brazil
0%
1Brazil
0%
1Brazil
0%
1Brazil
0%
1Brazil
0%
1Brazil
0%
1Brazil
0%
1Brazil
0%
1Brazil
0%
1Brazil
0%
1Brazil
0%
1Brazil
0%
1Brazil
0%
1Brazil
0%
1Brazil
0%
1Brazil
0%
1Brazil
0%
1Brazil
0%
1Brazil
0%
1Brazil
0%
1Brazil
0%
1Brazil
0%
1Brazil
0%
1Brazil
0%
1Brazil
0%
1Brazil
0%
1Brazil
0%
1Brazil
0%
1Brazil
0%
1Brazil
0%
1Brazil
0%
1Brazil
0%
1Brazil
0%
1Brazil
0%
1Brazil
0%
1Brazil
0%
1Brazil
0%
1Brazil
0%
1Brazil
0%
1Brazil
0%
1Brazil
0%
1Brazil
0%
1Brazil
0%
1Brazil
0%
1Brazil
0%
1Brazil
0%
1Brazil
0%
1Brazil
0%
1Brazil
0%
1Brazil
0%
1Brazil
0%
1Brazil
0%
1Brazil
0%
1Brazil
0%
1Brazil
0%
1Brazil
0%
3Brazil | Bolivia | Peru
0%
3Brazil | Bolivia | Peru
0%
3Brazil | Bolivia | Peru
0%
3Brazil | Bolivia | Peru
0%
3Brazil | Bolivia | Peru
0%
3Brazil | Bolivia | Peru
0%
3Brazil | Bolivia | Peru
0%
3Brazil | Bolivia | Peru
0%
3Brazil | Bolivia | Peru
0%
3Brazil | Bolivia | Peru
0%
3Brazil | Bolivia | Peru
0%
3Brazil | Bolivia | Peru
0%
3Brazil | Bolivia | Peru
0%
3Brazil | Bolivia | Peru
0%
3Brazil | Bolivia | Peru
0%
3Brazil | Bolivia | Peru
0%
3Brazil | Bolivia | Peru
0%
3Brazil | Bolivia | Peru
0%
3Brazil | Bolivia | Peru
0%
3Brazil | Bolivia | Peru
0%
3Brazil | Bolivia | Peru
0%
3Brazil | Bolivia | Peru
0%
3Brazil | Bolivia | Peru
0%
3Brazil | Bolivia | Peru
0%
3Brazil | Bolivia | Peru
0%
3Brazil | Bolivia | Peru
0%
3Brazil | Bolivia | Peru
0%
3Brazil | Bolivia | Peru
0%
3Brazil | Bolivia | Peru
0%
3Brazil | Bolivia | Peru
0%
3Brazil | Bolivia | Peru
0%
3Brazil | Bolivia | Peru
0%
3Brazil | Bolivia | Peru
0%
3Brazil | Bolivia | Peru
0%
3Brazil | Bolivia | Peru
0%
3Brazil | Bolivia | Peru
0%
3Brazil | Bolivia | Peru
0%
3Brazil | Bolivia | Peru
0%
3Brazil | Bolivia | Peru
0%
3Brazil | Bolivia | Peru
0%
3Brazil | Bolivia | Peru
0%
3Brazil | Bolivia | Peru
0%
3Brazil | Bolivia | Peru
0%
3Brazil | Bolivia | Peru
0%
3Brazil | Bolivia | Peru
0%
3Brazil | Bolivia | Peru
0%
3Brazil | Bolivia | Peru
0%
3Brazil | Bolivia | Peru
0%
3Brazil | Bolivia | Peru
0%
3Brazil | Bolivia | Peru
0%
3Brazil | Bolivia | Peru
0%
3Brazil | Bolivia | Peru
0%
3Brazil | Bolivia | Peru
0%
3Brazil | Bolivia | Peru
0%
3Brazil | Bolivia | Peru
0%
3Brazil | Bolivia | Peru
0%
3Brazil | Bolivia | Peru
0%
3Brazil | Bolivia | Peru
0%
3Brazil | Bolivia | Peru
0%
3Brazil | Bolivia | Peru
0%
3Brazil | Bolivia | Peru
0%
3Brazil | Bolivia | Peru
0%
3Brazil | Bolivia | Peru
0%
3Brazil | Bolivia | Peru
0%
3Brazil | Bolivia | Peru
0%
3Brazil | Bolivia | Peru
0%
3Brazil | Bolivia | Peru
0%
3Brazil | Bolivia | Peru
0%
3Brazil | Bolivia | Peru
0%
3Brazil | Bolivia | Peru
0%
3Brazil | Bolivia | Peru
0%
3Brazil | Bolivia | Peru
0%
3Brazil | Bolivia | Peru
0%
3Brazil | Bolivia | Peru
0%
3Brazil | Bolivia | Peru
0%
3Brazil | Bolivia | Peru
0%
6Brazil | Paraguay | Argentina | Chile | Bolivia | Peru
0%
6Brazil | Paraguay | Argentina | Chile | Bolivia | Peru
0%
6Brazil | Paraguay | Argentina | Chile | Bolivia | Peru
0%
6Brazil | Paraguay | Argentina | Chile | Bolivia | Peru
0%
6Brazil | Paraguay | Argentina | Chile | Bolivia | Peru
0%
6Brazil | Paraguay | Argentina | Chile | Bolivia | Peru
0%
6Brazil | Paraguay | Argentina | Chile | Bolivia | Peru
0%
6Brazil | Paraguay | Argentina | Chile | Bolivia | Peru
0%
6Brazil | Paraguay | Argentina | Chile | Bolivia | Peru
0%
6Brazil | Paraguay | Argentina | Chile | Bolivia | Peru
0%
6Brazil | Paraguay | Argentina | Chile | Bolivia | Peru
0%
6Brazil | Paraguay | Argentina | Chile | Bolivia | Peru
0%
6Brazil | Paraguay | Argentina | Chile | Bolivia | Peru
0%
6Brazil | Paraguay | Argentina | Chile | Bolivia | Peru
0%
6Brazil | Paraguay | Argentina | Chile | Bolivia | Peru
0%
6Brazil | Paraguay | Argentina | Chile | Bolivia | Peru
0%
6Brazil | Paraguay | Argentina | Chile | Bolivia | Peru
0%
6Brazil | Paraguay | Argentina | Chile | Bolivia | Peru
0%
6Brazil | Paraguay | Argentina | Chile | Bolivia | Peru
0%
6Brazil | Paraguay | Argentina | Chile | Bolivia | Peru
0%
6Brazil | Paraguay | Argentina | Chile | Bolivia | Peru
0%
6Brazil | Paraguay | Argentina | Chile | Bolivia | Peru
0%
6Brazil | Paraguay | Argentina | Chile | Bolivia | Peru
0%
6Brazil | Paraguay | Argentina | Chile | Bolivia | Peru
0%
6Brazil | Paraguay | Argentina | Chile | Bolivia | Peru
0%
6Brazil | Paraguay | Argentina | Chile | Bolivia | Peru
0%
6Brazil | Paraguay | Argentina | Chile | Bolivia | Peru
0%
6Brazil | Paraguay | Argentina | Chile | Bolivia | Peru
0%
6Brazil | Paraguay | Argentina | Chile | Bolivia | Peru
0%
6Brazil | Paraguay | Argentina | Chile | Bolivia | Peru
0%
6Brazil | Paraguay | Argentina | Chile | Bolivia | Peru
0%
6Brazil | Paraguay | Argentina | Chile | Bolivia | Peru
0%
6Brazil | Paraguay | Argentina | Chile | Bolivia | Peru
0%
6Brazil | Paraguay | Argentina | Chile | Bolivia | Peru
0%
6Brazil | Paraguay | Argentina | Chile | Bolivia | Peru
0%
6Brazil | Paraguay | Argentina | Chile | Bolivia | Peru
0%
6Brazil | Paraguay | Argentina | Chile | Bolivia | Peru
0%
6Brazil | Paraguay | Argentina | Chile | Bolivia | Peru
0%
6Brazil | Paraguay | Argentina | Chile | Bolivia | Peru
0%
6Brazil | Paraguay | Argentina | Chile | Bolivia | Peru
0%
6Brazil | Paraguay | Argentina | Chile | Bolivia | Peru
0%
6Brazil | Paraguay | Argentina | Chile | Bolivia | Peru
0%
6Brazil | Paraguay | Argentina | Chile | Bolivia | Peru
0%
6Brazil | Paraguay | Argentina | Chile | Bolivia | Peru
0%
6Brazil | Paraguay | Argentina | Chile | Bolivia | Peru
0%
6Brazil | Paraguay | Argentina | Chile | Bolivia | Peru
0%
6Brazil | Paraguay | Argentina | Chile | Bolivia | Peru
0%
6Brazil | Paraguay | Argentina | Chile | Bolivia | Peru
0%
6Brazil | Paraguay | Argentina | Chile | Bolivia | Peru
0%
6Brazil | Paraguay | Argentina | Chile | Bolivia | Peru
0%
6Brazil | Paraguay | Argentina | Chile | Bolivia | Peru
0%
6Brazil | Paraguay | Argentina | Chile | Bolivia | Peru
0%
6Brazil | Paraguay | Argentina | Chile | Bolivia | Peru
0%
6Brazil | Paraguay | Argentina | Chile | Bolivia | Peru
0%
6Brazil | Paraguay | Argentina | Chile | Bolivia | Peru
0%
6Brazil | Paraguay | Argentina | Chile | Bolivia | Peru
0%
6Brazil | Paraguay | Argentina | Chile | Bolivia | Peru
0%
6Brazil | Paraguay | Argentina | Chile | Bolivia | Peru
0%
6Brazil | Paraguay | Argentina | Chile | Bolivia | Peru
0%
6Brazil | Paraguay | Argentina | Chile | Bolivia | Peru
0%
6Brazil | Paraguay | Argentina | Chile | Bolivia | Peru
0%
6Brazil | Paraguay | Argentina | Chile | Bolivia | Peru
0%
1Canada
0%
1Canada
0%
1Canada
0%
1Canada
0%
1Canada
0%
1Canada
0%
1Canada
0%
1Canada
0%
1Canada
0%
1Canada
0%
1Canada
0%
1Canada
0%
1Canada
0%
1Canada
0%
1Canada
0%
1Canada
0%
1Canada
0%
1Canada
0%
1Canada
0%
1Canada
0%
1Canada
0%
1Canada
0%
1Canada
0%
1Canada
0%
1Canada
0%
1Canada
0%
1Canada
0%
1Canada
0%
1Canada
0%
1Canada
0%
1Canada
0%
1Canada
0%
1Canada
0%
1Canada
0%
1Canada
0%
1Canada
0%
1Canada
0%
1Canada
0%
1Canada
0%
1Canada
0%
1Canada
0%
1Canada
0%
1Canada
0%
1Canada
0%
1Canada
0%
1Canada
0%
1Canada
0%
1Canada
0%
1Canada
0%
1Canada
0%
1Canada
0%
1Canada
0%
1Canada
0%
1Canada
0%
1Canada
0%
1Canada
0%
1Canada
0%
1Canada
0%
1Canada
0%
1Canada
0%
1Canada
0%
1Canada
0%
1Canada
0%
1Canada
0%
1Canada
0%
1Canada
0%
1Canada
0%
1Canada
0%
1Canada
0%
1Canada
0%
1Canada
0%
1Canada
0%
1Canada
0%
1Canada
0%
1Canada
0%
1Canada
0%
1Canada
0%
1Canada
0%
1Canada
0%
1Canada
0%
1Canada
0%
1Canada
0%
1Canada
0%
1Canada
0%
1Canada
0%
1Canada
0%
1Canada
0%
1Canada
0%
1Canada
0%
1Canada
0%
1Canada
0%
1Canada
0%
1Canada
0%
1Canada
0%
1Canada
0%
1Canada
0%
1Canada
0%
1Canada
0%
1Canada
0%
1Canada
0%
1Canada
0%
1Canada
0%
1Canada
0%
1Canada
0%
1Canada
0%
1Canada
0%
1Canada
0%
1Canada
0%
1Canada
0%
1Canada
0%
1Canada
0%
1Canada
0%
1Canada
0%
1Canada
0%
1Canada
0%
1Canada
0%
1Canada
0%
1Canada
0%
1Canada
0%
1Canada
0%
1Canada
0%
1Canada
0%
1Canada
0%
1Canada
0%
1Canada
0%
1Canada
0%
1Canada
0%
1Canada
0%
1Canada
0%
1Canada
0%
1Canada
0%
1Canada
0%
1Canada
0%
1Canada
0%
1Canada
0%
1Canada
0%
1Canada
0%
1Canada
0%
1Canada
0%
1Canada
0%
1Canada
0%
1Canada
0%
1Canada
0%
1Canada
0%
1Canada
0%
1Canada
0%
1Canada
0%
1Canada
0%
1Canada
0%
1Canada
0%
1Canada
0%
1Canada
0%
1Canada
0%
1Canada
0%
1Canada
0%
1Canada
0%
1Canada
0%
1Canada
0%
1Canada
0%
1Canada
0%
1Canada
0%
1Canada
0%
1Canada
0%
1Canada
0%
1Canada
0%
1Canada
0%
1Canada
0%
1Canada
0%
1Canada
0%
1Canada
0%
1Canada
0%
1Canada
0%
1Canada
0%
1Canada
0%
1Canada
0%
1Canada
0%
1Canada
0%
1Canada
0%
1Canada
0%
1Canada
0%
1Canada
0%
1Canada
0%
1Canada
0%
1Canada
0%
1Canada
0%
1Canada
0%
1Canada
0%
1Canada
0%
1Canada
0%
1Canada
0%
1Canada
0%
1Canada
0%
1Canada
0%
1Canada
0%
1Canada
0%
1Canada
0%
1Canada
0%
1Canada
0%
1Canada
0%
1Canada
0%
1Canada
0%
1Canada
0%
1Canada
0%
1Canada
0%
1Canada
0%
1Canada
0%
1Canada
0%
1Canada
0%
1Canada
0%
1Canada
0%
1Canada
0%
1Canada
0%
1Canada
0%
1Canada
0%
1Canada
0%
1Canada
0%
1Canada
0%
1Canada
0%
1Canada
0%
1Canada
0%
1Canada
0%
1Canada
0%
1Canada
0%
1Canada
0%
1Canada
0%
1Canada
0%
1Canada
0%
1Canada
0%
1Canada
0%
1Canada
0%
1Canada
0%
1Canada
0%
1Canada
0%
1Canada
0%
1Canada
0%
1Canada
0%
1Canada
0%
1Canada
0%
1Canada
0%
1Canada
0%
1Canada
0%
1Canada
0%
1Canada
0%
1Canada
0%
1Canada
0%
1Canada
0%
1Canada
0%
1Canada
0%
1Canada
0%
1Canada
0%
1Canada
0%
1Canada
0%
1Canada
0%
1Canada
0%
1Canada
0%
1Canada
0%
1Canada
0%
1Canada
0%
1Canada
0%
1Canada
0%
1Canada
0%
1Canada
0%
1Canada
0%
1Canada
0%
1Canada
0%
1Canada
0%
1Canada
0%
1Canada
0%
1Canada
0%
1Canada
0%
1Canada
0%
1Canada
0%
1Canada
0%
1Canada
0%
1Canada
0%
1Canada
0%
1Canada
0%
1Canada
0%
1Canada
0%
1Canada
0%
1Canada
0%
1Canada
0%
1Canada
0%
1Canada
0%
1Canada
0%
1Canada
0%
1Canada
0%
1Canada
0%
1Canada
0%
1Canada
0%
1Canada
0%
1Canada
0%
1Canada
0%
1Canada
0%
1Canada
0%
1Canada
0%
1Canada
0%
1Canada
0%
1Canada
0%
1Canada
0%
1Canada
0%
1Canada
0%
1Canada
0%
1Canada
0%
1Canada
0%
1Canada
0%
1Canada
0%
1Canada
0%
1Canada
0%
1Canada
0%
1Canada
0%
1Canada
0%
1Canada
0%
1Canada
0%
1Canada
0%
1Canada
0%
1Canada
0%
1Canada
0%
1Canada
0%
1Canada
0%
1Canada
0%
1Canada
0%
1Canada
0%
1Canada
0%
1Canada
0%
1Canada
0%
1Canada
0%
1Canada
0%
1Canada
0%
1Canada
0%
1Canada
0%
1Canada
0%
1Canada
0%
1Canada
0%
1Canada
0%
1Canada
0%
1Canada
0%
1Canada
0%
1Canada
0%
1Canada
0%
1Canada
0%
1Canada
0%
1Canada
0%
1Canada
0%
1Canada
0%
1Canada
0%
1Canada
0%
1Canada
0%
1Canada
0%
1Canada
0%
1Canada
0%
1Canada
0%
1Canada
0%
1Canada
0%
1Canada
0%
1Canada
0%
1Canada
0%
1Canada
0%
1Canada
0%
1Canada
0%
1Canada
0%
1Canada
0%
1Canada
0%
1Canada
0%
1Canada
0%
1Canada
0%
1Canada
0%
1Canada
0%
1Canada
0%
1Canada
0%
1Canada
0%
1Canada
0%
1Canada
0%
1Canada
0%
1Canada
0%
1Canada
0%
1Canada
0%
1Canada
0%
1Canada
0%
2Canada | Denmark
0%
2Canada | Denmark
0%
2Canada | Denmark
0%
2Canada | Denmark
0%
2Canada | Denmark
0%
2Canada | Denmark
0%
2Canada | Denmark
0%
2Canada | Denmark
0%
2Canada | Denmark
0%
2Canada | Denmark
0%
2Canada | Denmark
0%
2Canada | Denmark
0%
2Canada | Denmark
0%
2Canada | Denmark
0%
2Canada | Denmark
0%
2Canada | Denmark
0%
2Canada | Denmark
0%
2Canada | Denmark
0%
2Canada | Denmark
0%
2Canada | Denmark
0%
2Canada | Denmark
0%
2Canada | Denmark
0%
2Canada | Denmark
0%
2Canada | Denmark
0%
2Canada | Denmark
0%
2Canada | Denmark
0%
2Canada | Denmark
0%
2Canada | Denmark
0%
2Canada | Denmark
0%
2Canada | Denmark
0%
2Canada | Denmark
0%
2Canada | Denmark
0%
2Canada | Denmark
0%
2Canada | Denmark
0%
2Canada | Denmark
0%
2Canada | Denmark
0%
2Canada | Denmark
0%
2Canada | Denmark
0%
2Canada | Denmark
0%
2Canada | Denmark
0%
2Canada | Denmark
0%
2Canada | Denmark
0%
2Canada | Denmark
0%
2Canada | Denmark
0%
2Canada | Denmark
0%
2Canada | Denmark
0%
2Canada | Denmark
0%
2Canada | Denmark
0%
2Canada | Denmark
0%
2Canada | Denmark
0%
2Canada | Denmark
0%
2Canada | Denmark
0%
2Canada | Denmark
0%
2Canada | Denmark
0%
2Canada | Denmark
0%
2Canada | Denmark
0%
2Canada | Denmark
0%
2Canada | Denmark
0%
2Canada | Denmark
0%
2Canada | Denmark
0%
2Canada | Denmark
0%
2Canada | Denmark
0%
2Canada | Denmark
0%
2Canada | Denmark
0%
2Canada | Denmark
0%
2Canada | Denmark
0%
2Canada | Denmark
0%
2Canada | Denmark
0%
2Canada | Denmark
0%
2Canada | Denmark
0%
2Canada | Denmark
0%
2Canada | Denmark
0%
2Canada | Denmark
0%
2Canada | Denmark
0%
2Canada | Denmark
0%
2Canada | Denmark
0%
2Canada | Denmark
0%
2Canada | Denmark
0%
2Canada | Denmark
0%
2Canada | Denmark
0%
2Canada | Denmark
0%
2Canada | Denmark
0%
2Canada | Denmark
0%
2Canada | Denmark
0%
2Canada | Denmark
0%
2Canada | Denmark
0%
2Canada | Denmark
0%
2Canada | Denmark
0%
2Canada | Denmark
0%
2Canada | Denmark
0%
2Canada | Denmark
0%
2Canada | Denmark
0%
2Canada | Denmark
0%
2Canada | Denmark
0%
2Canada | Denmark
0%
2Canada | Denmark
0%
2Canada | Denmark
0%
2Canada | Denmark
0%
2Canada | Denmark
0%
2Canada | Denmark
0%
2Canada | Denmark
0%
2Canada | Denmark
0%
2Canada | Denmark
0%
2Canada | Denmark
0%
2Canada | Denmark
0%
2Canada | Denmark
0%
2Canada | Denmark
0%
2Canada | Denmark
0%
2Canada | Denmark
0%
2Canada | Denmark
0%
2Canada | Denmark
0%
2Canada | Denmark
0%
2Canada | Denmark
0%
2Canada | Denmark
0%
2Canada | Denmark
0%
2Canada | Denmark
0%
2Canada | Denmark
0%
2Canada | Denmark
0%
2Canada | Denmark
0%
2Canada | Denmark
0%
2Canada | Denmark
0%
2Canada | Denmark
0%
2Canada | Denmark
0%
2Canada | Denmark
0%
2Canada | Denmark
0%
2Canada | Denmark
0%
2Canada | Denmark
0%
2Canada | Denmark
0%
2Canada | Denmark
0%
2Canada | Denmark
0%
2Canada | Denmark
0%
2Canada | Denmark
0%
2Canada | Denmark
0%
2Canada | Denmark
0%
2Canada | Denmark
0%
2Canada | Denmark
0%
2Canada | Denmark
0%
2Canada | Denmark
0%
2Canada | Denmark
0%
2Canada | Denmark
0%
2Canada | Denmark
0%
2Canada | Denmark
0%
2Canada | Denmark
0%
2Canada | Denmark
0%
2Canada | Denmark
0%
2Canada | Denmark
0%
2Canada | Denmark
0%
2Canada | Denmark
0%
2Canada | Denmark
0%
2Canada | Denmark
0%
2Canada | Denmark
0%
2Canada | Denmark
0%
2Canada | Denmark
0%
2Canada | Denmark
0%
2Canada | Denmark
0%
2Canada | Denmark
0%
2Canada | Denmark
0%
2Canada | Denmark
0%
2Canada | Denmark
0%
2Canada | Denmark
0%
2Canada | Denmark
0%
2Canada | Denmark
0%
2Canada | Denmark
0%
2Canada | Denmark
0%
2Canada | Denmark
0%
2Canada | Denmark
0%
2Canada | Denmark
0%
2Canada | Denmark
0%
2Canada | Denmark
0%
2Canada | Denmark
0%
2Canada | Denmark
0%
2Canada | Denmark
0%
2Canada | Denmark
0%
2Canada | Denmark
0%
2Canada | Denmark
0%
2Canada | Denmark
0%
2Canada | Denmark
0%
2Canada | Denmark
0%
2Canada | Denmark
0%
2Canada | Denmark
0%
2Canada | Denmark
0%
2Canada | Denmark
0%
2Canada | Denmark
0%
2Canada | Denmark
0%
2Canada | Denmark
0%
2Canada | Denmark
0%
2Canada | Denmark
0%
2Canada | Denmark
0%
2Canada | Denmark
0%
2Canada | Denmark
0%
2Canada | Denmark
0%
2Canada | Denmark
0%
2Canada | Denmark
0%
2Canada | Denmark
0%
2Canada | Denmark
0%
2Canada | Denmark
0%
8Cape Verde | Morocco | Mauritania | Mali | Senegal | Gambia | Guinea | Guinea-Bissau
0%
8Cape Verde | Morocco | Mauritania | Mali | Senegal | Gambia | Guinea | Guinea-Bissau
0%
8Cape Verde | Morocco | Mauritania | Mali | Senegal | Gambia | Guinea | Guinea-Bissau
0%
8Cape Verde | Morocco | Mauritania | Mali | Senegal | Gambia | Guinea | Guinea-Bissau
0%
8Cape Verde | Morocco | Mauritania | Mali | Senegal | Gambia | Guinea | Guinea-Bissau
0%
8Cape Verde | Morocco | Mauritania | Mali | Senegal | Gambia | Guinea | Guinea-Bissau
0%
8Cape Verde | Morocco | Mauritania | Mali | Senegal | Gambia | Guinea | Guinea-Bissau
0%
8Cape Verde | Morocco | Mauritania | Mali | Senegal | Gambia | Guinea | Guinea-Bissau
0%
8Cape Verde | Morocco | Mauritania | Mali | Senegal | Gambia | Guinea | Guinea-Bissau
0%
8Cape Verde | Morocco | Mauritania | Mali | Senegal | Gambia | Guinea | Guinea-Bissau
0%
8Cape Verde | Morocco | Mauritania | Mali | Senegal | Gambia | Guinea | Guinea-Bissau
0%
8Cape Verde | Morocco | Mauritania | Mali | Senegal | Gambia | Guinea | Guinea-Bissau
0%
8Cape Verde | Morocco | Mauritania | Mali | Senegal | Gambia | Guinea | Guinea-Bissau
0%
8Cape Verde | Morocco | Mauritania | Mali | Senegal | Gambia | Guinea | Guinea-Bissau
0%
8Cape Verde | Morocco | Mauritania | Mali | Senegal | Gambia | Guinea | Guinea-Bissau
0%
8Cape Verde | Morocco | Mauritania | Mali | Senegal | Gambia | Guinea | Guinea-Bissau
0%
8Cape Verde | Morocco | Mauritania | Mali | Senegal | Gambia | Guinea | Guinea-Bissau
0%
8Cape Verde | Morocco | Mauritania | Mali | Senegal | Gambia | Guinea | Guinea-Bissau
0%
8Cape Verde | Morocco | Mauritania | Mali | Senegal | Gambia | Guinea | Guinea-Bissau
0%
8Cape Verde | Morocco | Mauritania | Mali | Senegal | Gambia | Guinea | Guinea-Bissau
0%
8Cape Verde | Morocco | Mauritania | Mali | Senegal | Gambia | Guinea | Guinea-Bissau
0%
8Cape Verde | Morocco | Mauritania | Mali | Senegal | Gambia | Guinea | Guinea-Bissau
0%
8Cape Verde | Morocco | Mauritania | Mali | Senegal | Gambia | Guinea | Guinea-Bissau
0%
8Cape Verde | Morocco | Mauritania | Mali | Senegal | Gambia | Guinea | Guinea-Bissau
0%
8Cape Verde | Morocco | Mauritania | Mali | Senegal | Gambia | Guinea | Guinea-Bissau
0%
8Cape Verde | Morocco | Mauritania | Mali | Senegal | Gambia | Guinea | Guinea-Bissau
0%
8Cape Verde | Morocco | Mauritania | Mali | Senegal | Gambia | Guinea | Guinea-Bissau
0%
8Cape Verde | Morocco | Mauritania | Mali | Senegal | Gambia | Guinea | Guinea-Bissau
0%
8Cape Verde | Morocco | Mauritania | Mali | Senegal | Gambia | Guinea | Guinea-Bissau
0%
8Cape Verde | Morocco | Mauritania | Mali | Senegal | Gambia | Guinea | Guinea-Bissau
0%
8Cape Verde | Morocco | Mauritania | Mali | Senegal | Gambia | Guinea | Guinea-Bissau
0%
8Cape Verde | Morocco | Mauritania | Mali | Senegal | Gambia | Guinea | Guinea-Bissau
0%
8Cape Verde | Morocco | Mauritania | Mali | Senegal | Gambia | Guinea | Guinea-Bissau
0%
8Cape Verde | Morocco | Mauritania | Mali | Senegal | Gambia | Guinea | Guinea-Bissau
0%
8Cape Verde | Morocco | Mauritania | Mali | Senegal | Gambia | Guinea | Guinea-Bissau
0%
8Cape Verde | Morocco | Mauritania | Mali | Senegal | Gambia | Guinea | Guinea-Bissau
0%
8Cape Verde | Morocco | Mauritania | Mali | Senegal | Gambia | Guinea | Guinea-Bissau
0%
8Cape Verde | Morocco | Mauritania | Mali | Senegal | Gambia | Guinea | Guinea-Bissau
0%
8Cape Verde | Morocco | Mauritania | Mali | Senegal | Gambia | Guinea | Guinea-Bissau
0%
8Cape Verde | Morocco | Mauritania | Mali | Senegal | Gambia | Guinea | Guinea-Bissau
0%
8Cape Verde | Morocco | Mauritania | Mali | Senegal | Gambia | Guinea | Guinea-Bissau
0%
8Cape Verde | Morocco | Mauritania | Mali | Senegal | Gambia | Guinea | Guinea-Bissau
0%
8Cape Verde | Morocco | Mauritania | Mali | Senegal | Gambia | Guinea | Guinea-Bissau
0%
8Cape Verde | Morocco | Mauritania | Mali | Senegal | Gambia | Guinea | Guinea-Bissau
0%
8Cape Verde | Morocco | Mauritania | Mali | Senegal | Gambia | Guinea | Guinea-Bissau
0%
8Cape Verde | Morocco | Mauritania | Mali | Senegal | Gambia | Guinea | Guinea-Bissau
0%
8Cape Verde | Morocco | Mauritania | Mali | Senegal | Gambia | Guinea | Guinea-Bissau
0%
8Cape Verde | Morocco | Mauritania | Mali | Senegal | Gambia | Guinea | Guinea-Bissau
0%
8Cape Verde | Morocco | Mauritania | Mali | Senegal | Gambia | Guinea | Guinea-Bissau
0%
8Cape Verde | Morocco | Mauritania | Mali | Senegal | Gambia | Guinea | Guinea-Bissau
0%
8Cape Verde | Morocco | Mauritania | Mali | Senegal | Gambia | Guinea | Guinea-Bissau
0%
8Cape Verde | Morocco | Mauritania | Mali | Senegal | Gambia | Guinea | Guinea-Bissau
0%
8Cape Verde | Morocco | Mauritania | Mali | Senegal | Gambia | Guinea | Guinea-Bissau
0%
8Cape Verde | Morocco | Mauritania | Mali | Senegal | Gambia | Guinea | Guinea-Bissau
0%
8Cape Verde | Morocco | Mauritania | Mali | Senegal | Gambia | Guinea | Guinea-Bissau
0%
8Cape Verde | Morocco | Mauritania | Mali | Senegal | Gambia | Guinea | Guinea-Bissau
0%
8Cape Verde | Morocco | Mauritania | Mali | Senegal | Gambia | Guinea | Guinea-Bissau
0%
8Cape Verde | Morocco | Mauritania | Mali | Senegal | Gambia | Guinea | Guinea-Bissau
0%
8Cape Verde | Morocco | Mauritania | Mali | Senegal | Gambia | Guinea | Guinea-Bissau
0%
8Cape Verde | Morocco | Mauritania | Mali | Senegal | Gambia | Guinea | Guinea-Bissau
0%
8Cape Verde | Morocco | Mauritania | Mali | Senegal | Gambia | Guinea | Guinea-Bissau
0%
8Cape Verde | Morocco | Mauritania | Mali | Senegal | Gambia | Guinea | Guinea-Bissau
0%
8Cape Verde | Morocco | Mauritania | Mali | Senegal | Gambia | Guinea | Guinea-Bissau
0%
8Cape Verde | Morocco | Mauritania | Mali | Senegal | Gambia | Guinea | Guinea-Bissau
0%
8Cape Verde | Morocco | Mauritania | Mali | Senegal | Gambia | Guinea | Guinea-Bissau
0%
8Cape Verde | Morocco | Mauritania | Mali | Senegal | Gambia | Guinea | Guinea-Bissau
0%
8Cape Verde | Morocco | Mauritania | Mali | Senegal | Gambia | Guinea | Guinea-Bissau
0%
8Cape Verde | Morocco | Mauritania | Mali | Senegal | Gambia | Guinea | Guinea-Bissau
0%
8Cape Verde | Morocco | Mauritania | Mali | Senegal | Gambia | Guinea | Guinea-Bissau
0%
8Cape Verde | Morocco | Mauritania | Mali | Senegal | Gambia | Guinea | Guinea-Bissau
0%
8Cape Verde | Morocco | Mauritania | Mali | Senegal | Gambia | Guinea | Guinea-Bissau
0%
8Cape Verde | Morocco | Mauritania | Mali | Senegal | Gambia | Guinea | Guinea-Bissau
0%
8Cape Verde | Morocco | Mauritania | Mali | Senegal | Gambia | Guinea | Guinea-Bissau
0%
2Chile | Argentina
0%
2Chile | Argentina
0%
2Chile | Argentina
0%
2Chile | Argentina
0%
2Chile | Argentina
0%
2Chile | Argentina
0%
2Chile | Argentina
0%
2Chile | Argentina
0%
2Chile | Argentina
0%
2Chile | Argentina
0%
2Chile | Argentina
0%
2Chile | Argentina
0%
2Chile | Argentina
0%
2Chile | Argentina
0%
2Chile | Argentina
0%
2Chile | Argentina
0%
2Chile | Argentina
0%
2Chile | Argentina
0%
2Chile | Argentina
0%
2Chile | Argentina
0%
2Chile | Argentina
0%
2Chile | Argentina
0%
2Chile | Argentina
0%
2Chile | Argentina
0%
2Chile | Argentina
0%
2Chile | Argentina
0%
2Chile | Argentina
0%
2Chile | Argentina
0%
2Chile | Argentina
0%
2Chile | Argentina
0%
2Chile | Argentina
0%
2Chile | Argentina
0%
2Chile | Argentina
0%
2Chile | Argentina
0%
2Chile | Argentina
0%
2Chile | Argentina
0%
2Chile | Argentina
0%
2Chile | Argentina
0%
2Chile | Argentina
0%
2Chile | Argentina
0%
2Chile | Argentina
0%
2Chile | Argentina
0%
2Chile | Argentina
0%
2Chile | Argentina
0%
2Chile | Argentina
0%
2Chile | Argentina
0%
2Chile | Argentina
0%
2Chile | Argentina
0%
2Chile | Argentina
0%
2Chile | Argentina
0%
2Chile | Argentina
0%
2Chile | Argentina
0%
2Chile | Argentina
0%
2Chile | Argentina
0%
2Chile | Argentina
0%
2Chile | Argentina
0%
2Chile | Argentina
0%
2Chile | Argentina
0%
2Chile | Argentina
0%
2Chile | Argentina
0%
2Chile | Argentina
0%
2Chile | Argentina
0%
2Chile | Argentina
0%
2Chile | Argentina
0%
2Chile | Argentina
0%
2Chile | Argentina
0%
2Chile | Argentina
0%
2Chile | Argentina
0%
2Chile | Argentina
0%
2Chile | Argentina
0%
2Chile | Argentina
0%
2Chile | Argentina
0%
2Chile | Argentina
0%
2Chile | Argentina
0%
2Chile | Argentina
0%
2Chile | Argentina
0%
2Chile | Argentina
0%
2Chile | Argentina
0%
2Chile | Argentina
0%
2Chile | Argentina
0%
2Chile | Argentina
0%
2Chile | Argentina
0%
2Chile | Argentina
0%
2Chile | Argentina
0%
2Chile | Argentina
0%
2Chile | Argentina
0%
2Chile | Argentina
0%
2Chile | Argentina
0%
2Chile | Argentina
0%
2Chile | Argentina
0%
2Chile | Argentina
0%
2Chile | Argentina
0%
2Chile | Argentina
0%
2Chile | Argentina
0%
2Chile | Argentina
0%
2Chile | Argentina
0%
2Chile | Argentina
0%
2Chile | Argentina
0%
2Chile | Argentina
0%
2Chile | Argentina
0%
2Chile | Argentina
0%
2Chile | Argentina
0%
2Chile | Argentina
0%
2Chile | Argentina
0%
2Chile | Argentina
0%
2Chile | Argentina
0%
2Chile | Argentina
0%
2Chile | Argentina
0%
2Chile | Argentina
0%
2Chile | Argentina
0%
2Chile | Argentina
0%
2Chile | Argentina
0%
2Chile | Argentina
0%
2Chile | Argentina
0%
2Chile | Argentina
0%
2Chile | Argentina
0%
2Chile | Argentina
0%
2Chile | Argentina
0%
2Chile | Argentina
0%
2Chile | Argentina
0%
2Chile | Argentina
0%
2Chile | Argentina
0%
2Chile | Argentina
0%
2Chile | Argentina
0%
2Chile | Argentina
0%
2Chile | Argentina
0%
2Chile | Argentina
0%
2Chile | Argentina
0%
2Chile | Argentina
0%
2Chile | Argentina
0%
2Chile | Argentina
0%
2Chile | Argentina
0%
3Chile | Argentina | United Kingdom
0%
3Chile | Argentina | United Kingdom
0%
3Chile | Argentina | United Kingdom
0%
3Chile | Argentina | United Kingdom
0%
3Chile | Argentina | United Kingdom
0%
3Chile | Argentina | United Kingdom
0%
3Chile | Argentina | United Kingdom
0%
3Chile | Argentina | United Kingdom
0%
3Chile | Argentina | United Kingdom
0%
3Chile | Argentina | United Kingdom
0%
3Chile | Argentina | United Kingdom
0%
3Chile | Argentina | United Kingdom
0%
3Chile | Argentina | United Kingdom
0%
3Chile | Argentina | United Kingdom
0%
3Chile | Argentina | United Kingdom
0%
3Chile | Argentina | United Kingdom
0%
3Chile | Argentina | United Kingdom
0%
3Chile | Argentina | United Kingdom
0%
3Chile | Argentina | United Kingdom
0%
3Chile | Argentina | United Kingdom
0%
3Chile | Argentina | United Kingdom
0%
3Chile | Argentina | United Kingdom
0%
3Chile | Argentina | United Kingdom
0%
3Chile | Argentina | United Kingdom
0%
3Chile | Argentina | United Kingdom
0%
3Chile | Argentina | United Kingdom
0%
3Chile | Argentina | United Kingdom
0%
3Chile | Argentina | United Kingdom
0%
3Chile | Argentina | United Kingdom
0%
3Chile | Argentina | United Kingdom
0%
3Chile | Argentina | United Kingdom
0%
3Chile | Argentina | United Kingdom
0%
3Chile | Argentina | United Kingdom
0%
3Chile | Argentina | United Kingdom
0%
3Chile | Argentina | United Kingdom
0%
3Chile | Argentina | United Kingdom
0%
3Chile | Argentina | United Kingdom
0%
3Chile | Argentina | United Kingdom
0%
3Chile | Argentina | United Kingdom
0%
3Chile | Argentina | United Kingdom
0%
3Chile | Argentina | United Kingdom
0%
3Chile | Argentina | United Kingdom
0%
3Chile | Argentina | United Kingdom
0%
3Chile | Argentina | United Kingdom
0%
3Chile | Argentina | United Kingdom
0%
3Chile | Argentina | United Kingdom
0%
3Chile | Argentina | United Kingdom
0%
3Chile | Argentina | United Kingdom
0%
3Chile | Argentina | United Kingdom
0%
3Chile | Argentina | United Kingdom
0%
3Chile | Argentina | United Kingdom
0%
3Chile | Argentina | United Kingdom
0%
3Chile | Argentina | United Kingdom
0%
3Chile | Argentina | United Kingdom
0%
3Chile | Argentina | United Kingdom
0%
3Chile | Argentina | United Kingdom
0%
3Chile | Argentina | United Kingdom
0%
3Chile | Argentina | United Kingdom
0%
3Chile | Argentina | United Kingdom
0%
3Chile | Argentina | United Kingdom
0%
3Chile | Argentina | United Kingdom
0%
3Chile | Argentina | United Kingdom
0%
3Chile | Argentina | United Kingdom
0%
3Chile | Argentina | United Kingdom
0%
3Chile | Argentina | United Kingdom
0%
3Chile | Argentina | United Kingdom
0%
3Chile | Argentina | United Kingdom
0%
3Chile | Argentina | United Kingdom
0%
3Chile | Argentina | United Kingdom
0%
3Chile | Argentina | United Kingdom
0%
3Chile | Argentina | United Kingdom
0%
3Chile | Argentina | United Kingdom
0%
3Chile | Argentina | United Kingdom
0%
3Chile | Argentina | United Kingdom
0%
3Chile | Argentina | United Kingdom
0%
3Chile | Argentina | United Kingdom
0%
3Chile | Argentina | United Kingdom
0%
3Chile | Argentina | United Kingdom
0%
3Chile | Argentina | United Kingdom
0%
3Chile | Argentina | United Kingdom
0%
3Chile | Argentina | United Kingdom
0%
3Chile | Argentina | United Kingdom
0%
3Chile | Argentina | United Kingdom
0%
3Chile | Argentina | United Kingdom
0%
3Chile | Argentina | United Kingdom
0%
3Chile | Argentina | United Kingdom
0%
3Chile | Argentina | United Kingdom
0%
3Chile | Argentina | United Kingdom
0%
3Chile | Argentina | United Kingdom
0%
3Chile | Argentina | United Kingdom
0%
3Chile | Argentina | United Kingdom
0%
3Chile | Argentina | United Kingdom
0%
3Chile | Argentina | United Kingdom
0%
3Chile | Argentina | United Kingdom
0%
3Chile | Argentina | United Kingdom
0%
3Chile | Argentina | United Kingdom
0%
5China | Bhutan | Bangladesh | India | Myanmar
0%
5China | Bhutan | Bangladesh | India | Myanmar
0%
5China | Bhutan | Bangladesh | India | Myanmar
0%
5China | Bhutan | Bangladesh | India | Myanmar
0%
5China | Bhutan | Bangladesh | India | Myanmar
0%
5China | Bhutan | Bangladesh | India | Myanmar
0%
5China | Bhutan | Bangladesh | India | Myanmar
0%
5China | Bhutan | Bangladesh | India | Myanmar
0%
5China | Bhutan | Bangladesh | India | Myanmar
0%
5China | Bhutan | Bangladesh | India | Myanmar
0%
5China | Bhutan | Bangladesh | India | Myanmar
0%
5China | Bhutan | Bangladesh | India | Myanmar
0%
5China | Bhutan | Bangladesh | India | Myanmar
0%
5China | Bhutan | Bangladesh | India | Myanmar
0%
5China | Bhutan | Bangladesh | India | Myanmar
0%
5China | Bhutan | Bangladesh | India | Myanmar
0%
5China | Bhutan | Bangladesh | India | Myanmar
0%
5China | Bhutan | Bangladesh | India | Myanmar
0%
5China | Bhutan | Bangladesh | India | Myanmar
0%
5China | Bhutan | Bangladesh | India | Myanmar
0%
5China | Bhutan | Bangladesh | India | Myanmar
0%
5China | Bhutan | Bangladesh | India | Myanmar
0%
5China | Bhutan | Bangladesh | India | Myanmar
0%
5China | Bhutan | Bangladesh | India | Myanmar
0%
5China | Bhutan | Bangladesh | India | Myanmar
0%
5China | Bhutan | Bangladesh | India | Myanmar
0%
5China | Bhutan | Bangladesh | India | Myanmar
0%
5China | Bhutan | Bangladesh | India | Myanmar
0%
5China | Bhutan | Bangladesh | India | Myanmar
0%
5China | Bhutan | Bangladesh | India | Myanmar
0%
5China | Bhutan | Bangladesh | India | Myanmar
0%
5China | Bhutan | Bangladesh | India | Myanmar
0%
5China | Bhutan | Bangladesh | India | Myanmar
0%
5China | Bhutan | Bangladesh | India | Myanmar
0%
5China | Bhutan | Bangladesh | India | Myanmar
0%
5China | Bhutan | Bangladesh | India | Myanmar
0%
5China | Bhutan | Bangladesh | India | Myanmar
0%
5China | Bhutan | Bangladesh | India | Myanmar
0%
5China | Bhutan | Bangladesh | India | Myanmar
0%
5China | Bhutan | Bangladesh | India | Myanmar
0%
5China | Bhutan | Bangladesh | India | Myanmar
0%
5China | Bhutan | Bangladesh | India | Myanmar
0%
5China | Bhutan | Bangladesh | India | Myanmar
0%
5China | Bhutan | Bangladesh | India | Myanmar
0%
5China | Bhutan | Bangladesh | India | Myanmar
0%
5China | Bhutan | Bangladesh | India | Myanmar
0%
5China | Bhutan | Bangladesh | India | Myanmar
0%
5China | Bhutan | Bangladesh | India | Myanmar
0%
5China | Bhutan | Bangladesh | India | Myanmar
0%
5China | Bhutan | Bangladesh | India | Myanmar
0%
5China | Bhutan | Bangladesh | India | Myanmar
0%
5China | Bhutan | Bangladesh | India | Myanmar
0%
5China | Bhutan | Bangladesh | India | Myanmar
0%
5China | Bhutan | Bangladesh | India | Myanmar
0%
5China | Bhutan | Bangladesh | India | Myanmar
0%
5China | Bhutan | Bangladesh | India | Myanmar
0%
5China | Bhutan | Bangladesh | India | Myanmar
0%
5China | Bhutan | Bangladesh | India | Myanmar
0%
5China | Bhutan | Bangladesh | India | Myanmar
0%
5China | Bhutan | Bangladesh | India | Myanmar
0%
5China | Bhutan | Bangladesh | India | Myanmar
0%
5China | Bhutan | Bangladesh | India | Myanmar
0%
5China | Bhutan | Bangladesh | India | Myanmar
0%
5China | Bhutan | Bangladesh | India | Myanmar
0%
5China | Bhutan | Bangladesh | India | Myanmar
0%
5China | Bhutan | Bangladesh | India | Myanmar
0%
5China | Bhutan | Bangladesh | India | Myanmar
0%
5China | Bhutan | Bangladesh | India | Myanmar
0%
5China | Bhutan | Bangladesh | India | Myanmar
0%
5China | Bhutan | Bangladesh | India | Myanmar
0%
5China | Bhutan | Bangladesh | India | Myanmar
0%
5China | Bhutan | Bangladesh | India | Myanmar
0%
5China | Bhutan | Bangladesh | India | Myanmar
0%
5China | Bhutan | Bangladesh | India | Myanmar
0%
5China | Bhutan | Bangladesh | India | Myanmar
0%
5China | Bhutan | Bangladesh | India | Myanmar
0%
5China | Bhutan | Bangladesh | India | Myanmar
0%
5China | Bhutan | Bangladesh | India | Myanmar
0%
5China | Bhutan | Bangladesh | India | Myanmar
0%
5China | Bhutan | Bangladesh | India | Myanmar
0%
5China | Bhutan | Bangladesh | India | Myanmar
0%
5China | Bhutan | Bangladesh | India | Myanmar
0%
5China | Bhutan | Bangladesh | India | Myanmar
0%
5China | Bhutan | Bangladesh | India | Myanmar
0%
5China | Bhutan | Bangladesh | India | Myanmar
0%
5China | Bhutan | Bangladesh | India | Myanmar
0%
5China | Bhutan | Bangladesh | India | Myanmar
0%
5China | Bhutan | Bangladesh | India | Myanmar
0%
5China | Bhutan | Bangladesh | India | Myanmar
0%
5China | Bhutan | Bangladesh | India | Myanmar
0%
5China | Bhutan | Bangladesh | India | Myanmar
0%
5China | Bhutan | Bangladesh | India | Myanmar
0%
5China | Bhutan | Bangladesh | India | Myanmar
0%
3China | Taiwan | Philippines
0%
3China | Taiwan | Philippines
0%
3China | Taiwan | Philippines
0%
3China | Taiwan | Philippines
0%
3China | Taiwan | Philippines
0%
3China | Taiwan | Philippines
0%
3China | Taiwan | Philippines
0%
3China | Taiwan | Philippines
0%
3China | Taiwan | Philippines
0%
3China | Taiwan | Philippines
0%
3China | Taiwan | Philippines
0%
3China | Taiwan | Philippines
0%
3China | Taiwan | Philippines
0%
3China | Taiwan | Philippines
0%
3China | Taiwan | Philippines
0%
3China | Taiwan | Philippines
0%
3China | Taiwan | Philippines
0%
3China | Taiwan | Philippines
0%
3China | Taiwan | Philippines
0%
3China | Taiwan | Philippines
0%
3China | Taiwan | Philippines
0%
3China | Taiwan | Philippines
0%
3China | Taiwan | Philippines
0%
3China | Taiwan | Philippines
0%
3China | Taiwan | Philippines
0%
3China | Taiwan | Philippines
0%
3China | Taiwan | Philippines
0%
3China | Taiwan | Philippines
0%
3China | Taiwan | Philippines
0%
3China | Taiwan | Philippines
0%
3China | Taiwan | Philippines
0%
3China | Taiwan | Philippines
0%
3China | Taiwan | Philippines
0%
3China | Taiwan | Philippines
0%
3China | Taiwan | Philippines
0%
3China | Taiwan | Philippines
0%
3China | Taiwan | Philippines
0%
3China | Taiwan | Philippines
0%
3China | Taiwan | Philippines
0%
3China | Taiwan | Philippines
0%
3China | Taiwan | Philippines
0%
3China | Taiwan | Philippines
0%
3China | Taiwan | Philippines
0%
3China | Taiwan | Philippines
0%
3China | Taiwan | Philippines
0%
3China | Taiwan | Philippines
0%
3China | Taiwan | Philippines
0%
3China | Taiwan | Philippines
0%
3China | Taiwan | Philippines
0%
3China | Taiwan | Philippines
0%
3China | Taiwan | Philippines
0%
3China | Taiwan | Philippines
0%
3China | Taiwan | Philippines
0%
3China | Taiwan | Philippines
0%
3China | Taiwan | Philippines
0%
3China | Taiwan | Philippines
0%
3China | Taiwan | Philippines
0%
3China | Taiwan | Philippines
0%
3China | Taiwan | Philippines
0%
3China | Taiwan | Philippines
0%
3China | Taiwan | Philippines
0%
3China | Taiwan | Philippines
0%
3China | Taiwan | Philippines
0%
3China | Taiwan | Philippines
0%
3China | Taiwan | Philippines
0%
3China | Taiwan | Philippines
0%
3China | Taiwan | Philippines
0%
3China | Taiwan | Philippines
0%
3China | Taiwan | Philippines
0%
3China | Taiwan | Philippines
0%
3China | Taiwan | Philippines
0%
3China | Taiwan | Philippines
0%
3China | Taiwan | Philippines
0%
4China | Taiwan | South Korea | Japan
0%
4China | Taiwan | South Korea | Japan
0%
4China | Taiwan | South Korea | Japan
0%
4China | Taiwan | South Korea | Japan
0%
4China | Taiwan | South Korea | Japan
0%
4China | Taiwan | South Korea | Japan
0%
4China | Taiwan | South Korea | Japan
0%
4China | Taiwan | South Korea | Japan
0%
4China | Taiwan | South Korea | Japan
0%
4China | Taiwan | South Korea | Japan
0%
4China | Taiwan | South Korea | Japan
0%
4China | Taiwan | South Korea | Japan
0%
4China | Taiwan | South Korea | Japan
0%
4China | Taiwan | South Korea | Japan
0%
4China | Taiwan | South Korea | Japan
0%
4China | Taiwan | South Korea | Japan
0%
4China | Taiwan | South Korea | Japan
0%
4China | Taiwan | South Korea | Japan
0%
4China | Taiwan | South Korea | Japan
0%
4China | Taiwan | South Korea | Japan
0%
4China | Taiwan | South Korea | Japan
0%
4China | Taiwan | South Korea | Japan
0%
4China | Taiwan | South Korea | Japan
0%
4China | Taiwan | South Korea | Japan
0%
4China | Taiwan | South Korea | Japan
0%
4China | Taiwan | South Korea | Japan
0%
4China | Taiwan | South Korea | Japan
0%
4China | Taiwan | South Korea | Japan
0%
4China | Taiwan | South Korea | Japan
0%
4China | Taiwan | South Korea | Japan
0%
4China | Taiwan | South Korea | Japan
0%
4China | Taiwan | South Korea | Japan
0%
4China | Taiwan | South Korea | Japan
0%
4China | Taiwan | South Korea | Japan
0%
4China | Taiwan | South Korea | Japan
0%
4China | Taiwan | South Korea | Japan
0%
4China | Taiwan | South Korea | Japan
0%
4China | Taiwan | South Korea | Japan
0%
4China | Taiwan | South Korea | Japan
0%
4China | Taiwan | South Korea | Japan
0%
4China | Taiwan | South Korea | Japan
0%
4China | Taiwan | South Korea | Japan
0%
4China | Taiwan | South Korea | Japan
0%
4China | Taiwan | South Korea | Japan
0%
4China | Taiwan | South Korea | Japan
0%
4China | Taiwan | South Korea | Japan
0%
4China | Taiwan | South Korea | Japan
0%
4China | Taiwan | South Korea | Japan
0%
4China | Taiwan | South Korea | Japan
0%
4China | Taiwan | South Korea | Japan
0%
4China | Taiwan | South Korea | Japan
0%
4China | Taiwan | South Korea | Japan
0%
4China | Taiwan | South Korea | Japan
0%
4China | Taiwan | South Korea | Japan
0%
4China | Taiwan | South Korea | Japan
0%
4China | Taiwan | South Korea | Japan
0%
4China | Taiwan | South Korea | Japan
0%
4China | Taiwan | South Korea | Japan
0%
4China | Taiwan | South Korea | Japan
0%
4China | Taiwan | South Korea | Japan
0%
4China | Taiwan | South Korea | Japan
0%
4China | Taiwan | South Korea | Japan
0%
4China | Taiwan | South Korea | Japan
0%
4China | Taiwan | South Korea | Japan
0%
4China | Taiwan | South Korea | Japan
0%
4China | Taiwan | South Korea | Japan
0%
4China | Taiwan | South Korea | Japan
0%
4China | Taiwan | South Korea | Japan
0%
4China | Taiwan | South Korea | Japan
0%
4China | Taiwan | South Korea | Japan
0%
4China | Taiwan | South Korea | Japan
0%
4China | Taiwan | South Korea | Japan
0%
4China | Taiwan | South Korea | Japan
0%
4China | Taiwan | South Korea | Japan
0%
4China | Taiwan | South Korea | Japan
0%
4China | Taiwan | South Korea | Japan
0%
4China | Taiwan | South Korea | Japan
0%
4China | Taiwan | South Korea | Japan
0%
7Colombia | Venezuela | Brazil | Guyana | France | Trinidad and Tobago | Suriname
0%
7Colombia | Venezuela | Brazil | Guyana | France | Trinidad and Tobago | Suriname
0%
7Colombia | Venezuela | Brazil | Guyana | France | Trinidad and Tobago | Suriname
0%
7Colombia | Venezuela | Brazil | Guyana | France | Trinidad and Tobago | Suriname
0%
7Colombia | Venezuela | Brazil | Guyana | France | Trinidad and Tobago | Suriname
0%
7Colombia | Venezuela | Brazil | Guyana | France | Trinidad and Tobago | Suriname
0%
7Colombia | Venezuela | Brazil | Guyana | France | Trinidad and Tobago | Suriname
0%
7Colombia | Venezuela | Brazil | Guyana | France | Trinidad and Tobago | Suriname
0%
7Colombia | Venezuela | Brazil | Guyana | France | Trinidad and Tobago | Suriname
0%
7Colombia | Venezuela | Brazil | Guyana | France | Trinidad and Tobago | Suriname
0%
7Colombia | Venezuela | Brazil | Guyana | France | Trinidad and Tobago | Suriname
0%
7Colombia | Venezuela | Brazil | Guyana | France | Trinidad and Tobago | Suriname
0%
7Colombia | Venezuela | Brazil | Guyana | France | Trinidad and Tobago | Suriname
0%
7Colombia | Venezuela | Brazil | Guyana | France | Trinidad and Tobago | Suriname
0%
7Colombia | Venezuela | Brazil | Guyana | France | Trinidad and Tobago | Suriname
0%
7Colombia | Venezuela | Brazil | Guyana | France | Trinidad and Tobago | Suriname
0%
7Colombia | Venezuela | Brazil | Guyana | France | Trinidad and Tobago | Suriname
0%
7Colombia | Venezuela | Brazil | Guyana | France | Trinidad and Tobago | Suriname
0%
7Colombia | Venezuela | Brazil | Guyana | France | Trinidad and Tobago | Suriname
0%
7Colombia | Venezuela | Brazil | Guyana | France | Trinidad and Tobago | Suriname
0%
7Colombia | Venezuela | Brazil | Guyana | France | Trinidad and Tobago | Suriname
0%
7Colombia | Venezuela | Brazil | Guyana | France | Trinidad and Tobago | Suriname
0%
7Colombia | Venezuela | Brazil | Guyana | France | Trinidad and Tobago | Suriname
0%
7Colombia | Venezuela | Brazil | Guyana | France | Trinidad and Tobago | Suriname
0%
7Colombia | Venezuela | Brazil | Guyana | France | Trinidad and Tobago | Suriname
0%
7Colombia | Venezuela | Brazil | Guyana | France | Trinidad and Tobago | Suriname
0%
7Colombia | Venezuela | Brazil | Guyana | France | Trinidad and Tobago | Suriname
0%
7Colombia | Venezuela | Brazil | Guyana | France | Trinidad and Tobago | Suriname
0%
7Colombia | Venezuela | Brazil | Guyana | France | Trinidad and Tobago | Suriname
0%
7Colombia | Venezuela | Brazil | Guyana | France | Trinidad and Tobago | Suriname
0%
7Colombia | Venezuela | Brazil | Guyana | France | Trinidad and Tobago | Suriname
0%
7Colombia | Venezuela | Brazil | Guyana | France | Trinidad and Tobago | Suriname
0%
7Colombia | Venezuela | Brazil | Guyana | France | Trinidad and Tobago | Suriname
0%
7Colombia | Venezuela | Brazil | Guyana | France | Trinidad and Tobago | Suriname
0%
7Colombia | Venezuela | Brazil | Guyana | France | Trinidad and Tobago | Suriname
0%
7Colombia | Venezuela | Brazil | Guyana | France | Trinidad and Tobago | Suriname
0%
7Colombia | Venezuela | Brazil | Guyana | France | Trinidad and Tobago | Suriname
0%
7Colombia | Venezuela | Brazil | Guyana | France | Trinidad and Tobago | Suriname
0%
7Colombia | Venezuela | Brazil | Guyana | France | Trinidad and Tobago | Suriname
0%
7Colombia | Venezuela | Brazil | Guyana | France | Trinidad and Tobago | Suriname
0%
7Colombia | Venezuela | Brazil | Guyana | France | Trinidad and Tobago | Suriname
0%
7Colombia | Venezuela | Brazil | Guyana | France | Trinidad and Tobago | Suriname
0%
7Colombia | Venezuela | Brazil | Guyana | France | Trinidad and Tobago | Suriname
0%
7Colombia | Venezuela | Brazil | Guyana | France | Trinidad and Tobago | Suriname
0%
7Colombia | Venezuela | Brazil | Guyana | France | Trinidad and Tobago | Suriname
0%
7Colombia | Venezuela | Brazil | Guyana | France | Trinidad and Tobago | Suriname
0%
7Colombia | Venezuela | Brazil | Guyana | France | Trinidad and Tobago | Suriname
0%
7Colombia | Venezuela | Brazil | Guyana | France | Trinidad and Tobago | Suriname
0%
7Colombia | Venezuela | Brazil | Guyana | France | Trinidad and Tobago | Suriname
0%
7Colombia | Venezuela | Brazil | Guyana | France | Trinidad and Tobago | Suriname
0%
7Colombia | Venezuela | Brazil | Guyana | France | Trinidad and Tobago | Suriname
0%
7Colombia | Venezuela | Brazil | Guyana | France | Trinidad and Tobago | Suriname
0%
7Colombia | Venezuela | Brazil | Guyana | France | Trinidad and Tobago | Suriname
0%
7Colombia | Venezuela | Brazil | Guyana | France | Trinidad and Tobago | Suriname
0%
7Colombia | Venezuela | Brazil | Guyana | France | Trinidad and Tobago | Suriname
0%
7Colombia | Venezuela | Brazil | Guyana | France | Trinidad and Tobago | Suriname
0%
7Colombia | Venezuela | Brazil | Guyana | France | Trinidad and Tobago | Suriname
0%
7Colombia | Venezuela | Brazil | Guyana | France | Trinidad and Tobago | Suriname
0%
7Colombia | Venezuela | Brazil | Guyana | France | Trinidad and Tobago | Suriname
0%
7Colombia | Venezuela | Brazil | Guyana | France | Trinidad and Tobago | Suriname
0%
7Colombia | Venezuela | Brazil | Guyana | France | Trinidad and Tobago | Suriname
0%
7Colombia | Venezuela | Brazil | Guyana | France | Trinidad and Tobago | Suriname
0%
7Colombia | Venezuela | Brazil | Guyana | France | Trinidad and Tobago | Suriname
0%
7Colombia | Venezuela | Brazil | Guyana | France | Trinidad and Tobago | Suriname
0%
8Costa Rica | Panama | Colombia | Venezuela | Brazil | Peru | Ecuador | Nicaragua
0%
8Costa Rica | Panama | Colombia | Venezuela | Brazil | Peru | Ecuador | Nicaragua
0%
8Costa Rica | Panama | Colombia | Venezuela | Brazil | Peru | Ecuador | Nicaragua
0%
8Costa Rica | Panama | Colombia | Venezuela | Brazil | Peru | Ecuador | Nicaragua
0%
8Costa Rica | Panama | Colombia | Venezuela | Brazil | Peru | Ecuador | Nicaragua
0%
8Costa Rica | Panama | Colombia | Venezuela | Brazil | Peru | Ecuador | Nicaragua
0%
8Costa Rica | Panama | Colombia | Venezuela | Brazil | Peru | Ecuador | Nicaragua
0%
8Costa Rica | Panama | Colombia | Venezuela | Brazil | Peru | Ecuador | Nicaragua
0%
8Costa Rica | Panama | Colombia | Venezuela | Brazil | Peru | Ecuador | Nicaragua
0%
8Costa Rica | Panama | Colombia | Venezuela | Brazil | Peru | Ecuador | Nicaragua
0%
8Costa Rica | Panama | Colombia | Venezuela | Brazil | Peru | Ecuador | Nicaragua
0%
8Costa Rica | Panama | Colombia | Venezuela | Brazil | Peru | Ecuador | Nicaragua
0%
8Costa Rica | Panama | Colombia | Venezuela | Brazil | Peru | Ecuador | Nicaragua
0%
8Costa Rica | Panama | Colombia | Venezuela | Brazil | Peru | Ecuador | Nicaragua
0%
8Costa Rica | Panama | Colombia | Venezuela | Brazil | Peru | Ecuador | Nicaragua
0%
8Costa Rica | Panama | Colombia | Venezuela | Brazil | Peru | Ecuador | Nicaragua
0%
8Costa Rica | Panama | Colombia | Venezuela | Brazil | Peru | Ecuador | Nicaragua
0%
8Costa Rica | Panama | Colombia | Venezuela | Brazil | Peru | Ecuador | Nicaragua
0%
8Costa Rica | Panama | Colombia | Venezuela | Brazil | Peru | Ecuador | Nicaragua
0%
8Costa Rica | Panama | Colombia | Venezuela | Brazil | Peru | Ecuador | Nicaragua
0%
8Costa Rica | Panama | Colombia | Venezuela | Brazil | Peru | Ecuador | Nicaragua
0%
8Costa Rica | Panama | Colombia | Venezuela | Brazil | Peru | Ecuador | Nicaragua
0%
8Costa Rica | Panama | Colombia | Venezuela | Brazil | Peru | Ecuador | Nicaragua
0%
8Costa Rica | Panama | Colombia | Venezuela | Brazil | Peru | Ecuador | Nicaragua
0%
8Costa Rica | Panama | Colombia | Venezuela | Brazil | Peru | Ecuador | Nicaragua
0%
8Costa Rica | Panama | Colombia | Venezuela | Brazil | Peru | Ecuador | Nicaragua
0%
8Costa Rica | Panama | Colombia | Venezuela | Brazil | Peru | Ecuador | Nicaragua
0%
8Costa Rica | Panama | Colombia | Venezuela | Brazil | Peru | Ecuador | Nicaragua
0%
8Costa Rica | Panama | Colombia | Venezuela | Brazil | Peru | Ecuador | Nicaragua
0%
8Costa Rica | Panama | Colombia | Venezuela | Brazil | Peru | Ecuador | Nicaragua
0%
8Costa Rica | Panama | Colombia | Venezuela | Brazil | Peru | Ecuador | Nicaragua
0%
8Costa Rica | Panama | Colombia | Venezuela | Brazil | Peru | Ecuador | Nicaragua
0%
8Costa Rica | Panama | Colombia | Venezuela | Brazil | Peru | Ecuador | Nicaragua
0%
8Costa Rica | Panama | Colombia | Venezuela | Brazil | Peru | Ecuador | Nicaragua
0%
8Costa Rica | Panama | Colombia | Venezuela | Brazil | Peru | Ecuador | Nicaragua
0%
8Costa Rica | Panama | Colombia | Venezuela | Brazil | Peru | Ecuador | Nicaragua
0%
8Costa Rica | Panama | Colombia | Venezuela | Brazil | Peru | Ecuador | Nicaragua
0%
8Costa Rica | Panama | Colombia | Venezuela | Brazil | Peru | Ecuador | Nicaragua
0%
8Costa Rica | Panama | Colombia | Venezuela | Brazil | Peru | Ecuador | Nicaragua
0%
8Costa Rica | Panama | Colombia | Venezuela | Brazil | Peru | Ecuador | Nicaragua
0%
8Costa Rica | Panama | Colombia | Venezuela | Brazil | Peru | Ecuador | Nicaragua
0%
8Costa Rica | Panama | Colombia | Venezuela | Brazil | Peru | Ecuador | Nicaragua
0%
8Costa Rica | Panama | Colombia | Venezuela | Brazil | Peru | Ecuador | Nicaragua
0%
8Costa Rica | Panama | Colombia | Venezuela | Brazil | Peru | Ecuador | Nicaragua
0%
8Costa Rica | Panama | Colombia | Venezuela | Brazil | Peru | Ecuador | Nicaragua
0%
8Costa Rica | Panama | Colombia | Venezuela | Brazil | Peru | Ecuador | Nicaragua
0%
8Costa Rica | Panama | Colombia | Venezuela | Brazil | Peru | Ecuador | Nicaragua
0%
8Costa Rica | Panama | Colombia | Venezuela | Brazil | Peru | Ecuador | Nicaragua
0%
8Costa Rica | Panama | Colombia | Venezuela | Brazil | Peru | Ecuador | Nicaragua
0%
8Costa Rica | Panama | Colombia | Venezuela | Brazil | Peru | Ecuador | Nicaragua
0%
8Costa Rica | Panama | Colombia | Venezuela | Brazil | Peru | Ecuador | Nicaragua
0%
8Costa Rica | Panama | Colombia | Venezuela | Brazil | Peru | Ecuador | Nicaragua
0%
8Costa Rica | Panama | Colombia | Venezuela | Brazil | Peru | Ecuador | Nicaragua
0%
8Costa Rica | Panama | Colombia | Venezuela | Brazil | Peru | Ecuador | Nicaragua
0%
8Costa Rica | Panama | Colombia | Venezuela | Brazil | Peru | Ecuador | Nicaragua
0%
8Costa Rica | Panama | Colombia | Venezuela | Brazil | Peru | Ecuador | Nicaragua
0%
8Costa Rica | Panama | Colombia | Venezuela | Brazil | Peru | Ecuador | Nicaragua
0%
8Costa Rica | Panama | Colombia | Venezuela | Brazil | Peru | Ecuador | Nicaragua
0%
8Costa Rica | Panama | Colombia | Venezuela | Brazil | Peru | Ecuador | Nicaragua
0%
8Costa Rica | Panama | Colombia | Venezuela | Brazil | Peru | Ecuador | Nicaragua
0%
8Costa Rica | Panama | Colombia | Venezuela | Brazil | Peru | Ecuador | Nicaragua
0%
8Costa Rica | Panama | Colombia | Venezuela | Brazil | Peru | Ecuador | Nicaragua
0%
8Costa Rica | Panama | Colombia | Venezuela | Brazil | Peru | Ecuador | Nicaragua
0%
8Costa Rica | Panama | Colombia | Venezuela | Brazil | Peru | Ecuador | Nicaragua
0%
8Costa Rica | Panama | Colombia | Venezuela | Brazil | Peru | Ecuador | Nicaragua
0%
8Costa Rica | Panama | Colombia | Venezuela | Brazil | Peru | Ecuador | Nicaragua
0%
8Costa Rica | Panama | Colombia | Venezuela | Brazil | Peru | Ecuador | Nicaragua
0%
8Costa Rica | Panama | Colombia | Venezuela | Brazil | Peru | Ecuador | Nicaragua
0%
8Costa Rica | Panama | Colombia | Venezuela | Brazil | Peru | Ecuador | Nicaragua
0%
15Cuba | Bahamas | Dominican Republic | Haiti | Jamaica | Belize | Guatemala | Honduras | El Salvador | Nicaragua | Costa Rica | Colombia | Venezuela | Netherlands | Mexico
0%
15Cuba | Bahamas | Dominican Republic | Haiti | Jamaica | Belize | Guatemala | Honduras | El Salvador | Nicaragua | Costa Rica | Colombia | Venezuela | Netherlands | Mexico
0%
15Cuba | Bahamas | Dominican Republic | Haiti | Jamaica | Belize | Guatemala | Honduras | El Salvador | Nicaragua | Costa Rica | Colombia | Venezuela | Netherlands | Mexico
0%
15Cuba | Bahamas | Dominican Republic | Haiti | Jamaica | Belize | Guatemala | Honduras | El Salvador | Nicaragua | Costa Rica | Colombia | Venezuela | Netherlands | Mexico
0%
15Cuba | Bahamas | Dominican Republic | Haiti | Jamaica | Belize | Guatemala | Honduras | El Salvador | Nicaragua | Costa Rica | Colombia | Venezuela | Netherlands | Mexico
0%
15Cuba | Bahamas | Dominican Republic | Haiti | Jamaica | Belize | Guatemala | Honduras | El Salvador | Nicaragua | Costa Rica | Colombia | Venezuela | Netherlands | Mexico
0%
15Cuba | Bahamas | Dominican Republic | Haiti | Jamaica | Belize | Guatemala | Honduras | El Salvador | Nicaragua | Costa Rica | Colombia | Venezuela | Netherlands | Mexico
0%
15Cuba | Bahamas | Dominican Republic | Haiti | Jamaica | Belize | Guatemala | Honduras | El Salvador | Nicaragua | Costa Rica | Colombia | Venezuela | Netherlands | Mexico
0%
15Cuba | Bahamas | Dominican Republic | Haiti | Jamaica | Belize | Guatemala | Honduras | El Salvador | Nicaragua | Costa Rica | Colombia | Venezuela | Netherlands | Mexico
0%
15Cuba | Bahamas | Dominican Republic | Haiti | Jamaica | Belize | Guatemala | Honduras | El Salvador | Nicaragua | Costa Rica | Colombia | Venezuela | Netherlands | Mexico
0%
15Cuba | Bahamas | Dominican Republic | Haiti | Jamaica | Belize | Guatemala | Honduras | El Salvador | Nicaragua | Costa Rica | Colombia | Venezuela | Netherlands | Mexico
0%
15Cuba | Bahamas | Dominican Republic | Haiti | Jamaica | Belize | Guatemala | Honduras | El Salvador | Nicaragua | Costa Rica | Colombia | Venezuela | Netherlands | Mexico
0%
15Cuba | Bahamas | Dominican Republic | Haiti | Jamaica | Belize | Guatemala | Honduras | El Salvador | Nicaragua | Costa Rica | Colombia | Venezuela | Netherlands | Mexico
0%
15Cuba | Bahamas | Dominican Republic | Haiti | Jamaica | Belize | Guatemala | Honduras | El Salvador | Nicaragua | Costa Rica | Colombia | Venezuela | Netherlands | Mexico
0%
15Cuba | Bahamas | Dominican Republic | Haiti | Jamaica | Belize | Guatemala | Honduras | El Salvador | Nicaragua | Costa Rica | Colombia | Venezuela | Netherlands | Mexico
0%
15Cuba | Bahamas | Dominican Republic | Haiti | Jamaica | Belize | Guatemala | Honduras | El Salvador | Nicaragua | Costa Rica | Colombia | Venezuela | Netherlands | Mexico
0%
15Cuba | Bahamas | Dominican Republic | Haiti | Jamaica | Belize | Guatemala | Honduras | El Salvador | Nicaragua | Costa Rica | Colombia | Venezuela | Netherlands | Mexico
0%
15Cuba | Bahamas | Dominican Republic | Haiti | Jamaica | Belize | Guatemala | Honduras | El Salvador | Nicaragua | Costa Rica | Colombia | Venezuela | Netherlands | Mexico
0%
15Cuba | Bahamas | Dominican Republic | Haiti | Jamaica | Belize | Guatemala | Honduras | El Salvador | Nicaragua | Costa Rica | Colombia | Venezuela | Netherlands | Mexico
0%
15Cuba | Bahamas | Dominican Republic | Haiti | Jamaica | Belize | Guatemala | Honduras | El Salvador | Nicaragua | Costa Rica | Colombia | Venezuela | Netherlands | Mexico
0%
15Cuba | Bahamas | Dominican Republic | Haiti | Jamaica | Belize | Guatemala | Honduras | El Salvador | Nicaragua | Costa Rica | Colombia | Venezuela | Netherlands | Mexico
0%
15Cuba | Bahamas | Dominican Republic | Haiti | Jamaica | Belize | Guatemala | Honduras | El Salvador | Nicaragua | Costa Rica | Colombia | Venezuela | Netherlands | Mexico
0%
15Cuba | Bahamas | Dominican Republic | Haiti | Jamaica | Belize | Guatemala | Honduras | El Salvador | Nicaragua | Costa Rica | Colombia | Venezuela | Netherlands | Mexico
0%
15Cuba | Bahamas | Dominican Republic | Haiti | Jamaica | Belize | Guatemala | Honduras | El Salvador | Nicaragua | Costa Rica | Colombia | Venezuela | Netherlands | Mexico
0%
15Cuba | Bahamas | Dominican Republic | Haiti | Jamaica | Belize | Guatemala | Honduras | El Salvador | Nicaragua | Costa Rica | Colombia | Venezuela | Netherlands | Mexico
0%
15Cuba | Bahamas | Dominican Republic | Haiti | Jamaica | Belize | Guatemala | Honduras | El Salvador | Nicaragua | Costa Rica | Colombia | Venezuela | Netherlands | Mexico
0%
15Cuba | Bahamas | Dominican Republic | Haiti | Jamaica | Belize | Guatemala | Honduras | El Salvador | Nicaragua | Costa Rica | Colombia | Venezuela | Netherlands | Mexico
0%
15Cuba | Bahamas | Dominican Republic | Haiti | Jamaica | Belize | Guatemala | Honduras | El Salvador | Nicaragua | Costa Rica | Colombia | Venezuela | Netherlands | Mexico
0%
15Cuba | Bahamas | Dominican Republic | Haiti | Jamaica | Belize | Guatemala | Honduras | El Salvador | Nicaragua | Costa Rica | Colombia | Venezuela | Netherlands | Mexico
0%
15Cuba | Bahamas | Dominican Republic | Haiti | Jamaica | Belize | Guatemala | Honduras | El Salvador | Nicaragua | Costa Rica | Colombia | Venezuela | Netherlands | Mexico
0%
15Cuba | Bahamas | Dominican Republic | Haiti | Jamaica | Belize | Guatemala | Honduras | El Salvador | Nicaragua | Costa Rica | Colombia | Venezuela | Netherlands | Mexico
0%
15Cuba | Bahamas | Dominican Republic | Haiti | Jamaica | Belize | Guatemala | Honduras | El Salvador | Nicaragua | Costa Rica | Colombia | Venezuela | Netherlands | Mexico
0%
15Cuba | Bahamas | Dominican Republic | Haiti | Jamaica | Belize | Guatemala | Honduras | El Salvador | Nicaragua | Costa Rica | Colombia | Venezuela | Netherlands | Mexico
0%
15Cuba | Bahamas | Dominican Republic | Haiti | Jamaica | Belize | Guatemala | Honduras | El Salvador | Nicaragua | Costa Rica | Colombia | Venezuela | Netherlands | Mexico
0%
15Cuba | Bahamas | Dominican Republic | Haiti | Jamaica | Belize | Guatemala | Honduras | El Salvador | Nicaragua | Costa Rica | Colombia | Venezuela | Netherlands | Mexico
0%
15Cuba | Bahamas | Dominican Republic | Haiti | Jamaica | Belize | Guatemala | Honduras | El Salvador | Nicaragua | Costa Rica | Colombia | Venezuela | Netherlands | Mexico
0%
15Cuba | Bahamas | Dominican Republic | Haiti | Jamaica | Belize | Guatemala | Honduras | El Salvador | Nicaragua | Costa Rica | Colombia | Venezuela | Netherlands | Mexico
0%
15Cuba | Bahamas | Dominican Republic | Haiti | Jamaica | Belize | Guatemala | Honduras | El Salvador | Nicaragua | Costa Rica | Colombia | Venezuela | Netherlands | Mexico
0%
15Cuba | Bahamas | Dominican Republic | Haiti | Jamaica | Belize | Guatemala | Honduras | El Salvador | Nicaragua | Costa Rica | Colombia | Venezuela | Netherlands | Mexico
0%
15Cuba | Bahamas | Dominican Republic | Haiti | Jamaica | Belize | Guatemala | Honduras | El Salvador | Nicaragua | Costa Rica | Colombia | Venezuela | Netherlands | Mexico
0%
15Cuba | Bahamas | Dominican Republic | Haiti | Jamaica | Belize | Guatemala | Honduras | El Salvador | Nicaragua | Costa Rica | Colombia | Venezuela | Netherlands | Mexico
0%
15Cuba | Bahamas | Dominican Republic | Haiti | Jamaica | Belize | Guatemala | Honduras | El Salvador | Nicaragua | Costa Rica | Colombia | Venezuela | Netherlands | Mexico
0%
15Cuba | Bahamas | Dominican Republic | Haiti | Jamaica | Belize | Guatemala | Honduras | El Salvador | Nicaragua | Costa Rica | Colombia | Venezuela | Netherlands | Mexico
0%
15Cuba | Bahamas | Dominican Republic | Haiti | Jamaica | Belize | Guatemala | Honduras | El Salvador | Nicaragua | Costa Rica | Colombia | Venezuela | Netherlands | Mexico
0%
15Cuba | Bahamas | Dominican Republic | Haiti | Jamaica | Belize | Guatemala | Honduras | El Salvador | Nicaragua | Costa Rica | Colombia | Venezuela | Netherlands | Mexico
0%
15Cuba | Bahamas | Dominican Republic | Haiti | Jamaica | Belize | Guatemala | Honduras | El Salvador | Nicaragua | Costa Rica | Colombia | Venezuela | Netherlands | Mexico
0%
15Cuba | Bahamas | Dominican Republic | Haiti | Jamaica | Belize | Guatemala | Honduras | El Salvador | Nicaragua | Costa Rica | Colombia | Venezuela | Netherlands | Mexico
0%
15Cuba | Bahamas | Dominican Republic | Haiti | Jamaica | Belize | Guatemala | Honduras | El Salvador | Nicaragua | Costa Rica | Colombia | Venezuela | Netherlands | Mexico
0%
15Cuba | Bahamas | Dominican Republic | Haiti | Jamaica | Belize | Guatemala | Honduras | El Salvador | Nicaragua | Costa Rica | Colombia | Venezuela | Netherlands | Mexico
0%
15Cuba | Bahamas | Dominican Republic | Haiti | Jamaica | Belize | Guatemala | Honduras | El Salvador | Nicaragua | Costa Rica | Colombia | Venezuela | Netherlands | Mexico
0%
15Cuba | Bahamas | Dominican Republic | Haiti | Jamaica | Belize | Guatemala | Honduras | El Salvador | Nicaragua | Costa Rica | Colombia | Venezuela | Netherlands | Mexico
0%
15Cuba | Bahamas | Dominican Republic | Haiti | Jamaica | Belize | Guatemala | Honduras | El Salvador | Nicaragua | Costa Rica | Colombia | Venezuela | Netherlands | Mexico
0%
15Cuba | Bahamas | Dominican Republic | Haiti | Jamaica | Belize | Guatemala | Honduras | El Salvador | Nicaragua | Costa Rica | Colombia | Venezuela | Netherlands | Mexico
0%
15Cuba | Bahamas | Dominican Republic | Haiti | Jamaica | Belize | Guatemala | Honduras | El Salvador | Nicaragua | Costa Rica | Colombia | Venezuela | Netherlands | Mexico
0%
15Cuba | Bahamas | Dominican Republic | Haiti | Jamaica | Belize | Guatemala | Honduras | El Salvador | Nicaragua | Costa Rica | Colombia | Venezuela | Netherlands | Mexico
0%
15Cuba | Bahamas | Dominican Republic | Haiti | Jamaica | Belize | Guatemala | Honduras | El Salvador | Nicaragua | Costa Rica | Colombia | Venezuela | Netherlands | Mexico
0%
15Cuba | Bahamas | Dominican Republic | Haiti | Jamaica | Belize | Guatemala | Honduras | El Salvador | Nicaragua | Costa Rica | Colombia | Venezuela | Netherlands | Mexico
0%
15Cuba | Bahamas | Dominican Republic | Haiti | Jamaica | Belize | Guatemala | Honduras | El Salvador | Nicaragua | Costa Rica | Colombia | Venezuela | Netherlands | Mexico
0%
15Cuba | Bahamas | Dominican Republic | Haiti | Jamaica | Belize | Guatemala | Honduras | El Salvador | Nicaragua | Costa Rica | Colombia | Venezuela | Netherlands | Mexico
0%
15Cuba | Bahamas | Dominican Republic | Haiti | Jamaica | Belize | Guatemala | Honduras | El Salvador | Nicaragua | Costa Rica | Colombia | Venezuela | Netherlands | Mexico
0%
15Cuba | Bahamas | Dominican Republic | Haiti | Jamaica | Belize | Guatemala | Honduras | El Salvador | Nicaragua | Costa Rica | Colombia | Venezuela | Netherlands | Mexico
0%
15Cuba | Bahamas | Dominican Republic | Haiti | Jamaica | Belize | Guatemala | Honduras | El Salvador | Nicaragua | Costa Rica | Colombia | Venezuela | Netherlands | Mexico
0%
15Cuba | Bahamas | Dominican Republic | Haiti | Jamaica | Belize | Guatemala | Honduras | El Salvador | Nicaragua | Costa Rica | Colombia | Venezuela | Netherlands | Mexico
0%
15Cuba | Bahamas | Dominican Republic | Haiti | Jamaica | Belize | Guatemala | Honduras | El Salvador | Nicaragua | Costa Rica | Colombia | Venezuela | Netherlands | Mexico
0%
15Cuba | Bahamas | Dominican Republic | Haiti | Jamaica | Belize | Guatemala | Honduras | El Salvador | Nicaragua | Costa Rica | Colombia | Venezuela | Netherlands | Mexico
0%
15Cuba | Bahamas | Dominican Republic | Haiti | Jamaica | Belize | Guatemala | Honduras | El Salvador | Nicaragua | Costa Rica | Colombia | Venezuela | Netherlands | Mexico
0%
15Cuba | Bahamas | Dominican Republic | Haiti | Jamaica | Belize | Guatemala | Honduras | El Salvador | Nicaragua | Costa Rica | Colombia | Venezuela | Netherlands | Mexico
0%
15Cuba | Bahamas | Dominican Republic | Haiti | Jamaica | Belize | Guatemala | Honduras | El Salvador | Nicaragua | Costa Rica | Colombia | Venezuela | Netherlands | Mexico
0%
15Cuba | Bahamas | Dominican Republic | Haiti | Jamaica | Belize | Guatemala | Honduras | El Salvador | Nicaragua | Costa Rica | Colombia | Venezuela | Netherlands | Mexico
0%
15Cuba | Bahamas | Dominican Republic | Haiti | Jamaica | Belize | Guatemala | Honduras | El Salvador | Nicaragua | Costa Rica | Colombia | Venezuela | Netherlands | Mexico
0%
15Cuba | Bahamas | Dominican Republic | Haiti | Jamaica | Belize | Guatemala | Honduras | El Salvador | Nicaragua | Costa Rica | Colombia | Venezuela | Netherlands | Mexico
0%
15Cuba | Bahamas | Dominican Republic | Haiti | Jamaica | Belize | Guatemala | Honduras | El Salvador | Nicaragua | Costa Rica | Colombia | Venezuela | Netherlands | Mexico
0%
1Denmark
0%
1Denmark
0%
1Denmark
0%
1Denmark
0%
1Denmark
0%
1Denmark
0%
1Denmark
0%
1Denmark
0%
1Denmark
0%
1Denmark
0%
1Denmark
0%
1Denmark
0%
1Denmark
0%
1Denmark
0%
1Denmark
0%
1Denmark
0%
1Denmark
0%
1Denmark
0%
1Denmark
0%
1Denmark
0%
1Denmark
0%
1Denmark
0%
1Denmark
0%
1Denmark
0%
1Denmark
0%
1Denmark
0%
1Denmark
0%
1Denmark
0%
1Denmark
0%
1Denmark
0%
1Denmark
0%
1Denmark
0%
1Denmark
0%
1Denmark
0%
1Denmark
0%
1Denmark
0%
1Denmark
0%
1Denmark
0%
1Denmark
0%
1Denmark
0%
1Denmark
0%
1Denmark
0%
1Denmark
0%
1Denmark
0%
1Denmark
0%
1Denmark
0%
1Denmark
0%
1Denmark
0%
1Denmark
0%
1Denmark
0%
1Denmark
0%
1Denmark
0%
1Denmark
0%
1Denmark
0%
1Denmark
0%
1Denmark
0%
1Denmark
0%
1Denmark
0%
1Denmark
0%
1Denmark
0%
1Denmark
0%
1Denmark
0%
1Denmark
0%
1Denmark
0%
1Denmark
0%
1Denmark
0%
1Denmark
0%
1Denmark
0%
1Denmark
0%
1Denmark
0%
1Denmark
0%
1Denmark
0%
1Denmark
0%
1Denmark
0%
1Denmark
0%
1Denmark
0%
1Denmark
0%
1Denmark
0%
1Denmark
0%
1Denmark
0%
1Denmark
0%
1Denmark
0%
1Denmark
0%
1Denmark
0%
1Denmark
0%
1Denmark
0%
1Denmark
0%
1Denmark
0%
1Denmark
0%
1Denmark
0%
1Denmark
0%
1Denmark
0%
1Denmark
0%
1Denmark
0%
1Denmark
0%
1Denmark
0%
1Denmark
0%
1Denmark
0%
1Denmark
0%
1Denmark
0%
1Denmark
0%
1Denmark
0%
1Denmark
0%
1Denmark
0%
1Denmark
0%
1Denmark
0%
1Denmark
0%
1Denmark
0%
1Denmark
0%
1Denmark
0%
1Denmark
0%
1Denmark
0%
1Denmark
0%
1Denmark
0%
1Denmark
0%
1Denmark
0%
1Denmark
0%
1Denmark
0%
1Denmark
0%
1Denmark
0%
1Denmark
0%
1Denmark
0%
1Denmark
0%
1Denmark
0%
1Denmark
0%
1Denmark
0%
1Denmark
0%
1Denmark
0%
1Denmark
0%
1Denmark
0%
1Denmark
0%
1Denmark
0%
1Denmark
0%
1Denmark
0%
1Denmark
0%
1Denmark
0%
1Denmark
0%
1Denmark
0%
1Denmark
0%
1Denmark
0%
1Denmark
0%
1Denmark
0%
1Denmark
0%
1Denmark
0%
1Denmark
0%
1Denmark
0%
1Denmark
0%
1Denmark
0%
1Denmark
0%
1Denmark
0%
1Denmark
0%
1Denmark
0%
1Denmark
0%
1Denmark
0%
1Denmark
0%
1Denmark
0%
1Denmark
0%
1Denmark
0%
2Denmark | Iceland
0%
2Denmark | Iceland
0%
2Denmark | Iceland
0%
2Denmark | Iceland
0%
2Denmark | Iceland
0%
2Denmark | Iceland
0%
2Denmark | Iceland
0%
2Denmark | Iceland
0%
2Denmark | Iceland
0%
2Denmark | Iceland
0%
2Denmark | Iceland
0%
2Denmark | Iceland
0%
2Denmark | Iceland
0%
2Denmark | Iceland
0%
2Denmark | Iceland
0%
2Denmark | Iceland
0%
2Denmark | Iceland
0%
2Denmark | Iceland
0%
2Denmark | Iceland
0%
2Denmark | Iceland
0%
2Denmark | Iceland
0%
2Denmark | Iceland
0%
2Denmark | Iceland
0%
2Denmark | Iceland
0%
2Denmark | Iceland
0%
2Denmark | Iceland
0%
2Denmark | Iceland
0%
2Denmark | Iceland
0%
2Denmark | Iceland
0%
2Denmark | Iceland
0%
2Denmark | Iceland
0%
2Denmark | Iceland
0%
2Denmark | Iceland
0%
2Denmark | Iceland
0%
2Denmark | Iceland
0%
2Denmark | Iceland
0%
2Denmark | Iceland
0%
2Denmark | Iceland
0%
2Denmark | Iceland
0%
2Denmark | Iceland
0%
2Denmark | Iceland
0%
2Denmark | Iceland
0%
2Denmark | Iceland
0%
2Denmark | Iceland
0%
2Denmark | Iceland
0%
2Denmark | Iceland
0%
2Denmark | Iceland
0%
2Denmark | Iceland
0%
2Denmark | Iceland
0%
2Denmark | Iceland
0%
2Denmark | Iceland
0%
2Denmark | Iceland
0%
2Denmark | Iceland
0%
2Denmark | Iceland
0%
2Denmark | Iceland
0%
2Denmark | Iceland
0%
2Denmark | Iceland
0%
2Denmark | Iceland
0%
2Denmark | Iceland
0%
2Denmark | Iceland
0%
2Denmark | Iceland
0%
2Denmark | Iceland
0%
2Denmark | Iceland
0%
2Denmark | Iceland
0%
2Denmark | Iceland
0%
2Denmark | Iceland
0%
2Denmark | Iceland
0%
2Denmark | Iceland
0%
2Denmark | Iceland
0%
2Denmark | Iceland
0%
13Dominican Republic | United States | Grenada | Trinidad and Tobago | Antigua and Barbuda | St Kitts and Nevis | St Vincent and the Grenadines | Barbados | Venezuela | Netherlands | France | St Lucia | Dominica
0%
13Dominican Republic | United States | Grenada | Trinidad and Tobago | Antigua and Barbuda | St Kitts and Nevis | St Vincent and the Grenadines | Barbados | Venezuela | Netherlands | France | St Lucia | Dominica
0%
13Dominican Republic | United States | Grenada | Trinidad and Tobago | Antigua and Barbuda | St Kitts and Nevis | St Vincent and the Grenadines | Barbados | Venezuela | Netherlands | France | St Lucia | Dominica
0%
13Dominican Republic | United States | Grenada | Trinidad and Tobago | Antigua and Barbuda | St Kitts and Nevis | St Vincent and the Grenadines | Barbados | Venezuela | Netherlands | France | St Lucia | Dominica
0%
13Dominican Republic | United States | Grenada | Trinidad and Tobago | Antigua and Barbuda | St Kitts and Nevis | St Vincent and the Grenadines | Barbados | Venezuela | Netherlands | France | St Lucia | Dominica
0%
13Dominican Republic | United States | Grenada | Trinidad and Tobago | Antigua and Barbuda | St Kitts and Nevis | St Vincent and the Grenadines | Barbados | Venezuela | Netherlands | France | St Lucia | Dominica
0%
13Dominican Republic | United States | Grenada | Trinidad and Tobago | Antigua and Barbuda | St Kitts and Nevis | St Vincent and the Grenadines | Barbados | Venezuela | Netherlands | France | St Lucia | Dominica
0%
13Dominican Republic | United States | Grenada | Trinidad and Tobago | Antigua and Barbuda | St Kitts and Nevis | St Vincent and the Grenadines | Barbados | Venezuela | Netherlands | France | St Lucia | Dominica
0%
13Dominican Republic | United States | Grenada | Trinidad and Tobago | Antigua and Barbuda | St Kitts and Nevis | St Vincent and the Grenadines | Barbados | Venezuela | Netherlands | France | St Lucia | Dominica
0%
13Dominican Republic | United States | Grenada | Trinidad and Tobago | Antigua and Barbuda | St Kitts and Nevis | St Vincent and the Grenadines | Barbados | Venezuela | Netherlands | France | St Lucia | Dominica
0%
13Dominican Republic | United States | Grenada | Trinidad and Tobago | Antigua and Barbuda | St Kitts and Nevis | St Vincent and the Grenadines | Barbados | Venezuela | Netherlands | France | St Lucia | Dominica
0%
13Dominican Republic | United States | Grenada | Trinidad and Tobago | Antigua and Barbuda | St Kitts and Nevis | St Vincent and the Grenadines | Barbados | Venezuela | Netherlands | France | St Lucia | Dominica
0%
13Dominican Republic | United States | Grenada | Trinidad and Tobago | Antigua and Barbuda | St Kitts and Nevis | St Vincent and the Grenadines | Barbados | Venezuela | Netherlands | France | St Lucia | Dominica
0%
13Dominican Republic | United States | Grenada | Trinidad and Tobago | Antigua and Barbuda | St Kitts and Nevis | St Vincent and the Grenadines | Barbados | Venezuela | Netherlands | France | St Lucia | Dominica
0%
13Dominican Republic | United States | Grenada | Trinidad and Tobago | Antigua and Barbuda | St Kitts and Nevis | St Vincent and the Grenadines | Barbados | Venezuela | Netherlands | France | St Lucia | Dominica
0%
13Dominican Republic | United States | Grenada | Trinidad and Tobago | Antigua and Barbuda | St Kitts and Nevis | St Vincent and the Grenadines | Barbados | Venezuela | Netherlands | France | St Lucia | Dominica
0%
13Dominican Republic | United States | Grenada | Trinidad and Tobago | Antigua and Barbuda | St Kitts and Nevis | St Vincent and the Grenadines | Barbados | Venezuela | Netherlands | France | St Lucia | Dominica
0%
13Dominican Republic | United States | Grenada | Trinidad and Tobago | Antigua and Barbuda | St Kitts and Nevis | St Vincent and the Grenadines | Barbados | Venezuela | Netherlands | France | St Lucia | Dominica
0%
13Dominican Republic | United States | Grenada | Trinidad and Tobago | Antigua and Barbuda | St Kitts and Nevis | St Vincent and the Grenadines | Barbados | Venezuela | Netherlands | France | St Lucia | Dominica
0%
13Dominican Republic | United States | Grenada | Trinidad and Tobago | Antigua and Barbuda | St Kitts and Nevis | St Vincent and the Grenadines | Barbados | Venezuela | Netherlands | France | St Lucia | Dominica
0%
13Dominican Republic | United States | Grenada | Trinidad and Tobago | Antigua and Barbuda | St Kitts and Nevis | St Vincent and the Grenadines | Barbados | Venezuela | Netherlands | France | St Lucia | Dominica
0%
13Dominican Republic | United States | Grenada | Trinidad and Tobago | Antigua and Barbuda | St Kitts and Nevis | St Vincent and the Grenadines | Barbados | Venezuela | Netherlands | France | St Lucia | Dominica
0%
13Dominican Republic | United States | Grenada | Trinidad and Tobago | Antigua and Barbuda | St Kitts and Nevis | St Vincent and the Grenadines | Barbados | Venezuela | Netherlands | France | St Lucia | Dominica
0%
13Dominican Republic | United States | Grenada | Trinidad and Tobago | Antigua and Barbuda | St Kitts and Nevis | St Vincent and the Grenadines | Barbados | Venezuela | Netherlands | France | St Lucia | Dominica
0%
13Dominican Republic | United States | Grenada | Trinidad and Tobago | Antigua and Barbuda | St Kitts and Nevis | St Vincent and the Grenadines | Barbados | Venezuela | Netherlands | France | St Lucia | Dominica
0%
13Dominican Republic | United States | Grenada | Trinidad and Tobago | Antigua and Barbuda | St Kitts and Nevis | St Vincent and the Grenadines | Barbados | Venezuela | Netherlands | France | St Lucia | Dominica
0%
13Dominican Republic | United States | Grenada | Trinidad and Tobago | Antigua and Barbuda | St Kitts and Nevis | St Vincent and the Grenadines | Barbados | Venezuela | Netherlands | France | St Lucia | Dominica
0%
13Dominican Republic | United States | Grenada | Trinidad and Tobago | Antigua and Barbuda | St Kitts and Nevis | St Vincent and the Grenadines | Barbados | Venezuela | Netherlands | France | St Lucia | Dominica
0%
13Dominican Republic | United States | Grenada | Trinidad and Tobago | Antigua and Barbuda | St Kitts and Nevis | St Vincent and the Grenadines | Barbados | Venezuela | Netherlands | France | St Lucia | Dominica
0%
13Dominican Republic | United States | Grenada | Trinidad and Tobago | Antigua and Barbuda | St Kitts and Nevis | St Vincent and the Grenadines | Barbados | Venezuela | Netherlands | France | St Lucia | Dominica
0%
13Dominican Republic | United States | Grenada | Trinidad and Tobago | Antigua and Barbuda | St Kitts and Nevis | St Vincent and the Grenadines | Barbados | Venezuela | Netherlands | France | St Lucia | Dominica
0%
13Dominican Republic | United States | Grenada | Trinidad and Tobago | Antigua and Barbuda | St Kitts and Nevis | St Vincent and the Grenadines | Barbados | Venezuela | Netherlands | France | St Lucia | Dominica
0%
13Dominican Republic | United States | Grenada | Trinidad and Tobago | Antigua and Barbuda | St Kitts and Nevis | St Vincent and the Grenadines | Barbados | Venezuela | Netherlands | France | St Lucia | Dominica
0%
13Dominican Republic | United States | Grenada | Trinidad and Tobago | Antigua and Barbuda | St Kitts and Nevis | St Vincent and the Grenadines | Barbados | Venezuela | Netherlands | France | St Lucia | Dominica
0%
13Dominican Republic | United States | Grenada | Trinidad and Tobago | Antigua and Barbuda | St Kitts and Nevis | St Vincent and the Grenadines | Barbados | Venezuela | Netherlands | France | St Lucia | Dominica
0%
13Dominican Republic | United States | Grenada | Trinidad and Tobago | Antigua and Barbuda | St Kitts and Nevis | St Vincent and the Grenadines | Barbados | Venezuela | Netherlands | France | St Lucia | Dominica
0%
13Dominican Republic | United States | Grenada | Trinidad and Tobago | Antigua and Barbuda | St Kitts and Nevis | St Vincent and the Grenadines | Barbados | Venezuela | Netherlands | France | St Lucia | Dominica
0%
13Dominican Republic | United States | Grenada | Trinidad and Tobago | Antigua and Barbuda | St Kitts and Nevis | St Vincent and the Grenadines | Barbados | Venezuela | Netherlands | France | St Lucia | Dominica
0%
13Dominican Republic | United States | Grenada | Trinidad and Tobago | Antigua and Barbuda | St Kitts and Nevis | St Vincent and the Grenadines | Barbados | Venezuela | Netherlands | France | St Lucia | Dominica
0%
13Dominican Republic | United States | Grenada | Trinidad and Tobago | Antigua and Barbuda | St Kitts and Nevis | St Vincent and the Grenadines | Barbados | Venezuela | Netherlands | France | St Lucia | Dominica
0%
13Dominican Republic | United States | Grenada | Trinidad and Tobago | Antigua and Barbuda | St Kitts and Nevis | St Vincent and the Grenadines | Barbados | Venezuela | Netherlands | France | St Lucia | Dominica
0%
13Dominican Republic | United States | Grenada | Trinidad and Tobago | Antigua and Barbuda | St Kitts and Nevis | St Vincent and the Grenadines | Barbados | Venezuela | Netherlands | France | St Lucia | Dominica
0%
13Dominican Republic | United States | Grenada | Trinidad and Tobago | Antigua and Barbuda | St Kitts and Nevis | St Vincent and the Grenadines | Barbados | Venezuela | Netherlands | France | St Lucia | Dominica
0%
13Dominican Republic | United States | Grenada | Trinidad and Tobago | Antigua and Barbuda | St Kitts and Nevis | St Vincent and the Grenadines | Barbados | Venezuela | Netherlands | France | St Lucia | Dominica
0%
13Dominican Republic | United States | Grenada | Trinidad and Tobago | Antigua and Barbuda | St Kitts and Nevis | St Vincent and the Grenadines | Barbados | Venezuela | Netherlands | France | St Lucia | Dominica
0%
13Dominican Republic | United States | Grenada | Trinidad and Tobago | Antigua and Barbuda | St Kitts and Nevis | St Vincent and the Grenadines | Barbados | Venezuela | Netherlands | France | St Lucia | Dominica
0%
13Dominican Republic | United States | Grenada | Trinidad and Tobago | Antigua and Barbuda | St Kitts and Nevis | St Vincent and the Grenadines | Barbados | Venezuela | Netherlands | France | St Lucia | Dominica
0%
13Dominican Republic | United States | Grenada | Trinidad and Tobago | Antigua and Barbuda | St Kitts and Nevis | St Vincent and the Grenadines | Barbados | Venezuela | Netherlands | France | St Lucia | Dominica
0%
13Dominican Republic | United States | Grenada | Trinidad and Tobago | Antigua and Barbuda | St Kitts and Nevis | St Vincent and the Grenadines | Barbados | Venezuela | Netherlands | France | St Lucia | Dominica
0%
13Dominican Republic | United States | Grenada | Trinidad and Tobago | Antigua and Barbuda | St Kitts and Nevis | St Vincent and the Grenadines | Barbados | Venezuela | Netherlands | France | St Lucia | Dominica
0%
13Dominican Republic | United States | Grenada | Trinidad and Tobago | Antigua and Barbuda | St Kitts and Nevis | St Vincent and the Grenadines | Barbados | Venezuela | Netherlands | France | St Lucia | Dominica
0%
13Dominican Republic | United States | Grenada | Trinidad and Tobago | Antigua and Barbuda | St Kitts and Nevis | St Vincent and the Grenadines | Barbados | Venezuela | Netherlands | France | St Lucia | Dominica
0%
13Dominican Republic | United States | Grenada | Trinidad and Tobago | Antigua and Barbuda | St Kitts and Nevis | St Vincent and the Grenadines | Barbados | Venezuela | Netherlands | France | St Lucia | Dominica
0%
13Dominican Republic | United States | Grenada | Trinidad and Tobago | Antigua and Barbuda | St Kitts and Nevis | St Vincent and the Grenadines | Barbados | Venezuela | Netherlands | France | St Lucia | Dominica
0%
13Dominican Republic | United States | Grenada | Trinidad and Tobago | Antigua and Barbuda | St Kitts and Nevis | St Vincent and the Grenadines | Barbados | Venezuela | Netherlands | France | St Lucia | Dominica
0%
13Dominican Republic | United States | Grenada | Trinidad and Tobago | Antigua and Barbuda | St Kitts and Nevis | St Vincent and the Grenadines | Barbados | Venezuela | Netherlands | France | St Lucia | Dominica
0%
13Dominican Republic | United States | Grenada | Trinidad and Tobago | Antigua and Barbuda | St Kitts and Nevis | St Vincent and the Grenadines | Barbados | Venezuela | Netherlands | France | St Lucia | Dominica
0%
13Dominican Republic | United States | Grenada | Trinidad and Tobago | Antigua and Barbuda | St Kitts and Nevis | St Vincent and the Grenadines | Barbados | Venezuela | Netherlands | France | St Lucia | Dominica
0%
13Dominican Republic | United States | Grenada | Trinidad and Tobago | Antigua and Barbuda | St Kitts and Nevis | St Vincent and the Grenadines | Barbados | Venezuela | Netherlands | France | St Lucia | Dominica
0%
13Dominican Republic | United States | Grenada | Trinidad and Tobago | Antigua and Barbuda | St Kitts and Nevis | St Vincent and the Grenadines | Barbados | Venezuela | Netherlands | France | St Lucia | Dominica
0%
13Dominican Republic | United States | Grenada | Trinidad and Tobago | Antigua and Barbuda | St Kitts and Nevis | St Vincent and the Grenadines | Barbados | Venezuela | Netherlands | France | St Lucia | Dominica
0%
1Ecuador
0%
1Ecuador
0%
1Ecuador
0%
1Ecuador
0%
1Ecuador
0%
1Ecuador
0%
1Ecuador
0%
1Ecuador
0%
1Ecuador
0%
1Ecuador
0%
1Ecuador
0%
1Ecuador
0%
1Ecuador
0%
1Ecuador
0%
1Ecuador
0%
1Ecuador
0%
1Ecuador
0%
1Ecuador
0%
1Ecuador
0%
1Ecuador
0%
1Ecuador
0%
1Ecuador
0%
1Ecuador
0%
1Ecuador
0%
1Ecuador
0%
1Ecuador
0%
1Ecuador
0%
1Ecuador
0%
1Ecuador
0%
1Ecuador
0%
1Ecuador
0%
1Ecuador
0%
1Ecuador
0%
1Ecuador
0%
1Ecuador
0%
1Ecuador
0%
1Ecuador
0%
1Ecuador
0%
1Ecuador
0%
1Ecuador
0%
1Ecuador
0%
1Ecuador
0%
1Ecuador
0%
1Ecuador
0%
1Ecuador
0%
1Ecuador
0%
1Ecuador
0%
1Ecuador
0%
1Ecuador
0%
1Ecuador
0%
1Ecuador
0%
1Ecuador
0%
1Ecuador
0%
1Ecuador
0%
1Ecuador
0%
1Ecuador
0%
1Ecuador
0%
1Ecuador
0%
1Ecuador
0%
1Ecuador
0%
1Ecuador
0%
1Ecuador
0%
1Ecuador
0%
1Ecuador
0%
1Ecuador
0%
1Ecuador
0%
1Ecuador
0%
1Ecuador
0%
1Ecuador
0%
1Ecuador
0%
1Ecuador
0%
1Ecuador
0%
1Ecuador
0%
1Ecuador
0%
1Ecuador
0%
1Ecuador
0%
1Ecuador
0%
1Ecuador
0%
1Ecuador
0%
1Ecuador
0%
1Ecuador
0%
1Ecuador
0%
1Ecuador
0%
1Ecuador
0%
1Ecuador
0%
1Ecuador
0%
1Ecuador
0%
1Ecuador
0%
1Ecuador
0%
5Ecuador | Peru | Brazil | Colombia | Bolivia
0%
5Ecuador | Peru | Brazil | Colombia | Bolivia
0%
5Ecuador | Peru | Brazil | Colombia | Bolivia
0%
5Ecuador | Peru | Brazil | Colombia | Bolivia
0%
5Ecuador | Peru | Brazil | Colombia | Bolivia
0%
5Ecuador | Peru | Brazil | Colombia | Bolivia
0%
5Ecuador | Peru | Brazil | Colombia | Bolivia
0%
5Ecuador | Peru | Brazil | Colombia | Bolivia
0%
5Ecuador | Peru | Brazil | Colombia | Bolivia
0%
5Ecuador | Peru | Brazil | Colombia | Bolivia
0%
5Ecuador | Peru | Brazil | Colombia | Bolivia
0%
5Ecuador | Peru | Brazil | Colombia | Bolivia
0%
5Ecuador | Peru | Brazil | Colombia | Bolivia
0%
5Ecuador | Peru | Brazil | Colombia | Bolivia
0%
5Ecuador | Peru | Brazil | Colombia | Bolivia
0%
5Ecuador | Peru | Brazil | Colombia | Bolivia
0%
5Ecuador | Peru | Brazil | Colombia | Bolivia
0%
5Ecuador | Peru | Brazil | Colombia | Bolivia
0%
5Ecuador | Peru | Brazil | Colombia | Bolivia
0%
5Ecuador | Peru | Brazil | Colombia | Bolivia
0%
5Ecuador | Peru | Brazil | Colombia | Bolivia
0%
5Ecuador | Peru | Brazil | Colombia | Bolivia
0%
5Ecuador | Peru | Brazil | Colombia | Bolivia
0%
5Ecuador | Peru | Brazil | Colombia | Bolivia
0%
5Ecuador | Peru | Brazil | Colombia | Bolivia
0%
5Ecuador | Peru | Brazil | Colombia | Bolivia
0%
5Ecuador | Peru | Brazil | Colombia | Bolivia
0%
5Ecuador | Peru | Brazil | Colombia | Bolivia
0%
5Ecuador | Peru | Brazil | Colombia | Bolivia
0%
5Ecuador | Peru | Brazil | Colombia | Bolivia
0%
5Ecuador | Peru | Brazil | Colombia | Bolivia
0%
5Ecuador | Peru | Brazil | Colombia | Bolivia
0%
5Ecuador | Peru | Brazil | Colombia | Bolivia
0%
5Ecuador | Peru | Brazil | Colombia | Bolivia
0%
5Ecuador | Peru | Brazil | Colombia | Bolivia
0%
5Ecuador | Peru | Brazil | Colombia | Bolivia
0%
5Ecuador | Peru | Brazil | Colombia | Bolivia
0%
5Ecuador | Peru | Brazil | Colombia | Bolivia
0%
5Ecuador | Peru | Brazil | Colombia | Bolivia
0%
5Ecuador | Peru | Brazil | Colombia | Bolivia
0%
5Ecuador | Peru | Brazil | Colombia | Bolivia
0%
5Ecuador | Peru | Brazil | Colombia | Bolivia
0%
5Ecuador | Peru | Brazil | Colombia | Bolivia
0%
5Ecuador | Peru | Brazil | Colombia | Bolivia
0%
5Ecuador | Peru | Brazil | Colombia | Bolivia
0%
5Ecuador | Peru | Brazil | Colombia | Bolivia
0%
5Ecuador | Peru | Brazil | Colombia | Bolivia
0%
5Ecuador | Peru | Brazil | Colombia | Bolivia
0%
5Ecuador | Peru | Brazil | Colombia | Bolivia
0%
5Ecuador | Peru | Brazil | Colombia | Bolivia
0%
5Ecuador | Peru | Brazil | Colombia | Bolivia
0%
5Ecuador | Peru | Brazil | Colombia | Bolivia
0%
5Ecuador | Peru | Brazil | Colombia | Bolivia
0%
5Ecuador | Peru | Brazil | Colombia | Bolivia
0%
5Ecuador | Peru | Brazil | Colombia | Bolivia
0%
5Ecuador | Peru | Brazil | Colombia | Bolivia
0%
5Ecuador | Peru | Brazil | Colombia | Bolivia
0%
5Ecuador | Peru | Brazil | Colombia | Bolivia
0%
5Ecuador | Peru | Brazil | Colombia | Bolivia
0%
5Ecuador | Peru | Brazil | Colombia | Bolivia
0%
5Ecuador | Peru | Brazil | Colombia | Bolivia
0%
5Ecuador | Peru | Brazil | Colombia | Bolivia
0%
5Ecuador | Peru | Brazil | Colombia | Bolivia
0%
5Ecuador | Peru | Brazil | Colombia | Bolivia
0%
5Ecuador | Peru | Brazil | Colombia | Bolivia
0%
5Ecuador | Peru | Brazil | Colombia | Bolivia
0%
5Ecuador | Peru | Brazil | Colombia | Bolivia
0%
5Ecuador | Peru | Brazil | Colombia | Bolivia
0%
9Egypt | Sudan | South Sudan | Eritrea | Djibouti | Somalia | Ethiopia | Saudi Arabia | Yemen
0%
9Egypt | Sudan | South Sudan | Eritrea | Djibouti | Somalia | Ethiopia | Saudi Arabia | Yemen
0%
9Egypt | Sudan | South Sudan | Eritrea | Djibouti | Somalia | Ethiopia | Saudi Arabia | Yemen
0%
9Egypt | Sudan | South Sudan | Eritrea | Djibouti | Somalia | Ethiopia | Saudi Arabia | Yemen
0%
9Egypt | Sudan | South Sudan | Eritrea | Djibouti | Somalia | Ethiopia | Saudi Arabia | Yemen
0%
9Egypt | Sudan | South Sudan | Eritrea | Djibouti | Somalia | Ethiopia | Saudi Arabia | Yemen
0%
9Egypt | Sudan | South Sudan | Eritrea | Djibouti | Somalia | Ethiopia | Saudi Arabia | Yemen
0%
9Egypt | Sudan | South Sudan | Eritrea | Djibouti | Somalia | Ethiopia | Saudi Arabia | Yemen
0%
9Egypt | Sudan | South Sudan | Eritrea | Djibouti | Somalia | Ethiopia | Saudi Arabia | Yemen
0%
9Egypt | Sudan | South Sudan | Eritrea | Djibouti | Somalia | Ethiopia | Saudi Arabia | Yemen
0%
9Egypt | Sudan | South Sudan | Eritrea | Djibouti | Somalia | Ethiopia | Saudi Arabia | Yemen
0%
9Egypt | Sudan | South Sudan | Eritrea | Djibouti | Somalia | Ethiopia | Saudi Arabia | Yemen
0%
9Egypt | Sudan | South Sudan | Eritrea | Djibouti | Somalia | Ethiopia | Saudi Arabia | Yemen
0%
9Egypt | Sudan | South Sudan | Eritrea | Djibouti | Somalia | Ethiopia | Saudi Arabia | Yemen
0%
9Egypt | Sudan | South Sudan | Eritrea | Djibouti | Somalia | Ethiopia | Saudi Arabia | Yemen
0%
9Egypt | Sudan | South Sudan | Eritrea | Djibouti | Somalia | Ethiopia | Saudi Arabia | Yemen
0%
9Egypt | Sudan | South Sudan | Eritrea | Djibouti | Somalia | Ethiopia | Saudi Arabia | Yemen
0%
9Egypt | Sudan | South Sudan | Eritrea | Djibouti | Somalia | Ethiopia | Saudi Arabia | Yemen
0%
9Egypt | Sudan | South Sudan | Eritrea | Djibouti | Somalia | Ethiopia | Saudi Arabia | Yemen
0%
9Egypt | Sudan | South Sudan | Eritrea | Djibouti | Somalia | Ethiopia | Saudi Arabia | Yemen
0%
9Egypt | Sudan | South Sudan | Eritrea | Djibouti | Somalia | Ethiopia | Saudi Arabia | Yemen
0%
9Egypt | Sudan | South Sudan | Eritrea | Djibouti | Somalia | Ethiopia | Saudi Arabia | Yemen
0%
9Egypt | Sudan | South Sudan | Eritrea | Djibouti | Somalia | Ethiopia | Saudi Arabia | Yemen
0%
9Egypt | Sudan | South Sudan | Eritrea | Djibouti | Somalia | Ethiopia | Saudi Arabia | Yemen
0%
9Egypt | Sudan | South Sudan | Eritrea | Djibouti | Somalia | Ethiopia | Saudi Arabia | Yemen
0%
9Egypt | Sudan | South Sudan | Eritrea | Djibouti | Somalia | Ethiopia | Saudi Arabia | Yemen
0%
9Egypt | Sudan | South Sudan | Eritrea | Djibouti | Somalia | Ethiopia | Saudi Arabia | Yemen
0%
9Egypt | Sudan | South Sudan | Eritrea | Djibouti | Somalia | Ethiopia | Saudi Arabia | Yemen
0%
9Egypt | Sudan | South Sudan | Eritrea | Djibouti | Somalia | Ethiopia | Saudi Arabia | Yemen
0%
9Egypt | Sudan | South Sudan | Eritrea | Djibouti | Somalia | Ethiopia | Saudi Arabia | Yemen
0%
9Egypt | Sudan | South Sudan | Eritrea | Djibouti | Somalia | Ethiopia | Saudi Arabia | Yemen
0%
9Egypt | Sudan | South Sudan | Eritrea | Djibouti | Somalia | Ethiopia | Saudi Arabia | Yemen
0%
9Egypt | Sudan | South Sudan | Eritrea | Djibouti | Somalia | Ethiopia | Saudi Arabia | Yemen
0%
9Egypt | Sudan | South Sudan | Eritrea | Djibouti | Somalia | Ethiopia | Saudi Arabia | Yemen
0%
9Egypt | Sudan | South Sudan | Eritrea | Djibouti | Somalia | Ethiopia | Saudi Arabia | Yemen
0%
9Egypt | Sudan | South Sudan | Eritrea | Djibouti | Somalia | Ethiopia | Saudi Arabia | Yemen
0%
9Egypt | Sudan | South Sudan | Eritrea | Djibouti | Somalia | Ethiopia | Saudi Arabia | Yemen
0%
9Egypt | Sudan | South Sudan | Eritrea | Djibouti | Somalia | Ethiopia | Saudi Arabia | Yemen
0%
9Egypt | Sudan | South Sudan | Eritrea | Djibouti | Somalia | Ethiopia | Saudi Arabia | Yemen
0%
9Egypt | Sudan | South Sudan | Eritrea | Djibouti | Somalia | Ethiopia | Saudi Arabia | Yemen
0%
9Egypt | Sudan | South Sudan | Eritrea | Djibouti | Somalia | Ethiopia | Saudi Arabia | Yemen
0%
9Egypt | Sudan | South Sudan | Eritrea | Djibouti | Somalia | Ethiopia | Saudi Arabia | Yemen
0%
9Egypt | Sudan | South Sudan | Eritrea | Djibouti | Somalia | Ethiopia | Saudi Arabia | Yemen
0%
9Egypt | Sudan | South Sudan | Eritrea | Djibouti | Somalia | Ethiopia | Saudi Arabia | Yemen
0%
9Egypt | Sudan | South Sudan | Eritrea | Djibouti | Somalia | Ethiopia | Saudi Arabia | Yemen
0%
9Egypt | Sudan | South Sudan | Eritrea | Djibouti | Somalia | Ethiopia | Saudi Arabia | Yemen
0%
9Egypt | Sudan | South Sudan | Eritrea | Djibouti | Somalia | Ethiopia | Saudi Arabia | Yemen
0%
9Egypt | Sudan | South Sudan | Eritrea | Djibouti | Somalia | Ethiopia | Saudi Arabia | Yemen
0%
9Egypt | Sudan | South Sudan | Eritrea | Djibouti | Somalia | Ethiopia | Saudi Arabia | Yemen
0%
9Egypt | Sudan | South Sudan | Eritrea | Djibouti | Somalia | Ethiopia | Saudi Arabia | Yemen
0%
9Egypt | Sudan | South Sudan | Eritrea | Djibouti | Somalia | Ethiopia | Saudi Arabia | Yemen
0%
9Egypt | Sudan | South Sudan | Eritrea | Djibouti | Somalia | Ethiopia | Saudi Arabia | Yemen
0%
9Egypt | Sudan | South Sudan | Eritrea | Djibouti | Somalia | Ethiopia | Saudi Arabia | Yemen
0%
9Egypt | Sudan | South Sudan | Eritrea | Djibouti | Somalia | Ethiopia | Saudi Arabia | Yemen
0%
9Egypt | Sudan | South Sudan | Eritrea | Djibouti | Somalia | Ethiopia | Saudi Arabia | Yemen
0%
9Egypt | Sudan | South Sudan | Eritrea | Djibouti | Somalia | Ethiopia | Saudi Arabia | Yemen
0%
9Egypt | Sudan | South Sudan | Eritrea | Djibouti | Somalia | Ethiopia | Saudi Arabia | Yemen
0%
9Egypt | Sudan | South Sudan | Eritrea | Djibouti | Somalia | Ethiopia | Saudi Arabia | Yemen
0%
9Egypt | Sudan | South Sudan | Eritrea | Djibouti | Somalia | Ethiopia | Saudi Arabia | Yemen
0%
9Egypt | Sudan | South Sudan | Eritrea | Djibouti | Somalia | Ethiopia | Saudi Arabia | Yemen
0%
9Egypt | Sudan | South Sudan | Eritrea | Djibouti | Somalia | Ethiopia | Saudi Arabia | Yemen
0%
9Egypt | Sudan | South Sudan | Eritrea | Djibouti | Somalia | Ethiopia | Saudi Arabia | Yemen
0%
9Egypt | Sudan | South Sudan | Eritrea | Djibouti | Somalia | Ethiopia | Saudi Arabia | Yemen
0%
9Egypt | Sudan | South Sudan | Eritrea | Djibouti | Somalia | Ethiopia | Saudi Arabia | Yemen
0%
9Egypt | Sudan | South Sudan | Eritrea | Djibouti | Somalia | Ethiopia | Saudi Arabia | Yemen
0%
9Egypt | Sudan | South Sudan | Eritrea | Djibouti | Somalia | Ethiopia | Saudi Arabia | Yemen
0%
9Egypt | Sudan | South Sudan | Eritrea | Djibouti | Somalia | Ethiopia | Saudi Arabia | Yemen
0%
4Federated States of Micronesia | Nauru | Marshall Islands | Kiribati
0%
4Federated States of Micronesia | Nauru | Marshall Islands | Kiribati
0%
4Federated States of Micronesia | Nauru | Marshall Islands | Kiribati
0%
4Federated States of Micronesia | Nauru | Marshall Islands | Kiribati
0%
4Federated States of Micronesia | Nauru | Marshall Islands | Kiribati
0%
4Federated States of Micronesia | Nauru | Marshall Islands | Kiribati
0%
4Federated States of Micronesia | Nauru | Marshall Islands | Kiribati
0%
4Federated States of Micronesia | Nauru | Marshall Islands | Kiribati
0%
4Federated States of Micronesia | Nauru | Marshall Islands | Kiribati
0%
4Federated States of Micronesia | Nauru | Marshall Islands | Kiribati
0%
4Federated States of Micronesia | Nauru | Marshall Islands | Kiribati
0%
4Federated States of Micronesia | Nauru | Marshall Islands | Kiribati
0%
4Federated States of Micronesia | Nauru | Marshall Islands | Kiribati
0%
4Federated States of Micronesia | Nauru | Marshall Islands | Kiribati
0%
4Federated States of Micronesia | Nauru | Marshall Islands | Kiribati
0%
4Federated States of Micronesia | Nauru | Marshall Islands | Kiribati
0%
4Federated States of Micronesia | Nauru | Marshall Islands | Kiribati
0%
4Federated States of Micronesia | Nauru | Marshall Islands | Kiribati
0%
4Federated States of Micronesia | Nauru | Marshall Islands | Kiribati
0%
4Federated States of Micronesia | Nauru | Marshall Islands | Kiribati
0%
4Federated States of Micronesia | Nauru | Marshall Islands | Kiribati
0%
4Federated States of Micronesia | Nauru | Marshall Islands | Kiribati
0%
4Federated States of Micronesia | Nauru | Marshall Islands | Kiribati
0%
4Federated States of Micronesia | Nauru | Marshall Islands | Kiribati
0%
4Federated States of Micronesia | Nauru | Marshall Islands | Kiribati
0%
4Federated States of Micronesia | Nauru | Marshall Islands | Kiribati
0%
4Federated States of Micronesia | Nauru | Marshall Islands | Kiribati
0%
4Federated States of Micronesia | Nauru | Marshall Islands | Kiribati
0%
4Federated States of Micronesia | Nauru | Marshall Islands | Kiribati
0%
4Federated States of Micronesia | Nauru | Marshall Islands | Kiribati
0%
4Federated States of Micronesia | Nauru | Marshall Islands | Kiribati
0%
4Federated States of Micronesia | Nauru | Marshall Islands | Kiribati
0%
4Federated States of Micronesia | Nauru | Marshall Islands | Kiribati
0%
4Federated States of Micronesia | Nauru | Marshall Islands | Kiribati
0%
4Federated States of Micronesia | Nauru | Marshall Islands | Kiribati
0%
4Federated States of Micronesia | Nauru | Marshall Islands | Kiribati
0%
4Federated States of Micronesia | Nauru | Marshall Islands | Kiribati
0%
4Federated States of Micronesia | Nauru | Marshall Islands | Kiribati
0%
4Federated States of Micronesia | Nauru | Marshall Islands | Kiribati
0%
4Federated States of Micronesia | Nauru | Marshall Islands | Kiribati
0%
4Federated States of Micronesia | Nauru | Marshall Islands | Kiribati
0%
4Federated States of Micronesia | Nauru | Marshall Islands | Kiribati
0%
4Federated States of Micronesia | Nauru | Marshall Islands | Kiribati
0%
4Federated States of Micronesia | Nauru | Marshall Islands | Kiribati
0%
4Federated States of Micronesia | Nauru | Marshall Islands | Kiribati
0%
4Federated States of Micronesia | Nauru | Marshall Islands | Kiribati
0%
4Federated States of Micronesia | Nauru | Marshall Islands | Kiribati
0%
4Federated States of Micronesia | Nauru | Marshall Islands | Kiribati
0%
4Federated States of Micronesia | Nauru | Marshall Islands | Kiribati
0%
4Federated States of Micronesia | Nauru | Marshall Islands | Kiribati
0%
4Federated States of Micronesia | Nauru | Marshall Islands | Kiribati
0%
4Federated States of Micronesia | Nauru | Marshall Islands | Kiribati
0%
4Federated States of Micronesia | Nauru | Marshall Islands | Kiribati
0%
4Federated States of Micronesia | Nauru | Marshall Islands | Kiribati
0%
4Federated States of Micronesia | Nauru | Marshall Islands | Kiribati
0%
4Federated States of Micronesia | Nauru | Marshall Islands | Kiribati
0%
4Federated States of Micronesia | Nauru | Marshall Islands | Kiribati
0%
4Federated States of Micronesia | Nauru | Marshall Islands | Kiribati
0%
4Federated States of Micronesia | Nauru | Marshall Islands | Kiribati
0%
4Federated States of Micronesia | Nauru | Marshall Islands | Kiribati
0%
4Federated States of Micronesia | Nauru | Marshall Islands | Kiribati
0%
4Federated States of Micronesia | Nauru | Marshall Islands | Kiribati
0%
4Federated States of Micronesia | Nauru | Marshall Islands | Kiribati
0%
4Federated States of Micronesia | Nauru | Marshall Islands | Kiribati
0%
4Federated States of Micronesia | Nauru | Marshall Islands | Kiribati
0%
4Federated States of Micronesia | Nauru | Marshall Islands | Kiribati
0%
4Federated States of Micronesia | Nauru | Marshall Islands | Kiribati
0%
4Federated States of Micronesia | Nauru | Marshall Islands | Kiribati
0%
4Federated States of Micronesia | Nauru | Marshall Islands | Kiribati
0%
4Federated States of Micronesia | Nauru | Marshall Islands | Kiribati
0%
2Fiji | Tonga
0%
2Fiji | Tonga
0%
2Fiji | Tonga
0%
2Fiji | Tonga
0%
2Fiji | Tonga
0%
2Fiji | Tonga
0%
2Fiji | Tonga
0%
2Fiji | Tonga
0%
2Fiji | Tonga
0%
2Fiji | Tonga
0%
2Fiji | Tonga
0%
2Fiji | Tonga
0%
2Fiji | Tonga
0%
2Fiji | Tonga
0%
2Fiji | Tonga
0%
2Fiji | Tonga
0%
2Fiji | Tonga
0%
2Fiji | Tonga
0%
2Fiji | Tonga
0%
2Fiji | Tonga
0%
2Fiji | Tonga
0%
2Fiji | Tonga
0%
2Fiji | Tonga
0%
2Fiji | Tonga
0%
2Fiji | Tonga
0%
2Fiji | Tonga
0%
2Fiji | Tonga
0%
2Fiji | Tonga
0%
2Fiji | Tonga
0%
2Fiji | Tonga
0%
2Fiji | Tonga
0%
2Fiji | Tonga
0%
2Fiji | Tonga
0%
2Fiji | Tonga
0%
2Fiji | Tonga
0%
2Fiji | Tonga
0%
2Fiji | Tonga
0%
2Fiji | Tonga
0%
2Fiji | Tonga
0%
2Fiji | Tonga
0%
2Fiji | Tonga
0%
2Fiji | Tonga
0%
2Fiji | Tonga
0%
2Fiji | Tonga
0%
2Fiji | Tonga
0%
2Fiji | Tonga
0%
2Fiji | Tonga
0%
2Fiji | Tonga
0%
2Fiji | Tonga
0%
2Fiji | Tonga
0%
2Fiji | Tonga
0%
2Fiji | Tonga
0%
2Fiji | Tonga
0%
2Fiji | Tonga
0%
2Fiji | Tonga
0%
2Fiji | Tonga
0%
2Fiji | Tonga
0%
2Fiji | Tonga
0%
2Fiji | Tonga
0%
2Fiji | Tonga
0%
2Fiji | Tonga
0%
2Fiji | Tonga
0%
2Fiji | Tonga
0%
2Fiji | Tonga
0%
2Fiji | Tonga
0%
2Fiji | Tonga
0%
2Fiji | Tonga
0%
2Fiji | Tonga
0%
2Fiji | Tonga
0%
2Fiji | Tonga
0%
2Fiji | Tonga
0%
2Fiji | Tonga
0%
2Fiji | Tonga
0%
2Fiji | Tonga
0%
2Fiji | Tonga
0%
2Fiji | Tonga
0%
2Fiji | Tonga
0%
2Fiji | Tonga
0%
23Germany | Slovakia | Czech Republic | Poland | Ukraine | Moldova | Romania | Bulgaria | Greece | Turkey | North Macedonia | Italy | Vatican City | San Marino | Slovenia | Austria | Hungary | Croatia | Bosnia and Herzegovina | Albania | Montenegro | Kosovo | Serbia
0%
23Germany | Slovakia | Czech Republic | Poland | Ukraine | Moldova | Romania | Bulgaria | Greece | Turkey | North Macedonia | Italy | Vatican City | San Marino | Slovenia | Austria | Hungary | Croatia | Bosnia and Herzegovina | Albania | Montenegro | Kosovo | Serbia
0%
23Germany | Slovakia | Czech Republic | Poland | Ukraine | Moldova | Romania | Bulgaria | Greece | Turkey | North Macedonia | Italy | Vatican City | San Marino | Slovenia | Austria | Hungary | Croatia | Bosnia and Herzegovina | Albania | Montenegro | Kosovo | Serbia
0%
23Germany | Slovakia | Czech Republic | Poland | Ukraine | Moldova | Romania | Bulgaria | Greece | Turkey | North Macedonia | Italy | Vatican City | San Marino | Slovenia | Austria | Hungary | Croatia | Bosnia and Herzegovina | Albania | Montenegro | Kosovo | Serbia
0%
23Germany | Slovakia | Czech Republic | Poland | Ukraine | Moldova | Romania | Bulgaria | Greece | Turkey | North Macedonia | Italy | Vatican City | San Marino | Slovenia | Austria | Hungary | Croatia | Bosnia and Herzegovina | Albania | Montenegro | Kosovo | Serbia
0%
23Germany | Slovakia | Czech Republic | Poland | Ukraine | Moldova | Romania | Bulgaria | Greece | Turkey | North Macedonia | Italy | Vatican City | San Marino | Slovenia | Austria | Hungary | Croatia | Bosnia and Herzegovina | Albania | Montenegro | Kosovo | Serbia
0%
23Germany | Slovakia | Czech Republic | Poland | Ukraine | Moldova | Romania | Bulgaria | Greece | Turkey | North Macedonia | Italy | Vatican City | San Marino | Slovenia | Austria | Hungary | Croatia | Bosnia and Herzegovina | Albania | Montenegro | Kosovo | Serbia
0%
23Germany | Slovakia | Czech Republic | Poland | Ukraine | Moldova | Romania | Bulgaria | Greece | Turkey | North Macedonia | Italy | Vatican City | San Marino | Slovenia | Austria | Hungary | Croatia | Bosnia and Herzegovina | Albania | Montenegro | Kosovo | Serbia
0%
23Germany | Slovakia | Czech Republic | Poland | Ukraine | Moldova | Romania | Bulgaria | Greece | Turkey | North Macedonia | Italy | Vatican City | San Marino | Slovenia | Austria | Hungary | Croatia | Bosnia and Herzegovina | Albania | Montenegro | Kosovo | Serbia
0%
23Germany | Slovakia | Czech Republic | Poland | Ukraine | Moldova | Romania | Bulgaria | Greece | Turkey | North Macedonia | Italy | Vatican City | San Marino | Slovenia | Austria | Hungary | Croatia | Bosnia and Herzegovina | Albania | Montenegro | Kosovo | Serbia
0%
23Germany | Slovakia | Czech Republic | Poland | Ukraine | Moldova | Romania | Bulgaria | Greece | Turkey | North Macedonia | Italy | Vatican City | San Marino | Slovenia | Austria | Hungary | Croatia | Bosnia and Herzegovina | Albania | Montenegro | Kosovo | Serbia
0%
23Germany | Slovakia | Czech Republic | Poland | Ukraine | Moldova | Romania | Bulgaria | Greece | Turkey | North Macedonia | Italy | Vatican City | San Marino | Slovenia | Austria | Hungary | Croatia | Bosnia and Herzegovina | Albania | Montenegro | Kosovo | Serbia
0%
23Germany | Slovakia | Czech Republic | Poland | Ukraine | Moldova | Romania | Bulgaria | Greece | Turkey | North Macedonia | Italy | Vatican City | San Marino | Slovenia | Austria | Hungary | Croatia | Bosnia and Herzegovina | Albania | Montenegro | Kosovo | Serbia
0%
23Germany | Slovakia | Czech Republic | Poland | Ukraine | Moldova | Romania | Bulgaria | Greece | Turkey | North Macedonia | Italy | Vatican City | San Marino | Slovenia | Austria | Hungary | Croatia | Bosnia and Herzegovina | Albania | Montenegro | Kosovo | Serbia
0%
23Germany | Slovakia | Czech Republic | Poland | Ukraine | Moldova | Romania | Bulgaria | Greece | Turkey | North Macedonia | Italy | Vatican City | San Marino | Slovenia | Austria | Hungary | Croatia | Bosnia and Herzegovina | Albania | Montenegro | Kosovo | Serbia
0%
23Germany | Slovakia | Czech Republic | Poland | Ukraine | Moldova | Romania | Bulgaria | Greece | Turkey | North Macedonia | Italy | Vatican City | San Marino | Slovenia | Austria | Hungary | Croatia | Bosnia and Herzegovina | Albania | Montenegro | Kosovo | Serbia
0%
23Germany | Slovakia | Czech Republic | Poland | Ukraine | Moldova | Romania | Bulgaria | Greece | Turkey | North Macedonia | Italy | Vatican City | San Marino | Slovenia | Austria | Hungary | Croatia | Bosnia and Herzegovina | Albania | Montenegro | Kosovo | Serbia
0%
23Germany | Slovakia | Czech Republic | Poland | Ukraine | Moldova | Romania | Bulgaria | Greece | Turkey | North Macedonia | Italy | Vatican City | San Marino | Slovenia | Austria | Hungary | Croatia | Bosnia and Herzegovina | Albania | Montenegro | Kosovo | Serbia
0%
23Germany | Slovakia | Czech Republic | Poland | Ukraine | Moldova | Romania | Bulgaria | Greece | Turkey | North Macedonia | Italy | Vatican City | San Marino | Slovenia | Austria | Hungary | Croatia | Bosnia and Herzegovina | Albania | Montenegro | Kosovo | Serbia
0%
23Germany | Slovakia | Czech Republic | Poland | Ukraine | Moldova | Romania | Bulgaria | Greece | Turkey | North Macedonia | Italy | Vatican City | San Marino | Slovenia | Austria | Hungary | Croatia | Bosnia and Herzegovina | Albania | Montenegro | Kosovo | Serbia
0%
23Germany | Slovakia | Czech Republic | Poland | Ukraine | Moldova | Romania | Bulgaria | Greece | Turkey | North Macedonia | Italy | Vatican City | San Marino | Slovenia | Austria | Hungary | Croatia | Bosnia and Herzegovina | Albania | Montenegro | Kosovo | Serbia
0%
23Germany | Slovakia | Czech Republic | Poland | Ukraine | Moldova | Romania | Bulgaria | Greece | Turkey | North Macedonia | Italy | Vatican City | San Marino | Slovenia | Austria | Hungary | Croatia | Bosnia and Herzegovina | Albania | Montenegro | Kosovo | Serbia
0%
23Germany | Slovakia | Czech Republic | Poland | Ukraine | Moldova | Romania | Bulgaria | Greece | Turkey | North Macedonia | Italy | Vatican City | San Marino | Slovenia | Austria | Hungary | Croatia | Bosnia and Herzegovina | Albania | Montenegro | Kosovo | Serbia
0%
23Germany | Slovakia | Czech Republic | Poland | Ukraine | Moldova | Romania | Bulgaria | Greece | Turkey | North Macedonia | Italy | Vatican City | San Marino | Slovenia | Austria | Hungary | Croatia | Bosnia and Herzegovina | Albania | Montenegro | Kosovo | Serbia
0%
23Germany | Slovakia | Czech Republic | Poland | Ukraine | Moldova | Romania | Bulgaria | Greece | Turkey | North Macedonia | Italy | Vatican City | San Marino | Slovenia | Austria | Hungary | Croatia | Bosnia and Herzegovina | Albania | Montenegro | Kosovo | Serbia
0%
23Germany | Slovakia | Czech Republic | Poland | Ukraine | Moldova | Romania | Bulgaria | Greece | Turkey | North Macedonia | Italy | Vatican City | San Marino | Slovenia | Austria | Hungary | Croatia | Bosnia and Herzegovina | Albania | Montenegro | Kosovo | Serbia
0%
23Germany | Slovakia | Czech Republic | Poland | Ukraine | Moldova | Romania | Bulgaria | Greece | Turkey | North Macedonia | Italy | Vatican City | San Marino | Slovenia | Austria | Hungary | Croatia | Bosnia and Herzegovina | Albania | Montenegro | Kosovo | Serbia
0%
23Germany | Slovakia | Czech Republic | Poland | Ukraine | Moldova | Romania | Bulgaria | Greece | Turkey | North Macedonia | Italy | Vatican City | San Marino | Slovenia | Austria | Hungary | Croatia | Bosnia and Herzegovina | Albania | Montenegro | Kosovo | Serbia
0%
23Germany | Slovakia | Czech Republic | Poland | Ukraine | Moldova | Romania | Bulgaria | Greece | Turkey | North Macedonia | Italy | Vatican City | San Marino | Slovenia | Austria | Hungary | Croatia | Bosnia and Herzegovina | Albania | Montenegro | Kosovo | Serbia
0%
23Germany | Slovakia | Czech Republic | Poland | Ukraine | Moldova | Romania | Bulgaria | Greece | Turkey | North Macedonia | Italy | Vatican City | San Marino | Slovenia | Austria | Hungary | Croatia | Bosnia and Herzegovina | Albania | Montenegro | Kosovo | Serbia
0%
23Germany | Slovakia | Czech Republic | Poland | Ukraine | Moldova | Romania | Bulgaria | Greece | Turkey | North Macedonia | Italy | Vatican City | San Marino | Slovenia | Austria | Hungary | Croatia | Bosnia and Herzegovina | Albania | Montenegro | Kosovo | Serbia
0%
23Germany | Slovakia | Czech Republic | Poland | Ukraine | Moldova | Romania | Bulgaria | Greece | Turkey | North Macedonia | Italy | Vatican City | San Marino | Slovenia | Austria | Hungary | Croatia | Bosnia and Herzegovina | Albania | Montenegro | Kosovo | Serbia
0%
23Germany | Slovakia | Czech Republic | Poland | Ukraine | Moldova | Romania | Bulgaria | Greece | Turkey | North Macedonia | Italy | Vatican City | San Marino | Slovenia | Austria | Hungary | Croatia | Bosnia and Herzegovina | Albania | Montenegro | Kosovo | Serbia
0%
23Germany | Slovakia | Czech Republic | Poland | Ukraine | Moldova | Romania | Bulgaria | Greece | Turkey | North Macedonia | Italy | Vatican City | San Marino | Slovenia | Austria | Hungary | Croatia | Bosnia and Herzegovina | Albania | Montenegro | Kosovo | Serbia
0%
23Germany | Slovakia | Czech Republic | Poland | Ukraine | Moldova | Romania | Bulgaria | Greece | Turkey | North Macedonia | Italy | Vatican City | San Marino | Slovenia | Austria | Hungary | Croatia | Bosnia and Herzegovina | Albania | Montenegro | Kosovo | Serbia
0%
23Germany | Slovakia | Czech Republic | Poland | Ukraine | Moldova | Romania | Bulgaria | Greece | Turkey | North Macedonia | Italy | Vatican City | San Marino | Slovenia | Austria | Hungary | Croatia | Bosnia and Herzegovina | Albania | Montenegro | Kosovo | Serbia
0%
23Germany | Slovakia | Czech Republic | Poland | Ukraine | Moldova | Romania | Bulgaria | Greece | Turkey | North Macedonia | Italy | Vatican City | San Marino | Slovenia | Austria | Hungary | Croatia | Bosnia and Herzegovina | Albania | Montenegro | Kosovo | Serbia
0%
23Germany | Slovakia | Czech Republic | Poland | Ukraine | Moldova | Romania | Bulgaria | Greece | Turkey | North Macedonia | Italy | Vatican City | San Marino | Slovenia | Austria | Hungary | Croatia | Bosnia and Herzegovina | Albania | Montenegro | Kosovo | Serbia
0%
23Germany | Slovakia | Czech Republic | Poland | Ukraine | Moldova | Romania | Bulgaria | Greece | Turkey | North Macedonia | Italy | Vatican City | San Marino | Slovenia | Austria | Hungary | Croatia | Bosnia and Herzegovina | Albania | Montenegro | Kosovo | Serbia
0%
23Germany | Slovakia | Czech Republic | Poland | Ukraine | Moldova | Romania | Bulgaria | Greece | Turkey | North Macedonia | Italy | Vatican City | San Marino | Slovenia | Austria | Hungary | Croatia | Bosnia and Herzegovina | Albania | Montenegro | Kosovo | Serbia
0%
23Germany | Slovakia | Czech Republic | Poland | Ukraine | Moldova | Romania | Bulgaria | Greece | Turkey | North Macedonia | Italy | Vatican City | San Marino | Slovenia | Austria | Hungary | Croatia | Bosnia and Herzegovina | Albania | Montenegro | Kosovo | Serbia
0%
23Germany | Slovakia | Czech Republic | Poland | Ukraine | Moldova | Romania | Bulgaria | Greece | Turkey | North Macedonia | Italy | Vatican City | San Marino | Slovenia | Austria | Hungary | Croatia | Bosnia and Herzegovina | Albania | Montenegro | Kosovo | Serbia
0%
23Germany | Slovakia | Czech Republic | Poland | Ukraine | Moldova | Romania | Bulgaria | Greece | Turkey | North Macedonia | Italy | Vatican City | San Marino | Slovenia | Austria | Hungary | Croatia | Bosnia and Herzegovina | Albania | Montenegro | Kosovo | Serbia
0%
23Germany | Slovakia | Czech Republic | Poland | Ukraine | Moldova | Romania | Bulgaria | Greece | Turkey | North Macedonia | Italy | Vatican City | San Marino | Slovenia | Austria | Hungary | Croatia | Bosnia and Herzegovina | Albania | Montenegro | Kosovo | Serbia
0%
23Germany | Slovakia | Czech Republic | Poland | Ukraine | Moldova | Romania | Bulgaria | Greece | Turkey | North Macedonia | Italy | Vatican City | San Marino | Slovenia | Austria | Hungary | Croatia | Bosnia and Herzegovina | Albania | Montenegro | Kosovo | Serbia
0%
23Germany | Slovakia | Czech Republic | Poland | Ukraine | Moldova | Romania | Bulgaria | Greece | Turkey | North Macedonia | Italy | Vatican City | San Marino | Slovenia | Austria | Hungary | Croatia | Bosnia and Herzegovina | Albania | Montenegro | Kosovo | Serbia
0%
23Germany | Slovakia | Czech Republic | Poland | Ukraine | Moldova | Romania | Bulgaria | Greece | Turkey | North Macedonia | Italy | Vatican City | San Marino | Slovenia | Austria | Hungary | Croatia | Bosnia and Herzegovina | Albania | Montenegro | Kosovo | Serbia
0%
23Germany | Slovakia | Czech Republic | Poland | Ukraine | Moldova | Romania | Bulgaria | Greece | Turkey | North Macedonia | Italy | Vatican City | San Marino | Slovenia | Austria | Hungary | Croatia | Bosnia and Herzegovina | Albania | Montenegro | Kosovo | Serbia
0%
23Germany | Slovakia | Czech Republic | Poland | Ukraine | Moldova | Romania | Bulgaria | Greece | Turkey | North Macedonia | Italy | Vatican City | San Marino | Slovenia | Austria | Hungary | Croatia | Bosnia and Herzegovina | Albania | Montenegro | Kosovo | Serbia
0%
23Germany | Slovakia | Czech Republic | Poland | Ukraine | Moldova | Romania | Bulgaria | Greece | Turkey | North Macedonia | Italy | Vatican City | San Marino | Slovenia | Austria | Hungary | Croatia | Bosnia and Herzegovina | Albania | Montenegro | Kosovo | Serbia
0%
23Germany | Slovakia | Czech Republic | Poland | Ukraine | Moldova | Romania | Bulgaria | Greece | Turkey | North Macedonia | Italy | Vatican City | San Marino | Slovenia | Austria | Hungary | Croatia | Bosnia and Herzegovina | Albania | Montenegro | Kosovo | Serbia
0%
23Germany | Slovakia | Czech Republic | Poland | Ukraine | Moldova | Romania | Bulgaria | Greece | Turkey | North Macedonia | Italy | Vatican City | San Marino | Slovenia | Austria | Hungary | Croatia | Bosnia and Herzegovina | Albania | Montenegro | Kosovo | Serbia
0%
13Guinea | Liberia | Ivory Coast | Mali | Burkina Faso | Ghana | Togo | Benin | Nigeria | Cameroon | Gabon | São Tomé and Príncipe | Equatorial Guinea
0%
13Guinea | Liberia | Ivory Coast | Mali | Burkina Faso | Ghana | Togo | Benin | Nigeria | Cameroon | Gabon | São Tomé and Príncipe | Equatorial Guinea
0%
13Guinea | Liberia | Ivory Coast | Mali | Burkina Faso | Ghana | Togo | Benin | Nigeria | Cameroon | Gabon | São Tomé and Príncipe | Equatorial Guinea
0%
13Guinea | Liberia | Ivory Coast | Mali | Burkina Faso | Ghana | Togo | Benin | Nigeria | Cameroon | Gabon | São Tomé and Príncipe | Equatorial Guinea
0%
13Guinea | Liberia | Ivory Coast | Mali | Burkina Faso | Ghana | Togo | Benin | Nigeria | Cameroon | Gabon | São Tomé and Príncipe | Equatorial Guinea
0%
13Guinea | Liberia | Ivory Coast | Mali | Burkina Faso | Ghana | Togo | Benin | Nigeria | Cameroon | Gabon | São Tomé and Príncipe | Equatorial Guinea
0%
13Guinea | Liberia | Ivory Coast | Mali | Burkina Faso | Ghana | Togo | Benin | Nigeria | Cameroon | Gabon | São Tomé and Príncipe | Equatorial Guinea
0%
13Guinea | Liberia | Ivory Coast | Mali | Burkina Faso | Ghana | Togo | Benin | Nigeria | Cameroon | Gabon | São Tomé and Príncipe | Equatorial Guinea
0%
13Guinea | Liberia | Ivory Coast | Mali | Burkina Faso | Ghana | Togo | Benin | Nigeria | Cameroon | Gabon | São Tomé and Príncipe | Equatorial Guinea
0%
13Guinea | Liberia | Ivory Coast | Mali | Burkina Faso | Ghana | Togo | Benin | Nigeria | Cameroon | Gabon | São Tomé and Príncipe | Equatorial Guinea
0%
13Guinea | Liberia | Ivory Coast | Mali | Burkina Faso | Ghana | Togo | Benin | Nigeria | Cameroon | Gabon | São Tomé and Príncipe | Equatorial Guinea
0%
13Guinea | Liberia | Ivory Coast | Mali | Burkina Faso | Ghana | Togo | Benin | Nigeria | Cameroon | Gabon | São Tomé and Príncipe | Equatorial Guinea
0%
13Guinea | Liberia | Ivory Coast | Mali | Burkina Faso | Ghana | Togo | Benin | Nigeria | Cameroon | Gabon | São Tomé and Príncipe | Equatorial Guinea
0%
13Guinea | Liberia | Ivory Coast | Mali | Burkina Faso | Ghana | Togo | Benin | Nigeria | Cameroon | Gabon | São Tomé and Príncipe | Equatorial Guinea
0%
13Guinea | Liberia | Ivory Coast | Mali | Burkina Faso | Ghana | Togo | Benin | Nigeria | Cameroon | Gabon | São Tomé and Príncipe | Equatorial Guinea
0%
13Guinea | Liberia | Ivory Coast | Mali | Burkina Faso | Ghana | Togo | Benin | Nigeria | Cameroon | Gabon | São Tomé and Príncipe | Equatorial Guinea
0%
13Guinea | Liberia | Ivory Coast | Mali | Burkina Faso | Ghana | Togo | Benin | Nigeria | Cameroon | Gabon | São Tomé and Príncipe | Equatorial Guinea
0%
13Guinea | Liberia | Ivory Coast | Mali | Burkina Faso | Ghana | Togo | Benin | Nigeria | Cameroon | Gabon | São Tomé and Príncipe | Equatorial Guinea
0%
13Guinea | Liberia | Ivory Coast | Mali | Burkina Faso | Ghana | Togo | Benin | Nigeria | Cameroon | Gabon | São Tomé and Príncipe | Equatorial Guinea
0%
13Guinea | Liberia | Ivory Coast | Mali | Burkina Faso | Ghana | Togo | Benin | Nigeria | Cameroon | Gabon | São Tomé and Príncipe | Equatorial Guinea
0%
13Guinea | Liberia | Ivory Coast | Mali | Burkina Faso | Ghana | Togo | Benin | Nigeria | Cameroon | Gabon | São Tomé and Príncipe | Equatorial Guinea
0%
13Guinea | Liberia | Ivory Coast | Mali | Burkina Faso | Ghana | Togo | Benin | Nigeria | Cameroon | Gabon | São Tomé and Príncipe | Equatorial Guinea
0%
13Guinea | Liberia | Ivory Coast | Mali | Burkina Faso | Ghana | Togo | Benin | Nigeria | Cameroon | Gabon | São Tomé and Príncipe | Equatorial Guinea
0%
13Guinea | Liberia | Ivory Coast | Mali | Burkina Faso | Ghana | Togo | Benin | Nigeria | Cameroon | Gabon | São Tomé and Príncipe | Equatorial Guinea
0%
13Guinea | Liberia | Ivory Coast | Mali | Burkina Faso | Ghana | Togo | Benin | Nigeria | Cameroon | Gabon | São Tomé and Príncipe | Equatorial Guinea
0%
13Guinea | Liberia | Ivory Coast | Mali | Burkina Faso | Ghana | Togo | Benin | Nigeria | Cameroon | Gabon | São Tomé and Príncipe | Equatorial Guinea
0%
13Guinea | Liberia | Ivory Coast | Mali | Burkina Faso | Ghana | Togo | Benin | Nigeria | Cameroon | Gabon | São Tomé and Príncipe | Equatorial Guinea
0%
13Guinea | Liberia | Ivory Coast | Mali | Burkina Faso | Ghana | Togo | Benin | Nigeria | Cameroon | Gabon | São Tomé and Príncipe | Equatorial Guinea
0%
13Guinea | Liberia | Ivory Coast | Mali | Burkina Faso | Ghana | Togo | Benin | Nigeria | Cameroon | Gabon | São Tomé and Príncipe | Equatorial Guinea
0%
13Guinea | Liberia | Ivory Coast | Mali | Burkina Faso | Ghana | Togo | Benin | Nigeria | Cameroon | Gabon | São Tomé and Príncipe | Equatorial Guinea
0%
13Guinea | Liberia | Ivory Coast | Mali | Burkina Faso | Ghana | Togo | Benin | Nigeria | Cameroon | Gabon | São Tomé and Príncipe | Equatorial Guinea
0%
13Guinea | Liberia | Ivory Coast | Mali | Burkina Faso | Ghana | Togo | Benin | Nigeria | Cameroon | Gabon | São Tomé and Príncipe | Equatorial Guinea
0%
13Guinea | Liberia | Ivory Coast | Mali | Burkina Faso | Ghana | Togo | Benin | Nigeria | Cameroon | Gabon | São Tomé and Príncipe | Equatorial Guinea
0%
13Guinea | Liberia | Ivory Coast | Mali | Burkina Faso | Ghana | Togo | Benin | Nigeria | Cameroon | Gabon | São Tomé and Príncipe | Equatorial Guinea
0%
13Guinea | Liberia | Ivory Coast | Mali | Burkina Faso | Ghana | Togo | Benin | Nigeria | Cameroon | Gabon | São Tomé and Príncipe | Equatorial Guinea
0%
13Guinea | Liberia | Ivory Coast | Mali | Burkina Faso | Ghana | Togo | Benin | Nigeria | Cameroon | Gabon | São Tomé and Príncipe | Equatorial Guinea
0%
13Guinea | Liberia | Ivory Coast | Mali | Burkina Faso | Ghana | Togo | Benin | Nigeria | Cameroon | Gabon | São Tomé and Príncipe | Equatorial Guinea
0%
13Guinea | Liberia | Ivory Coast | Mali | Burkina Faso | Ghana | Togo | Benin | Nigeria | Cameroon | Gabon | São Tomé and Príncipe | Equatorial Guinea
0%
13Guinea | Liberia | Ivory Coast | Mali | Burkina Faso | Ghana | Togo | Benin | Nigeria | Cameroon | Gabon | São Tomé and Príncipe | Equatorial Guinea
0%
13Guinea | Liberia | Ivory Coast | Mali | Burkina Faso | Ghana | Togo | Benin | Nigeria | Cameroon | Gabon | São Tomé and Príncipe | Equatorial Guinea
0%
13Guinea | Liberia | Ivory Coast | Mali | Burkina Faso | Ghana | Togo | Benin | Nigeria | Cameroon | Gabon | São Tomé and Príncipe | Equatorial Guinea
0%
13Guinea | Liberia | Ivory Coast | Mali | Burkina Faso | Ghana | Togo | Benin | Nigeria | Cameroon | Gabon | São Tomé and Príncipe | Equatorial Guinea
0%
13Guinea | Liberia | Ivory Coast | Mali | Burkina Faso | Ghana | Togo | Benin | Nigeria | Cameroon | Gabon | São Tomé and Príncipe | Equatorial Guinea
0%
13Guinea | Liberia | Ivory Coast | Mali | Burkina Faso | Ghana | Togo | Benin | Nigeria | Cameroon | Gabon | São Tomé and Príncipe | Equatorial Guinea
0%
13Guinea | Liberia | Ivory Coast | Mali | Burkina Faso | Ghana | Togo | Benin | Nigeria | Cameroon | Gabon | São Tomé and Príncipe | Equatorial Guinea
0%
13Guinea | Liberia | Ivory Coast | Mali | Burkina Faso | Ghana | Togo | Benin | Nigeria | Cameroon | Gabon | São Tomé and Príncipe | Equatorial Guinea
0%
13Guinea | Liberia | Ivory Coast | Mali | Burkina Faso | Ghana | Togo | Benin | Nigeria | Cameroon | Gabon | São Tomé and Príncipe | Equatorial Guinea
0%
13Guinea | Liberia | Ivory Coast | Mali | Burkina Faso | Ghana | Togo | Benin | Nigeria | Cameroon | Gabon | São Tomé and Príncipe | Equatorial Guinea
0%
13Guinea | Liberia | Ivory Coast | Mali | Burkina Faso | Ghana | Togo | Benin | Nigeria | Cameroon | Gabon | São Tomé and Príncipe | Equatorial Guinea
0%
13Guinea | Liberia | Ivory Coast | Mali | Burkina Faso | Ghana | Togo | Benin | Nigeria | Cameroon | Gabon | São Tomé and Príncipe | Equatorial Guinea
0%
13Guinea | Liberia | Ivory Coast | Mali | Burkina Faso | Ghana | Togo | Benin | Nigeria | Cameroon | Gabon | São Tomé and Príncipe | Equatorial Guinea
0%
13Guinea | Liberia | Ivory Coast | Mali | Burkina Faso | Ghana | Togo | Benin | Nigeria | Cameroon | Gabon | São Tomé and Príncipe | Equatorial Guinea
0%
13Guinea | Liberia | Ivory Coast | Mali | Burkina Faso | Ghana | Togo | Benin | Nigeria | Cameroon | Gabon | São Tomé and Príncipe | Equatorial Guinea
0%
13Guinea | Liberia | Ivory Coast | Mali | Burkina Faso | Ghana | Togo | Benin | Nigeria | Cameroon | Gabon | São Tomé and Príncipe | Equatorial Guinea
0%
13Guinea | Liberia | Ivory Coast | Mali | Burkina Faso | Ghana | Togo | Benin | Nigeria | Cameroon | Gabon | São Tomé and Príncipe | Equatorial Guinea
0%
13Guinea | Liberia | Ivory Coast | Mali | Burkina Faso | Ghana | Togo | Benin | Nigeria | Cameroon | Gabon | São Tomé and Príncipe | Equatorial Guinea
0%
13Guinea | Liberia | Ivory Coast | Mali | Burkina Faso | Ghana | Togo | Benin | Nigeria | Cameroon | Gabon | São Tomé and Príncipe | Equatorial Guinea
0%
13Guinea | Liberia | Ivory Coast | Mali | Burkina Faso | Ghana | Togo | Benin | Nigeria | Cameroon | Gabon | São Tomé and Príncipe | Equatorial Guinea
0%
13Guinea | Liberia | Ivory Coast | Mali | Burkina Faso | Ghana | Togo | Benin | Nigeria | Cameroon | Gabon | São Tomé and Príncipe | Equatorial Guinea
0%
13Guinea | Liberia | Ivory Coast | Mali | Burkina Faso | Ghana | Togo | Benin | Nigeria | Cameroon | Gabon | São Tomé and Príncipe | Equatorial Guinea
0%
13Guinea | Liberia | Ivory Coast | Mali | Burkina Faso | Ghana | Togo | Benin | Nigeria | Cameroon | Gabon | São Tomé and Príncipe | Equatorial Guinea
0%
13Guinea | Liberia | Ivory Coast | Mali | Burkina Faso | Ghana | Togo | Benin | Nigeria | Cameroon | Gabon | São Tomé and Príncipe | Equatorial Guinea
0%
13Guinea | Liberia | Ivory Coast | Mali | Burkina Faso | Ghana | Togo | Benin | Nigeria | Cameroon | Gabon | São Tomé and Príncipe | Equatorial Guinea
0%
13Guinea | Liberia | Ivory Coast | Mali | Burkina Faso | Ghana | Togo | Benin | Nigeria | Cameroon | Gabon | São Tomé and Príncipe | Equatorial Guinea
0%
13Guinea | Liberia | Ivory Coast | Mali | Burkina Faso | Ghana | Togo | Benin | Nigeria | Cameroon | Gabon | São Tomé and Príncipe | Equatorial Guinea
0%
13Guinea | Liberia | Ivory Coast | Mali | Burkina Faso | Ghana | Togo | Benin | Nigeria | Cameroon | Gabon | São Tomé and Príncipe | Equatorial Guinea
0%
13Guinea | Liberia | Ivory Coast | Mali | Burkina Faso | Ghana | Togo | Benin | Nigeria | Cameroon | Gabon | São Tomé and Príncipe | Equatorial Guinea
0%
13Guinea | Liberia | Ivory Coast | Mali | Burkina Faso | Ghana | Togo | Benin | Nigeria | Cameroon | Gabon | São Tomé and Príncipe | Equatorial Guinea
0%
13Guinea | Liberia | Ivory Coast | Mali | Burkina Faso | Ghana | Togo | Benin | Nigeria | Cameroon | Gabon | São Tomé and Príncipe | Equatorial Guinea
0%
13Guinea | Liberia | Ivory Coast | Mali | Burkina Faso | Ghana | Togo | Benin | Nigeria | Cameroon | Gabon | São Tomé and Príncipe | Equatorial Guinea
0%
3Guinea | Sierra Leone | Liberia
0%
3Guinea | Sierra Leone | Liberia
0%
3Guinea | Sierra Leone | Liberia
0%
3Guinea | Sierra Leone | Liberia
0%
3Guinea | Sierra Leone | Liberia
0%
3Guinea | Sierra Leone | Liberia
0%
3Guinea | Sierra Leone | Liberia
0%
3Guinea | Sierra Leone | Liberia
0%
3Guinea | Sierra Leone | Liberia
0%
3Guinea | Sierra Leone | Liberia
0%
3Guinea | Sierra Leone | Liberia
0%
3Guinea | Sierra Leone | Liberia
0%
3Guinea | Sierra Leone | Liberia
0%
3Guinea | Sierra Leone | Liberia
0%
3Guinea | Sierra Leone | Liberia
0%
3Guinea | Sierra Leone | Liberia
0%
3Guinea | Sierra Leone | Liberia
0%
3Guinea | Sierra Leone | Liberia
0%
3Guinea | Sierra Leone | Liberia
0%
3Guinea | Sierra Leone | Liberia
0%
3Guinea | Sierra Leone | Liberia
0%
3Guinea | Sierra Leone | Liberia
0%
3Guinea | Sierra Leone | Liberia
0%
3Guinea | Sierra Leone | Liberia
0%
3Guinea | Sierra Leone | Liberia
0%
3Guinea | Sierra Leone | Liberia
0%
3Guinea | Sierra Leone | Liberia
0%
3Guinea | Sierra Leone | Liberia
0%
3Guinea | Sierra Leone | Liberia
0%
3Guinea | Sierra Leone | Liberia
0%
3Guinea | Sierra Leone | Liberia
0%
3Guinea | Sierra Leone | Liberia
0%
3Guinea | Sierra Leone | Liberia
0%
3Guinea | Sierra Leone | Liberia
0%
3Guinea | Sierra Leone | Liberia
0%
3Guinea | Sierra Leone | Liberia
0%
3Guinea | Sierra Leone | Liberia
0%
3Guinea | Sierra Leone | Liberia
0%
3Guinea | Sierra Leone | Liberia
0%
3Guinea | Sierra Leone | Liberia
0%
3Guinea | Sierra Leone | Liberia
0%
3Guinea | Sierra Leone | Liberia
0%
3Guinea | Sierra Leone | Liberia
0%
3Guinea | Sierra Leone | Liberia
0%
3Guinea | Sierra Leone | Liberia
0%
3Guinea | Sierra Leone | Liberia
0%
3Guinea | Sierra Leone | Liberia
0%
3Guinea | Sierra Leone | Liberia
0%
3Guinea | Sierra Leone | Liberia
0%
3Guinea | Sierra Leone | Liberia
0%
3Guinea | Sierra Leone | Liberia
0%
3Guinea | Sierra Leone | Liberia
0%
3Guinea | Sierra Leone | Liberia
0%
3Guinea | Sierra Leone | Liberia
0%
3Guinea | Sierra Leone | Liberia
0%
3Guinea | Sierra Leone | Liberia
0%
3Guinea | Sierra Leone | Liberia
0%
3Guinea | Sierra Leone | Liberia
0%
3Guinea | Sierra Leone | Liberia
0%
3Guinea | Sierra Leone | Liberia
0%
3Guinea | Sierra Leone | Liberia
0%
3Guinea | Sierra Leone | Liberia
0%
3Guinea | Sierra Leone | Liberia
0%
3Guinea | Sierra Leone | Liberia
0%
3Guinea | Sierra Leone | Liberia
0%
3Guinea | Sierra Leone | Liberia
0%
3Guinea | Sierra Leone | Liberia
0%
3Guinea | Sierra Leone | Liberia
0%
3Guinea | Sierra Leone | Liberia
0%
3Guinea | Sierra Leone | Liberia
0%
3Guinea | Sierra Leone | Liberia
0%
2Iceland | Ireland
0%
2Iceland | Ireland
0%
2Iceland | Ireland
0%
2Iceland | Ireland
0%
2Iceland | Ireland
0%
2Iceland | Ireland
0%
2Iceland | Ireland
0%
2Iceland | Ireland
0%
2Iceland | Ireland
0%
2Iceland | Ireland
0%
2Iceland | Ireland
0%
2Iceland | Ireland
0%
2Iceland | Ireland
0%
2Iceland | Ireland
0%
2Iceland | Ireland
0%
2Iceland | Ireland
0%
2Iceland | Ireland
0%
2Iceland | Ireland
0%
2Iceland | Ireland
0%
2Iceland | Ireland
0%
2Iceland | Ireland
0%
2Iceland | Ireland
0%
2Iceland | Ireland
0%
2Iceland | Ireland
0%
2Iceland | Ireland
0%
2Iceland | Ireland
0%
2Iceland | Ireland
0%
2Iceland | Ireland
0%
2Iceland | Ireland
0%
2Iceland | Ireland
0%
2Iceland | Ireland
0%
2Iceland | Ireland
0%
2Iceland | Ireland
0%
2Iceland | Ireland
0%
2Iceland | Ireland
0%
2Iceland | Ireland
0%
2Iceland | Ireland
0%
2Iceland | Ireland
0%
2Iceland | Ireland
0%
2Iceland | Ireland
0%
2Iceland | Ireland
0%
2Iceland | Ireland
0%
2Iceland | Ireland
0%
2Iceland | Ireland
0%
2Iceland | Ireland
0%
2Iceland | Ireland
0%
2Iceland | Ireland
0%
2Iceland | Ireland
0%
2Iceland | Ireland
0%
2Iceland | Ireland
0%
2Iceland | Ireland
0%
2Iceland | Ireland
0%
2Iceland | Ireland
0%
2Iceland | Ireland
0%
2Iceland | Ireland
0%
2Iceland | Ireland
0%
2Iceland | Ireland
0%
2Iceland | Ireland
0%
2Iceland | Ireland
0%
2Iceland | Ireland
0%
2Iceland | Ireland
0%
2Iceland | Ireland
0%
2Iceland | Ireland
0%
2Iceland | Ireland
0%
2Iceland | Ireland
0%
2Iceland | Ireland
0%
2Iceland | Ireland
0%
2Iceland | Ireland
0%
2Iceland | Ireland
0%
2Iceland | Ireland
0%
2Iceland | Ireland
0%
2Iceland | Ireland
0%
2Iceland | Ireland
0%
2Iceland | Ireland
0%
2India | Bangladesh
0%
2India | Bangladesh
0%
2India | Bangladesh
0%
2India | Bangladesh
0%
2India | Bangladesh
0%
2India | Bangladesh
0%
2India | Bangladesh
0%
2India | Bangladesh
0%
2India | Bangladesh
0%
2India | Bangladesh
0%
2India | Bangladesh
0%
2India | Bangladesh
0%
2India | Bangladesh
0%
2India | Bangladesh
0%
2India | Bangladesh
0%
2India | Bangladesh
0%
2India | Bangladesh
0%
2India | Bangladesh
0%
2India | Bangladesh
0%
2India | Bangladesh
0%
2India | Bangladesh
0%
2India | Bangladesh
0%
2India | Bangladesh
0%
2India | Bangladesh
0%
2India | Bangladesh
0%
2India | Bangladesh
0%
2India | Bangladesh
0%
2India | Bangladesh
0%
2India | Bangladesh
0%
2India | Bangladesh
0%
2India | Bangladesh
0%
2India | Bangladesh
0%
2India | Bangladesh
0%
2India | Bangladesh
0%
2India | Bangladesh
0%
2India | Bangladesh
0%
2India | Bangladesh
0%
2India | Bangladesh
0%
2India | Bangladesh
0%
2India | Bangladesh
0%
2India | Bangladesh
0%
2India | Bangladesh
0%
2India | Bangladesh
0%
2India | Bangladesh
0%
2India | Bangladesh
0%
2India | Bangladesh
0%
2India | Bangladesh
0%
2India | Bangladesh
0%
2India | Bangladesh
0%
2India | Bangladesh
0%
2India | Bangladesh
0%
2India | Bangladesh
0%
2India | Bangladesh
0%
2India | Bangladesh
0%
8India | Bangladesh | Myanmar | Thailand | Laos | China | Vietnam | Cambodia
0%
8India | Bangladesh | Myanmar | Thailand | Laos | China | Vietnam | Cambodia
0%
8India | Bangladesh | Myanmar | Thailand | Laos | China | Vietnam | Cambodia
0%
8India | Bangladesh | Myanmar | Thailand | Laos | China | Vietnam | Cambodia
0%
8India | Bangladesh | Myanmar | Thailand | Laos | China | Vietnam | Cambodia
0%
8India | Bangladesh | Myanmar | Thailand | Laos | China | Vietnam | Cambodia
0%
8India | Bangladesh | Myanmar | Thailand | Laos | China | Vietnam | Cambodia
0%
8India | Bangladesh | Myanmar | Thailand | Laos | China | Vietnam | Cambodia
0%
8India | Bangladesh | Myanmar | Thailand | Laos | China | Vietnam | Cambodia
0%
8India | Bangladesh | Myanmar | Thailand | Laos | China | Vietnam | Cambodia
0%
8India | Bangladesh | Myanmar | Thailand | Laos | China | Vietnam | Cambodia
0%
8India | Bangladesh | Myanmar | Thailand | Laos | China | Vietnam | Cambodia
0%
8India | Bangladesh | Myanmar | Thailand | Laos | China | Vietnam | Cambodia
0%
8India | Bangladesh | Myanmar | Thailand | Laos | China | Vietnam | Cambodia
0%
8India | Bangladesh | Myanmar | Thailand | Laos | China | Vietnam | Cambodia
0%
8India | Bangladesh | Myanmar | Thailand | Laos | China | Vietnam | Cambodia
0%
8India | Bangladesh | Myanmar | Thailand | Laos | China | Vietnam | Cambodia
0%
8India | Bangladesh | Myanmar | Thailand | Laos | China | Vietnam | Cambodia
0%
8India | Bangladesh | Myanmar | Thailand | Laos | China | Vietnam | Cambodia
0%
8India | Bangladesh | Myanmar | Thailand | Laos | China | Vietnam | Cambodia
0%
8India | Bangladesh | Myanmar | Thailand | Laos | China | Vietnam | Cambodia
0%
8India | Bangladesh | Myanmar | Thailand | Laos | China | Vietnam | Cambodia
0%
8India | Bangladesh | Myanmar | Thailand | Laos | China | Vietnam | Cambodia
0%
8India | Bangladesh | Myanmar | Thailand | Laos | China | Vietnam | Cambodia
0%
8India | Bangladesh | Myanmar | Thailand | Laos | China | Vietnam | Cambodia
0%
8India | Bangladesh | Myanmar | Thailand | Laos | China | Vietnam | Cambodia
0%
8India | Bangladesh | Myanmar | Thailand | Laos | China | Vietnam | Cambodia
0%
8India | Bangladesh | Myanmar | Thailand | Laos | China | Vietnam | Cambodia
0%
8India | Bangladesh | Myanmar | Thailand | Laos | China | Vietnam | Cambodia
0%
8India | Bangladesh | Myanmar | Thailand | Laos | China | Vietnam | Cambodia
0%
8India | Bangladesh | Myanmar | Thailand | Laos | China | Vietnam | Cambodia
0%
8India | Bangladesh | Myanmar | Thailand | Laos | China | Vietnam | Cambodia
0%
8India | Bangladesh | Myanmar | Thailand | Laos | China | Vietnam | Cambodia
0%
8India | Bangladesh | Myanmar | Thailand | Laos | China | Vietnam | Cambodia
0%
8India | Bangladesh | Myanmar | Thailand | Laos | China | Vietnam | Cambodia
0%
8India | Bangladesh | Myanmar | Thailand | Laos | China | Vietnam | Cambodia
0%
8India | Bangladesh | Myanmar | Thailand | Laos | China | Vietnam | Cambodia
0%
8India | Bangladesh | Myanmar | Thailand | Laos | China | Vietnam | Cambodia
0%
8India | Bangladesh | Myanmar | Thailand | Laos | China | Vietnam | Cambodia
0%
8India | Bangladesh | Myanmar | Thailand | Laos | China | Vietnam | Cambodia
0%
8India | Bangladesh | Myanmar | Thailand | Laos | China | Vietnam | Cambodia
0%
8India | Bangladesh | Myanmar | Thailand | Laos | China | Vietnam | Cambodia
0%
8India | Bangladesh | Myanmar | Thailand | Laos | China | Vietnam | Cambodia
0%
8India | Bangladesh | Myanmar | Thailand | Laos | China | Vietnam | Cambodia
0%
8India | Bangladesh | Myanmar | Thailand | Laos | China | Vietnam | Cambodia
0%
8India | Bangladesh | Myanmar | Thailand | Laos | China | Vietnam | Cambodia
0%
8India | Bangladesh | Myanmar | Thailand | Laos | China | Vietnam | Cambodia
0%
8India | Bangladesh | Myanmar | Thailand | Laos | China | Vietnam | Cambodia
0%
8India | Bangladesh | Myanmar | Thailand | Laos | China | Vietnam | Cambodia
0%
8India | Bangladesh | Myanmar | Thailand | Laos | China | Vietnam | Cambodia
0%
8India | Bangladesh | Myanmar | Thailand | Laos | China | Vietnam | Cambodia
0%
8India | Bangladesh | Myanmar | Thailand | Laos | China | Vietnam | Cambodia
0%
8India | Bangladesh | Myanmar | Thailand | Laos | China | Vietnam | Cambodia
0%
8India | Bangladesh | Myanmar | Thailand | Laos | China | Vietnam | Cambodia
0%
8India | Bangladesh | Myanmar | Thailand | Laos | China | Vietnam | Cambodia
0%
8India | Bangladesh | Myanmar | Thailand | Laos | China | Vietnam | Cambodia
0%
8India | Bangladesh | Myanmar | Thailand | Laos | China | Vietnam | Cambodia
0%
8India | Bangladesh | Myanmar | Thailand | Laos | China | Vietnam | Cambodia
0%
8India | Bangladesh | Myanmar | Thailand | Laos | China | Vietnam | Cambodia
0%
8India | Bangladesh | Myanmar | Thailand | Laos | China | Vietnam | Cambodia
0%
8India | Bangladesh | Myanmar | Thailand | Laos | China | Vietnam | Cambodia
0%
8India | Bangladesh | Myanmar | Thailand | Laos | China | Vietnam | Cambodia
0%
8India | Bangladesh | Myanmar | Thailand | Laos | China | Vietnam | Cambodia
0%
8India | Bangladesh | Myanmar | Thailand | Laos | China | Vietnam | Cambodia
0%
8India | Bangladesh | Myanmar | Thailand | Laos | China | Vietnam | Cambodia
0%
8India | Bangladesh | Myanmar | Thailand | Laos | China | Vietnam | Cambodia
0%
8India | Bangladesh | Myanmar | Thailand | Laos | China | Vietnam | Cambodia
0%
8India | Bangladesh | Myanmar | Thailand | Laos | China | Vietnam | Cambodia
0%
8India | Bangladesh | Myanmar | Thailand | Laos | China | Vietnam | Cambodia
0%
8India | Bangladesh | Myanmar | Thailand | Laos | China | Vietnam | Cambodia
0%
8India | Bangladesh | Myanmar | Thailand | Laos | China | Vietnam | Cambodia
0%
8India | Bangladesh | Myanmar | Thailand | Laos | China | Vietnam | Cambodia
0%
8India | Bangladesh | Myanmar | Thailand | Laos | China | Vietnam | Cambodia
0%
8India | Bangladesh | Myanmar | Thailand | Laos | China | Vietnam | Cambodia
0%
3India | Sri Lanka | Maldives
0%
3India | Sri Lanka | Maldives
0%
3India | Sri Lanka | Maldives
0%
3India | Sri Lanka | Maldives
0%
3India | Sri Lanka | Maldives
0%
3India | Sri Lanka | Maldives
0%
3India | Sri Lanka | Maldives
0%
3India | Sri Lanka | Maldives
0%
3India | Sri Lanka | Maldives
0%
3India | Sri Lanka | Maldives
0%
3India | Sri Lanka | Maldives
0%
3India | Sri Lanka | Maldives
0%
3India | Sri Lanka | Maldives
0%
3India | Sri Lanka | Maldives
0%
3India | Sri Lanka | Maldives
0%
3India | Sri Lanka | Maldives
0%
3India | Sri Lanka | Maldives
0%
3India | Sri Lanka | Maldives
0%
3India | Sri Lanka | Maldives
0%
3India | Sri Lanka | Maldives
0%
3India | Sri Lanka | Maldives
0%
3India | Sri Lanka | Maldives
0%
3India | Sri Lanka | Maldives
0%
3India | Sri Lanka | Maldives
0%
3India | Sri Lanka | Maldives
0%
3India | Sri Lanka | Maldives
0%
3India | Sri Lanka | Maldives
0%
3India | Sri Lanka | Maldives
0%
3India | Sri Lanka | Maldives
0%
3India | Sri Lanka | Maldives
0%
3India | Sri Lanka | Maldives
0%
3India | Sri Lanka | Maldives
0%
3India | Sri Lanka | Maldives
0%
3India | Sri Lanka | Maldives
0%
3India | Sri Lanka | Maldives
0%
3India | Sri Lanka | Maldives
0%
3India | Sri Lanka | Maldives
0%
3India | Sri Lanka | Maldives
0%
3India | Sri Lanka | Maldives
0%
3India | Sri Lanka | Maldives
0%
3India | Sri Lanka | Maldives
0%
3India | Sri Lanka | Maldives
0%
3India | Sri Lanka | Maldives
0%
3India | Sri Lanka | Maldives
0%
3India | Sri Lanka | Maldives
0%
3India | Sri Lanka | Maldives
0%
3India | Sri Lanka | Maldives
0%
3India | Sri Lanka | Maldives
0%
3India | Sri Lanka | Maldives
0%
3India | Sri Lanka | Maldives
0%
3India | Sri Lanka | Maldives
0%
3India | Sri Lanka | Maldives
0%
3India | Sri Lanka | Maldives
0%
3India | Sri Lanka | Maldives
0%
3India | Sri Lanka | Maldives
0%
3India | Sri Lanka | Maldives
0%
3India | Sri Lanka | Maldives
0%
3India | Sri Lanka | Maldives
0%
3India | Sri Lanka | Maldives
0%
3India | Sri Lanka | Maldives
0%
3India | Sri Lanka | Maldives
0%
3India | Sri Lanka | Maldives
0%
3India | Sri Lanka | Maldives
0%
3India | Sri Lanka | Maldives
0%
3India | Sri Lanka | Maldives
0%
3India | Sri Lanka | Maldives
0%
3India | Sri Lanka | Maldives
0%
3India | Sri Lanka | Maldives
0%
3India | Sri Lanka | Maldives
0%
3India | Sri Lanka | Maldives
0%
1Indonesia
0%
1Indonesia
0%
1Indonesia
0%
1Indonesia
0%
1Indonesia
0%
1Indonesia
0%
1Indonesia
0%
1Indonesia
0%
1Indonesia
0%
1Indonesia
0%
1Indonesia
0%
1Indonesia
0%
1Indonesia
0%
1Indonesia
0%
1Indonesia
0%
1Indonesia
0%
1Indonesia
0%
1Indonesia
0%
1Indonesia
0%
1Indonesia
0%
1Indonesia
0%
1Indonesia
0%
1Indonesia
0%
1Indonesia
0%
1Indonesia
0%
1Indonesia
0%
1Indonesia
0%
1Indonesia
0%
1Indonesia
0%
1Indonesia
0%
1Indonesia
0%
1Indonesia
0%
1Indonesia
0%
1Indonesia
0%
1Indonesia
0%
1Indonesia
0%
1Indonesia
0%
1Indonesia
0%
1Indonesia
0%
1Indonesia
0%
1Indonesia
0%
1Indonesia
0%
1Indonesia
0%
1Indonesia
0%
1Indonesia
0%
1Indonesia
0%
1Indonesia
0%
1Indonesia
0%
1Indonesia
0%
1Indonesia
0%
1Indonesia
0%
1Indonesia
0%
1Indonesia
0%
1Indonesia
0%
1Indonesia
0%
1Indonesia
0%
1Indonesia
0%
1Indonesia
0%
1Indonesia
0%
1Indonesia
0%
1Indonesia
0%
1Indonesia
0%
1Indonesia
0%
1Indonesia
0%
1Indonesia
0%
1Indonesia
0%
1Indonesia
0%
1Indonesia
0%
1Indonesia
0%
1Indonesia
0%
1Indonesia
0%
1Indonesia
0%
1Indonesia
0%
1Indonesia
0%
1Indonesia
0%
1Indonesia
0%
1Indonesia
0%
1Indonesia
0%
1Indonesia
0%
1Indonesia
0%
1Indonesia
0%
11Iran | Turkmenistan | Afghanistan | Pakistan | Tajikistan | Uzbekistan | Qatar | Saudi Arabia | United Arab Emirates | Oman | India
0%
11Iran | Turkmenistan | Afghanistan | Pakistan | Tajikistan | Uzbekistan | Qatar | Saudi Arabia | United Arab Emirates | Oman | India
0%
11Iran | Turkmenistan | Afghanistan | Pakistan | Tajikistan | Uzbekistan | Qatar | Saudi Arabia | United Arab Emirates | Oman | India
0%
11Iran | Turkmenistan | Afghanistan | Pakistan | Tajikistan | Uzbekistan | Qatar | Saudi Arabia | United Arab Emirates | Oman | India
0%
11Iran | Turkmenistan | Afghanistan | Pakistan | Tajikistan | Uzbekistan | Qatar | Saudi Arabia | United Arab Emirates | Oman | India
0%
11Iran | Turkmenistan | Afghanistan | Pakistan | Tajikistan | Uzbekistan | Qatar | Saudi Arabia | United Arab Emirates | Oman | India
0%
11Iran | Turkmenistan | Afghanistan | Pakistan | Tajikistan | Uzbekistan | Qatar | Saudi Arabia | United Arab Emirates | Oman | India
0%
11Iran | Turkmenistan | Afghanistan | Pakistan | Tajikistan | Uzbekistan | Qatar | Saudi Arabia | United Arab Emirates | Oman | India
0%
11Iran | Turkmenistan | Afghanistan | Pakistan | Tajikistan | Uzbekistan | Qatar | Saudi Arabia | United Arab Emirates | Oman | India
0%
11Iran | Turkmenistan | Afghanistan | Pakistan | Tajikistan | Uzbekistan | Qatar | Saudi Arabia | United Arab Emirates | Oman | India
0%
11Iran | Turkmenistan | Afghanistan | Pakistan | Tajikistan | Uzbekistan | Qatar | Saudi Arabia | United Arab Emirates | Oman | India
0%
11Iran | Turkmenistan | Afghanistan | Pakistan | Tajikistan | Uzbekistan | Qatar | Saudi Arabia | United Arab Emirates | Oman | India
0%
11Iran | Turkmenistan | Afghanistan | Pakistan | Tajikistan | Uzbekistan | Qatar | Saudi Arabia | United Arab Emirates | Oman | India
0%
11Iran | Turkmenistan | Afghanistan | Pakistan | Tajikistan | Uzbekistan | Qatar | Saudi Arabia | United Arab Emirates | Oman | India
0%
11Iran | Turkmenistan | Afghanistan | Pakistan | Tajikistan | Uzbekistan | Qatar | Saudi Arabia | United Arab Emirates | Oman | India
0%
11Iran | Turkmenistan | Afghanistan | Pakistan | Tajikistan | Uzbekistan | Qatar | Saudi Arabia | United Arab Emirates | Oman | India
0%
11Iran | Turkmenistan | Afghanistan | Pakistan | Tajikistan | Uzbekistan | Qatar | Saudi Arabia | United Arab Emirates | Oman | India
0%
11Iran | Turkmenistan | Afghanistan | Pakistan | Tajikistan | Uzbekistan | Qatar | Saudi Arabia | United Arab Emirates | Oman | India
0%
11Iran | Turkmenistan | Afghanistan | Pakistan | Tajikistan | Uzbekistan | Qatar | Saudi Arabia | United Arab Emirates | Oman | India
0%
11Iran | Turkmenistan | Afghanistan | Pakistan | Tajikistan | Uzbekistan | Qatar | Saudi Arabia | United Arab Emirates | Oman | India
0%
11Iran | Turkmenistan | Afghanistan | Pakistan | Tajikistan | Uzbekistan | Qatar | Saudi Arabia | United Arab Emirates | Oman | India
0%
11Iran | Turkmenistan | Afghanistan | Pakistan | Tajikistan | Uzbekistan | Qatar | Saudi Arabia | United Arab Emirates | Oman | India
0%
11Iran | Turkmenistan | Afghanistan | Pakistan | Tajikistan | Uzbekistan | Qatar | Saudi Arabia | United Arab Emirates | Oman | India
0%
11Iran | Turkmenistan | Afghanistan | Pakistan | Tajikistan | Uzbekistan | Qatar | Saudi Arabia | United Arab Emirates | Oman | India
0%
11Iran | Turkmenistan | Afghanistan | Pakistan | Tajikistan | Uzbekistan | Qatar | Saudi Arabia | United Arab Emirates | Oman | India
0%
11Iran | Turkmenistan | Afghanistan | Pakistan | Tajikistan | Uzbekistan | Qatar | Saudi Arabia | United Arab Emirates | Oman | India
0%
11Iran | Turkmenistan | Afghanistan | Pakistan | Tajikistan | Uzbekistan | Qatar | Saudi Arabia | United Arab Emirates | Oman | India
0%
11Iran | Turkmenistan | Afghanistan | Pakistan | Tajikistan | Uzbekistan | Qatar | Saudi Arabia | United Arab Emirates | Oman | India
0%
11Iran | Turkmenistan | Afghanistan | Pakistan | Tajikistan | Uzbekistan | Qatar | Saudi Arabia | United Arab Emirates | Oman | India
0%
11Iran | Turkmenistan | Afghanistan | Pakistan | Tajikistan | Uzbekistan | Qatar | Saudi Arabia | United Arab Emirates | Oman | India
0%
11Iran | Turkmenistan | Afghanistan | Pakistan | Tajikistan | Uzbekistan | Qatar | Saudi Arabia | United Arab Emirates | Oman | India
0%
11Iran | Turkmenistan | Afghanistan | Pakistan | Tajikistan | Uzbekistan | Qatar | Saudi Arabia | United Arab Emirates | Oman | India
0%
11Iran | Turkmenistan | Afghanistan | Pakistan | Tajikistan | Uzbekistan | Qatar | Saudi Arabia | United Arab Emirates | Oman | India
0%
11Iran | Turkmenistan | Afghanistan | Pakistan | Tajikistan | Uzbekistan | Qatar | Saudi Arabia | United Arab Emirates | Oman | India
0%
11Iran | Turkmenistan | Afghanistan | Pakistan | Tajikistan | Uzbekistan | Qatar | Saudi Arabia | United Arab Emirates | Oman | India
0%
11Iran | Turkmenistan | Afghanistan | Pakistan | Tajikistan | Uzbekistan | Qatar | Saudi Arabia | United Arab Emirates | Oman | India
0%
11Iran | Turkmenistan | Afghanistan | Pakistan | Tajikistan | Uzbekistan | Qatar | Saudi Arabia | United Arab Emirates | Oman | India
0%
11Iran | Turkmenistan | Afghanistan | Pakistan | Tajikistan | Uzbekistan | Qatar | Saudi Arabia | United Arab Emirates | Oman | India
0%
11Iran | Turkmenistan | Afghanistan | Pakistan | Tajikistan | Uzbekistan | Qatar | Saudi Arabia | United Arab Emirates | Oman | India
0%
11Iran | Turkmenistan | Afghanistan | Pakistan | Tajikistan | Uzbekistan | Qatar | Saudi Arabia | United Arab Emirates | Oman | India
0%
11Iran | Turkmenistan | Afghanistan | Pakistan | Tajikistan | Uzbekistan | Qatar | Saudi Arabia | United Arab Emirates | Oman | India
0%
11Iran | Turkmenistan | Afghanistan | Pakistan | Tajikistan | Uzbekistan | Qatar | Saudi Arabia | United Arab Emirates | Oman | India
0%
11Iran | Turkmenistan | Afghanistan | Pakistan | Tajikistan | Uzbekistan | Qatar | Saudi Arabia | United Arab Emirates | Oman | India
0%
11Iran | Turkmenistan | Afghanistan | Pakistan | Tajikistan | Uzbekistan | Qatar | Saudi Arabia | United Arab Emirates | Oman | India
0%
11Iran | Turkmenistan | Afghanistan | Pakistan | Tajikistan | Uzbekistan | Qatar | Saudi Arabia | United Arab Emirates | Oman | India
0%
11Iran | Turkmenistan | Afghanistan | Pakistan | Tajikistan | Uzbekistan | Qatar | Saudi Arabia | United Arab Emirates | Oman | India
0%
11Iran | Turkmenistan | Afghanistan | Pakistan | Tajikistan | Uzbekistan | Qatar | Saudi Arabia | United Arab Emirates | Oman | India
0%
11Iran | Turkmenistan | Afghanistan | Pakistan | Tajikistan | Uzbekistan | Qatar | Saudi Arabia | United Arab Emirates | Oman | India
0%
11Iran | Turkmenistan | Afghanistan | Pakistan | Tajikistan | Uzbekistan | Qatar | Saudi Arabia | United Arab Emirates | Oman | India
0%
11Iran | Turkmenistan | Afghanistan | Pakistan | Tajikistan | Uzbekistan | Qatar | Saudi Arabia | United Arab Emirates | Oman | India
0%
11Iran | Turkmenistan | Afghanistan | Pakistan | Tajikistan | Uzbekistan | Qatar | Saudi Arabia | United Arab Emirates | Oman | India
0%
11Iran | Turkmenistan | Afghanistan | Pakistan | Tajikistan | Uzbekistan | Qatar | Saudi Arabia | United Arab Emirates | Oman | India
0%
11Iran | Turkmenistan | Afghanistan | Pakistan | Tajikistan | Uzbekistan | Qatar | Saudi Arabia | United Arab Emirates | Oman | India
0%
11Iran | Turkmenistan | Afghanistan | Pakistan | Tajikistan | Uzbekistan | Qatar | Saudi Arabia | United Arab Emirates | Oman | India
0%
11Iran | Turkmenistan | Afghanistan | Pakistan | Tajikistan | Uzbekistan | Qatar | Saudi Arabia | United Arab Emirates | Oman | India
0%
11Iran | Turkmenistan | Afghanistan | Pakistan | Tajikistan | Uzbekistan | Qatar | Saudi Arabia | United Arab Emirates | Oman | India
0%
11Iran | Turkmenistan | Afghanistan | Pakistan | Tajikistan | Uzbekistan | Qatar | Saudi Arabia | United Arab Emirates | Oman | India
0%
11Iran | Turkmenistan | Afghanistan | Pakistan | Tajikistan | Uzbekistan | Qatar | Saudi Arabia | United Arab Emirates | Oman | India
0%
11Iran | Turkmenistan | Afghanistan | Pakistan | Tajikistan | Uzbekistan | Qatar | Saudi Arabia | United Arab Emirates | Oman | India
0%
11Iran | Turkmenistan | Afghanistan | Pakistan | Tajikistan | Uzbekistan | Qatar | Saudi Arabia | United Arab Emirates | Oman | India
0%
11Iran | Turkmenistan | Afghanistan | Pakistan | Tajikistan | Uzbekistan | Qatar | Saudi Arabia | United Arab Emirates | Oman | India
0%
11Iran | Turkmenistan | Afghanistan | Pakistan | Tajikistan | Uzbekistan | Qatar | Saudi Arabia | United Arab Emirates | Oman | India
0%
11Iran | Turkmenistan | Afghanistan | Pakistan | Tajikistan | Uzbekistan | Qatar | Saudi Arabia | United Arab Emirates | Oman | India
0%
11Iran | Turkmenistan | Afghanistan | Pakistan | Tajikistan | Uzbekistan | Qatar | Saudi Arabia | United Arab Emirates | Oman | India
0%
11Iran | Turkmenistan | Afghanistan | Pakistan | Tajikistan | Uzbekistan | Qatar | Saudi Arabia | United Arab Emirates | Oman | India
0%
11Iran | Turkmenistan | Afghanistan | Pakistan | Tajikistan | Uzbekistan | Qatar | Saudi Arabia | United Arab Emirates | Oman | India
0%
11Iran | Turkmenistan | Afghanistan | Pakistan | Tajikistan | Uzbekistan | Qatar | Saudi Arabia | United Arab Emirates | Oman | India
0%
11Iran | Turkmenistan | Afghanistan | Pakistan | Tajikistan | Uzbekistan | Qatar | Saudi Arabia | United Arab Emirates | Oman | India
0%
11Iran | Turkmenistan | Afghanistan | Pakistan | Tajikistan | Uzbekistan | Qatar | Saudi Arabia | United Arab Emirates | Oman | India
0%
11Iran | Turkmenistan | Afghanistan | Pakistan | Tajikistan | Uzbekistan | Qatar | Saudi Arabia | United Arab Emirates | Oman | India
0%
11Iran | Turkmenistan | Afghanistan | Pakistan | Tajikistan | Uzbekistan | Qatar | Saudi Arabia | United Arab Emirates | Oman | India
0%
11Iran | Turkmenistan | Afghanistan | Pakistan | Tajikistan | Uzbekistan | Qatar | Saudi Arabia | United Arab Emirates | Oman | India
0%
11Iran | Turkmenistan | Afghanistan | Pakistan | Tajikistan | Uzbekistan | Qatar | Saudi Arabia | United Arab Emirates | Oman | India
0%
11Iran | Turkmenistan | Afghanistan | Pakistan | Tajikistan | Uzbekistan | Qatar | Saudi Arabia | United Arab Emirates | Oman | India
0%
11Iran | Turkmenistan | Afghanistan | Pakistan | Tajikistan | Uzbekistan | Qatar | Saudi Arabia | United Arab Emirates | Oman | India
0%
11Iran | Turkmenistan | Afghanistan | Pakistan | Tajikistan | Uzbekistan | Qatar | Saudi Arabia | United Arab Emirates | Oman | India
0%
7Ireland | United Kingdom | Belgium | Netherlands | Germany | Denmark | Norway
0%
7Ireland | United Kingdom | Belgium | Netherlands | Germany | Denmark | Norway
0%
7Ireland | United Kingdom | Belgium | Netherlands | Germany | Denmark | Norway
0%
7Ireland | United Kingdom | Belgium | Netherlands | Germany | Denmark | Norway
0%
7Ireland | United Kingdom | Belgium | Netherlands | Germany | Denmark | Norway
0%
7Ireland | United Kingdom | Belgium | Netherlands | Germany | Denmark | Norway
0%
7Ireland | United Kingdom | Belgium | Netherlands | Germany | Denmark | Norway
0%
7Ireland | United Kingdom | Belgium | Netherlands | Germany | Denmark | Norway
0%
7Ireland | United Kingdom | Belgium | Netherlands | Germany | Denmark | Norway
0%
7Ireland | United Kingdom | Belgium | Netherlands | Germany | Denmark | Norway
0%
7Ireland | United Kingdom | Belgium | Netherlands | Germany | Denmark | Norway
0%
7Ireland | United Kingdom | Belgium | Netherlands | Germany | Denmark | Norway
0%
7Ireland | United Kingdom | Belgium | Netherlands | Germany | Denmark | Norway
0%
7Ireland | United Kingdom | Belgium | Netherlands | Germany | Denmark | Norway
0%
7Ireland | United Kingdom | Belgium | Netherlands | Germany | Denmark | Norway
0%
7Ireland | United Kingdom | Belgium | Netherlands | Germany | Denmark | Norway
0%
7Ireland | United Kingdom | Belgium | Netherlands | Germany | Denmark | Norway
0%
7Ireland | United Kingdom | Belgium | Netherlands | Germany | Denmark | Norway
0%
7Ireland | United Kingdom | Belgium | Netherlands | Germany | Denmark | Norway
0%
7Ireland | United Kingdom | Belgium | Netherlands | Germany | Denmark | Norway
0%
7Ireland | United Kingdom | Belgium | Netherlands | Germany | Denmark | Norway
0%
7Ireland | United Kingdom | Belgium | Netherlands | Germany | Denmark | Norway
0%
7Ireland | United Kingdom | Belgium | Netherlands | Germany | Denmark | Norway
0%
7Ireland | United Kingdom | Belgium | Netherlands | Germany | Denmark | Norway
0%
7Ireland | United Kingdom | Belgium | Netherlands | Germany | Denmark | Norway
0%
7Ireland | United Kingdom | Belgium | Netherlands | Germany | Denmark | Norway
0%
7Ireland | United Kingdom | Belgium | Netherlands | Germany | Denmark | Norway
0%
7Ireland | United Kingdom | Belgium | Netherlands | Germany | Denmark | Norway
0%
7Ireland | United Kingdom | Belgium | Netherlands | Germany | Denmark | Norway
0%
7Ireland | United Kingdom | Belgium | Netherlands | Germany | Denmark | Norway
0%
7Ireland | United Kingdom | Belgium | Netherlands | Germany | Denmark | Norway
0%
7Ireland | United Kingdom | Belgium | Netherlands | Germany | Denmark | Norway
0%
7Ireland | United Kingdom | Belgium | Netherlands | Germany | Denmark | Norway
0%
7Ireland | United Kingdom | Belgium | Netherlands | Germany | Denmark | Norway
0%
7Ireland | United Kingdom | Belgium | Netherlands | Germany | Denmark | Norway
0%
7Ireland | United Kingdom | Belgium | Netherlands | Germany | Denmark | Norway
0%
7Ireland | United Kingdom | Belgium | Netherlands | Germany | Denmark | Norway
0%
7Ireland | United Kingdom | Belgium | Netherlands | Germany | Denmark | Norway
0%
7Ireland | United Kingdom | Belgium | Netherlands | Germany | Denmark | Norway
0%
7Ireland | United Kingdom | Belgium | Netherlands | Germany | Denmark | Norway
0%
7Ireland | United Kingdom | Belgium | Netherlands | Germany | Denmark | Norway
0%
7Ireland | United Kingdom | Belgium | Netherlands | Germany | Denmark | Norway
0%
7Ireland | United Kingdom | Belgium | Netherlands | Germany | Denmark | Norway
0%
7Ireland | United Kingdom | Belgium | Netherlands | Germany | Denmark | Norway
0%
7Ireland | United Kingdom | Belgium | Netherlands | Germany | Denmark | Norway
0%
7Ireland | United Kingdom | Belgium | Netherlands | Germany | Denmark | Norway
0%
7Ireland | United Kingdom | Belgium | Netherlands | Germany | Denmark | Norway
0%
7Ireland | United Kingdom | Belgium | Netherlands | Germany | Denmark | Norway
0%
7Ireland | United Kingdom | Belgium | Netherlands | Germany | Denmark | Norway
0%
7Ireland | United Kingdom | Belgium | Netherlands | Germany | Denmark | Norway
0%
7Ireland | United Kingdom | Belgium | Netherlands | Germany | Denmark | Norway
0%
7Ireland | United Kingdom | Belgium | Netherlands | Germany | Denmark | Norway
0%
7Ireland | United Kingdom | Belgium | Netherlands | Germany | Denmark | Norway
0%
7Ireland | United Kingdom | Belgium | Netherlands | Germany | Denmark | Norway
0%
7Ireland | United Kingdom | Belgium | Netherlands | Germany | Denmark | Norway
0%
7Ireland | United Kingdom | Belgium | Netherlands | Germany | Denmark | Norway
0%
7Ireland | United Kingdom | Belgium | Netherlands | Germany | Denmark | Norway
0%
7Ireland | United Kingdom | Belgium | Netherlands | Germany | Denmark | Norway
0%
7Ireland | United Kingdom | Belgium | Netherlands | Germany | Denmark | Norway
0%
7Ireland | United Kingdom | Belgium | Netherlands | Germany | Denmark | Norway
0%
7Ireland | United Kingdom | Belgium | Netherlands | Germany | Denmark | Norway
0%
7Ireland | United Kingdom | Belgium | Netherlands | Germany | Denmark | Norway
0%
7Ireland | United Kingdom | Belgium | Netherlands | Germany | Denmark | Norway
0%
7Ireland | United Kingdom | Belgium | Netherlands | Germany | Denmark | Norway
0%
7Ireland | United Kingdom | Belgium | Netherlands | Germany | Denmark | Norway
0%
7Ireland | United Kingdom | Belgium | Netherlands | Germany | Denmark | Norway
0%
7Ireland | United Kingdom | Belgium | Netherlands | Germany | Denmark | Norway
0%
7Ireland | United Kingdom | Belgium | Netherlands | Germany | Denmark | Norway
0%
7Ireland | United Kingdom | Belgium | Netherlands | Germany | Denmark | Norway
0%
7Ireland | United Kingdom | Belgium | Netherlands | Germany | Denmark | Norway
0%
7Ireland | United Kingdom | Belgium | Netherlands | Germany | Denmark | Norway
0%
7Ireland | United Kingdom | Belgium | Netherlands | Germany | Denmark | Norway
0%
7Ireland | United Kingdom | Belgium | Netherlands | Germany | Denmark | Norway
0%
7Ireland | United Kingdom | Belgium | Netherlands | Germany | Denmark | Norway
0%
7Ireland | United Kingdom | Belgium | Netherlands | Germany | Denmark | Norway
0%
1Japan
0%
1Japan
0%
1Japan
0%
1Japan
0%
1Japan
0%
1Japan
0%
1Japan
0%
1Japan
0%
1Japan
0%
1Japan
0%
1Japan
0%
1Japan
0%
1Japan
0%
1Japan
0%
1Japan
0%
1Japan
0%
1Japan
0%
1Japan
0%
1Japan
0%
1Japan
0%
1Japan
0%
1Japan
0%
1Japan
0%
1Japan
0%
1Japan
0%
1Japan
0%
1Japan
0%
1Japan
0%
1Japan
0%
1Japan
0%
1Japan
0%
1Japan
0%
1Japan
0%
1Japan
0%
1Japan
0%
1Japan
0%
1Japan
0%
1Japan
0%
1Japan
0%
1Japan
0%
1Japan
0%
1Japan
0%
1Japan
0%
1Japan
0%
1Japan
0%
1Japan
0%
1Japan
0%
1Japan
0%
1Japan
0%
1Japan
0%
1Japan
0%
1Japan
0%
1Japan
0%
1Japan
0%
1Japan
0%
1Japan
0%
1Japan
0%
1Japan
0%
1Japan
0%
1Japan
0%
1Japan
0%
1Japan
0%
1Japan
0%
1Japan
0%
1Japan
0%
8Kenya | Tanzania | Mozambique | Comoros | Madagascar | Malawi | Zambia | France
0%
8Kenya | Tanzania | Mozambique | Comoros | Madagascar | Malawi | Zambia | France
0%
8Kenya | Tanzania | Mozambique | Comoros | Madagascar | Malawi | Zambia | France
0%
8Kenya | Tanzania | Mozambique | Comoros | Madagascar | Malawi | Zambia | France
0%
8Kenya | Tanzania | Mozambique | Comoros | Madagascar | Malawi | Zambia | France
0%
8Kenya | Tanzania | Mozambique | Comoros | Madagascar | Malawi | Zambia | France
0%
8Kenya | Tanzania | Mozambique | Comoros | Madagascar | Malawi | Zambia | France
0%
8Kenya | Tanzania | Mozambique | Comoros | Madagascar | Malawi | Zambia | France
0%
8Kenya | Tanzania | Mozambique | Comoros | Madagascar | Malawi | Zambia | France
0%
8Kenya | Tanzania | Mozambique | Comoros | Madagascar | Malawi | Zambia | France
0%
8Kenya | Tanzania | Mozambique | Comoros | Madagascar | Malawi | Zambia | France
0%
8Kenya | Tanzania | Mozambique | Comoros | Madagascar | Malawi | Zambia | France
0%
8Kenya | Tanzania | Mozambique | Comoros | Madagascar | Malawi | Zambia | France
0%
8Kenya | Tanzania | Mozambique | Comoros | Madagascar | Malawi | Zambia | France
0%
8Kenya | Tanzania | Mozambique | Comoros | Madagascar | Malawi | Zambia | France
0%
8Kenya | Tanzania | Mozambique | Comoros | Madagascar | Malawi | Zambia | France
0%
8Kenya | Tanzania | Mozambique | Comoros | Madagascar | Malawi | Zambia | France
0%
8Kenya | Tanzania | Mozambique | Comoros | Madagascar | Malawi | Zambia | France
0%
8Kenya | Tanzania | Mozambique | Comoros | Madagascar | Malawi | Zambia | France
0%
8Kenya | Tanzania | Mozambique | Comoros | Madagascar | Malawi | Zambia | France
0%
8Kenya | Tanzania | Mozambique | Comoros | Madagascar | Malawi | Zambia | France
0%
8Kenya | Tanzania | Mozambique | Comoros | Madagascar | Malawi | Zambia | France
0%
8Kenya | Tanzania | Mozambique | Comoros | Madagascar | Malawi | Zambia | France
0%
8Kenya | Tanzania | Mozambique | Comoros | Madagascar | Malawi | Zambia | France
0%
8Kenya | Tanzania | Mozambique | Comoros | Madagascar | Malawi | Zambia | France
0%
8Kenya | Tanzania | Mozambique | Comoros | Madagascar | Malawi | Zambia | France
0%
8Kenya | Tanzania | Mozambique | Comoros | Madagascar | Malawi | Zambia | France
0%
8Kenya | Tanzania | Mozambique | Comoros | Madagascar | Malawi | Zambia | France
0%
8Kenya | Tanzania | Mozambique | Comoros | Madagascar | Malawi | Zambia | France
0%
8Kenya | Tanzania | Mozambique | Comoros | Madagascar | Malawi | Zambia | France
0%
8Kenya | Tanzania | Mozambique | Comoros | Madagascar | Malawi | Zambia | France
0%
8Kenya | Tanzania | Mozambique | Comoros | Madagascar | Malawi | Zambia | France
0%
8Kenya | Tanzania | Mozambique | Comoros | Madagascar | Malawi | Zambia | France
0%
8Kenya | Tanzania | Mozambique | Comoros | Madagascar | Malawi | Zambia | France
0%
8Kenya | Tanzania | Mozambique | Comoros | Madagascar | Malawi | Zambia | France
0%
8Kenya | Tanzania | Mozambique | Comoros | Madagascar | Malawi | Zambia | France
0%
8Kenya | Tanzania | Mozambique | Comoros | Madagascar | Malawi | Zambia | France
0%
8Kenya | Tanzania | Mozambique | Comoros | Madagascar | Malawi | Zambia | France
0%
8Kenya | Tanzania | Mozambique | Comoros | Madagascar | Malawi | Zambia | France
0%
8Kenya | Tanzania | Mozambique | Comoros | Madagascar | Malawi | Zambia | France
0%
8Kenya | Tanzania | Mozambique | Comoros | Madagascar | Malawi | Zambia | France
0%
8Kenya | Tanzania | Mozambique | Comoros | Madagascar | Malawi | Zambia | France
0%
8Kenya | Tanzania | Mozambique | Comoros | Madagascar | Malawi | Zambia | France
0%
8Kenya | Tanzania | Mozambique | Comoros | Madagascar | Malawi | Zambia | France
0%
8Kenya | Tanzania | Mozambique | Comoros | Madagascar | Malawi | Zambia | France
0%
8Kenya | Tanzania | Mozambique | Comoros | Madagascar | Malawi | Zambia | France
0%
8Kenya | Tanzania | Mozambique | Comoros | Madagascar | Malawi | Zambia | France
0%
8Kenya | Tanzania | Mozambique | Comoros | Madagascar | Malawi | Zambia | France
0%
8Kenya | Tanzania | Mozambique | Comoros | Madagascar | Malawi | Zambia | France
0%
8Kenya | Tanzania | Mozambique | Comoros | Madagascar | Malawi | Zambia | France
0%
8Kenya | Tanzania | Mozambique | Comoros | Madagascar | Malawi | Zambia | France
0%
8Kenya | Tanzania | Mozambique | Comoros | Madagascar | Malawi | Zambia | France
0%
8Kenya | Tanzania | Mozambique | Comoros | Madagascar | Malawi | Zambia | France
0%
8Kenya | Tanzania | Mozambique | Comoros | Madagascar | Malawi | Zambia | France
0%
8Kenya | Tanzania | Mozambique | Comoros | Madagascar | Malawi | Zambia | France
0%
8Kenya | Tanzania | Mozambique | Comoros | Madagascar | Malawi | Zambia | France
0%
8Kenya | Tanzania | Mozambique | Comoros | Madagascar | Malawi | Zambia | France
0%
8Kenya | Tanzania | Mozambique | Comoros | Madagascar | Malawi | Zambia | France
0%
8Kenya | Tanzania | Mozambique | Comoros | Madagascar | Malawi | Zambia | France
0%
8Kenya | Tanzania | Mozambique | Comoros | Madagascar | Malawi | Zambia | France
0%
8Kenya | Tanzania | Mozambique | Comoros | Madagascar | Malawi | Zambia | France
0%
8Kenya | Tanzania | Mozambique | Comoros | Madagascar | Malawi | Zambia | France
0%
8Kenya | Tanzania | Mozambique | Comoros | Madagascar | Malawi | Zambia | France
0%
8Kenya | Tanzania | Mozambique | Comoros | Madagascar | Malawi | Zambia | France
0%
8Kenya | Tanzania | Mozambique | Comoros | Madagascar | Malawi | Zambia | France
0%
8Kenya | Tanzania | Mozambique | Comoros | Madagascar | Malawi | Zambia | France
0%
8Kenya | Tanzania | Mozambique | Comoros | Madagascar | Malawi | Zambia | France
0%
8Kenya | Tanzania | Mozambique | Comoros | Madagascar | Malawi | Zambia | France
0%
8Kenya | Tanzania | Mozambique | Comoros | Madagascar | Malawi | Zambia | France
0%
8Kenya | Tanzania | Mozambique | Comoros | Madagascar | Malawi | Zambia | France
0%
8Kenya | Tanzania | Mozambique | Comoros | Madagascar | Malawi | Zambia | France
0%
8Kenya | Tanzania | Mozambique | Comoros | Madagascar | Malawi | Zambia | France
0%
8Kenya | Tanzania | Mozambique | Comoros | Madagascar | Malawi | Zambia | France
0%
8Kenya | Tanzania | Mozambique | Comoros | Madagascar | Malawi | Zambia | France
0%
8Kenya | Tanzania | Mozambique | Comoros | Madagascar | Malawi | Zambia | France
0%
8Kenya | Tanzania | Mozambique | Comoros | Madagascar | Malawi | Zambia | France
0%
8Kenya | Tanzania | Mozambique | Comoros | Madagascar | Malawi | Zambia | France
0%
1Kiribati
0%
1Kiribati
0%
1Kiribati
0%
1Kiribati
0%
1Kiribati
0%
1Kiribati
0%
1Kiribati
0%
1Kiribati
0%
1Kiribati
0%
1Kiribati
0%
1Kiribati
0%
1Kiribati
0%
1Kiribati
0%
1Kiribati
0%
1Kiribati
0%
1Kiribati
0%
1Kiribati
0%
1Kiribati
0%
1Kiribati
0%
1Kiribati
0%
1Kiribati
0%
1Kiribati
0%
1Kiribati
0%
1Kiribati
0%
1Kiribati
0%
1Kiribati
0%
1Kiribati
0%
1Kiribati
0%
1Kiribati
0%
1Kiribati
0%
1Kiribati
0%
1Kiribati
0%
1Kiribati
0%
1Kiribati
0%
1Kiribati
0%
1Kiribati
0%
1Kiribati
0%
1Kiribati
0%
1Kiribati
0%
1Kiribati
0%
1Kiribati
0%
1Kiribati
0%
1Kiribati
0%
1Kiribati
0%
1Kiribati
0%
1Kiribati
0%
1Kiribati
0%
1Kiribati
0%
1Kiribati
0%
1Kiribati
0%
1Kiribati
0%
1Kiribati
0%
1Kiribati
0%
1Kiribati
0%
1Kiribati
0%
1Kiribati
0%
1Kiribati
0%
1Kiribati
0%
1Kiribati
0%
1Kiribati
0%
1Kiribati
0%
1Kiribati
0%
1Kiribati
0%
1Kiribati
0%
1Kiribati
0%
1Kiribati
0%
1Kiribati
0%
1Kiribati
0%
1Kiribati
0%
1Kiribati
0%
1Kiribati
0%
1Kiribati
0%
1Kiribati
0%
1Kiribati
0%
1Kiribati
0%
1Kiribati
0%
1Kiribati
0%
1Kiribati
0%
1Kiribati
0%
1Kiribati
0%
1Kiribati
0%
1Kiribati
0%
1Kiribati
0%
1Kiribati
0%
1Kiribati
0%
1Kiribati
0%
1Kiribati
0%
1Kiribati
0%
1Kiribati
0%
1Kiribati
0%
1Kiribati
0%
1Kiribati
0%
1Kiribati
0%
1Kiribati
0%
1Kiribati
0%
1Kiribati
0%
1Kiribati
0%
1Kiribati
0%
1Kiribati
0%
1Kiribati
0%
1Kiribati
0%
1Kiribati
0%
1Kiribati
0%
1Kiribati
0%
1Kiribati
0%
1Kiribati
0%
1Kiribati
0%
1Kiribati
0%
1Kiribati
0%
1Kiribati
0%
1Kiribati
0%
1Kiribati
0%
1Kiribati
0%
1Kiribati
0%
1Kiribati
0%
1Kiribati
0%
1Kiribati
0%
1Kiribati
0%
1Kiribati
0%
1Kiribati
0%
1Kiribati
0%
1Kiribati
0%
1Kiribati
0%
1Kiribati
0%
1Kiribati
0%
1Kiribati
0%
1Kiribati
0%
1Kiribati
0%
1Kiribati
0%
1Kiribati
0%
1Kiribati
0%
1Kiribati
0%
1Kiribati
0%
1Kiribati
0%
1Kiribati
0%
1Kiribati
0%
1Kiribati
0%
1Kiribati
0%
1Kiribati
0%
1Kiribati
0%
1Kiribati
0%
1Kiribati
0%
1Kiribati
0%
1Kiribati
0%
1Kiribati
0%
1Kiribati
0%
1Kiribati
0%
1Kiribati
0%
2Kiribati | Marshall Islands
0%
2Kiribati | Marshall Islands
0%
2Kiribati | Marshall Islands
0%
2Kiribati | Marshall Islands
0%
2Kiribati | Marshall Islands
0%
2Kiribati | Marshall Islands
0%
2Kiribati | Marshall Islands
0%
2Kiribati | Marshall Islands
0%
2Kiribati | Marshall Islands
0%
2Kiribati | Marshall Islands
0%
2Kiribati | Marshall Islands
0%
2Kiribati | Marshall Islands
0%
2Kiribati | Marshall Islands
0%
2Kiribati | Marshall Islands
0%
2Kiribati | Marshall Islands
0%
2Kiribati | Marshall Islands
0%
2Kiribati | Marshall Islands
0%
2Kiribati | Marshall Islands
0%
2Kiribati | Marshall Islands
0%
2Kiribati | Marshall Islands
0%
2Kiribati | Marshall Islands
0%
2Kiribati | Marshall Islands
0%
2Kiribati | Marshall Islands
0%
2Kiribati | Marshall Islands
0%
2Kiribati | Marshall Islands
0%
2Kiribati | Marshall Islands
0%
2Kiribati | Marshall Islands
0%
2Kiribati | Marshall Islands
0%
2Kiribati | Marshall Islands
0%
2Kiribati | Marshall Islands
0%
2Kiribati | Marshall Islands
0%
2Kiribati | Marshall Islands
0%
2Kiribati | Marshall Islands
0%
2Kiribati | Marshall Islands
0%
2Kiribati | Marshall Islands
0%
2Kiribati | Marshall Islands
0%
2Kiribati | Marshall Islands
0%
2Kiribati | Marshall Islands
0%
2Kiribati | Marshall Islands
0%
2Kiribati | Marshall Islands
0%
2Kiribati | Marshall Islands
0%
2Kiribati | Marshall Islands
0%
2Kiribati | Marshall Islands
0%
2Kiribati | Marshall Islands
0%
2Kiribati | Marshall Islands
0%
2Kiribati | Marshall Islands
0%
2Kiribati | Marshall Islands
0%
2Kiribati | Marshall Islands
0%
2Kiribati | Marshall Islands
0%
2Kiribati | Marshall Islands
0%
2Kiribati | Marshall Islands
0%
2Kiribati | Marshall Islands
0%
2Kiribati | Marshall Islands
0%
2Kiribati | Marshall Islands
0%
2Kiribati | Marshall Islands
0%
2Kiribati | Marshall Islands
0%
2Kiribati | Marshall Islands
0%
2Kiribati | Marshall Islands
0%
2Kiribati | Marshall Islands
0%
2Kiribati | Marshall Islands
0%
2Kiribati | Marshall Islands
0%
2Kiribati | Marshall Islands
0%
2Kiribati | Marshall Islands
0%
2Kiribati | Marshall Islands
0%
2Kiribati | Marshall Islands
0%
2Kiribati | Marshall Islands
0%
2Kiribati | Marshall Islands
0%
2Kiribati | Marshall Islands
0%
2Kiribati | Marshall Islands
0%
2Kiribati | Marshall Islands
0%
2Kiribati | Marshall Islands
0%
2Kiribati | Marshall Islands
0%
2Kiribati | Marshall Islands
0%
2Kiribati | Marshall Islands
0%
2Kiribati | Marshall Islands
0%
2Kiribati | Marshall Islands
0%
2Kiribati | Marshall Islands
0%
2Kiribati | Marshall Islands
0%
2Kiribati | Marshall Islands
0%
2Kiribati | Marshall Islands
0%
2Kiribati | Marshall Islands
0%
4Kiribati | Tuvalu | Samoa | Fiji
0%
4Kiribati | Tuvalu | Samoa | Fiji
0%
4Kiribati | Tuvalu | Samoa | Fiji
0%
4Kiribati | Tuvalu | Samoa | Fiji
0%
4Kiribati | Tuvalu | Samoa | Fiji
0%
4Kiribati | Tuvalu | Samoa | Fiji
0%
4Kiribati | Tuvalu | Samoa | Fiji
0%
4Kiribati | Tuvalu | Samoa | Fiji
0%
4Kiribati | Tuvalu | Samoa | Fiji
0%
4Kiribati | Tuvalu | Samoa | Fiji
0%
4Kiribati | Tuvalu | Samoa | Fiji
0%
4Kiribati | Tuvalu | Samoa | Fiji
0%
4Kiribati | Tuvalu | Samoa | Fiji
0%
4Kiribati | Tuvalu | Samoa | Fiji
0%
4Kiribati | Tuvalu | Samoa | Fiji
0%
4Kiribati | Tuvalu | Samoa | Fiji
0%
4Kiribati | Tuvalu | Samoa | Fiji
0%
4Kiribati | Tuvalu | Samoa | Fiji
0%
4Kiribati | Tuvalu | Samoa | Fiji
0%
4Kiribati | Tuvalu | Samoa | Fiji
0%
4Kiribati | Tuvalu | Samoa | Fiji
0%
4Kiribati | Tuvalu | Samoa | Fiji
0%
4Kiribati | Tuvalu | Samoa | Fiji
0%
4Kiribati | Tuvalu | Samoa | Fiji
0%
4Kiribati | Tuvalu | Samoa | Fiji
0%
4Kiribati | Tuvalu | Samoa | Fiji
0%
4Kiribati | Tuvalu | Samoa | Fiji
0%
4Kiribati | Tuvalu | Samoa | Fiji
0%
4Kiribati | Tuvalu | Samoa | Fiji
0%
4Kiribati | Tuvalu | Samoa | Fiji
0%
4Kiribati | Tuvalu | Samoa | Fiji
0%
4Kiribati | Tuvalu | Samoa | Fiji
0%
4Kiribati | Tuvalu | Samoa | Fiji
0%
4Kiribati | Tuvalu | Samoa | Fiji
0%
4Kiribati | Tuvalu | Samoa | Fiji
0%
4Kiribati | Tuvalu | Samoa | Fiji
0%
4Kiribati | Tuvalu | Samoa | Fiji
0%
4Kiribati | Tuvalu | Samoa | Fiji
0%
4Kiribati | Tuvalu | Samoa | Fiji
0%
4Kiribati | Tuvalu | Samoa | Fiji
0%
4Kiribati | Tuvalu | Samoa | Fiji
0%
4Kiribati | Tuvalu | Samoa | Fiji
0%
4Kiribati | Tuvalu | Samoa | Fiji
0%
4Kiribati | Tuvalu | Samoa | Fiji
0%
4Kiribati | Tuvalu | Samoa | Fiji
0%
4Kiribati | Tuvalu | Samoa | Fiji
0%
4Kiribati | Tuvalu | Samoa | Fiji
0%
4Kiribati | Tuvalu | Samoa | Fiji
0%
4Kiribati | Tuvalu | Samoa | Fiji
0%
4Kiribati | Tuvalu | Samoa | Fiji
0%
4Kiribati | Tuvalu | Samoa | Fiji
0%
4Kiribati | Tuvalu | Samoa | Fiji
0%
4Kiribati | Tuvalu | Samoa | Fiji
0%
4Kiribati | Tuvalu | Samoa | Fiji
0%
4Kiribati | Tuvalu | Samoa | Fiji
0%
4Kiribati | Tuvalu | Samoa | Fiji
0%
4Kiribati | Tuvalu | Samoa | Fiji
0%
4Kiribati | Tuvalu | Samoa | Fiji
0%
4Kiribati | Tuvalu | Samoa | Fiji
0%
4Kiribati | Tuvalu | Samoa | Fiji
0%
4Kiribati | Tuvalu | Samoa | Fiji
0%
4Kiribati | Tuvalu | Samoa | Fiji
0%
4Kiribati | Tuvalu | Samoa | Fiji
0%
4Kiribati | Tuvalu | Samoa | Fiji
0%
4Kiribati | Tuvalu | Samoa | Fiji
0%
4Kiribati | Tuvalu | Samoa | Fiji
0%
4Kiribati | Tuvalu | Samoa | Fiji
0%
9Libya | Egypt | Sudan | Chad | Nigeria | Niger | Cameroon | Algeria | Central African Republic
0%
9Libya | Egypt | Sudan | Chad | Nigeria | Niger | Cameroon | Algeria | Central African Republic
0%
9Libya | Egypt | Sudan | Chad | Nigeria | Niger | Cameroon | Algeria | Central African Republic
0%
9Libya | Egypt | Sudan | Chad | Nigeria | Niger | Cameroon | Algeria | Central African Republic
0%
9Libya | Egypt | Sudan | Chad | Nigeria | Niger | Cameroon | Algeria | Central African Republic
0%
9Libya | Egypt | Sudan | Chad | Nigeria | Niger | Cameroon | Algeria | Central African Republic
0%
9Libya | Egypt | Sudan | Chad | Nigeria | Niger | Cameroon | Algeria | Central African Republic
0%
9Libya | Egypt | Sudan | Chad | Nigeria | Niger | Cameroon | Algeria | Central African Republic
0%
9Libya | Egypt | Sudan | Chad | Nigeria | Niger | Cameroon | Algeria | Central African Republic
0%
9Libya | Egypt | Sudan | Chad | Nigeria | Niger | Cameroon | Algeria | Central African Republic
0%
9Libya | Egypt | Sudan | Chad | Nigeria | Niger | Cameroon | Algeria | Central African Republic
0%
9Libya | Egypt | Sudan | Chad | Nigeria | Niger | Cameroon | Algeria | Central African Republic
0%
9Libya | Egypt | Sudan | Chad | Nigeria | Niger | Cameroon | Algeria | Central African Republic
0%
9Libya | Egypt | Sudan | Chad | Nigeria | Niger | Cameroon | Algeria | Central African Republic
0%
9Libya | Egypt | Sudan | Chad | Nigeria | Niger | Cameroon | Algeria | Central African Republic
0%
9Libya | Egypt | Sudan | Chad | Nigeria | Niger | Cameroon | Algeria | Central African Republic
0%
9Libya | Egypt | Sudan | Chad | Nigeria | Niger | Cameroon | Algeria | Central African Republic
0%
9Libya | Egypt | Sudan | Chad | Nigeria | Niger | Cameroon | Algeria | Central African Republic
0%
9Libya | Egypt | Sudan | Chad | Nigeria | Niger | Cameroon | Algeria | Central African Republic
0%
9Libya | Egypt | Sudan | Chad | Nigeria | Niger | Cameroon | Algeria | Central African Republic
0%
9Libya | Egypt | Sudan | Chad | Nigeria | Niger | Cameroon | Algeria | Central African Republic
0%
9Libya | Egypt | Sudan | Chad | Nigeria | Niger | Cameroon | Algeria | Central African Republic
0%
9Libya | Egypt | Sudan | Chad | Nigeria | Niger | Cameroon | Algeria | Central African Republic
0%
9Libya | Egypt | Sudan | Chad | Nigeria | Niger | Cameroon | Algeria | Central African Republic
0%
9Libya | Egypt | Sudan | Chad | Nigeria | Niger | Cameroon | Algeria | Central African Republic
0%
9Libya | Egypt | Sudan | Chad | Nigeria | Niger | Cameroon | Algeria | Central African Republic
0%
9Libya | Egypt | Sudan | Chad | Nigeria | Niger | Cameroon | Algeria | Central African Republic
0%
9Libya | Egypt | Sudan | Chad | Nigeria | Niger | Cameroon | Algeria | Central African Republic
0%
9Libya | Egypt | Sudan | Chad | Nigeria | Niger | Cameroon | Algeria | Central African Republic
0%
9Libya | Egypt | Sudan | Chad | Nigeria | Niger | Cameroon | Algeria | Central African Republic
0%
9Libya | Egypt | Sudan | Chad | Nigeria | Niger | Cameroon | Algeria | Central African Republic
0%
9Libya | Egypt | Sudan | Chad | Nigeria | Niger | Cameroon | Algeria | Central African Republic
0%
9Libya | Egypt | Sudan | Chad | Nigeria | Niger | Cameroon | Algeria | Central African Republic
0%
9Libya | Egypt | Sudan | Chad | Nigeria | Niger | Cameroon | Algeria | Central African Republic
0%
9Libya | Egypt | Sudan | Chad | Nigeria | Niger | Cameroon | Algeria | Central African Republic
0%
9Libya | Egypt | Sudan | Chad | Nigeria | Niger | Cameroon | Algeria | Central African Republic
0%
9Libya | Egypt | Sudan | Chad | Nigeria | Niger | Cameroon | Algeria | Central African Republic
0%
9Libya | Egypt | Sudan | Chad | Nigeria | Niger | Cameroon | Algeria | Central African Republic
0%
9Libya | Egypt | Sudan | Chad | Nigeria | Niger | Cameroon | Algeria | Central African Republic
0%
9Libya | Egypt | Sudan | Chad | Nigeria | Niger | Cameroon | Algeria | Central African Republic
0%
9Libya | Egypt | Sudan | Chad | Nigeria | Niger | Cameroon | Algeria | Central African Republic
0%
9Libya | Egypt | Sudan | Chad | Nigeria | Niger | Cameroon | Algeria | Central African Republic
0%
9Libya | Egypt | Sudan | Chad | Nigeria | Niger | Cameroon | Algeria | Central African Republic
0%
9Libya | Egypt | Sudan | Chad | Nigeria | Niger | Cameroon | Algeria | Central African Republic
0%
9Libya | Egypt | Sudan | Chad | Nigeria | Niger | Cameroon | Algeria | Central African Republic
0%
9Libya | Egypt | Sudan | Chad | Nigeria | Niger | Cameroon | Algeria | Central African Republic
0%
9Libya | Egypt | Sudan | Chad | Nigeria | Niger | Cameroon | Algeria | Central African Republic
0%
9Libya | Egypt | Sudan | Chad | Nigeria | Niger | Cameroon | Algeria | Central African Republic
0%
9Libya | Egypt | Sudan | Chad | Nigeria | Niger | Cameroon | Algeria | Central African Republic
0%
9Libya | Egypt | Sudan | Chad | Nigeria | Niger | Cameroon | Algeria | Central African Republic
0%
9Libya | Egypt | Sudan | Chad | Nigeria | Niger | Cameroon | Algeria | Central African Republic
0%
9Libya | Egypt | Sudan | Chad | Nigeria | Niger | Cameroon | Algeria | Central African Republic
0%
9Libya | Egypt | Sudan | Chad | Nigeria | Niger | Cameroon | Algeria | Central African Republic
0%
9Libya | Egypt | Sudan | Chad | Nigeria | Niger | Cameroon | Algeria | Central African Republic
0%
9Libya | Egypt | Sudan | Chad | Nigeria | Niger | Cameroon | Algeria | Central African Republic
0%
9Libya | Egypt | Sudan | Chad | Nigeria | Niger | Cameroon | Algeria | Central African Republic
0%
9Libya | Egypt | Sudan | Chad | Nigeria | Niger | Cameroon | Algeria | Central African Republic
0%
9Libya | Egypt | Sudan | Chad | Nigeria | Niger | Cameroon | Algeria | Central African Republic
0%
9Libya | Egypt | Sudan | Chad | Nigeria | Niger | Cameroon | Algeria | Central African Republic
0%
9Libya | Egypt | Sudan | Chad | Nigeria | Niger | Cameroon | Algeria | Central African Republic
0%
9Libya | Egypt | Sudan | Chad | Nigeria | Niger | Cameroon | Algeria | Central African Republic
0%
9Libya | Egypt | Sudan | Chad | Nigeria | Niger | Cameroon | Algeria | Central African Republic
0%
9Libya | Egypt | Sudan | Chad | Nigeria | Niger | Cameroon | Algeria | Central African Republic
0%
9Libya | Egypt | Sudan | Chad | Nigeria | Niger | Cameroon | Algeria | Central African Republic
0%
9Libya | Egypt | Sudan | Chad | Nigeria | Niger | Cameroon | Algeria | Central African Republic
0%
9Libya | Egypt | Sudan | Chad | Nigeria | Niger | Cameroon | Algeria | Central African Republic
0%
9Libya | Egypt | Sudan | Chad | Nigeria | Niger | Cameroon | Algeria | Central African Republic
0%
9Libya | Egypt | Sudan | Chad | Nigeria | Niger | Cameroon | Algeria | Central African Republic
0%
9Libya | Egypt | Sudan | Chad | Nigeria | Niger | Cameroon | Algeria | Central African Republic
0%
9Libya | Egypt | Sudan | Chad | Nigeria | Niger | Cameroon | Algeria | Central African Republic
0%
9Libya | Egypt | Sudan | Chad | Nigeria | Niger | Cameroon | Algeria | Central African Republic
0%
9Libya | Egypt | Sudan | Chad | Nigeria | Niger | Cameroon | Algeria | Central African Republic
0%
9Libya | Egypt | Sudan | Chad | Nigeria | Niger | Cameroon | Algeria | Central African Republic
0%
9Libya | Egypt | Sudan | Chad | Nigeria | Niger | Cameroon | Algeria | Central African Republic
0%
9Libya | Egypt | Sudan | Chad | Nigeria | Niger | Cameroon | Algeria | Central African Republic
0%
9Libya | Egypt | Sudan | Chad | Nigeria | Niger | Cameroon | Algeria | Central African Republic
0%
9Libya | Egypt | Sudan | Chad | Nigeria | Niger | Cameroon | Algeria | Central African Republic
0%
9Libya | Egypt | Sudan | Chad | Nigeria | Niger | Cameroon | Algeria | Central African Republic
0%
9Libya | Egypt | Sudan | Chad | Nigeria | Niger | Cameroon | Algeria | Central African Republic
0%
9Libya | Egypt | Sudan | Chad | Nigeria | Niger | Cameroon | Algeria | Central African Republic
0%
9Libya | Egypt | Sudan | Chad | Nigeria | Niger | Cameroon | Algeria | Central African Republic
0%
9Libya | Egypt | Sudan | Chad | Nigeria | Niger | Cameroon | Algeria | Central African Republic
0%
9Libya | Egypt | Sudan | Chad | Nigeria | Niger | Cameroon | Algeria | Central African Republic
0%
9Libya | Egypt | Sudan | Chad | Nigeria | Niger | Cameroon | Algeria | Central African Republic
0%
9Libya | Egypt | Sudan | Chad | Nigeria | Niger | Cameroon | Algeria | Central African Republic
0%
9Libya | Egypt | Sudan | Chad | Nigeria | Niger | Cameroon | Algeria | Central African Republic
0%
9Libya | Egypt | Sudan | Chad | Nigeria | Niger | Cameroon | Algeria | Central African Republic
0%
9Libya | Egypt | Sudan | Chad | Nigeria | Niger | Cameroon | Algeria | Central African Republic
0%
9Libya | Egypt | Sudan | Chad | Nigeria | Niger | Cameroon | Algeria | Central African Republic
0%
9Libya | Egypt | Sudan | Chad | Nigeria | Niger | Cameroon | Algeria | Central African Republic
0%
9Libya | Egypt | Sudan | Chad | Nigeria | Niger | Cameroon | Algeria | Central African Republic
0%
6Malawi | Mozambique | Madagascar | Zimbabwe | Eswatini | South Africa
0%
6Malawi | Mozambique | Madagascar | Zimbabwe | Eswatini | South Africa
0%
6Malawi | Mozambique | Madagascar | Zimbabwe | Eswatini | South Africa
0%
6Malawi | Mozambique | Madagascar | Zimbabwe | Eswatini | South Africa
0%
6Malawi | Mozambique | Madagascar | Zimbabwe | Eswatini | South Africa
0%
6Malawi | Mozambique | Madagascar | Zimbabwe | Eswatini | South Africa
0%
6Malawi | Mozambique | Madagascar | Zimbabwe | Eswatini | South Africa
0%
6Malawi | Mozambique | Madagascar | Zimbabwe | Eswatini | South Africa
0%
6Malawi | Mozambique | Madagascar | Zimbabwe | Eswatini | South Africa
0%
6Malawi | Mozambique | Madagascar | Zimbabwe | Eswatini | South Africa
0%
6Malawi | Mozambique | Madagascar | Zimbabwe | Eswatini | South Africa
0%
6Malawi | Mozambique | Madagascar | Zimbabwe | Eswatini | South Africa
0%
6Malawi | Mozambique | Madagascar | Zimbabwe | Eswatini | South Africa
0%
6Malawi | Mozambique | Madagascar | Zimbabwe | Eswatini | South Africa
0%
6Malawi | Mozambique | Madagascar | Zimbabwe | Eswatini | South Africa
0%
6Malawi | Mozambique | Madagascar | Zimbabwe | Eswatini | South Africa
0%
6Malawi | Mozambique | Madagascar | Zimbabwe | Eswatini | South Africa
0%
6Malawi | Mozambique | Madagascar | Zimbabwe | Eswatini | South Africa
0%
6Malawi | Mozambique | Madagascar | Zimbabwe | Eswatini | South Africa
0%
6Malawi | Mozambique | Madagascar | Zimbabwe | Eswatini | South Africa
0%
6Malawi | Mozambique | Madagascar | Zimbabwe | Eswatini | South Africa
0%
6Malawi | Mozambique | Madagascar | Zimbabwe | Eswatini | South Africa
0%
6Malawi | Mozambique | Madagascar | Zimbabwe | Eswatini | South Africa
0%
6Malawi | Mozambique | Madagascar | Zimbabwe | Eswatini | South Africa
0%
6Malawi | Mozambique | Madagascar | Zimbabwe | Eswatini | South Africa
0%
6Malawi | Mozambique | Madagascar | Zimbabwe | Eswatini | South Africa
0%
6Malawi | Mozambique | Madagascar | Zimbabwe | Eswatini | South Africa
0%
6Malawi | Mozambique | Madagascar | Zimbabwe | Eswatini | South Africa
0%
6Malawi | Mozambique | Madagascar | Zimbabwe | Eswatini | South Africa
0%
6Malawi | Mozambique | Madagascar | Zimbabwe | Eswatini | South Africa
0%
6Malawi | Mozambique | Madagascar | Zimbabwe | Eswatini | South Africa
0%
6Malawi | Mozambique | Madagascar | Zimbabwe | Eswatini | South Africa
0%
6Malawi | Mozambique | Madagascar | Zimbabwe | Eswatini | South Africa
0%
6Malawi | Mozambique | Madagascar | Zimbabwe | Eswatini | South Africa
0%
6Malawi | Mozambique | Madagascar | Zimbabwe | Eswatini | South Africa
0%
6Malawi | Mozambique | Madagascar | Zimbabwe | Eswatini | South Africa
0%
6Malawi | Mozambique | Madagascar | Zimbabwe | Eswatini | South Africa
0%
6Malawi | Mozambique | Madagascar | Zimbabwe | Eswatini | South Africa
0%
6Malawi | Mozambique | Madagascar | Zimbabwe | Eswatini | South Africa
0%
6Malawi | Mozambique | Madagascar | Zimbabwe | Eswatini | South Africa
0%
6Malawi | Mozambique | Madagascar | Zimbabwe | Eswatini | South Africa
0%
6Malawi | Mozambique | Madagascar | Zimbabwe | Eswatini | South Africa
0%
6Malawi | Mozambique | Madagascar | Zimbabwe | Eswatini | South Africa
0%
6Malawi | Mozambique | Madagascar | Zimbabwe | Eswatini | South Africa
0%
6Malawi | Mozambique | Madagascar | Zimbabwe | Eswatini | South Africa
0%
6Malawi | Mozambique | Madagascar | Zimbabwe | Eswatini | South Africa
0%
6Malawi | Mozambique | Madagascar | Zimbabwe | Eswatini | South Africa
0%
6Malawi | Mozambique | Madagascar | Zimbabwe | Eswatini | South Africa
0%
6Malawi | Mozambique | Madagascar | Zimbabwe | Eswatini | South Africa
0%
6Malawi | Mozambique | Madagascar | Zimbabwe | Eswatini | South Africa
0%
6Malawi | Mozambique | Madagascar | Zimbabwe | Eswatini | South Africa
0%
6Malawi | Mozambique | Madagascar | Zimbabwe | Eswatini | South Africa
0%
6Malawi | Mozambique | Madagascar | Zimbabwe | Eswatini | South Africa
0%
6Malawi | Mozambique | Madagascar | Zimbabwe | Eswatini | South Africa
0%
6Malawi | Mozambique | Madagascar | Zimbabwe | Eswatini | South Africa
0%
6Malawi | Mozambique | Madagascar | Zimbabwe | Eswatini | South Africa
0%
6Malawi | Mozambique | Madagascar | Zimbabwe | Eswatini | South Africa
0%
6Malawi | Mozambique | Madagascar | Zimbabwe | Eswatini | South Africa
0%
6Malawi | Mozambique | Madagascar | Zimbabwe | Eswatini | South Africa
0%
1Marshall Islands
0%
1Marshall Islands
0%
1Marshall Islands
0%
1Marshall Islands
0%
1Marshall Islands
0%
1Marshall Islands
0%
1Marshall Islands
0%
1Marshall Islands
0%
1Marshall Islands
0%
1Marshall Islands
0%
1Marshall Islands
0%
1Marshall Islands
0%
1Marshall Islands
0%
1Marshall Islands
0%
1Marshall Islands
0%
1Marshall Islands
0%
1Marshall Islands
0%
1Marshall Islands
0%
1Marshall Islands
0%
1Marshall Islands
0%
1Marshall Islands
0%
1Marshall Islands
0%
1Marshall Islands
0%
1Marshall Islands
0%
1Marshall Islands
0%
1Marshall Islands
0%
1Marshall Islands
0%
1Marshall Islands
0%
1Marshall Islands
0%
1Marshall Islands
0%
1Marshall Islands
0%
1Marshall Islands
0%
1Marshall Islands
0%
1Marshall Islands
0%
1Marshall Islands
0%
1Marshall Islands
0%
1Marshall Islands
0%
1Marshall Islands
0%
1Marshall Islands
0%
1Marshall Islands
0%
1Marshall Islands
0%
1Marshall Islands
0%
1Marshall Islands
0%
1Marshall Islands
0%
1Marshall Islands
0%
1Marshall Islands
0%
1Marshall Islands
0%
1Marshall Islands
0%
1Marshall Islands
0%
1Marshall Islands
0%
1Marshall Islands
0%
1Marshall Islands
0%
1Marshall Islands
0%
1Marshall Islands
0%
1Marshall Islands
0%
1Marshall Islands
0%
1Marshall Islands
0%
1Marshall Islands
0%
1Marshall Islands
0%
1Marshall Islands
0%
1Marshall Islands
0%
1Marshall Islands
0%
1Marshall Islands
0%
1Marshall Islands
0%
1Marshall Islands
0%
1Marshall Islands
0%
1Marshall Islands
0%
1Marshall Islands
0%
1Marshall Islands
0%
1Marshall Islands
0%
1Marshall Islands
0%
1Marshall Islands
0%
1Marshall Islands
0%
1Marshall Islands
0%
1Marshall Islands
0%
1Marshall Islands
0%
1Marshall Islands
0%
1Marshall Islands
0%
1Marshall Islands
0%
1Marshall Islands
0%
1Marshall Islands
0%
1Marshall Islands
0%
1Marshall Islands
0%
1Marshall Islands
0%
1Marshall Islands
0%
1Marshall Islands
0%
1Marshall Islands
0%
1Marshall Islands
0%
1Marshall Islands
0%
1Marshall Islands
0%
1Marshall Islands
0%
1Marshall Islands
0%
1Marshall Islands
0%
1Marshall Islands
0%
1Marshall Islands
0%
1Marshall Islands
0%
1Marshall Islands
0%
1Marshall Islands
0%
1Marshall Islands
0%
1Marshall Islands
0%
1Marshall Islands
0%
1Marshall Islands
0%
1Marshall Islands
0%
1Marshall Islands
0%
1Marshall Islands
0%
1Marshall Islands
0%
1Marshall Islands
0%
1Marshall Islands
0%
1Marshall Islands
0%
1Marshall Islands
0%
1Marshall Islands
0%
1Marshall Islands
0%
1Marshall Islands
0%
1Marshall Islands
0%
1Marshall Islands
0%
1Marshall Islands
0%
1Marshall Islands
0%
1Marshall Islands
0%
1Marshall Islands
0%
1Marshall Islands
0%
1Marshall Islands
0%
1Marshall Islands
0%
1Marshall Islands
0%
1Marshall Islands
0%
1Marshall Islands
0%
1Marshall Islands
0%
1Marshall Islands
0%
1Marshall Islands
0%
1Marshall Islands
0%
1Marshall Islands
0%
1Marshall Islands
0%
1Marshall Islands
0%
1Marshall Islands
0%
1Marshall Islands
0%
1Marshall Islands
0%
1Marshall Islands
0%
1Marshall Islands
0%
1Marshall Islands
0%
1Marshall Islands
0%
1Marshall Islands
0%
1Marshall Islands
0%
1Marshall Islands
0%
1Marshall Islands
0%
1Marshall Islands
0%
1Marshall Islands
0%
1Marshall Islands
0%
1Marshall Islands
0%
1Marshall Islands
0%
2Mauritius | France
0%
2Mauritius | France
0%
2Mauritius | France
0%
2Mauritius | France
0%
2Mauritius | France
0%
2Mauritius | France
0%
2Mauritius | France
0%
2Mauritius | France
0%
2Mauritius | France
0%
2Mauritius | France
0%
2Mauritius | France
0%
2Mauritius | France
0%
2Mauritius | France
0%
2Mauritius | France
0%
2Mauritius | France
0%
2Mauritius | France
0%
2Mauritius | France
0%
2Mauritius | France
0%
2Mauritius | France
0%
2Mauritius | France
0%
2Mauritius | France
0%
2Mauritius | France
0%
2Mauritius | France
0%
2Mauritius | France
0%
2Mauritius | France
0%
2Mauritius | France
0%
2Mauritius | France
0%
2Mauritius | France
0%
2Mauritius | France
0%
2Mauritius | France
0%
2Mauritius | France
0%
2Mauritius | France
0%
2Mauritius | France
0%
2Mauritius | France
0%
2Mauritius | France
0%
2Mauritius | France
0%
2Mauritius | France
0%
2Mauritius | France
0%
2Mauritius | France
0%
2Mauritius | France
0%
2Mauritius | France
0%
2Mauritius | France
0%
2Mauritius | France
0%
2Mauritius | France
0%
2Mauritius | France
0%
2Mauritius | France
0%
2Mauritius | France
0%
2Mauritius | France
0%
2Mauritius | France
0%
2Mauritius | France
0%
2Mauritius | France
0%
2Mauritius | France
0%
2Mauritius | France
0%
2Mauritius | France
0%
2Mauritius | France
0%
2Mauritius | France
0%
2Mauritius | France
0%
2Mauritius | France
0%
2Mauritius | France
0%
2Mauritius | France
0%
2Mauritius | France
0%
2Mauritius | France
0%
2Mauritius | France
0%
2Mauritius | France
0%
2Mauritius | France
0%
2Mauritius | France
0%
2Mauritius | France
0%
2Mauritius | France
0%
2Mauritius | France
0%
2Mauritius | France
0%
2Mauritius | France
0%
2Mauritius | France
0%
2Mauritius | France
0%
4Mexico | Guatemala | El Salvador | Belize
0%
4Mexico | Guatemala | El Salvador | Belize
0%
4Mexico | Guatemala | El Salvador | Belize
0%
4Mexico | Guatemala | El Salvador | Belize
0%
4Mexico | Guatemala | El Salvador | Belize
0%
4Mexico | Guatemala | El Salvador | Belize
0%
4Mexico | Guatemala | El Salvador | Belize
0%
4Mexico | Guatemala | El Salvador | Belize
0%
4Mexico | Guatemala | El Salvador | Belize
0%
4Mexico | Guatemala | El Salvador | Belize
0%
4Mexico | Guatemala | El Salvador | Belize
0%
4Mexico | Guatemala | El Salvador | Belize
0%
4Mexico | Guatemala | El Salvador | Belize
0%
4Mexico | Guatemala | El Salvador | Belize
0%
4Mexico | Guatemala | El Salvador | Belize
0%
4Mexico | Guatemala | El Salvador | Belize
0%
4Mexico | Guatemala | El Salvador | Belize
0%
4Mexico | Guatemala | El Salvador | Belize
0%
4Mexico | Guatemala | El Salvador | Belize
0%
4Mexico | Guatemala | El Salvador | Belize
0%
4Mexico | Guatemala | El Salvador | Belize
0%
4Mexico | Guatemala | El Salvador | Belize
0%
4Mexico | Guatemala | El Salvador | Belize
0%
4Mexico | Guatemala | El Salvador | Belize
0%
4Mexico | Guatemala | El Salvador | Belize
0%
4Mexico | Guatemala | El Salvador | Belize
0%
4Mexico | Guatemala | El Salvador | Belize
0%
4Mexico | Guatemala | El Salvador | Belize
0%
4Mexico | Guatemala | El Salvador | Belize
0%
4Mexico | Guatemala | El Salvador | Belize
0%
4Mexico | Guatemala | El Salvador | Belize
0%
4Mexico | Guatemala | El Salvador | Belize
0%
4Mexico | Guatemala | El Salvador | Belize
0%
4Mexico | Guatemala | El Salvador | Belize
0%
4Mexico | Guatemala | El Salvador | Belize
0%
4Mexico | Guatemala | El Salvador | Belize
0%
4Mexico | Guatemala | El Salvador | Belize
0%
4Mexico | Guatemala | El Salvador | Belize
0%
4Mexico | Guatemala | El Salvador | Belize
0%
4Mexico | Guatemala | El Salvador | Belize
0%
4Mexico | Guatemala | El Salvador | Belize
0%
4Mexico | Guatemala | El Salvador | Belize
0%
4Mexico | Guatemala | El Salvador | Belize
0%
4Mexico | Guatemala | El Salvador | Belize
0%
4Mexico | Guatemala | El Salvador | Belize
0%
4Mexico | Guatemala | El Salvador | Belize
0%
4Mexico | Guatemala | El Salvador | Belize
0%
4Mexico | Guatemala | El Salvador | Belize
0%
4Mexico | Guatemala | El Salvador | Belize
0%
4Mexico | Guatemala | El Salvador | Belize
0%
4Mexico | Guatemala | El Salvador | Belize
0%
4Mexico | Guatemala | El Salvador | Belize
0%
4Mexico | Guatemala | El Salvador | Belize
0%
4Mexico | Guatemala | El Salvador | Belize
0%
4Mexico | Guatemala | El Salvador | Belize
0%
4Mexico | Guatemala | El Salvador | Belize
0%
4Mexico | Guatemala | El Salvador | Belize
0%
4Mexico | Guatemala | El Salvador | Belize
0%
4Mexico | Guatemala | El Salvador | Belize
0%
4Mexico | Guatemala | El Salvador | Belize
0%
4Mexico | Guatemala | El Salvador | Belize
0%
4Mexico | Guatemala | El Salvador | Belize
0%
4Mexico | Guatemala | El Salvador | Belize
0%
4Mexico | Guatemala | El Salvador | Belize
0%
4Mexico | Guatemala | El Salvador | Belize
0%
4Mexico | Guatemala | El Salvador | Belize
0%
3Morocco | Mauritania | Spain
0%
3Morocco | Mauritania | Spain
0%
3Morocco | Mauritania | Spain
0%
3Morocco | Mauritania | Spain
0%
3Morocco | Mauritania | Spain
0%
3Morocco | Mauritania | Spain
0%
3Morocco | Mauritania | Spain
0%
3Morocco | Mauritania | Spain
0%
3Morocco | Mauritania | Spain
0%
3Morocco | Mauritania | Spain
0%
3Morocco | Mauritania | Spain
0%
3Morocco | Mauritania | Spain
0%
3Morocco | Mauritania | Spain
0%
3Morocco | Mauritania | Spain
0%
3Morocco | Mauritania | Spain
0%
3Morocco | Mauritania | Spain
0%
3Morocco | Mauritania | Spain
0%
3Morocco | Mauritania | Spain
0%
3Morocco | Mauritania | Spain
0%
3Morocco | Mauritania | Spain
0%
3Morocco | Mauritania | Spain
0%
3Morocco | Mauritania | Spain
0%
3Morocco | Mauritania | Spain
0%
3Morocco | Mauritania | Spain
0%
3Morocco | Mauritania | Spain
0%
3Morocco | Mauritania | Spain
0%
3Morocco | Mauritania | Spain
0%
3Morocco | Mauritania | Spain
0%
3Morocco | Mauritania | Spain
0%
3Morocco | Mauritania | Spain
0%
3Morocco | Mauritania | Spain
0%
3Morocco | Mauritania | Spain
0%
3Morocco | Mauritania | Spain
0%
3Morocco | Mauritania | Spain
0%
3Morocco | Mauritania | Spain
0%
3Morocco | Mauritania | Spain
0%
3Morocco | Mauritania | Spain
0%
3Morocco | Mauritania | Spain
0%
3Morocco | Mauritania | Spain
0%
3Morocco | Mauritania | Spain
0%
3Morocco | Mauritania | Spain
0%
3Morocco | Mauritania | Spain
0%
3Morocco | Mauritania | Spain
0%
3Morocco | Mauritania | Spain
0%
3Morocco | Mauritania | Spain
0%
3Morocco | Mauritania | Spain
0%
3Morocco | Mauritania | Spain
0%
3Morocco | Mauritania | Spain
0%
3Morocco | Mauritania | Spain
0%
3Morocco | Mauritania | Spain
0%
3Morocco | Mauritania | Spain
0%
3Morocco | Mauritania | Spain
0%
3Morocco | Mauritania | Spain
0%
3Morocco | Mauritania | Spain
0%
3Morocco | Mauritania | Spain
0%
3Morocco | Mauritania | Spain
0%
3Morocco | Mauritania | Spain
0%
3Morocco | Mauritania | Spain
0%
3Morocco | Mauritania | Spain
0%
3Morocco | Mauritania | Spain
0%
3Morocco | Mauritania | Spain
0%
3Morocco | Mauritania | Spain
0%
3Morocco | Mauritania | Spain
0%
3Morocco | Mauritania | Spain
0%
3Morocco | Mauritania | Spain
0%
3Morocco | Mauritania | Spain
0%
3Morocco | Mauritania | Spain
0%
3Morocco | Mauritania | Spain
0%
3Morocco | Mauritania | Spain
0%
3Morocco | Mauritania | Spain
0%
3Morocco | Mauritania | Spain
0%
3Morocco | Mauritania | Spain
0%
3Morocco | Mauritania | Spain
0%
3Morocco | Mauritania | Spain
0%
7Namibia | Angola | Zambia | Zimbabwe | South Africa | Lesotho | Botswana
0%
7Namibia | Angola | Zambia | Zimbabwe | South Africa | Lesotho | Botswana
0%
7Namibia | Angola | Zambia | Zimbabwe | South Africa | Lesotho | Botswana
0%
7Namibia | Angola | Zambia | Zimbabwe | South Africa | Lesotho | Botswana
0%
7Namibia | Angola | Zambia | Zimbabwe | South Africa | Lesotho | Botswana
0%
7Namibia | Angola | Zambia | Zimbabwe | South Africa | Lesotho | Botswana
0%
7Namibia | Angola | Zambia | Zimbabwe | South Africa | Lesotho | Botswana
0%
7Namibia | Angola | Zambia | Zimbabwe | South Africa | Lesotho | Botswana
0%
7Namibia | Angola | Zambia | Zimbabwe | South Africa | Lesotho | Botswana
0%
7Namibia | Angola | Zambia | Zimbabwe | South Africa | Lesotho | Botswana
0%
7Namibia | Angola | Zambia | Zimbabwe | South Africa | Lesotho | Botswana
0%
7Namibia | Angola | Zambia | Zimbabwe | South Africa | Lesotho | Botswana
0%
7Namibia | Angola | Zambia | Zimbabwe | South Africa | Lesotho | Botswana
0%
7Namibia | Angola | Zambia | Zimbabwe | South Africa | Lesotho | Botswana
0%
7Namibia | Angola | Zambia | Zimbabwe | South Africa | Lesotho | Botswana
0%
7Namibia | Angola | Zambia | Zimbabwe | South Africa | Lesotho | Botswana
0%
7Namibia | Angola | Zambia | Zimbabwe | South Africa | Lesotho | Botswana
0%
7Namibia | Angola | Zambia | Zimbabwe | South Africa | Lesotho | Botswana
0%
7Namibia | Angola | Zambia | Zimbabwe | South Africa | Lesotho | Botswana
0%
7Namibia | Angola | Zambia | Zimbabwe | South Africa | Lesotho | Botswana
0%
7Namibia | Angola | Zambia | Zimbabwe | South Africa | Lesotho | Botswana
0%
7Namibia | Angola | Zambia | Zimbabwe | South Africa | Lesotho | Botswana
0%
7Namibia | Angola | Zambia | Zimbabwe | South Africa | Lesotho | Botswana
0%
7Namibia | Angola | Zambia | Zimbabwe | South Africa | Lesotho | Botswana
0%
7Namibia | Angola | Zambia | Zimbabwe | South Africa | Lesotho | Botswana
0%
7Namibia | Angola | Zambia | Zimbabwe | South Africa | Lesotho | Botswana
0%
7Namibia | Angola | Zambia | Zimbabwe | South Africa | Lesotho | Botswana
0%
7Namibia | Angola | Zambia | Zimbabwe | South Africa | Lesotho | Botswana
0%
7Namibia | Angola | Zambia | Zimbabwe | South Africa | Lesotho | Botswana
0%
7Namibia | Angola | Zambia | Zimbabwe | South Africa | Lesotho | Botswana
0%
7Namibia | Angola | Zambia | Zimbabwe | South Africa | Lesotho | Botswana
0%
7Namibia | Angola | Zambia | Zimbabwe | South Africa | Lesotho | Botswana
0%
7Namibia | Angola | Zambia | Zimbabwe | South Africa | Lesotho | Botswana
0%
7Namibia | Angola | Zambia | Zimbabwe | South Africa | Lesotho | Botswana
0%
7Namibia | Angola | Zambia | Zimbabwe | South Africa | Lesotho | Botswana
0%
7Namibia | Angola | Zambia | Zimbabwe | South Africa | Lesotho | Botswana
0%
7Namibia | Angola | Zambia | Zimbabwe | South Africa | Lesotho | Botswana
0%
7Namibia | Angola | Zambia | Zimbabwe | South Africa | Lesotho | Botswana
0%
7Namibia | Angola | Zambia | Zimbabwe | South Africa | Lesotho | Botswana
0%
7Namibia | Angola | Zambia | Zimbabwe | South Africa | Lesotho | Botswana
0%
7Namibia | Angola | Zambia | Zimbabwe | South Africa | Lesotho | Botswana
0%
7Namibia | Angola | Zambia | Zimbabwe | South Africa | Lesotho | Botswana
0%
7Namibia | Angola | Zambia | Zimbabwe | South Africa | Lesotho | Botswana
0%
7Namibia | Angola | Zambia | Zimbabwe | South Africa | Lesotho | Botswana
0%
7Namibia | Angola | Zambia | Zimbabwe | South Africa | Lesotho | Botswana
0%
7Namibia | Angola | Zambia | Zimbabwe | South Africa | Lesotho | Botswana
0%
7Namibia | Angola | Zambia | Zimbabwe | South Africa | Lesotho | Botswana
0%
7Namibia | Angola | Zambia | Zimbabwe | South Africa | Lesotho | Botswana
0%
7Namibia | Angola | Zambia | Zimbabwe | South Africa | Lesotho | Botswana
0%
7Namibia | Angola | Zambia | Zimbabwe | South Africa | Lesotho | Botswana
0%
7Namibia | Angola | Zambia | Zimbabwe | South Africa | Lesotho | Botswana
0%
7Namibia | Angola | Zambia | Zimbabwe | South Africa | Lesotho | Botswana
0%
7Namibia | Angola | Zambia | Zimbabwe | South Africa | Lesotho | Botswana
0%
7Namibia | Angola | Zambia | Zimbabwe | South Africa | Lesotho | Botswana
0%
7Namibia | Angola | Zambia | Zimbabwe | South Africa | Lesotho | Botswana
0%
7Namibia | Angola | Zambia | Zimbabwe | South Africa | Lesotho | Botswana
0%
7Namibia | Angola | Zambia | Zimbabwe | South Africa | Lesotho | Botswana
0%
7Namibia | Angola | Zambia | Zimbabwe | South Africa | Lesotho | Botswana
0%
7Namibia | Angola | Zambia | Zimbabwe | South Africa | Lesotho | Botswana
0%
7Namibia | Angola | Zambia | Zimbabwe | South Africa | Lesotho | Botswana
0%
7Namibia | Angola | Zambia | Zimbabwe | South Africa | Lesotho | Botswana
0%
7Namibia | Angola | Zambia | Zimbabwe | South Africa | Lesotho | Botswana
0%
7Namibia | Angola | Zambia | Zimbabwe | South Africa | Lesotho | Botswana
0%
7Namibia | Angola | Zambia | Zimbabwe | South Africa | Lesotho | Botswana
0%
7Namibia | Angola | Zambia | Zimbabwe | South Africa | Lesotho | Botswana
0%
7Namibia | Angola | Zambia | Zimbabwe | South Africa | Lesotho | Botswana
0%
7Namibia | Angola | Zambia | Zimbabwe | South Africa | Lesotho | Botswana
0%
7Namibia | Angola | Zambia | Zimbabwe | South Africa | Lesotho | Botswana
0%
7Namibia | Angola | Zambia | Zimbabwe | South Africa | Lesotho | Botswana
0%
7Namibia | Angola | Zambia | Zimbabwe | South Africa | Lesotho | Botswana
0%
7Namibia | Angola | Zambia | Zimbabwe | South Africa | Lesotho | Botswana
0%
7Namibia | Angola | Zambia | Zimbabwe | South Africa | Lesotho | Botswana
0%
7Namibia | Angola | Zambia | Zimbabwe | South Africa | Lesotho | Botswana
0%
7Namibia | Angola | Zambia | Zimbabwe | South Africa | Lesotho | Botswana
0%
7Namibia | Angola | Zambia | Zimbabwe | South Africa | Lesotho | Botswana
0%
7Namibia | Angola | Zambia | Zimbabwe | South Africa | Lesotho | Botswana
0%
7Namibia | Angola | Zambia | Zimbabwe | South Africa | Lesotho | Botswana
0%
7Namibia | Angola | Zambia | Zimbabwe | South Africa | Lesotho | Botswana
0%
1New Zealand
0%
1New Zealand
0%
1New Zealand
0%
1New Zealand
0%
1New Zealand
0%
1New Zealand
0%
1New Zealand
0%
1New Zealand
0%
1New Zealand
0%
1New Zealand
0%
1New Zealand
0%
1New Zealand
0%
1New Zealand
0%
1New Zealand
0%
1New Zealand
0%
1New Zealand
0%
1New Zealand
0%
1New Zealand
0%
1New Zealand
0%
1New Zealand
0%
1New Zealand
0%
1New Zealand
0%
1New Zealand
0%
1New Zealand
0%
1New Zealand
0%
1New Zealand
0%
1New Zealand
0%
1New Zealand
0%
1New Zealand
0%
1New Zealand
0%
1New Zealand
0%
1New Zealand
0%
1New Zealand
0%
1New Zealand
0%
1New Zealand
0%
1New Zealand
0%
1New Zealand
0%
1New Zealand
0%
1New Zealand
0%
1New Zealand
0%
1New Zealand
0%
1New Zealand
0%
1New Zealand
0%
1New Zealand
0%
1New Zealand
0%
1New Zealand
0%
1New Zealand
0%
1New Zealand
0%
1New Zealand
0%
1New Zealand
0%
1New Zealand
0%
1New Zealand
0%
1New Zealand
0%
1New Zealand
0%
1New Zealand
0%
1New Zealand
0%
1New Zealand
0%
1New Zealand
0%
1New Zealand
0%
1New Zealand
0%
1New Zealand
0%
1New Zealand
0%
1New Zealand
0%
1New Zealand
0%
1New Zealand
0%
1New Zealand
0%
1New Zealand
0%
1New Zealand
0%
1New Zealand
0%
1New Zealand
0%
1New Zealand
0%
1New Zealand
0%
1New Zealand
0%
1New Zealand
0%
1New Zealand
0%
1New Zealand
0%
1New Zealand
0%
1New Zealand
0%
1New Zealand
0%
1New Zealand
0%
1New Zealand
0%
1New Zealand
0%
1New Zealand
0%
1New Zealand
0%
1New Zealand
0%
1New Zealand
0%
1New Zealand
0%
1New Zealand
0%
1New Zealand
0%
1New Zealand
0%
1New Zealand
0%
1New Zealand
0%
1New Zealand
0%
1New Zealand
0%
1New Zealand
0%
1New Zealand
0%
1New Zealand
0%
1New Zealand
0%
1New Zealand
0%
1New Zealand
0%
1New Zealand
0%
1New Zealand
0%
1New Zealand
0%
1New Zealand
0%
1New Zealand
0%
1New Zealand
0%
1New Zealand
0%
1New Zealand
0%
1New Zealand
0%
1New Zealand
0%
1New Zealand
0%
1New Zealand
0%
1New Zealand
0%
1New Zealand
0%
1New Zealand
0%
1New Zealand
0%
1New Zealand
0%
1New Zealand
0%
1New Zealand
0%
1New Zealand
0%
1New Zealand
0%
1New Zealand
0%
1New Zealand
0%
1New Zealand
0%
1New Zealand
0%
1New Zealand
0%
1New Zealand
0%
1New Zealand
0%
1New Zealand
0%
1New Zealand
0%
1New Zealand
0%
1New Zealand
0%
1New Zealand
0%
1New Zealand
0%
1New Zealand
0%
1New Zealand
0%
1New Zealand
0%
1New Zealand
0%
1New Zealand
0%
1New Zealand
0%
1New Zealand
0%
1New Zealand
0%
1New Zealand
0%
1New Zealand
0%
1New Zealand
0%
1New Zealand
0%
1New Zealand
0%
1New Zealand
0%
1New Zealand
0%
1New Zealand
0%
1New Zealand
0%
1New Zealand
0%
1New Zealand
0%
1New Zealand
0%
1New Zealand
0%
1New Zealand
0%
1New Zealand
0%
1New Zealand
0%
1New Zealand
0%
1New Zealand
0%
1New Zealand
0%
1New Zealand
0%
1New Zealand
0%
1New Zealand
0%
1New Zealand
0%
1New Zealand
0%
1New Zealand
0%
1New Zealand
0%
1New Zealand
0%
1New Zealand
0%
1New Zealand
0%
1New Zealand
0%
1New Zealand
0%
1New Zealand
0%
1New Zealand
0%
1New Zealand
0%
1New Zealand
0%
1New Zealand
0%
1New Zealand
0%
1New Zealand
0%
1New Zealand
0%
1New Zealand
0%
1New Zealand
0%
1New Zealand
0%
1New Zealand
0%
1New Zealand
0%
1New Zealand
0%
1New Zealand
0%
1New Zealand
0%
1New Zealand
0%
1New Zealand
0%
1New Zealand
0%
1New Zealand
0%
1New Zealand
0%
1New Zealand
0%
1New Zealand
0%
1New Zealand
0%
1New Zealand
0%
1New Zealand
0%
1New Zealand
0%
1New Zealand
0%
1New Zealand
0%
1New Zealand
0%
1New Zealand
0%
1New Zealand
0%
1New Zealand
0%
1New Zealand
0%
1New Zealand
0%
1New Zealand
0%
1New Zealand
0%
1New Zealand
0%
1New Zealand
0%
1New Zealand
0%
1New Zealand
0%
1New Zealand
0%
1New Zealand
0%
1New Zealand
0%
1New Zealand
0%
1New Zealand
0%
1New Zealand
0%
1New Zealand
0%
1New Zealand
0%
1New Zealand
0%
1New Zealand
0%
1New Zealand
0%
1New Zealand
0%
1New Zealand
0%
1New Zealand
0%
1New Zealand
0%
1New Zealand
0%
1New Zealand
0%
1New Zealand
0%
1New Zealand
0%
1New Zealand
0%
1New Zealand
0%
1New Zealand
0%
1New Zealand
0%
4Norway | Sweden | Finland | Russia
0%
4Norway | Sweden | Finland | Russia
0%
4Norway | Sweden | Finland | Russia
0%
4Norway | Sweden | Finland | Russia
0%
4Norway | Sweden | Finland | Russia
0%
4Norway | Sweden | Finland | Russia
0%
4Norway | Sweden | Finland | Russia
0%
4Norway | Sweden | Finland | Russia
0%
4Norway | Sweden | Finland | Russia
0%
4Norway | Sweden | Finland | Russia
0%
4Norway | Sweden | Finland | Russia
0%
4Norway | Sweden | Finland | Russia
0%
4Norway | Sweden | Finland | Russia
0%
4Norway | Sweden | Finland | Russia
0%
4Norway | Sweden | Finland | Russia
0%
4Norway | Sweden | Finland | Russia
0%
4Norway | Sweden | Finland | Russia
0%
4Norway | Sweden | Finland | Russia
0%
4Norway | Sweden | Finland | Russia
0%
4Norway | Sweden | Finland | Russia
0%
4Norway | Sweden | Finland | Russia
0%
4Norway | Sweden | Finland | Russia
0%
4Norway | Sweden | Finland | Russia
0%
4Norway | Sweden | Finland | Russia
0%
4Norway | Sweden | Finland | Russia
0%
4Norway | Sweden | Finland | Russia
0%
4Norway | Sweden | Finland | Russia
0%
4Norway | Sweden | Finland | Russia
0%
4Norway | Sweden | Finland | Russia
0%
4Norway | Sweden | Finland | Russia
0%
4Norway | Sweden | Finland | Russia
0%
4Norway | Sweden | Finland | Russia
0%
4Norway | Sweden | Finland | Russia
0%
4Norway | Sweden | Finland | Russia
0%
4Norway | Sweden | Finland | Russia
0%
4Norway | Sweden | Finland | Russia
0%
4Norway | Sweden | Finland | Russia
0%
4Norway | Sweden | Finland | Russia
0%
4Norway | Sweden | Finland | Russia
0%
4Norway | Sweden | Finland | Russia
0%
4Norway | Sweden | Finland | Russia
0%
4Norway | Sweden | Finland | Russia
0%
4Norway | Sweden | Finland | Russia
0%
4Norway | Sweden | Finland | Russia
0%
4Norway | Sweden | Finland | Russia
0%
4Norway | Sweden | Finland | Russia
0%
4Norway | Sweden | Finland | Russia
0%
4Norway | Sweden | Finland | Russia
0%
4Norway | Sweden | Finland | Russia
0%
4Norway | Sweden | Finland | Russia
0%
4Norway | Sweden | Finland | Russia
0%
4Norway | Sweden | Finland | Russia
0%
4Norway | Sweden | Finland | Russia
0%
4Norway | Sweden | Finland | Russia
0%
4Norway | Sweden | Finland | Russia
0%
4Norway | Sweden | Finland | Russia
0%
4Norway | Sweden | Finland | Russia
0%
4Norway | Sweden | Finland | Russia
0%
4Norway | Sweden | Finland | Russia
0%
4Norway | Sweden | Finland | Russia
0%
4Norway | Sweden | Finland | Russia
0%
4Norway | Sweden | Finland | Russia
0%
4Norway | Sweden | Finland | Russia
0%
4Norway | Sweden | Finland | Russia
0%
4Norway | Sweden | Finland | Russia
0%
4Norway | Sweden | Finland | Russia
0%
4Norway | Sweden | Finland | Russia
0%
4Norway | Sweden | Finland | Russia
0%
4Norway | Sweden | Finland | Russia
0%
4Norway | Sweden | Finland | Russia
0%
12Norway | Sweden | Finland | Russia | Estonia | Latvia | Lithuania | Belarus | Ukraine | Poland | Denmark | Germany
0%
12Norway | Sweden | Finland | Russia | Estonia | Latvia | Lithuania | Belarus | Ukraine | Poland | Denmark | Germany
0%
12Norway | Sweden | Finland | Russia | Estonia | Latvia | Lithuania | Belarus | Ukraine | Poland | Denmark | Germany
0%
12Norway | Sweden | Finland | Russia | Estonia | Latvia | Lithuania | Belarus | Ukraine | Poland | Denmark | Germany
0%
12Norway | Sweden | Finland | Russia | Estonia | Latvia | Lithuania | Belarus | Ukraine | Poland | Denmark | Germany
0%
12Norway | Sweden | Finland | Russia | Estonia | Latvia | Lithuania | Belarus | Ukraine | Poland | Denmark | Germany
0%
12Norway | Sweden | Finland | Russia | Estonia | Latvia | Lithuania | Belarus | Ukraine | Poland | Denmark | Germany
0%
12Norway | Sweden | Finland | Russia | Estonia | Latvia | Lithuania | Belarus | Ukraine | Poland | Denmark | Germany
0%
12Norway | Sweden | Finland | Russia | Estonia | Latvia | Lithuania | Belarus | Ukraine | Poland | Denmark | Germany
0%
12Norway | Sweden | Finland | Russia | Estonia | Latvia | Lithuania | Belarus | Ukraine | Poland | Denmark | Germany
0%
12Norway | Sweden | Finland | Russia | Estonia | Latvia | Lithuania | Belarus | Ukraine | Poland | Denmark | Germany
0%
12Norway | Sweden | Finland | Russia | Estonia | Latvia | Lithuania | Belarus | Ukraine | Poland | Denmark | Germany
0%
12Norway | Sweden | Finland | Russia | Estonia | Latvia | Lithuania | Belarus | Ukraine | Poland | Denmark | Germany
0%
12Norway | Sweden | Finland | Russia | Estonia | Latvia | Lithuania | Belarus | Ukraine | Poland | Denmark | Germany
0%
12Norway | Sweden | Finland | Russia | Estonia | Latvia | Lithuania | Belarus | Ukraine | Poland | Denmark | Germany
0%
12Norway | Sweden | Finland | Russia | Estonia | Latvia | Lithuania | Belarus | Ukraine | Poland | Denmark | Germany
0%
12Norway | Sweden | Finland | Russia | Estonia | Latvia | Lithuania | Belarus | Ukraine | Poland | Denmark | Germany
0%
12Norway | Sweden | Finland | Russia | Estonia | Latvia | Lithuania | Belarus | Ukraine | Poland | Denmark | Germany
0%
12Norway | Sweden | Finland | Russia | Estonia | Latvia | Lithuania | Belarus | Ukraine | Poland | Denmark | Germany
0%
12Norway | Sweden | Finland | Russia | Estonia | Latvia | Lithuania | Belarus | Ukraine | Poland | Denmark | Germany
0%
12Norway | Sweden | Finland | Russia | Estonia | Latvia | Lithuania | Belarus | Ukraine | Poland | Denmark | Germany
0%
12Norway | Sweden | Finland | Russia | Estonia | Latvia | Lithuania | Belarus | Ukraine | Poland | Denmark | Germany
0%
12Norway | Sweden | Finland | Russia | Estonia | Latvia | Lithuania | Belarus | Ukraine | Poland | Denmark | Germany
0%
12Norway | Sweden | Finland | Russia | Estonia | Latvia | Lithuania | Belarus | Ukraine | Poland | Denmark | Germany
0%
12Norway | Sweden | Finland | Russia | Estonia | Latvia | Lithuania | Belarus | Ukraine | Poland | Denmark | Germany
0%
12Norway | Sweden | Finland | Russia | Estonia | Latvia | Lithuania | Belarus | Ukraine | Poland | Denmark | Germany
0%
12Norway | Sweden | Finland | Russia | Estonia | Latvia | Lithuania | Belarus | Ukraine | Poland | Denmark | Germany
0%
12Norway | Sweden | Finland | Russia | Estonia | Latvia | Lithuania | Belarus | Ukraine | Poland | Denmark | Germany
0%
12Norway | Sweden | Finland | Russia | Estonia | Latvia | Lithuania | Belarus | Ukraine | Poland | Denmark | Germany
0%
12Norway | Sweden | Finland | Russia | Estonia | Latvia | Lithuania | Belarus | Ukraine | Poland | Denmark | Germany
0%
12Norway | Sweden | Finland | Russia | Estonia | Latvia | Lithuania | Belarus | Ukraine | Poland | Denmark | Germany
0%
12Norway | Sweden | Finland | Russia | Estonia | Latvia | Lithuania | Belarus | Ukraine | Poland | Denmark | Germany
0%
12Norway | Sweden | Finland | Russia | Estonia | Latvia | Lithuania | Belarus | Ukraine | Poland | Denmark | Germany
0%
12Norway | Sweden | Finland | Russia | Estonia | Latvia | Lithuania | Belarus | Ukraine | Poland | Denmark | Germany
0%
12Norway | Sweden | Finland | Russia | Estonia | Latvia | Lithuania | Belarus | Ukraine | Poland | Denmark | Germany
0%
12Norway | Sweden | Finland | Russia | Estonia | Latvia | Lithuania | Belarus | Ukraine | Poland | Denmark | Germany
0%
12Norway | Sweden | Finland | Russia | Estonia | Latvia | Lithuania | Belarus | Ukraine | Poland | Denmark | Germany
0%
12Norway | Sweden | Finland | Russia | Estonia | Latvia | Lithuania | Belarus | Ukraine | Poland | Denmark | Germany
0%
12Norway | Sweden | Finland | Russia | Estonia | Latvia | Lithuania | Belarus | Ukraine | Poland | Denmark | Germany
0%
12Norway | Sweden | Finland | Russia | Estonia | Latvia | Lithuania | Belarus | Ukraine | Poland | Denmark | Germany
0%
12Norway | Sweden | Finland | Russia | Estonia | Latvia | Lithuania | Belarus | Ukraine | Poland | Denmark | Germany
0%
12Norway | Sweden | Finland | Russia | Estonia | Latvia | Lithuania | Belarus | Ukraine | Poland | Denmark | Germany
0%
12Norway | Sweden | Finland | Russia | Estonia | Latvia | Lithuania | Belarus | Ukraine | Poland | Denmark | Germany
0%
12Norway | Sweden | Finland | Russia | Estonia | Latvia | Lithuania | Belarus | Ukraine | Poland | Denmark | Germany
0%
12Norway | Sweden | Finland | Russia | Estonia | Latvia | Lithuania | Belarus | Ukraine | Poland | Denmark | Germany
0%
12Norway | Sweden | Finland | Russia | Estonia | Latvia | Lithuania | Belarus | Ukraine | Poland | Denmark | Germany
0%
12Norway | Sweden | Finland | Russia | Estonia | Latvia | Lithuania | Belarus | Ukraine | Poland | Denmark | Germany
0%
12Norway | Sweden | Finland | Russia | Estonia | Latvia | Lithuania | Belarus | Ukraine | Poland | Denmark | Germany
0%
12Norway | Sweden | Finland | Russia | Estonia | Latvia | Lithuania | Belarus | Ukraine | Poland | Denmark | Germany
0%
12Norway | Sweden | Finland | Russia | Estonia | Latvia | Lithuania | Belarus | Ukraine | Poland | Denmark | Germany
0%
12Norway | Sweden | Finland | Russia | Estonia | Latvia | Lithuania | Belarus | Ukraine | Poland | Denmark | Germany
0%
12Norway | Sweden | Finland | Russia | Estonia | Latvia | Lithuania | Belarus | Ukraine | Poland | Denmark | Germany
0%
12Norway | Sweden | Finland | Russia | Estonia | Latvia | Lithuania | Belarus | Ukraine | Poland | Denmark | Germany
0%
12Norway | Sweden | Finland | Russia | Estonia | Latvia | Lithuania | Belarus | Ukraine | Poland | Denmark | Germany
0%
12Norway | Sweden | Finland | Russia | Estonia | Latvia | Lithuania | Belarus | Ukraine | Poland | Denmark | Germany
0%
12Norway | Sweden | Finland | Russia | Estonia | Latvia | Lithuania | Belarus | Ukraine | Poland | Denmark | Germany
0%
12Norway | Sweden | Finland | Russia | Estonia | Latvia | Lithuania | Belarus | Ukraine | Poland | Denmark | Germany
0%
12Norway | Sweden | Finland | Russia | Estonia | Latvia | Lithuania | Belarus | Ukraine | Poland | Denmark | Germany
0%
12Norway | Sweden | Finland | Russia | Estonia | Latvia | Lithuania | Belarus | Ukraine | Poland | Denmark | Germany
0%
12Norway | Sweden | Finland | Russia | Estonia | Latvia | Lithuania | Belarus | Ukraine | Poland | Denmark | Germany
0%
12Norway | Sweden | Finland | Russia | Estonia | Latvia | Lithuania | Belarus | Ukraine | Poland | Denmark | Germany
0%
12Norway | Sweden | Finland | Russia | Estonia | Latvia | Lithuania | Belarus | Ukraine | Poland | Denmark | Germany
0%
12Norway | Sweden | Finland | Russia | Estonia | Latvia | Lithuania | Belarus | Ukraine | Poland | Denmark | Germany
0%
12Norway | Sweden | Finland | Russia | Estonia | Latvia | Lithuania | Belarus | Ukraine | Poland | Denmark | Germany
0%
12Norway | Sweden | Finland | Russia | Estonia | Latvia | Lithuania | Belarus | Ukraine | Poland | Denmark | Germany
0%
12Norway | Sweden | Finland | Russia | Estonia | Latvia | Lithuania | Belarus | Ukraine | Poland | Denmark | Germany
0%
12Norway | Sweden | Finland | Russia | Estonia | Latvia | Lithuania | Belarus | Ukraine | Poland | Denmark | Germany
0%
12Norway | Sweden | Finland | Russia | Estonia | Latvia | Lithuania | Belarus | Ukraine | Poland | Denmark | Germany
0%
12Norway | Sweden | Finland | Russia | Estonia | Latvia | Lithuania | Belarus | Ukraine | Poland | Denmark | Germany
0%
12Norway | Sweden | Finland | Russia | Estonia | Latvia | Lithuania | Belarus | Ukraine | Poland | Denmark | Germany
0%
12Norway | Sweden | Finland | Russia | Estonia | Latvia | Lithuania | Belarus | Ukraine | Poland | Denmark | Germany
0%
12Norway | Sweden | Finland | Russia | Estonia | Latvia | Lithuania | Belarus | Ukraine | Poland | Denmark | Germany
0%
12Norway | Sweden | Finland | Russia | Estonia | Latvia | Lithuania | Belarus | Ukraine | Poland | Denmark | Germany
0%
12Norway | Sweden | Finland | Russia | Estonia | Latvia | Lithuania | Belarus | Ukraine | Poland | Denmark | Germany
0%
12Norway | Sweden | Finland | Russia | Estonia | Latvia | Lithuania | Belarus | Ukraine | Poland | Denmark | Germany
0%
3Palau | Federated States of Micronesia | Indonesia
0%
3Palau | Federated States of Micronesia | Indonesia
0%
3Palau | Federated States of Micronesia | Indonesia
0%
3Palau | Federated States of Micronesia | Indonesia
0%
3Palau | Federated States of Micronesia | Indonesia
0%
3Palau | Federated States of Micronesia | Indonesia
0%
3Palau | Federated States of Micronesia | Indonesia
0%
3Palau | Federated States of Micronesia | Indonesia
0%
3Palau | Federated States of Micronesia | Indonesia
0%
3Palau | Federated States of Micronesia | Indonesia
0%
3Palau | Federated States of Micronesia | Indonesia
0%
3Palau | Federated States of Micronesia | Indonesia
0%
3Palau | Federated States of Micronesia | Indonesia
0%
3Palau | Federated States of Micronesia | Indonesia
0%
3Palau | Federated States of Micronesia | Indonesia
0%
3Palau | Federated States of Micronesia | Indonesia
0%
3Palau | Federated States of Micronesia | Indonesia
0%
3Palau | Federated States of Micronesia | Indonesia
0%
3Palau | Federated States of Micronesia | Indonesia
0%
3Palau | Federated States of Micronesia | Indonesia
0%
3Palau | Federated States of Micronesia | Indonesia
0%
3Palau | Federated States of Micronesia | Indonesia
0%
3Palau | Federated States of Micronesia | Indonesia
0%
3Palau | Federated States of Micronesia | Indonesia
0%
3Palau | Federated States of Micronesia | Indonesia
0%
3Palau | Federated States of Micronesia | Indonesia
0%
3Palau | Federated States of Micronesia | Indonesia
0%
3Palau | Federated States of Micronesia | Indonesia
0%
3Palau | Federated States of Micronesia | Indonesia
0%
3Palau | Federated States of Micronesia | Indonesia
0%
3Palau | Federated States of Micronesia | Indonesia
0%
3Palau | Federated States of Micronesia | Indonesia
0%
3Palau | Federated States of Micronesia | Indonesia
0%
3Palau | Federated States of Micronesia | Indonesia
0%
3Palau | Federated States of Micronesia | Indonesia
0%
3Palau | Federated States of Micronesia | Indonesia
0%
3Palau | Federated States of Micronesia | Indonesia
0%
3Palau | Federated States of Micronesia | Indonesia
0%
3Palau | Federated States of Micronesia | Indonesia
0%
3Palau | Federated States of Micronesia | Indonesia
0%
3Palau | Federated States of Micronesia | Indonesia
0%
3Palau | Federated States of Micronesia | Indonesia
0%
3Palau | Federated States of Micronesia | Indonesia
0%
3Palau | Federated States of Micronesia | Indonesia
0%
3Palau | Federated States of Micronesia | Indonesia
0%
3Palau | Federated States of Micronesia | Indonesia
0%
3Palau | Federated States of Micronesia | Indonesia
0%
3Palau | Federated States of Micronesia | Indonesia
0%
3Palau | Federated States of Micronesia | Indonesia
0%
3Palau | Federated States of Micronesia | Indonesia
0%
3Palau | Federated States of Micronesia | Indonesia
0%
3Palau | Federated States of Micronesia | Indonesia
0%
3Palau | Federated States of Micronesia | Indonesia
0%
3Palau | Federated States of Micronesia | Indonesia
0%
3Palau | Federated States of Micronesia | Indonesia
0%
3Palau | Federated States of Micronesia | Indonesia
0%
3Palau | Federated States of Micronesia | Indonesia
0%
3Palau | Federated States of Micronesia | Indonesia
0%
3Palau | Federated States of Micronesia | Indonesia
0%
3Palau | Federated States of Micronesia | Indonesia
0%
3Palau | Federated States of Micronesia | Indonesia
0%
3Palau | Federated States of Micronesia | Indonesia
0%
3Palau | Federated States of Micronesia | Indonesia
0%
3Palau | Federated States of Micronesia | Indonesia
0%
3Palau | Federated States of Micronesia | Indonesia
0%
3Palau | Federated States of Micronesia | Indonesia
0%
3Palau | Federated States of Micronesia | Indonesia
0%
3Papua New Guinea | Solomon Islands | Vanuatu
0%
3Papua New Guinea | Solomon Islands | Vanuatu
0%
3Papua New Guinea | Solomon Islands | Vanuatu
0%
3Papua New Guinea | Solomon Islands | Vanuatu
0%
3Papua New Guinea | Solomon Islands | Vanuatu
0%
3Papua New Guinea | Solomon Islands | Vanuatu
0%
3Papua New Guinea | Solomon Islands | Vanuatu
0%
3Papua New Guinea | Solomon Islands | Vanuatu
0%
3Papua New Guinea | Solomon Islands | Vanuatu
0%
3Papua New Guinea | Solomon Islands | Vanuatu
0%
3Papua New Guinea | Solomon Islands | Vanuatu
0%
3Papua New Guinea | Solomon Islands | Vanuatu
0%
3Papua New Guinea | Solomon Islands | Vanuatu
0%
3Papua New Guinea | Solomon Islands | Vanuatu
0%
3Papua New Guinea | Solomon Islands | Vanuatu
0%
3Papua New Guinea | Solomon Islands | Vanuatu
0%
3Papua New Guinea | Solomon Islands | Vanuatu
0%
3Papua New Guinea | Solomon Islands | Vanuatu
0%
3Papua New Guinea | Solomon Islands | Vanuatu
0%
3Papua New Guinea | Solomon Islands | Vanuatu
0%
3Papua New Guinea | Solomon Islands | Vanuatu
0%
3Papua New Guinea | Solomon Islands | Vanuatu
0%
3Papua New Guinea | Solomon Islands | Vanuatu
0%
3Papua New Guinea | Solomon Islands | Vanuatu
0%
3Papua New Guinea | Solomon Islands | Vanuatu
0%
3Papua New Guinea | Solomon Islands | Vanuatu
0%
3Papua New Guinea | Solomon Islands | Vanuatu
0%
3Papua New Guinea | Solomon Islands | Vanuatu
0%
3Papua New Guinea | Solomon Islands | Vanuatu
0%
3Papua New Guinea | Solomon Islands | Vanuatu
0%
3Papua New Guinea | Solomon Islands | Vanuatu
0%
3Papua New Guinea | Solomon Islands | Vanuatu
0%
3Papua New Guinea | Solomon Islands | Vanuatu
0%
3Papua New Guinea | Solomon Islands | Vanuatu
0%
3Papua New Guinea | Solomon Islands | Vanuatu
0%
3Papua New Guinea | Solomon Islands | Vanuatu
0%
3Papua New Guinea | Solomon Islands | Vanuatu
0%
3Papua New Guinea | Solomon Islands | Vanuatu
0%
3Papua New Guinea | Solomon Islands | Vanuatu
0%
3Papua New Guinea | Solomon Islands | Vanuatu
0%
3Papua New Guinea | Solomon Islands | Vanuatu
0%
3Papua New Guinea | Solomon Islands | Vanuatu
0%
3Papua New Guinea | Solomon Islands | Vanuatu
0%
3Papua New Guinea | Solomon Islands | Vanuatu
0%
3Papua New Guinea | Solomon Islands | Vanuatu
0%
3Papua New Guinea | Solomon Islands | Vanuatu
0%
3Papua New Guinea | Solomon Islands | Vanuatu
0%
3Papua New Guinea | Solomon Islands | Vanuatu
0%
3Papua New Guinea | Solomon Islands | Vanuatu
0%
3Papua New Guinea | Solomon Islands | Vanuatu
0%
3Papua New Guinea | Solomon Islands | Vanuatu
0%
3Papua New Guinea | Solomon Islands | Vanuatu
0%
3Papua New Guinea | Solomon Islands | Vanuatu
0%
3Papua New Guinea | Solomon Islands | Vanuatu
0%
3Papua New Guinea | Solomon Islands | Vanuatu
0%
3Papua New Guinea | Solomon Islands | Vanuatu
0%
3Papua New Guinea | Solomon Islands | Vanuatu
0%
3Papua New Guinea | Solomon Islands | Vanuatu
0%
3Papua New Guinea | Solomon Islands | Vanuatu
0%
3Papua New Guinea | Solomon Islands | Vanuatu
0%
3Papua New Guinea | Solomon Islands | Vanuatu
0%
3Papua New Guinea | Solomon Islands | Vanuatu
0%
3Papua New Guinea | Solomon Islands | Vanuatu
0%
3Papua New Guinea | Solomon Islands | Vanuatu
0%
3Papua New Guinea | Solomon Islands | Vanuatu
0%
3Papua New Guinea | Solomon Islands | Vanuatu
0%
3Papua New Guinea | Solomon Islands | Vanuatu
0%
3Papua New Guinea | Solomon Islands | Vanuatu
0%
3Papua New Guinea | Solomon Islands | Vanuatu
0%
3Papua New Guinea | Solomon Islands | Vanuatu
0%
3Papua New Guinea | Solomon Islands | Vanuatu
0%
3Papua New Guinea | Solomon Islands | Vanuatu
0%
3Papua New Guinea | Solomon Islands | Vanuatu
0%
3Papua New Guinea | Solomon Islands | Vanuatu
0%
3Papua New Guinea | Solomon Islands | Vanuatu
0%
3Papua New Guinea | Solomon Islands | Vanuatu
0%
3Papua New Guinea | Solomon Islands | Vanuatu
0%
3Papua New Guinea | Solomon Islands | Vanuatu
0%
3Papua New Guinea | Solomon Islands | Vanuatu
0%
3Papua New Guinea | Solomon Islands | Vanuatu
0%
3Papua New Guinea | Solomon Islands | Vanuatu
0%
3Papua New Guinea | Solomon Islands | Vanuatu
0%
4Peru | Bolivia | Chile | Argentina
0%
4Peru | Bolivia | Chile | Argentina
0%
4Peru | Bolivia | Chile | Argentina
0%
4Peru | Bolivia | Chile | Argentina
0%
4Peru | Bolivia | Chile | Argentina
0%
4Peru | Bolivia | Chile | Argentina
0%
4Peru | Bolivia | Chile | Argentina
0%
4Peru | Bolivia | Chile | Argentina
0%
4Peru | Bolivia | Chile | Argentina
0%
4Peru | Bolivia | Chile | Argentina
0%
4Peru | Bolivia | Chile | Argentina
0%
4Peru | Bolivia | Chile | Argentina
0%
4Peru | Bolivia | Chile | Argentina
0%
4Peru | Bolivia | Chile | Argentina
0%
4Peru | Bolivia | Chile | Argentina
0%
4Peru | Bolivia | Chile | Argentina
0%
4Peru | Bolivia | Chile | Argentina
0%
4Peru | Bolivia | Chile | Argentina
0%
4Peru | Bolivia | Chile | Argentina
0%
4Peru | Bolivia | Chile | Argentina
0%
4Peru | Bolivia | Chile | Argentina
0%
4Peru | Bolivia | Chile | Argentina
0%
4Peru | Bolivia | Chile | Argentina
0%
4Peru | Bolivia | Chile | Argentina
0%
4Peru | Bolivia | Chile | Argentina
0%
4Peru | Bolivia | Chile | Argentina
0%
4Peru | Bolivia | Chile | Argentina
0%
4Peru | Bolivia | Chile | Argentina
0%
4Peru | Bolivia | Chile | Argentina
0%
4Peru | Bolivia | Chile | Argentina
0%
4Peru | Bolivia | Chile | Argentina
0%
4Peru | Bolivia | Chile | Argentina
0%
4Peru | Bolivia | Chile | Argentina
0%
4Peru | Bolivia | Chile | Argentina
0%
4Peru | Bolivia | Chile | Argentina
0%
4Peru | Bolivia | Chile | Argentina
0%
4Peru | Bolivia | Chile | Argentina
0%
4Peru | Bolivia | Chile | Argentina
0%
4Peru | Bolivia | Chile | Argentina
0%
4Peru | Bolivia | Chile | Argentina
0%
4Peru | Bolivia | Chile | Argentina
0%
4Peru | Bolivia | Chile | Argentina
0%
4Peru | Bolivia | Chile | Argentina
0%
4Peru | Bolivia | Chile | Argentina
0%
4Peru | Bolivia | Chile | Argentina
0%
4Peru | Bolivia | Chile | Argentina
0%
4Peru | Bolivia | Chile | Argentina
0%
4Peru | Bolivia | Chile | Argentina
0%
4Peru | Bolivia | Chile | Argentina
0%
4Peru | Bolivia | Chile | Argentina
0%
4Peru | Bolivia | Chile | Argentina
0%
4Peru | Bolivia | Chile | Argentina
0%
4Peru | Bolivia | Chile | Argentina
0%
4Peru | Bolivia | Chile | Argentina
0%
4Peru | Bolivia | Chile | Argentina
0%
4Peru | Bolivia | Chile | Argentina
0%
4Peru | Bolivia | Chile | Argentina
0%
4Peru | Bolivia | Chile | Argentina
0%
4Peru | Bolivia | Chile | Argentina
0%
4Peru | Bolivia | Chile | Argentina
0%
4Peru | Bolivia | Chile | Argentina
0%
4Peru | Bolivia | Chile | Argentina
0%
4Peru | Bolivia | Chile | Argentina
0%
4Peru | Bolivia | Chile | Argentina
0%
4Philippines | Brunei | Malaysia | Indonesia
0%
4Philippines | Brunei | Malaysia | Indonesia
0%
4Philippines | Brunei | Malaysia | Indonesia
0%
4Philippines | Brunei | Malaysia | Indonesia
0%
4Philippines | Brunei | Malaysia | Indonesia
0%
4Philippines | Brunei | Malaysia | Indonesia
0%
4Philippines | Brunei | Malaysia | Indonesia
0%
4Philippines | Brunei | Malaysia | Indonesia
0%
4Philippines | Brunei | Malaysia | Indonesia
0%
4Philippines | Brunei | Malaysia | Indonesia
0%
4Philippines | Brunei | Malaysia | Indonesia
0%
4Philippines | Brunei | Malaysia | Indonesia
0%
4Philippines | Brunei | Malaysia | Indonesia
0%
4Philippines | Brunei | Malaysia | Indonesia
0%
4Philippines | Brunei | Malaysia | Indonesia
0%
4Philippines | Brunei | Malaysia | Indonesia
0%
4Philippines | Brunei | Malaysia | Indonesia
0%
4Philippines | Brunei | Malaysia | Indonesia
0%
4Philippines | Brunei | Malaysia | Indonesia
0%
4Philippines | Brunei | Malaysia | Indonesia
0%
4Philippines | Brunei | Malaysia | Indonesia
0%
4Philippines | Brunei | Malaysia | Indonesia
0%
4Philippines | Brunei | Malaysia | Indonesia
0%
4Philippines | Brunei | Malaysia | Indonesia
0%
4Philippines | Brunei | Malaysia | Indonesia
0%
4Philippines | Brunei | Malaysia | Indonesia
0%
4Philippines | Brunei | Malaysia | Indonesia
0%
4Philippines | Brunei | Malaysia | Indonesia
0%
4Philippines | Brunei | Malaysia | Indonesia
0%
4Philippines | Brunei | Malaysia | Indonesia
0%
4Philippines | Brunei | Malaysia | Indonesia
0%
4Philippines | Brunei | Malaysia | Indonesia
0%
4Philippines | Brunei | Malaysia | Indonesia
0%
4Philippines | Brunei | Malaysia | Indonesia
0%
4Philippines | Brunei | Malaysia | Indonesia
0%
4Philippines | Brunei | Malaysia | Indonesia
0%
4Philippines | Brunei | Malaysia | Indonesia
0%
4Philippines | Brunei | Malaysia | Indonesia
0%
4Philippines | Brunei | Malaysia | Indonesia
0%
4Philippines | Brunei | Malaysia | Indonesia
0%
4Philippines | Brunei | Malaysia | Indonesia
0%
4Philippines | Brunei | Malaysia | Indonesia
0%
4Philippines | Brunei | Malaysia | Indonesia
0%
4Philippines | Brunei | Malaysia | Indonesia
0%
4Philippines | Brunei | Malaysia | Indonesia
0%
4Philippines | Brunei | Malaysia | Indonesia
0%
4Philippines | Brunei | Malaysia | Indonesia
0%
4Philippines | Brunei | Malaysia | Indonesia
0%
4Philippines | Brunei | Malaysia | Indonesia
0%
4Philippines | Brunei | Malaysia | Indonesia
0%
4Philippines | Brunei | Malaysia | Indonesia
0%
4Philippines | Brunei | Malaysia | Indonesia
0%
4Philippines | Brunei | Malaysia | Indonesia
0%
4Philippines | Brunei | Malaysia | Indonesia
0%
4Philippines | Brunei | Malaysia | Indonesia
0%
4Philippines | Brunei | Malaysia | Indonesia
0%
4Philippines | Brunei | Malaysia | Indonesia
0%
4Philippines | Brunei | Malaysia | Indonesia
0%
4Philippines | Brunei | Malaysia | Indonesia
0%
4Philippines | Brunei | Malaysia | Indonesia
0%
4Philippines | Brunei | Malaysia | Indonesia
0%
4Philippines | Brunei | Malaysia | Indonesia
0%
4Philippines | Brunei | Malaysia | Indonesia
0%
4Philippines | Brunei | Malaysia | Indonesia
0%
4Philippines | Brunei | Malaysia | Indonesia
0%
4Philippines | Brunei | Malaysia | Indonesia
0%
4Philippines | Brunei | Malaysia | Indonesia
0%
4Philippines | Brunei | Malaysia | Indonesia
0%
4Philippines | Brunei | Malaysia | Indonesia
0%
4Philippines | Brunei | Malaysia | Indonesia
0%
4Philippines | Brunei | Malaysia | Indonesia
0%
4Philippines | Brunei | Malaysia | Indonesia
0%
4Philippines | Brunei | Malaysia | Indonesia
0%
4Philippines | Brunei | Malaysia | Indonesia
0%
4Philippines | Brunei | Malaysia | Indonesia
0%
4Philippines | Brunei | Malaysia | Indonesia
0%
4Philippines | Brunei | Malaysia | Indonesia
0%
4Philippines | Brunei | Malaysia | Indonesia
0%
4Philippines | Brunei | Malaysia | Indonesia
0%
4Philippines | Brunei | Malaysia | Indonesia
0%
4Philippines | Brunei | Malaysia | Indonesia
0%
4Philippines | Brunei | Malaysia | Indonesia
0%
1Portugal
0%
1Portugal
0%
1Portugal
0%
1Portugal
0%
1Portugal
0%
1Portugal
0%
1Portugal
0%
1Portugal
0%
1Portugal
0%
1Portugal
0%
1Portugal
0%
1Portugal
0%
1Portugal
0%
1Portugal
0%
1Portugal
0%
1Portugal
0%
1Portugal
0%
1Portugal
0%
1Portugal
0%
1Portugal
0%
1Portugal
0%
1Portugal
0%
1Portugal
0%
1Portugal
0%
1Portugal
0%
1Portugal
0%
1Portugal
0%
1Portugal
0%
1Portugal
0%
1Portugal
0%
1Portugal
0%
1Portugal
0%
1Portugal
0%
1Portugal
0%
1Portugal
0%
1Portugal
0%
1Portugal
0%
1Portugal
0%
1Portugal
0%
1Portugal
0%
1Portugal
0%
1Portugal
0%
1Portugal
0%
1Portugal
0%
1Portugal
0%
1Portugal
0%
1Portugal
0%
1Portugal
0%
1Portugal
0%
1Portugal
0%
1Portugal
0%
1Portugal
0%
1Portugal
0%
1Portugal
0%
1Portugal
0%
1Portugal
0%
1Portugal
0%
1Portugal
0%
1Portugal
0%
1Portugal
0%
1Portugal
0%
1Portugal
0%
1Portugal
0%
1Portugal
0%
1Portugal
0%
1Portugal
0%
1Portugal
0%
1Portugal
0%
1Portugal
0%
1Portugal
0%
1Portugal
0%
1Portugal
0%
1Portugal
0%
1Portugal
0%
1Portugal
0%
1Portugal
0%
1Portugal
0%
1Portugal
0%
1Portugal
0%
1Portugal
0%
1Portugal
0%
1Portugal
0%
1Portugal
0%
1Portugal
0%
1Portugal
0%
1Portugal
0%
1Portugal
0%
1Portugal
0%
1Portugal
0%
1Portugal
0%
1Portugal
0%
14Portugal | Spain | France | Andorra | Monaco | United Kingdom | Italy | Switzerland | Liechtenstein | Austria | Germany | Belgium | Netherlands | Luxembourg
0%
14Portugal | Spain | France | Andorra | Monaco | United Kingdom | Italy | Switzerland | Liechtenstein | Austria | Germany | Belgium | Netherlands | Luxembourg
0%
14Portugal | Spain | France | Andorra | Monaco | United Kingdom | Italy | Switzerland | Liechtenstein | Austria | Germany | Belgium | Netherlands | Luxembourg
0%
14Portugal | Spain | France | Andorra | Monaco | United Kingdom | Italy | Switzerland | Liechtenstein | Austria | Germany | Belgium | Netherlands | Luxembourg
0%
14Portugal | Spain | France | Andorra | Monaco | United Kingdom | Italy | Switzerland | Liechtenstein | Austria | Germany | Belgium | Netherlands | Luxembourg
0%
14Portugal | Spain | France | Andorra | Monaco | United Kingdom | Italy | Switzerland | Liechtenstein | Austria | Germany | Belgium | Netherlands | Luxembourg
0%
14Portugal | Spain | France | Andorra | Monaco | United Kingdom | Italy | Switzerland | Liechtenstein | Austria | Germany | Belgium | Netherlands | Luxembourg
0%
14Portugal | Spain | France | Andorra | Monaco | United Kingdom | Italy | Switzerland | Liechtenstein | Austria | Germany | Belgium | Netherlands | Luxembourg
0%
14Portugal | Spain | France | Andorra | Monaco | United Kingdom | Italy | Switzerland | Liechtenstein | Austria | Germany | Belgium | Netherlands | Luxembourg
0%
14Portugal | Spain | France | Andorra | Monaco | United Kingdom | Italy | Switzerland | Liechtenstein | Austria | Germany | Belgium | Netherlands | Luxembourg
0%
14Portugal | Spain | France | Andorra | Monaco | United Kingdom | Italy | Switzerland | Liechtenstein | Austria | Germany | Belgium | Netherlands | Luxembourg
0%
14Portugal | Spain | France | Andorra | Monaco | United Kingdom | Italy | Switzerland | Liechtenstein | Austria | Germany | Belgium | Netherlands | Luxembourg
0%
14Portugal | Spain | France | Andorra | Monaco | United Kingdom | Italy | Switzerland | Liechtenstein | Austria | Germany | Belgium | Netherlands | Luxembourg
0%
14Portugal | Spain | France | Andorra | Monaco | United Kingdom | Italy | Switzerland | Liechtenstein | Austria | Germany | Belgium | Netherlands | Luxembourg
0%
14Portugal | Spain | France | Andorra | Monaco | United Kingdom | Italy | Switzerland | Liechtenstein | Austria | Germany | Belgium | Netherlands | Luxembourg
0%
14Portugal | Spain | France | Andorra | Monaco | United Kingdom | Italy | Switzerland | Liechtenstein | Austria | Germany | Belgium | Netherlands | Luxembourg
0%
14Portugal | Spain | France | Andorra | Monaco | United Kingdom | Italy | Switzerland | Liechtenstein | Austria | Germany | Belgium | Netherlands | Luxembourg
0%
14Portugal | Spain | France | Andorra | Monaco | United Kingdom | Italy | Switzerland | Liechtenstein | Austria | Germany | Belgium | Netherlands | Luxembourg
0%
14Portugal | Spain | France | Andorra | Monaco | United Kingdom | Italy | Switzerland | Liechtenstein | Austria | Germany | Belgium | Netherlands | Luxembourg
0%
14Portugal | Spain | France | Andorra | Monaco | United Kingdom | Italy | Switzerland | Liechtenstein | Austria | Germany | Belgium | Netherlands | Luxembourg
0%
14Portugal | Spain | France | Andorra | Monaco | United Kingdom | Italy | Switzerland | Liechtenstein | Austria | Germany | Belgium | Netherlands | Luxembourg
0%
14Portugal | Spain | France | Andorra | Monaco | United Kingdom | Italy | Switzerland | Liechtenstein | Austria | Germany | Belgium | Netherlands | Luxembourg
0%
14Portugal | Spain | France | Andorra | Monaco | United Kingdom | Italy | Switzerland | Liechtenstein | Austria | Germany | Belgium | Netherlands | Luxembourg
0%
14Portugal | Spain | France | Andorra | Monaco | United Kingdom | Italy | Switzerland | Liechtenstein | Austria | Germany | Belgium | Netherlands | Luxembourg
0%
14Portugal | Spain | France | Andorra | Monaco | United Kingdom | Italy | Switzerland | Liechtenstein | Austria | Germany | Belgium | Netherlands | Luxembourg
0%
14Portugal | Spain | France | Andorra | Monaco | United Kingdom | Italy | Switzerland | Liechtenstein | Austria | Germany | Belgium | Netherlands | Luxembourg
0%
14Portugal | Spain | France | Andorra | Monaco | United Kingdom | Italy | Switzerland | Liechtenstein | Austria | Germany | Belgium | Netherlands | Luxembourg
0%
14Portugal | Spain | France | Andorra | Monaco | United Kingdom | Italy | Switzerland | Liechtenstein | Austria | Germany | Belgium | Netherlands | Luxembourg
0%
14Portugal | Spain | France | Andorra | Monaco | United Kingdom | Italy | Switzerland | Liechtenstein | Austria | Germany | Belgium | Netherlands | Luxembourg
0%
14Portugal | Spain | France | Andorra | Monaco | United Kingdom | Italy | Switzerland | Liechtenstein | Austria | Germany | Belgium | Netherlands | Luxembourg
0%
14Portugal | Spain | France | Andorra | Monaco | United Kingdom | Italy | Switzerland | Liechtenstein | Austria | Germany | Belgium | Netherlands | Luxembourg
0%
14Portugal | Spain | France | Andorra | Monaco | United Kingdom | Italy | Switzerland | Liechtenstein | Austria | Germany | Belgium | Netherlands | Luxembourg
0%
14Portugal | Spain | France | Andorra | Monaco | United Kingdom | Italy | Switzerland | Liechtenstein | Austria | Germany | Belgium | Netherlands | Luxembourg
0%
14Portugal | Spain | France | Andorra | Monaco | United Kingdom | Italy | Switzerland | Liechtenstein | Austria | Germany | Belgium | Netherlands | Luxembourg
0%
14Portugal | Spain | France | Andorra | Monaco | United Kingdom | Italy | Switzerland | Liechtenstein | Austria | Germany | Belgium | Netherlands | Luxembourg
0%
14Portugal | Spain | France | Andorra | Monaco | United Kingdom | Italy | Switzerland | Liechtenstein | Austria | Germany | Belgium | Netherlands | Luxembourg
0%
14Portugal | Spain | France | Andorra | Monaco | United Kingdom | Italy | Switzerland | Liechtenstein | Austria | Germany | Belgium | Netherlands | Luxembourg
0%
14Portugal | Spain | France | Andorra | Monaco | United Kingdom | Italy | Switzerland | Liechtenstein | Austria | Germany | Belgium | Netherlands | Luxembourg
0%
14Portugal | Spain | France | Andorra | Monaco | United Kingdom | Italy | Switzerland | Liechtenstein | Austria | Germany | Belgium | Netherlands | Luxembourg
0%
14Portugal | Spain | France | Andorra | Monaco | United Kingdom | Italy | Switzerland | Liechtenstein | Austria | Germany | Belgium | Netherlands | Luxembourg
0%
14Portugal | Spain | France | Andorra | Monaco | United Kingdom | Italy | Switzerland | Liechtenstein | Austria | Germany | Belgium | Netherlands | Luxembourg
0%
14Portugal | Spain | France | Andorra | Monaco | United Kingdom | Italy | Switzerland | Liechtenstein | Austria | Germany | Belgium | Netherlands | Luxembourg
0%
14Portugal | Spain | France | Andorra | Monaco | United Kingdom | Italy | Switzerland | Liechtenstein | Austria | Germany | Belgium | Netherlands | Luxembourg
0%
14Portugal | Spain | France | Andorra | Monaco | United Kingdom | Italy | Switzerland | Liechtenstein | Austria | Germany | Belgium | Netherlands | Luxembourg
0%
14Portugal | Spain | France | Andorra | Monaco | United Kingdom | Italy | Switzerland | Liechtenstein | Austria | Germany | Belgium | Netherlands | Luxembourg
0%
14Portugal | Spain | France | Andorra | Monaco | United Kingdom | Italy | Switzerland | Liechtenstein | Austria | Germany | Belgium | Netherlands | Luxembourg
0%
14Portugal | Spain | France | Andorra | Monaco | United Kingdom | Italy | Switzerland | Liechtenstein | Austria | Germany | Belgium | Netherlands | Luxembourg
0%
14Portugal | Spain | France | Andorra | Monaco | United Kingdom | Italy | Switzerland | Liechtenstein | Austria | Germany | Belgium | Netherlands | Luxembourg
0%
14Portugal | Spain | France | Andorra | Monaco | United Kingdom | Italy | Switzerland | Liechtenstein | Austria | Germany | Belgium | Netherlands | Luxembourg
0%
14Portugal | Spain | France | Andorra | Monaco | United Kingdom | Italy | Switzerland | Liechtenstein | Austria | Germany | Belgium | Netherlands | Luxembourg
0%
14Portugal | Spain | France | Andorra | Monaco | United Kingdom | Italy | Switzerland | Liechtenstein | Austria | Germany | Belgium | Netherlands | Luxembourg
0%
14Portugal | Spain | France | Andorra | Monaco | United Kingdom | Italy | Switzerland | Liechtenstein | Austria | Germany | Belgium | Netherlands | Luxembourg
0%
14Portugal | Spain | France | Andorra | Monaco | United Kingdom | Italy | Switzerland | Liechtenstein | Austria | Germany | Belgium | Netherlands | Luxembourg
0%
14Portugal | Spain | France | Andorra | Monaco | United Kingdom | Italy | Switzerland | Liechtenstein | Austria | Germany | Belgium | Netherlands | Luxembourg
0%
14Portugal | Spain | France | Andorra | Monaco | United Kingdom | Italy | Switzerland | Liechtenstein | Austria | Germany | Belgium | Netherlands | Luxembourg
0%
14Portugal | Spain | France | Andorra | Monaco | United Kingdom | Italy | Switzerland | Liechtenstein | Austria | Germany | Belgium | Netherlands | Luxembourg
0%
14Portugal | Spain | France | Andorra | Monaco | United Kingdom | Italy | Switzerland | Liechtenstein | Austria | Germany | Belgium | Netherlands | Luxembourg
0%
14Portugal | Spain | France | Andorra | Monaco | United Kingdom | Italy | Switzerland | Liechtenstein | Austria | Germany | Belgium | Netherlands | Luxembourg
0%
14Portugal | Spain | France | Andorra | Monaco | United Kingdom | Italy | Switzerland | Liechtenstein | Austria | Germany | Belgium | Netherlands | Luxembourg
0%
14Portugal | Spain | France | Andorra | Monaco | United Kingdom | Italy | Switzerland | Liechtenstein | Austria | Germany | Belgium | Netherlands | Luxembourg
0%
14Portugal | Spain | France | Andorra | Monaco | United Kingdom | Italy | Switzerland | Liechtenstein | Austria | Germany | Belgium | Netherlands | Luxembourg
0%
14Portugal | Spain | France | Andorra | Monaco | United Kingdom | Italy | Switzerland | Liechtenstein | Austria | Germany | Belgium | Netherlands | Luxembourg
0%
14Portugal | Spain | France | Andorra | Monaco | United Kingdom | Italy | Switzerland | Liechtenstein | Austria | Germany | Belgium | Netherlands | Luxembourg
0%
14Portugal | Spain | France | Andorra | Monaco | United Kingdom | Italy | Switzerland | Liechtenstein | Austria | Germany | Belgium | Netherlands | Luxembourg
0%
14Portugal | Spain | France | Andorra | Monaco | United Kingdom | Italy | Switzerland | Liechtenstein | Austria | Germany | Belgium | Netherlands | Luxembourg
0%
14Portugal | Spain | France | Andorra | Monaco | United Kingdom | Italy | Switzerland | Liechtenstein | Austria | Germany | Belgium | Netherlands | Luxembourg
0%
14Portugal | Spain | France | Andorra | Monaco | United Kingdom | Italy | Switzerland | Liechtenstein | Austria | Germany | Belgium | Netherlands | Luxembourg
0%
14Portugal | Spain | France | Andorra | Monaco | United Kingdom | Italy | Switzerland | Liechtenstein | Austria | Germany | Belgium | Netherlands | Luxembourg
0%
14Portugal | Spain | France | Andorra | Monaco | United Kingdom | Italy | Switzerland | Liechtenstein | Austria | Germany | Belgium | Netherlands | Luxembourg
0%
14Portugal | Spain | France | Andorra | Monaco | United Kingdom | Italy | Switzerland | Liechtenstein | Austria | Germany | Belgium | Netherlands | Luxembourg
0%
14Portugal | Spain | France | Andorra | Monaco | United Kingdom | Italy | Switzerland | Liechtenstein | Austria | Germany | Belgium | Netherlands | Luxembourg
0%
10Republic of the Congo | Democratic Republic of the Congo | Burundi | Rwanda | Tanzania | Angola | Zambia | Zimbabwe | Mozambique | Gabon
0%
10Republic of the Congo | Democratic Republic of the Congo | Burundi | Rwanda | Tanzania | Angola | Zambia | Zimbabwe | Mozambique | Gabon
0%
10Republic of the Congo | Democratic Republic of the Congo | Burundi | Rwanda | Tanzania | Angola | Zambia | Zimbabwe | Mozambique | Gabon
0%
10Republic of the Congo | Democratic Republic of the Congo | Burundi | Rwanda | Tanzania | Angola | Zambia | Zimbabwe | Mozambique | Gabon
0%
10Republic of the Congo | Democratic Republic of the Congo | Burundi | Rwanda | Tanzania | Angola | Zambia | Zimbabwe | Mozambique | Gabon
0%
10Republic of the Congo | Democratic Republic of the Congo | Burundi | Rwanda | Tanzania | Angola | Zambia | Zimbabwe | Mozambique | Gabon
0%
10Republic of the Congo | Democratic Republic of the Congo | Burundi | Rwanda | Tanzania | Angola | Zambia | Zimbabwe | Mozambique | Gabon
0%
10Republic of the Congo | Democratic Republic of the Congo | Burundi | Rwanda | Tanzania | Angola | Zambia | Zimbabwe | Mozambique | Gabon
0%
10Republic of the Congo | Democratic Republic of the Congo | Burundi | Rwanda | Tanzania | Angola | Zambia | Zimbabwe | Mozambique | Gabon
0%
10Republic of the Congo | Democratic Republic of the Congo | Burundi | Rwanda | Tanzania | Angola | Zambia | Zimbabwe | Mozambique | Gabon
0%
10Republic of the Congo | Democratic Republic of the Congo | Burundi | Rwanda | Tanzania | Angola | Zambia | Zimbabwe | Mozambique | Gabon
0%
10Republic of the Congo | Democratic Republic of the Congo | Burundi | Rwanda | Tanzania | Angola | Zambia | Zimbabwe | Mozambique | Gabon
0%
10Republic of the Congo | Democratic Republic of the Congo | Burundi | Rwanda | Tanzania | Angola | Zambia | Zimbabwe | Mozambique | Gabon
0%
10Republic of the Congo | Democratic Republic of the Congo | Burundi | Rwanda | Tanzania | Angola | Zambia | Zimbabwe | Mozambique | Gabon
0%
10Republic of the Congo | Democratic Republic of the Congo | Burundi | Rwanda | Tanzania | Angola | Zambia | Zimbabwe | Mozambique | Gabon
0%
10Republic of the Congo | Democratic Republic of the Congo | Burundi | Rwanda | Tanzania | Angola | Zambia | Zimbabwe | Mozambique | Gabon
0%
10Republic of the Congo | Democratic Republic of the Congo | Burundi | Rwanda | Tanzania | Angola | Zambia | Zimbabwe | Mozambique | Gabon
0%
10Republic of the Congo | Democratic Republic of the Congo | Burundi | Rwanda | Tanzania | Angola | Zambia | Zimbabwe | Mozambique | Gabon
0%
10Republic of the Congo | Democratic Republic of the Congo | Burundi | Rwanda | Tanzania | Angola | Zambia | Zimbabwe | Mozambique | Gabon
0%
10Republic of the Congo | Democratic Republic of the Congo | Burundi | Rwanda | Tanzania | Angola | Zambia | Zimbabwe | Mozambique | Gabon
0%
10Republic of the Congo | Democratic Republic of the Congo | Burundi | Rwanda | Tanzania | Angola | Zambia | Zimbabwe | Mozambique | Gabon
0%
10Republic of the Congo | Democratic Republic of the Congo | Burundi | Rwanda | Tanzania | Angola | Zambia | Zimbabwe | Mozambique | Gabon
0%
10Republic of the Congo | Democratic Republic of the Congo | Burundi | Rwanda | Tanzania | Angola | Zambia | Zimbabwe | Mozambique | Gabon
0%
10Republic of the Congo | Democratic Republic of the Congo | Burundi | Rwanda | Tanzania | Angola | Zambia | Zimbabwe | Mozambique | Gabon
0%
10Republic of the Congo | Democratic Republic of the Congo | Burundi | Rwanda | Tanzania | Angola | Zambia | Zimbabwe | Mozambique | Gabon
0%
10Republic of the Congo | Democratic Republic of the Congo | Burundi | Rwanda | Tanzania | Angola | Zambia | Zimbabwe | Mozambique | Gabon
0%
10Republic of the Congo | Democratic Republic of the Congo | Burundi | Rwanda | Tanzania | Angola | Zambia | Zimbabwe | Mozambique | Gabon
0%
10Republic of the Congo | Democratic Republic of the Congo | Burundi | Rwanda | Tanzania | Angola | Zambia | Zimbabwe | Mozambique | Gabon
0%
10Republic of the Congo | Democratic Republic of the Congo | Burundi | Rwanda | Tanzania | Angola | Zambia | Zimbabwe | Mozambique | Gabon
0%
10Republic of the Congo | Democratic Republic of the Congo | Burundi | Rwanda | Tanzania | Angola | Zambia | Zimbabwe | Mozambique | Gabon
0%
10Republic of the Congo | Democratic Republic of the Congo | Burundi | Rwanda | Tanzania | Angola | Zambia | Zimbabwe | Mozambique | Gabon
0%
10Republic of the Congo | Democratic Republic of the Congo | Burundi | Rwanda | Tanzania | Angola | Zambia | Zimbabwe | Mozambique | Gabon
0%
10Republic of the Congo | Democratic Republic of the Congo | Burundi | Rwanda | Tanzania | Angola | Zambia | Zimbabwe | Mozambique | Gabon
0%
10Republic of the Congo | Democratic Republic of the Congo | Burundi | Rwanda | Tanzania | Angola | Zambia | Zimbabwe | Mozambique | Gabon
0%
10Republic of the Congo | Democratic Republic of the Congo | Burundi | Rwanda | Tanzania | Angola | Zambia | Zimbabwe | Mozambique | Gabon
0%
10Republic of the Congo | Democratic Republic of the Congo | Burundi | Rwanda | Tanzania | Angola | Zambia | Zimbabwe | Mozambique | Gabon
0%
10Republic of the Congo | Democratic Republic of the Congo | Burundi | Rwanda | Tanzania | Angola | Zambia | Zimbabwe | Mozambique | Gabon
0%
10Republic of the Congo | Democratic Republic of the Congo | Burundi | Rwanda | Tanzania | Angola | Zambia | Zimbabwe | Mozambique | Gabon
0%
10Republic of the Congo | Democratic Republic of the Congo | Burundi | Rwanda | Tanzania | Angola | Zambia | Zimbabwe | Mozambique | Gabon
0%
10Republic of the Congo | Democratic Republic of the Congo | Burundi | Rwanda | Tanzania | Angola | Zambia | Zimbabwe | Mozambique | Gabon
0%
10Republic of the Congo | Democratic Republic of the Congo | Burundi | Rwanda | Tanzania | Angola | Zambia | Zimbabwe | Mozambique | Gabon
0%
10Republic of the Congo | Democratic Republic of the Congo | Burundi | Rwanda | Tanzania | Angola | Zambia | Zimbabwe | Mozambique | Gabon
0%
10Republic of the Congo | Democratic Republic of the Congo | Burundi | Rwanda | Tanzania | Angola | Zambia | Zimbabwe | Mozambique | Gabon
0%
10Republic of the Congo | Democratic Republic of the Congo | Burundi | Rwanda | Tanzania | Angola | Zambia | Zimbabwe | Mozambique | Gabon
0%
10Republic of the Congo | Democratic Republic of the Congo | Burundi | Rwanda | Tanzania | Angola | Zambia | Zimbabwe | Mozambique | Gabon
0%
10Republic of the Congo | Democratic Republic of the Congo | Burundi | Rwanda | Tanzania | Angola | Zambia | Zimbabwe | Mozambique | Gabon
0%
10Republic of the Congo | Democratic Republic of the Congo | Burundi | Rwanda | Tanzania | Angola | Zambia | Zimbabwe | Mozambique | Gabon
0%
10Republic of the Congo | Democratic Republic of the Congo | Burundi | Rwanda | Tanzania | Angola | Zambia | Zimbabwe | Mozambique | Gabon
0%
10Republic of the Congo | Democratic Republic of the Congo | Burundi | Rwanda | Tanzania | Angola | Zambia | Zimbabwe | Mozambique | Gabon
0%
10Republic of the Congo | Democratic Republic of the Congo | Burundi | Rwanda | Tanzania | Angola | Zambia | Zimbabwe | Mozambique | Gabon
0%
10Republic of the Congo | Democratic Republic of the Congo | Burundi | Rwanda | Tanzania | Angola | Zambia | Zimbabwe | Mozambique | Gabon
0%
10Republic of the Congo | Democratic Republic of the Congo | Burundi | Rwanda | Tanzania | Angola | Zambia | Zimbabwe | Mozambique | Gabon
0%
10Republic of the Congo | Democratic Republic of the Congo | Burundi | Rwanda | Tanzania | Angola | Zambia | Zimbabwe | Mozambique | Gabon
0%
10Republic of the Congo | Democratic Republic of the Congo | Burundi | Rwanda | Tanzania | Angola | Zambia | Zimbabwe | Mozambique | Gabon
0%
10Republic of the Congo | Democratic Republic of the Congo | Burundi | Rwanda | Tanzania | Angola | Zambia | Zimbabwe | Mozambique | Gabon
0%
10Republic of the Congo | Democratic Republic of the Congo | Burundi | Rwanda | Tanzania | Angola | Zambia | Zimbabwe | Mozambique | Gabon
0%
10Republic of the Congo | Democratic Republic of the Congo | Burundi | Rwanda | Tanzania | Angola | Zambia | Zimbabwe | Mozambique | Gabon
0%
10Republic of the Congo | Democratic Republic of the Congo | Burundi | Rwanda | Tanzania | Angola | Zambia | Zimbabwe | Mozambique | Gabon
0%
10Republic of the Congo | Democratic Republic of the Congo | Burundi | Rwanda | Tanzania | Angola | Zambia | Zimbabwe | Mozambique | Gabon
0%
10Republic of the Congo | Democratic Republic of the Congo | Burundi | Rwanda | Tanzania | Angola | Zambia | Zimbabwe | Mozambique | Gabon
0%
10Republic of the Congo | Democratic Republic of the Congo | Burundi | Rwanda | Tanzania | Angola | Zambia | Zimbabwe | Mozambique | Gabon
0%
10Republic of the Congo | Democratic Republic of the Congo | Burundi | Rwanda | Tanzania | Angola | Zambia | Zimbabwe | Mozambique | Gabon
0%
10Republic of the Congo | Democratic Republic of the Congo | Burundi | Rwanda | Tanzania | Angola | Zambia | Zimbabwe | Mozambique | Gabon
0%
10Republic of the Congo | Democratic Republic of the Congo | Burundi | Rwanda | Tanzania | Angola | Zambia | Zimbabwe | Mozambique | Gabon
0%
10Republic of the Congo | Democratic Republic of the Congo | Burundi | Rwanda | Tanzania | Angola | Zambia | Zimbabwe | Mozambique | Gabon
0%
10Republic of the Congo | Democratic Republic of the Congo | Burundi | Rwanda | Tanzania | Angola | Zambia | Zimbabwe | Mozambique | Gabon
0%
10Republic of the Congo | Democratic Republic of the Congo | Burundi | Rwanda | Tanzania | Angola | Zambia | Zimbabwe | Mozambique | Gabon
0%
10Republic of the Congo | Democratic Republic of the Congo | Burundi | Rwanda | Tanzania | Angola | Zambia | Zimbabwe | Mozambique | Gabon
0%
10Republic of the Congo | Democratic Republic of the Congo | Burundi | Rwanda | Tanzania | Angola | Zambia | Zimbabwe | Mozambique | Gabon
0%
10Republic of the Congo | Democratic Republic of the Congo | Burundi | Rwanda | Tanzania | Angola | Zambia | Zimbabwe | Mozambique | Gabon
0%
10Republic of the Congo | Democratic Republic of the Congo | Burundi | Rwanda | Tanzania | Angola | Zambia | Zimbabwe | Mozambique | Gabon
0%
10Republic of the Congo | Democratic Republic of the Congo | Burundi | Rwanda | Tanzania | Angola | Zambia | Zimbabwe | Mozambique | Gabon
0%
10Republic of the Congo | Democratic Republic of the Congo | Burundi | Rwanda | Tanzania | Angola | Zambia | Zimbabwe | Mozambique | Gabon
0%
10Republic of the Congo | Democratic Republic of the Congo | Burundi | Rwanda | Tanzania | Angola | Zambia | Zimbabwe | Mozambique | Gabon
0%
10Republic of the Congo | Democratic Republic of the Congo | Burundi | Rwanda | Tanzania | Angola | Zambia | Zimbabwe | Mozambique | Gabon
0%
10Republic of the Congo | Democratic Republic of the Congo | Burundi | Rwanda | Tanzania | Angola | Zambia | Zimbabwe | Mozambique | Gabon
0%
1Russia
0%
1Russia
0%
1Russia
0%
1Russia
0%
1Russia
0%
1Russia
0%
1Russia
0%
1Russia
0%
1Russia
0%
1Russia
0%
1Russia
0%
1Russia
0%
1Russia
0%
1Russia
0%
1Russia
0%
1Russia
0%
1Russia
0%
1Russia
0%
1Russia
0%
1Russia
0%
1Russia
0%
1Russia
0%
1Russia
0%
1Russia
0%
1Russia
0%
1Russia
0%
1Russia
0%
1Russia
0%
1Russia
0%
1Russia
0%
1Russia
0%
1Russia
0%
1Russia
0%
1Russia
0%
1Russia
0%
1Russia
0%
1Russia
0%
1Russia
0%
1Russia
0%
1Russia
0%
1Russia
0%
1Russia
0%
1Russia
0%
1Russia
0%
1Russia
0%
1Russia
0%
1Russia
0%
1Russia
0%
1Russia
0%
1Russia
0%
1Russia
0%
1Russia
0%
1Russia
0%
1Russia
0%
1Russia
0%
1Russia
0%
1Russia
0%
1Russia
0%
1Russia
0%
1Russia
0%
1Russia
0%
1Russia
0%
1Russia
0%
1Russia
0%
1Russia
0%
1Russia
0%
1Russia
0%
1Russia
0%
1Russia
0%
1Russia
0%
1Russia
0%
1Russia
0%
1Russia
0%
1Russia
0%
1Russia
0%
1Russia
0%
1Russia
0%
1Russia
0%
1Russia
0%
1Russia
0%
1Russia
0%
1Russia
0%
1Russia
0%
1Russia
0%
1Russia
0%
1Russia
0%
1Russia
0%
1Russia
0%
1Russia
0%
1Russia
0%
1Russia
0%
1Russia
0%
1Russia
0%
1Russia
0%
1Russia
0%
1Russia
0%
1Russia
0%
1Russia
0%
1Russia
0%
1Russia
0%
1Russia
0%
1Russia
0%
1Russia
0%
1Russia
0%
1Russia
0%
1Russia
0%
1Russia
0%
1Russia
0%
1Russia
0%
1Russia
0%
1Russia
0%
1Russia
0%
1Russia
0%
1Russia
0%
1Russia
0%
1Russia
0%
1Russia
0%
1Russia
0%
1Russia
0%
1Russia
0%
1Russia
0%
1Russia
0%
1Russia
0%
1Russia
0%
1Russia
0%
1Russia
0%
1Russia
0%
1Russia
0%
1Russia
0%
1Russia
0%
1Russia
0%
1Russia
0%
1Russia
0%
1Russia
0%
1Russia
0%
1Russia
0%
1Russia
0%
1Russia
0%
1Russia
0%
1Russia
0%
1Russia
0%
1Russia
0%
1Russia
0%
1Russia
0%
1Russia
0%
1Russia
0%
1Russia
0%
1Russia
0%
1Russia
0%
1Russia
0%
1Russia
0%
1Russia
0%
1Russia
0%
1Russia
0%
1Russia
0%
1Russia
0%
1Russia
0%
1Russia
0%
1Russia
0%
1Russia
0%
1Russia
0%
1Russia
0%
1Russia
0%
1Russia
0%
1Russia
0%
1Russia
0%
1Russia
0%
1Russia
0%
1Russia
0%
1Russia
0%
1Russia
0%
1Russia
0%
1Russia
0%
1Russia
0%
1Russia
0%
1Russia
0%
1Russia
0%
1Russia
0%
1Russia
0%
1Russia
0%
1Russia
0%
1Russia
0%
1Russia
0%
1Russia
0%
1Russia
0%
1Russia
0%
1Russia
0%
1Russia
0%
1Russia
0%
1Russia
0%
1Russia
0%
1Russia
0%
1Russia
0%
1Russia
0%
1Russia
0%
1Russia
0%
1Russia
0%
1Russia
0%
1Russia
0%
1Russia
0%
1Russia
0%
1Russia
0%
1Russia
0%
1Russia
0%
1Russia
0%
1Russia
0%
1Russia
0%
1Russia
0%
1Russia
0%
1Russia
0%
1Russia
0%
1Russia
0%
1Russia
0%
1Russia
0%
1Russia
0%
1Russia
0%
1Russia
0%
1Russia
0%
1Russia
0%
1Russia
0%
1Russia
0%
1Russia
0%
1Russia
0%
1Russia
0%
1Russia
0%
1Russia
0%
1Russia
0%
1Russia
0%
1Russia
0%
1Russia
0%
1Russia
0%
1Russia
0%
1Russia
0%
1Russia
0%
1Russia
0%
1Russia
0%
1Russia
0%
1Russia
0%
1Russia
0%
1Russia
0%
1Russia
0%
1Russia
0%
1Russia
0%
1Russia
0%
1Russia
0%
1Russia
0%
1Russia
0%
1Russia
0%
1Russia
0%
1Russia
0%
1Russia
0%
1Russia
0%
1Russia
0%
1Russia
0%
1Russia
0%
1Russia
0%
1Russia
0%
1Russia
0%
1Russia
0%
1Russia
0%
1Russia
0%
1Russia
0%
1Russia
0%
1Russia
0%
1Russia
0%
1Russia
0%
1Russia
0%
1Russia
0%
1Russia
0%
1Russia
0%
1Russia
0%
1Russia
0%
1Russia
0%
1Russia
0%
1Russia
0%
1Russia
0%
1Russia
0%
1Russia
0%
1Russia
0%
1Russia
0%
1Russia
0%
1Russia
0%
1Russia
0%
1Russia
0%
1Russia
0%
1Russia
0%
1Russia
0%
1Russia
0%
1Russia
0%
1Russia
0%
1Russia
0%
1Russia
0%
1Russia
0%
1Russia
0%
1Russia
0%
1Russia
0%
1Russia
0%
1Russia
0%
1Russia
0%
1Russia
0%
1Russia
0%
1Russia
0%
1Russia
0%
1Russia
0%
1Russia
0%
1Russia
0%
1Russia
0%
1Russia
0%
1Russia
0%
1Russia
0%
1Russia
0%
1Russia
0%
1Russia
0%
1Russia
0%
1Russia
0%
1Russia
0%
1Russia
0%
1Russia
0%
1Russia
0%
1Russia
0%
1Russia
0%
1Russia
0%
1Russia
0%
1Russia
0%
1Russia
0%
1Russia
0%
1Russia
0%
1Russia
0%
1Russia
0%
1Russia
0%
1Russia
0%
1Russia
0%
1Russia
0%
1Russia
0%
1Russia
0%
1Russia
0%
1Russia
0%
1Russia
0%
1Russia
0%
1Russia
0%
1Russia
0%
1Russia
0%
1Russia
0%
1Russia
0%
1Russia
0%
1Russia
0%
1Russia
0%
1Russia
0%
1Russia
0%
1Russia
0%
1Russia
0%
1Russia
0%
1Russia
0%
1Russia
0%
1Russia
0%
1Russia
0%
1Russia
0%
1Russia
0%
1Russia
0%
1Russia
0%
1Russia
0%
1Russia
0%
1Russia
0%
1Russia
0%
1Russia
0%
1Russia
0%
1Russia
0%
1Russia
0%
1Russia
0%
1Russia
0%
1Russia
0%
1Russia
0%
1Russia
0%
1Russia
0%
1Russia
0%
1Russia
0%
1Russia
0%
1Russia
0%
1Russia
0%
1Russia
0%
1Russia
0%
1Russia
0%
1Russia
0%
1Russia
0%
1Russia
0%
1Russia
0%
1Russia
0%
1Russia
0%
1Russia
0%
1Russia
0%
1Russia
0%
1Russia
0%
1Russia
0%
1Russia
0%
1Russia
0%
1Russia
0%
1Russia
0%
1Russia
0%
1Russia
0%
1Russia
0%
1Russia
0%
1Russia
0%
1Russia
0%
1Russia
0%
1Russia
0%
1Russia
0%
1Russia
0%
1Russia
0%
1Russia
0%
1Russia
0%
1Russia
0%
1Russia
0%
1Russia
0%
1Russia
0%
1Russia
0%
1Russia
0%
1Russia
0%
1Russia
0%
1Russia
0%
1Russia
0%
1Russia
0%
1Russia
0%
1Russia
0%
1Russia
0%
1Russia
0%
1Russia
0%
1Russia
0%
1Russia
0%
1Russia
0%
1Russia
0%
1Russia
0%
1Russia
0%
1Russia
0%
1Russia
0%
1Russia
0%
1Russia
0%
1Russia
0%
1Russia
0%
1Russia
0%
1Russia
0%
1Russia
0%
1Russia
0%
1Russia
0%
1Russia
0%
1Russia
0%
1Russia
0%
1Russia
0%
1Russia
0%
1Russia
0%
1Russia
0%
1Russia
0%
1Russia
0%
1Russia
0%
1Russia
0%
1Russia
0%
1Russia
0%
1Russia
0%
1Russia
0%
1Russia
0%
1Russia
0%
1Russia
0%
1Russia
0%
1Russia
0%
1Russia
0%
1Russia
0%
1Russia
0%
1Russia
0%
1Russia
0%
1Russia
0%
1Russia
0%
1Russia
0%
1Russia
0%
1Russia
0%
1Russia
0%
1Russia
0%
1Russia
0%
1Russia
0%
1Russia
0%
1Russia
0%
1Russia
0%
1Russia
0%
1Russia
0%
1Russia
0%
1Russia
0%
1Russia
0%
1Russia
0%
1Russia
0%
1Russia
0%
1Russia
0%
1Russia
0%
1Russia
0%
1Russia
0%
1Russia
0%
1Russia
0%
1Russia
0%
1Russia
0%
1Russia
0%
1Russia
0%
1Russia
0%
1Russia
0%
1Russia
0%
1Russia
0%
1Russia
0%
1Russia
0%
1Russia
0%
1Russia
0%
1Russia
0%
1Russia
0%
1Russia
0%
1Russia
0%
1Russia
0%
1Russia
0%
1Russia
0%
1Russia
0%
1Russia
0%
1Russia
0%
1Russia
0%
1Russia
0%
1Russia
0%
1Russia
0%
1Russia
0%
1Russia
0%
1Russia
0%
1Russia
0%
1Russia
0%
1Russia
0%
1Russia
0%
1Russia
0%
1Russia
0%
1Russia
0%
1Russia
0%
1Russia
0%
1Russia
0%
1Russia
0%
1Russia
0%
1Russia
0%
1Russia
0%
1Russia
0%
1Russia
0%
1Russia
0%
1Russia
0%
1Russia
0%
1Russia
0%
1Russia
0%
1Russia
0%
1Russia
0%
1Russia
0%
1Russia
0%
1Russia
0%
1Russia
0%
1Russia
0%
1Russia
0%
1Russia
0%
1Russia
0%
1Russia
0%
1Russia
0%
1Russia
0%
1Russia
0%
1Russia
0%
1Russia
0%
1Russia
0%
1Russia
0%
1Russia
0%
1Russia
0%
1Russia
0%
1Russia
0%
1Russia
0%
1Russia
0%
1Russia
0%
1Russia
0%
1Russia
0%
1Russia
0%
1Russia
0%
1Russia
0%
1Russia
0%
1Russia
0%
1Russia
0%
1Russia
0%
1Russia
0%
1Russia
0%
1Russia
0%
1Russia
0%
1Russia
0%
1Russia
0%
1Russia
0%
1Russia
0%
1Russia
0%
1Russia
0%
1Russia
0%
1Russia
0%
1Russia
0%
1Russia
0%
1Russia
0%
1Russia
0%
1Russia
0%
1Russia
0%
1Russia
0%
1Russia
0%
1Russia
0%
1Russia
0%
1Russia
0%
1Russia
0%
1Russia
0%
1Russia
0%
1Russia
0%
1Russia
0%
1Russia
0%
1Russia
0%
1Russia
0%
1Russia
0%
1Russia
0%
1Russia
0%
1Russia
0%
1Russia
0%
1Russia
0%
1Russia
0%
1Russia
0%
1Russia
0%
1Russia
0%
1Russia
0%
1Russia
0%
1Russia
0%
1Russia
0%
1Russia
0%
1Russia
0%
1Russia
0%
1Russia
0%
1Russia
0%
1Russia
0%
1Russia
0%
1Russia
0%
1Russia
0%
1Russia
0%
1Russia
0%
1Russia
0%
1Russia
0%
1Russia
0%
1Russia
0%
1Russia
0%
1Russia
0%
1Russia
0%
1Russia
0%
1Russia
0%
1Russia
0%
1Russia
0%
1Russia
0%
1Russia
0%
1Russia
0%
1Russia
0%
1Russia
0%
1Russia
0%
1Russia
0%
1Russia
0%
1Russia
0%
1Russia
0%
1Russia
0%
1Russia
0%
1Russia
0%
1Russia
0%
1Russia
0%
1Russia
0%
1Russia
0%
1Russia
0%
1Russia
0%
1Russia
0%
1Russia
0%
1Russia
0%
1Russia
0%
1Russia
0%
1Russia
0%
1Russia
0%
1Russia
0%
1Russia
0%
1Russia
0%
1Russia
0%
1Russia
0%
1Russia
0%
1Russia
0%
1Russia
0%
1Russia
0%
1Russia
0%
1Russia
0%
1Russia
0%
1Russia
0%
1Russia
0%
1Russia
0%
1Russia
0%
1Russia
0%
1Russia
0%
1Russia
0%
1Russia
0%
1Russia
0%
1Russia
0%
1Russia
0%
1Russia
0%
1Russia
0%
1Russia
0%
1Russia
0%
1Russia
0%
1Russia
0%
1Russia
0%
1Russia
0%
1Russia
0%
1Russia
0%
1Russia
0%
1Russia
0%
1Russia
0%
1Russia
0%
1Russia
0%
1Russia
0%
1Russia
0%
1Russia
0%
1Russia
0%
1Russia
0%
1Russia
0%
1Russia
0%
1Russia
0%
1Russia
0%
1Russia
0%
1Russia
0%
1Russia
0%
1Russia
0%
1Russia
0%
1Russia
0%
1Russia
0%
1Russia
0%
1Russia
0%
1Russia
0%
1Russia
0%
1Russia
0%
1Russia
0%
1Russia
0%
1Russia
0%
1Russia
0%
1Russia
0%
1Russia
0%
1Russia
0%
1Russia
0%
1Russia
0%
1Russia
0%
1Russia
0%
1Russia
0%
1Russia
0%
1Russia
0%
1Russia
0%
1Russia
0%
1Russia
0%
1Russia
0%
1Russia
0%
1Russia
0%
1Russia
0%
1Russia
0%
1Russia
0%
1Russia
0%
1Russia
0%
1Russia
0%
1Russia
0%
1Russia
0%
1Russia
0%
1Russia
0%
1Russia
0%
1Russia
0%
1Russia
0%
1Russia
0%
1Russia
0%
1Russia
0%
1Russia
0%
1Russia
0%
1Russia
0%
1Russia
0%
1Russia
0%
1Russia
0%
1Russia
0%
1Russia
0%
1Russia
0%
1Russia
0%
1Russia
0%
1Russia
0%
1Russia
0%
1Russia
0%
1Russia
0%
1Russia
0%
1Russia
0%
1Russia
0%
1Russia
0%
1Russia
0%
1Russia
0%
1Russia
0%
1Russia
0%
1Russia
0%
2Russia | China
0%
2Russia | China
0%
2Russia | China
0%
2Russia | China
0%
2Russia | China
0%
2Russia | China
0%
2Russia | China
0%
2Russia | China
0%
2Russia | China
0%
2Russia | China
0%
2Russia | China
0%
2Russia | China
0%
2Russia | China
0%
2Russia | China
0%
2Russia | China
0%
2Russia | China
0%
2Russia | China
0%
2Russia | China
0%
2Russia | China
0%
2Russia | China
0%
2Russia | China
0%
2Russia | China
0%
2Russia | China
0%
2Russia | China
0%
2Russia | China
0%
2Russia | China
0%
2Russia | China
0%
2Russia | China
0%
2Russia | China
0%
2Russia | China
0%
2Russia | China
0%
2Russia | China
0%
2Russia | China
0%
2Russia | China
0%
2Russia | China
0%
2Russia | China
0%
2Russia | China
0%
2Russia | China
0%
2Russia | China
0%
2Russia | China
0%
2Russia | China
0%
2Russia | China
0%
2Russia | China
0%
2Russia | China
0%
2Russia | China
0%
2Russia | China
0%
2Russia | China
0%
2Russia | China
0%
2Russia | China
0%
2Russia | China
0%
2Russia | China
0%
2Russia | China
0%
2Russia | China
0%
2Russia | China
0%
2Russia | China
0%
2Russia | China
0%
2Russia | China
0%
2Russia | China
0%
2Russia | China
0%
2Russia | China
0%
2Russia | China
0%
2Russia | China
0%
2Russia | China
0%
2Russia | China
0%
2Russia | China
0%
2Russia | China
0%
2Russia | China
0%
2Russia | China
0%
2Russia | China
0%
2Russia | China
0%
2Russia | China
0%
2Russia | China
0%
2Russia | China
0%
2Russia | China
0%
2Russia | China
0%
2Russia | China
0%
2Russia | China
0%
2Russia | China
0%
2Russia | China
0%
2Russia | China
0%
2Russia | China
0%
2Russia | China
0%
2Russia | China
0%
2Russia | China
0%
2Russia | China
0%
2Russia | China
0%
2Russia | China
0%
2Russia | China
0%
3Russia | China | Japan
0%
3Russia | China | Japan
0%
3Russia | China | Japan
0%
3Russia | China | Japan
0%
3Russia | China | Japan
0%
3Russia | China | Japan
0%
3Russia | China | Japan
0%
3Russia | China | Japan
0%
3Russia | China | Japan
0%
3Russia | China | Japan
0%
3Russia | China | Japan
0%
3Russia | China | Japan
0%
3Russia | China | Japan
0%
3Russia | China | Japan
0%
3Russia | China | Japan
0%
3Russia | China | Japan
0%
3Russia | China | Japan
0%
3Russia | China | Japan
0%
3Russia | China | Japan
0%
3Russia | China | Japan
0%
3Russia | China | Japan
0%
3Russia | China | Japan
0%
3Russia | China | Japan
0%
3Russia | China | Japan
0%
3Russia | China | Japan
0%
3Russia | China | Japan
0%
3Russia | China | Japan
0%
3Russia | China | Japan
0%
3Russia | China | Japan
0%
3Russia | China | Japan
0%
3Russia | China | Japan
0%
3Russia | China | Japan
0%
3Russia | China | Japan
0%
3Russia | China | Japan
0%
3Russia | China | Japan
0%
3Russia | China | Japan
0%
3Russia | China | Japan
0%
3Russia | China | Japan
0%
3Russia | China | Japan
0%
3Russia | China | Japan
0%
3Russia | China | Japan
0%
3Russia | China | Japan
0%
3Russia | China | Japan
0%
3Russia | China | Japan
0%
3Russia | China | Japan
0%
3Russia | China | Japan
0%
3Russia | China | Japan
0%
3Russia | China | Japan
0%
3Russia | China | Japan
0%
3Russia | China | Japan
0%
3Russia | China | Japan
0%
3Russia | China | Japan
0%
3Russia | China | Japan
0%
3Russia | China | Mongolia
0%
3Russia | China | Mongolia
0%
3Russia | China | Mongolia
0%
3Russia | China | Mongolia
0%
3Russia | China | Mongolia
0%
3Russia | China | Mongolia
0%
3Russia | China | Mongolia
0%
3Russia | China | Mongolia
0%
3Russia | China | Mongolia
0%
3Russia | China | Mongolia
0%
3Russia | China | Mongolia
0%
3Russia | China | Mongolia
0%
3Russia | China | Mongolia
0%
3Russia | China | Mongolia
0%
3Russia | China | Mongolia
0%
3Russia | China | Mongolia
0%
3Russia | China | Mongolia
0%
3Russia | China | Mongolia
0%
3Russia | China | Mongolia
0%
3Russia | China | Mongolia
0%
3Russia | China | Mongolia
0%
3Russia | China | Mongolia
0%
3Russia | China | Mongolia
0%
3Russia | China | Mongolia
0%
3Russia | China | Mongolia
0%
3Russia | China | Mongolia
0%
3Russia | China | Mongolia
0%
3Russia | China | Mongolia
0%
3Russia | China | Mongolia
0%
3Russia | China | Mongolia
0%
3Russia | China | Mongolia
0%
3Russia | China | Mongolia
0%
3Russia | China | Mongolia
0%
3Russia | China | Mongolia
0%
3Russia | China | Mongolia
0%
3Russia | China | Mongolia
0%
3Russia | China | Mongolia
0%
3Russia | China | Mongolia
0%
3Russia | China | Mongolia
0%
3Russia | China | Mongolia
0%
3Russia | China | Mongolia
0%
3Russia | China | Mongolia
0%
3Russia | China | Mongolia
0%
3Russia | China | Mongolia
0%
3Russia | China | Mongolia
0%
3Russia | China | Mongolia
0%
3Russia | China | Mongolia
0%
3Russia | China | Mongolia
0%
3Russia | China | Mongolia
0%
3Russia | China | Mongolia
0%
3Russia | China | Mongolia
0%
3Russia | China | Mongolia
0%
3Russia | China | Mongolia
0%
3Russia | China | Mongolia
0%
3Russia | China | Mongolia
0%
3Russia | China | Mongolia
0%
3Russia | China | Mongolia
0%
3Russia | China | Mongolia
0%
3Russia | China | Mongolia
0%
3Russia | China | Mongolia
0%
3Russia | China | Mongolia
0%
3Russia | China | Mongolia
0%
3Russia | China | Mongolia
0%
3Russia | China | Mongolia
0%
3Russia | China | Mongolia
0%
3Russia | China | Mongolia
0%
3Russia | China | Mongolia
0%
3Russia | China | Mongolia
0%
3Russia | China | Mongolia
0%
3Russia | China | Mongolia
0%
3Russia | China | Mongolia
0%
3Russia | China | Mongolia
0%
3Russia | China | Mongolia
0%
3Russia | China | Mongolia
0%
3Russia | China | Mongolia
0%
3Russia | China | Mongolia
0%
3Russia | China | Mongolia
0%
3Russia | China | Mongolia
0%
5Russia | China | Mongolia | South Korea | North Korea
0%
5Russia | China | Mongolia | South Korea | North Korea
0%
5Russia | China | Mongolia | South Korea | North Korea
0%
5Russia | China | Mongolia | South Korea | North Korea
0%
5Russia | China | Mongolia | South Korea | North Korea
0%
5Russia | China | Mongolia | South Korea | North Korea
0%
5Russia | China | Mongolia | South Korea | North Korea
0%
5Russia | China | Mongolia | South Korea | North Korea
0%
5Russia | China | Mongolia | South Korea | North Korea
0%
5Russia | China | Mongolia | South Korea | North Korea
0%
5Russia | China | Mongolia | South Korea | North Korea
0%
5Russia | China | Mongolia | South Korea | North Korea
0%
5Russia | China | Mongolia | South Korea | North Korea
0%
5Russia | China | Mongolia | South Korea | North Korea
0%
5Russia | China | Mongolia | South Korea | North Korea
0%
5Russia | China | Mongolia | South Korea | North Korea
0%
5Russia | China | Mongolia | South Korea | North Korea
0%
5Russia | China | Mongolia | South Korea | North Korea
0%
5Russia | China | Mongolia | South Korea | North Korea
0%
5Russia | China | Mongolia | South Korea | North Korea
0%
5Russia | China | Mongolia | South Korea | North Korea
0%
5Russia | China | Mongolia | South Korea | North Korea
0%
5Russia | China | Mongolia | South Korea | North Korea
0%
5Russia | China | Mongolia | South Korea | North Korea
0%
5Russia | China | Mongolia | South Korea | North Korea
0%
5Russia | China | Mongolia | South Korea | North Korea
0%
5Russia | China | Mongolia | South Korea | North Korea
0%
5Russia | China | Mongolia | South Korea | North Korea
0%
5Russia | China | Mongolia | South Korea | North Korea
0%
5Russia | China | Mongolia | South Korea | North Korea
0%
5Russia | China | Mongolia | South Korea | North Korea
0%
5Russia | China | Mongolia | South Korea | North Korea
0%
5Russia | China | Mongolia | South Korea | North Korea
0%
5Russia | China | Mongolia | South Korea | North Korea
0%
5Russia | China | Mongolia | South Korea | North Korea
0%
5Russia | China | Mongolia | South Korea | North Korea
0%
5Russia | China | Mongolia | South Korea | North Korea
0%
5Russia | China | Mongolia | South Korea | North Korea
0%
5Russia | China | Mongolia | South Korea | North Korea
0%
5Russia | China | Mongolia | South Korea | North Korea
0%
5Russia | China | Mongolia | South Korea | North Korea
0%
5Russia | China | Mongolia | South Korea | North Korea
0%
5Russia | China | Mongolia | South Korea | North Korea
0%
5Russia | China | Mongolia | South Korea | North Korea
0%
5Russia | China | Mongolia | South Korea | North Korea
0%
5Russia | China | Mongolia | South Korea | North Korea
0%
5Russia | China | Mongolia | South Korea | North Korea
0%
5Russia | China | Mongolia | South Korea | North Korea
0%
5Russia | China | Mongolia | South Korea | North Korea
0%
5Russia | China | Mongolia | South Korea | North Korea
0%
5Russia | China | Mongolia | South Korea | North Korea
0%
5Russia | China | Mongolia | South Korea | North Korea
0%
5Russia | China | Mongolia | South Korea | North Korea
0%
5Russia | China | Mongolia | South Korea | North Korea
0%
5Russia | China | Mongolia | South Korea | North Korea
0%
5Russia | China | Mongolia | South Korea | North Korea
0%
5Russia | China | Mongolia | South Korea | North Korea
0%
5Russia | China | Mongolia | South Korea | North Korea
0%
5Russia | China | Mongolia | South Korea | North Korea
0%
5Russia | China | Mongolia | South Korea | North Korea
0%
5Russia | China | Mongolia | South Korea | North Korea
0%
5Russia | China | Mongolia | South Korea | North Korea
0%
5Russia | China | Mongolia | South Korea | North Korea
0%
5Russia | China | Mongolia | South Korea | North Korea
0%
5Russia | Finland | Belarus | Ukraine | Kazakhstan
0%
5Russia | Finland | Belarus | Ukraine | Kazakhstan
0%
5Russia | Finland | Belarus | Ukraine | Kazakhstan
0%
5Russia | Finland | Belarus | Ukraine | Kazakhstan
0%
5Russia | Finland | Belarus | Ukraine | Kazakhstan
0%
5Russia | Finland | Belarus | Ukraine | Kazakhstan
0%
5Russia | Finland | Belarus | Ukraine | Kazakhstan
0%
5Russia | Finland | Belarus | Ukraine | Kazakhstan
0%
5Russia | Finland | Belarus | Ukraine | Kazakhstan
0%
5Russia | Finland | Belarus | Ukraine | Kazakhstan
0%
5Russia | Finland | Belarus | Ukraine | Kazakhstan
0%
5Russia | Finland | Belarus | Ukraine | Kazakhstan
0%
5Russia | Finland | Belarus | Ukraine | Kazakhstan
0%
5Russia | Finland | Belarus | Ukraine | Kazakhstan
0%
5Russia | Finland | Belarus | Ukraine | Kazakhstan
0%
5Russia | Finland | Belarus | Ukraine | Kazakhstan
0%
5Russia | Finland | Belarus | Ukraine | Kazakhstan
0%
5Russia | Finland | Belarus | Ukraine | Kazakhstan
0%
5Russia | Finland | Belarus | Ukraine | Kazakhstan
0%
5Russia | Finland | Belarus | Ukraine | Kazakhstan
0%
5Russia | Finland | Belarus | Ukraine | Kazakhstan
0%
5Russia | Finland | Belarus | Ukraine | Kazakhstan
0%
5Russia | Finland | Belarus | Ukraine | Kazakhstan
0%
5Russia | Finland | Belarus | Ukraine | Kazakhstan
0%
5Russia | Finland | Belarus | Ukraine | Kazakhstan
0%
5Russia | Finland | Belarus | Ukraine | Kazakhstan
0%
5Russia | Finland | Belarus | Ukraine | Kazakhstan
0%
5Russia | Finland | Belarus | Ukraine | Kazakhstan
0%
5Russia | Finland | Belarus | Ukraine | Kazakhstan
0%
5Russia | Finland | Belarus | Ukraine | Kazakhstan
0%
5Russia | Finland | Belarus | Ukraine | Kazakhstan
0%
5Russia | Finland | Belarus | Ukraine | Kazakhstan
0%
5Russia | Finland | Belarus | Ukraine | Kazakhstan
0%
5Russia | Finland | Belarus | Ukraine | Kazakhstan
0%
5Russia | Finland | Belarus | Ukraine | Kazakhstan
0%
5Russia | Finland | Belarus | Ukraine | Kazakhstan
0%
5Russia | Finland | Belarus | Ukraine | Kazakhstan
0%
5Russia | Finland | Belarus | Ukraine | Kazakhstan
0%
5Russia | Finland | Belarus | Ukraine | Kazakhstan
0%
5Russia | Finland | Belarus | Ukraine | Kazakhstan
0%
5Russia | Finland | Belarus | Ukraine | Kazakhstan
0%
5Russia | Finland | Belarus | Ukraine | Kazakhstan
0%
5Russia | Finland | Belarus | Ukraine | Kazakhstan
0%
5Russia | Finland | Belarus | Ukraine | Kazakhstan
0%
5Russia | Finland | Belarus | Ukraine | Kazakhstan
0%
5Russia | Finland | Belarus | Ukraine | Kazakhstan
0%
5Russia | Finland | Belarus | Ukraine | Kazakhstan
0%
5Russia | Finland | Belarus | Ukraine | Kazakhstan
0%
5Russia | Finland | Belarus | Ukraine | Kazakhstan
0%
5Russia | Finland | Belarus | Ukraine | Kazakhstan
0%
5Russia | Finland | Belarus | Ukraine | Kazakhstan
0%
5Russia | Finland | Belarus | Ukraine | Kazakhstan
0%
5Russia | Finland | Belarus | Ukraine | Kazakhstan
0%
5Russia | Finland | Belarus | Ukraine | Kazakhstan
0%
5Russia | Finland | Belarus | Ukraine | Kazakhstan
0%
5Russia | Finland | Belarus | Ukraine | Kazakhstan
0%
5Russia | Finland | Belarus | Ukraine | Kazakhstan
0%
5Russia | Finland | Belarus | Ukraine | Kazakhstan
0%
5Russia | Finland | Belarus | Ukraine | Kazakhstan
0%
5Russia | Finland | Belarus | Ukraine | Kazakhstan
0%
5Russia | Finland | Belarus | Ukraine | Kazakhstan
0%
5Russia | Finland | Belarus | Ukraine | Kazakhstan
0%
5Russia | Finland | Belarus | Ukraine | Kazakhstan
0%
5Russia | Finland | Belarus | Ukraine | Kazakhstan
0%
5Russia | Finland | Belarus | Ukraine | Kazakhstan
0%
5Russia | Finland | Belarus | Ukraine | Kazakhstan
0%
5Russia | Finland | Belarus | Ukraine | Kazakhstan
0%
2Russia | Kazakhstan
0%
2Russia | Kazakhstan
0%
2Russia | Kazakhstan
0%
2Russia | Kazakhstan
0%
2Russia | Kazakhstan
0%
2Russia | Kazakhstan
0%
2Russia | Kazakhstan
0%
2Russia | Kazakhstan
0%
2Russia | Kazakhstan
0%
2Russia | Kazakhstan
0%
2Russia | Kazakhstan
0%
2Russia | Kazakhstan
0%
2Russia | Kazakhstan
0%
2Russia | Kazakhstan
0%
2Russia | Kazakhstan
0%
2Russia | Kazakhstan
0%
2Russia | Kazakhstan
0%
2Russia | Kazakhstan
0%
2Russia | Kazakhstan
0%
2Russia | Kazakhstan
0%
2Russia | Kazakhstan
0%
2Russia | Kazakhstan
0%
2Russia | Kazakhstan
0%
2Russia | Kazakhstan
0%
2Russia | Kazakhstan
0%
2Russia | Kazakhstan
0%
2Russia | Kazakhstan
0%
2Russia | Kazakhstan
0%
2Russia | Kazakhstan
0%
2Russia | Kazakhstan
0%
2Russia | Kazakhstan
0%
2Russia | Kazakhstan
0%
2Russia | Kazakhstan
0%
2Russia | Kazakhstan
0%
2Russia | Kazakhstan
0%
2Russia | Kazakhstan
0%
2Russia | Kazakhstan
0%
2Russia | Kazakhstan
0%
2Russia | Kazakhstan
0%
2Russia | Kazakhstan
0%
2Russia | Kazakhstan
0%
2Russia | Kazakhstan
0%
2Russia | Kazakhstan
0%
2Russia | Kazakhstan
0%
2Russia | Kazakhstan
0%
2Russia | Kazakhstan
0%
2Russia | Kazakhstan
0%
2Russia | Kazakhstan
0%
2Russia | Kazakhstan
0%
2Russia | Kazakhstan
0%
2Russia | Kazakhstan
0%
2Russia | Kazakhstan
0%
2Russia | Kazakhstan
0%
2Russia | Kazakhstan
0%
2Russia | Kazakhstan
0%
2Russia | Kazakhstan
0%
2Russia | Kazakhstan
0%
2Russia | Kazakhstan
0%
2Russia | Kazakhstan
0%
2Russia | Kazakhstan
0%
2Russia | Kazakhstan
0%
2Russia | Kazakhstan
0%
2Russia | Kazakhstan
0%
2Russia | Kazakhstan
0%
2Russia | Kazakhstan
0%
2Russia | Kazakhstan
0%
2Russia | Kazakhstan
0%
2Russia | Kazakhstan
0%
2Russia | Kazakhstan
0%
2Russia | Kazakhstan
0%
2Russia | Kazakhstan
0%
2Russia | Kazakhstan
0%
2Russia | Kazakhstan
0%
2Russia | Kazakhstan
0%
2Russia | Kazakhstan
0%
2Russia | Kazakhstan
0%
2Russia | Kazakhstan
0%
2Russia | Kazakhstan
0%
2Russia | Kazakhstan
0%
2Russia | Kazakhstan
0%
2Russia | Kazakhstan
0%
2Russia | Kazakhstan
0%
2Russia | Kazakhstan
0%
2Russia | Kazakhstan
0%
2Russia | Kazakhstan
0%
2Russia | Kazakhstan
0%
2Russia | Kazakhstan
0%
2Russia | Kazakhstan
0%
2Russia | Kazakhstan
0%
2Russia | Kazakhstan
0%
2Russia | Kazakhstan
0%
2Russia | Kazakhstan
0%
2Russia | Kazakhstan
0%
2Russia | Kazakhstan
0%
2Russia | Kazakhstan
0%
2Russia | Kazakhstan
0%
2Russia | Kazakhstan
0%
2Russia | Kazakhstan
0%
2Russia | Kazakhstan
0%
2Russia | Kazakhstan
0%
2Russia | Kazakhstan
0%
2Russia | Kazakhstan
0%
2Russia | Kazakhstan
0%
2Russia | Kazakhstan
0%
2Russia | Kazakhstan
0%
2Russia | Kazakhstan
0%
2Russia | Kazakhstan
0%
2Russia | Kazakhstan
0%
2Russia | Kazakhstan
0%
2Russia | Kazakhstan
0%
2Russia | Kazakhstan
0%
2Russia | Kazakhstan
0%
2Russia | Kazakhstan
0%
2Russia | Kazakhstan
0%
2Russia | Kazakhstan
0%
2Russia | Kazakhstan
0%
2Russia | Kazakhstan
0%
2Russia | Kazakhstan
0%
2Russia | Kazakhstan
0%
2Russia | Kazakhstan
0%
2Russia | Kazakhstan
0%
2Russia | Kazakhstan
0%
2Russia | Kazakhstan
0%
2Russia | Kazakhstan
0%
2Russia | Kazakhstan
0%
2Russia | Kazakhstan
0%
2Russia | Kazakhstan
0%
2Russia | Kazakhstan
0%
2Russia | Kazakhstan
0%
2Russia | Kazakhstan
0%
2Russia | Kazakhstan
0%
2Russia | Kazakhstan
0%
2Russia | Kazakhstan
0%
2Russia | Kazakhstan
0%
2Russia | Kazakhstan
0%
2Russia | Kazakhstan
0%
2Russia | Kazakhstan
0%
2Russia | Kazakhstan
0%
2Russia | Kazakhstan
0%
2Russia | Kazakhstan
0%
2Russia | Kazakhstan
0%
2Russia | Kazakhstan
0%
2Russia | Kazakhstan
0%
2Russia | Kazakhstan
0%
2Russia | Kazakhstan
0%
2Russia | Kazakhstan
0%
2Russia | Kazakhstan
0%
2Russia | Kazakhstan
0%
2Russia | Kazakhstan
0%
2Russia | Kazakhstan
0%
2Russia | Kazakhstan
0%
2Russia | Kazakhstan
0%
2Russia | Kazakhstan
0%
2Russia | Kazakhstan
0%
2Russia | Kazakhstan
0%
2Russia | Kazakhstan
0%
2Russia | Kazakhstan
0%
2Russia | Kazakhstan
0%
2Russia | Kazakhstan
0%
2Russia | Kazakhstan
0%
8Russia | Kazakhstan | Kyrgyzstan | Tajikistan | Uzbekistan | Afghanistan | China | Mongolia
0%
8Russia | Kazakhstan | Kyrgyzstan | Tajikistan | Uzbekistan | Afghanistan | China | Mongolia
0%
8Russia | Kazakhstan | Kyrgyzstan | Tajikistan | Uzbekistan | Afghanistan | China | Mongolia
0%
8Russia | Kazakhstan | Kyrgyzstan | Tajikistan | Uzbekistan | Afghanistan | China | Mongolia
0%
8Russia | Kazakhstan | Kyrgyzstan | Tajikistan | Uzbekistan | Afghanistan | China | Mongolia
0%
8Russia | Kazakhstan | Kyrgyzstan | Tajikistan | Uzbekistan | Afghanistan | China | Mongolia
0%
8Russia | Kazakhstan | Kyrgyzstan | Tajikistan | Uzbekistan | Afghanistan | China | Mongolia
0%
8Russia | Kazakhstan | Kyrgyzstan | Tajikistan | Uzbekistan | Afghanistan | China | Mongolia
0%
8Russia | Kazakhstan | Kyrgyzstan | Tajikistan | Uzbekistan | Afghanistan | China | Mongolia
0%
8Russia | Kazakhstan | Kyrgyzstan | Tajikistan | Uzbekistan | Afghanistan | China | Mongolia
0%
8Russia | Kazakhstan | Kyrgyzstan | Tajikistan | Uzbekistan | Afghanistan | China | Mongolia
0%
8Russia | Kazakhstan | Kyrgyzstan | Tajikistan | Uzbekistan | Afghanistan | China | Mongolia
0%
8Russia | Kazakhstan | Kyrgyzstan | Tajikistan | Uzbekistan | Afghanistan | China | Mongolia
0%
8Russia | Kazakhstan | Kyrgyzstan | Tajikistan | Uzbekistan | Afghanistan | China | Mongolia
0%
8Russia | Kazakhstan | Kyrgyzstan | Tajikistan | Uzbekistan | Afghanistan | China | Mongolia
0%
8Russia | Kazakhstan | Kyrgyzstan | Tajikistan | Uzbekistan | Afghanistan | China | Mongolia
0%
8Russia | Kazakhstan | Kyrgyzstan | Tajikistan | Uzbekistan | Afghanistan | China | Mongolia
0%
8Russia | Kazakhstan | Kyrgyzstan | Tajikistan | Uzbekistan | Afghanistan | China | Mongolia
0%
8Russia | Kazakhstan | Kyrgyzstan | Tajikistan | Uzbekistan | Afghanistan | China | Mongolia
0%
8Russia | Kazakhstan | Kyrgyzstan | Tajikistan | Uzbekistan | Afghanistan | China | Mongolia
0%
8Russia | Kazakhstan | Kyrgyzstan | Tajikistan | Uzbekistan | Afghanistan | China | Mongolia
0%
8Russia | Kazakhstan | Kyrgyzstan | Tajikistan | Uzbekistan | Afghanistan | China | Mongolia
0%
8Russia | Kazakhstan | Kyrgyzstan | Tajikistan | Uzbekistan | Afghanistan | China | Mongolia
0%
8Russia | Kazakhstan | Kyrgyzstan | Tajikistan | Uzbekistan | Afghanistan | China | Mongolia
0%
8Russia | Kazakhstan | Kyrgyzstan | Tajikistan | Uzbekistan | Afghanistan | China | Mongolia
0%
8Russia | Kazakhstan | Kyrgyzstan | Tajikistan | Uzbekistan | Afghanistan | China | Mongolia
0%
8Russia | Kazakhstan | Kyrgyzstan | Tajikistan | Uzbekistan | Afghanistan | China | Mongolia
0%
8Russia | Kazakhstan | Kyrgyzstan | Tajikistan | Uzbekistan | Afghanistan | China | Mongolia
0%
8Russia | Kazakhstan | Kyrgyzstan | Tajikistan | Uzbekistan | Afghanistan | China | Mongolia
0%
8Russia | Kazakhstan | Kyrgyzstan | Tajikistan | Uzbekistan | Afghanistan | China | Mongolia
0%
8Russia | Kazakhstan | Kyrgyzstan | Tajikistan | Uzbekistan | Afghanistan | China | Mongolia
0%
8Russia | Kazakhstan | Kyrgyzstan | Tajikistan | Uzbekistan | Afghanistan | China | Mongolia
0%
8Russia | Kazakhstan | Kyrgyzstan | Tajikistan | Uzbekistan | Afghanistan | China | Mongolia
0%
8Russia | Kazakhstan | Kyrgyzstan | Tajikistan | Uzbekistan | Afghanistan | China | Mongolia
0%
8Russia | Kazakhstan | Kyrgyzstan | Tajikistan | Uzbekistan | Afghanistan | China | Mongolia
0%
8Russia | Kazakhstan | Kyrgyzstan | Tajikistan | Uzbekistan | Afghanistan | China | Mongolia
0%
8Russia | Kazakhstan | Kyrgyzstan | Tajikistan | Uzbekistan | Afghanistan | China | Mongolia
0%
8Russia | Kazakhstan | Kyrgyzstan | Tajikistan | Uzbekistan | Afghanistan | China | Mongolia
0%
8Russia | Kazakhstan | Kyrgyzstan | Tajikistan | Uzbekistan | Afghanistan | China | Mongolia
0%
8Russia | Kazakhstan | Kyrgyzstan | Tajikistan | Uzbekistan | Afghanistan | China | Mongolia
0%
8Russia | Kazakhstan | Kyrgyzstan | Tajikistan | Uzbekistan | Afghanistan | China | Mongolia
0%
8Russia | Kazakhstan | Kyrgyzstan | Tajikistan | Uzbekistan | Afghanistan | China | Mongolia
0%
8Russia | Kazakhstan | Kyrgyzstan | Tajikistan | Uzbekistan | Afghanistan | China | Mongolia
0%
8Russia | Kazakhstan | Kyrgyzstan | Tajikistan | Uzbekistan | Afghanistan | China | Mongolia
0%
8Russia | Kazakhstan | Kyrgyzstan | Tajikistan | Uzbekistan | Afghanistan | China | Mongolia
0%
8Russia | Kazakhstan | Kyrgyzstan | Tajikistan | Uzbekistan | Afghanistan | China | Mongolia
0%
8Russia | Kazakhstan | Kyrgyzstan | Tajikistan | Uzbekistan | Afghanistan | China | Mongolia
0%
8Russia | Kazakhstan | Kyrgyzstan | Tajikistan | Uzbekistan | Afghanistan | China | Mongolia
0%
8Russia | Kazakhstan | Kyrgyzstan | Tajikistan | Uzbekistan | Afghanistan | China | Mongolia
0%
8Russia | Kazakhstan | Kyrgyzstan | Tajikistan | Uzbekistan | Afghanistan | China | Mongolia
0%
8Russia | Kazakhstan | Kyrgyzstan | Tajikistan | Uzbekistan | Afghanistan | China | Mongolia
0%
8Russia | Kazakhstan | Kyrgyzstan | Tajikistan | Uzbekistan | Afghanistan | China | Mongolia
0%
8Russia | Kazakhstan | Kyrgyzstan | Tajikistan | Uzbekistan | Afghanistan | China | Mongolia
0%
8Russia | Kazakhstan | Kyrgyzstan | Tajikistan | Uzbekistan | Afghanistan | China | Mongolia
0%
8Russia | Kazakhstan | Kyrgyzstan | Tajikistan | Uzbekistan | Afghanistan | China | Mongolia
0%
8Russia | Kazakhstan | Kyrgyzstan | Tajikistan | Uzbekistan | Afghanistan | China | Mongolia
0%
8Russia | Kazakhstan | Kyrgyzstan | Tajikistan | Uzbekistan | Afghanistan | China | Mongolia
0%
8Russia | Kazakhstan | Kyrgyzstan | Tajikistan | Uzbekistan | Afghanistan | China | Mongolia
0%
8Russia | Kazakhstan | Kyrgyzstan | Tajikistan | Uzbekistan | Afghanistan | China | Mongolia
0%
8Russia | Kazakhstan | Kyrgyzstan | Tajikistan | Uzbekistan | Afghanistan | China | Mongolia
0%
8Russia | Kazakhstan | Kyrgyzstan | Tajikistan | Uzbekistan | Afghanistan | China | Mongolia
0%
8Russia | Kazakhstan | Kyrgyzstan | Tajikistan | Uzbekistan | Afghanistan | China | Mongolia
0%
8Russia | Kazakhstan | Kyrgyzstan | Tajikistan | Uzbekistan | Afghanistan | China | Mongolia
0%
8Russia | Kazakhstan | Kyrgyzstan | Tajikistan | Uzbekistan | Afghanistan | China | Mongolia
0%
8Russia | Kazakhstan | Kyrgyzstan | Tajikistan | Uzbekistan | Afghanistan | China | Mongolia
0%
8Russia | Kazakhstan | Kyrgyzstan | Tajikistan | Uzbekistan | Afghanistan | China | Mongolia
0%
8Russia | Kazakhstan | Kyrgyzstan | Tajikistan | Uzbekistan | Afghanistan | China | Mongolia
0%
8Russia | Kazakhstan | Kyrgyzstan | Tajikistan | Uzbekistan | Afghanistan | China | Mongolia
0%
8Russia | Kazakhstan | Kyrgyzstan | Tajikistan | Uzbekistan | Afghanistan | China | Mongolia
0%
8Russia | Kazakhstan | Kyrgyzstan | Tajikistan | Uzbekistan | Afghanistan | China | Mongolia
0%
8Russia | Kazakhstan | Kyrgyzstan | Tajikistan | Uzbekistan | Afghanistan | China | Mongolia
0%
8Russia | Kazakhstan | Kyrgyzstan | Tajikistan | Uzbekistan | Afghanistan | China | Mongolia
0%
8Russia | Kazakhstan | Kyrgyzstan | Tajikistan | Uzbekistan | Afghanistan | China | Mongolia
0%
8Russia | Kazakhstan | Kyrgyzstan | Tajikistan | Uzbekistan | Afghanistan | China | Mongolia
0%
8Russia | Kazakhstan | Kyrgyzstan | Tajikistan | Uzbekistan | Afghanistan | China | Mongolia
0%
8Russia | Kazakhstan | Kyrgyzstan | Tajikistan | Uzbekistan | Afghanistan | China | Mongolia
0%
8Russia | Kazakhstan | Kyrgyzstan | Tajikistan | Uzbekistan | Afghanistan | China | Mongolia
0%
8Russia | Kazakhstan | Turkmenistan | Tajikistan | Uzbekistan | Iran | Kyrgyzstan | Afghanistan
0%
8Russia | Kazakhstan | Turkmenistan | Tajikistan | Uzbekistan | Iran | Kyrgyzstan | Afghanistan
0%
8Russia | Kazakhstan | Turkmenistan | Tajikistan | Uzbekistan | Iran | Kyrgyzstan | Afghanistan
0%
8Russia | Kazakhstan | Turkmenistan | Tajikistan | Uzbekistan | Iran | Kyrgyzstan | Afghanistan
0%
8Russia | Kazakhstan | Turkmenistan | Tajikistan | Uzbekistan | Iran | Kyrgyzstan | Afghanistan
0%
8Russia | Kazakhstan | Turkmenistan | Tajikistan | Uzbekistan | Iran | Kyrgyzstan | Afghanistan
0%
8Russia | Kazakhstan | Turkmenistan | Tajikistan | Uzbekistan | Iran | Kyrgyzstan | Afghanistan
0%
8Russia | Kazakhstan | Turkmenistan | Tajikistan | Uzbekistan | Iran | Kyrgyzstan | Afghanistan
0%
8Russia | Kazakhstan | Turkmenistan | Tajikistan | Uzbekistan | Iran | Kyrgyzstan | Afghanistan
0%
8Russia | Kazakhstan | Turkmenistan | Tajikistan | Uzbekistan | Iran | Kyrgyzstan | Afghanistan
0%
8Russia | Kazakhstan | Turkmenistan | Tajikistan | Uzbekistan | Iran | Kyrgyzstan | Afghanistan
0%
8Russia | Kazakhstan | Turkmenistan | Tajikistan | Uzbekistan | Iran | Kyrgyzstan | Afghanistan
0%
8Russia | Kazakhstan | Turkmenistan | Tajikistan | Uzbekistan | Iran | Kyrgyzstan | Afghanistan
0%
8Russia | Kazakhstan | Turkmenistan | Tajikistan | Uzbekistan | Iran | Kyrgyzstan | Afghanistan
0%
8Russia | Kazakhstan | Turkmenistan | Tajikistan | Uzbekistan | Iran | Kyrgyzstan | Afghanistan
0%
8Russia | Kazakhstan | Turkmenistan | Tajikistan | Uzbekistan | Iran | Kyrgyzstan | Afghanistan
0%
8Russia | Kazakhstan | Turkmenistan | Tajikistan | Uzbekistan | Iran | Kyrgyzstan | Afghanistan
0%
8Russia | Kazakhstan | Turkmenistan | Tajikistan | Uzbekistan | Iran | Kyrgyzstan | Afghanistan
0%
8Russia | Kazakhstan | Turkmenistan | Tajikistan | Uzbekistan | Iran | Kyrgyzstan | Afghanistan
0%
8Russia | Kazakhstan | Turkmenistan | Tajikistan | Uzbekistan | Iran | Kyrgyzstan | Afghanistan
0%
8Russia | Kazakhstan | Turkmenistan | Tajikistan | Uzbekistan | Iran | Kyrgyzstan | Afghanistan
0%
8Russia | Kazakhstan | Turkmenistan | Tajikistan | Uzbekistan | Iran | Kyrgyzstan | Afghanistan
0%
8Russia | Kazakhstan | Turkmenistan | Tajikistan | Uzbekistan | Iran | Kyrgyzstan | Afghanistan
0%
8Russia | Kazakhstan | Turkmenistan | Tajikistan | Uzbekistan | Iran | Kyrgyzstan | Afghanistan
0%
8Russia | Kazakhstan | Turkmenistan | Tajikistan | Uzbekistan | Iran | Kyrgyzstan | Afghanistan
0%
8Russia | Kazakhstan | Turkmenistan | Tajikistan | Uzbekistan | Iran | Kyrgyzstan | Afghanistan
0%
8Russia | Kazakhstan | Turkmenistan | Tajikistan | Uzbekistan | Iran | Kyrgyzstan | Afghanistan
0%
8Russia | Kazakhstan | Turkmenistan | Tajikistan | Uzbekistan | Iran | Kyrgyzstan | Afghanistan
0%
8Russia | Kazakhstan | Turkmenistan | Tajikistan | Uzbekistan | Iran | Kyrgyzstan | Afghanistan
0%
8Russia | Kazakhstan | Turkmenistan | Tajikistan | Uzbekistan | Iran | Kyrgyzstan | Afghanistan
0%
8Russia | Kazakhstan | Turkmenistan | Tajikistan | Uzbekistan | Iran | Kyrgyzstan | Afghanistan
0%
8Russia | Kazakhstan | Turkmenistan | Tajikistan | Uzbekistan | Iran | Kyrgyzstan | Afghanistan
0%
8Russia | Kazakhstan | Turkmenistan | Tajikistan | Uzbekistan | Iran | Kyrgyzstan | Afghanistan
0%
8Russia | Kazakhstan | Turkmenistan | Tajikistan | Uzbekistan | Iran | Kyrgyzstan | Afghanistan
0%
8Russia | Kazakhstan | Turkmenistan | Tajikistan | Uzbekistan | Iran | Kyrgyzstan | Afghanistan
0%
8Russia | Kazakhstan | Turkmenistan | Tajikistan | Uzbekistan | Iran | Kyrgyzstan | Afghanistan
0%
8Russia | Kazakhstan | Turkmenistan | Tajikistan | Uzbekistan | Iran | Kyrgyzstan | Afghanistan
0%
8Russia | Kazakhstan | Turkmenistan | Tajikistan | Uzbekistan | Iran | Kyrgyzstan | Afghanistan
0%
8Russia | Kazakhstan | Turkmenistan | Tajikistan | Uzbekistan | Iran | Kyrgyzstan | Afghanistan
0%
8Russia | Kazakhstan | Turkmenistan | Tajikistan | Uzbekistan | Iran | Kyrgyzstan | Afghanistan
0%
8Russia | Kazakhstan | Turkmenistan | Tajikistan | Uzbekistan | Iran | Kyrgyzstan | Afghanistan
0%
8Russia | Kazakhstan | Turkmenistan | Tajikistan | Uzbekistan | Iran | Kyrgyzstan | Afghanistan
0%
8Russia | Kazakhstan | Turkmenistan | Tajikistan | Uzbekistan | Iran | Kyrgyzstan | Afghanistan
0%
8Russia | Kazakhstan | Turkmenistan | Tajikistan | Uzbekistan | Iran | Kyrgyzstan | Afghanistan
0%
8Russia | Kazakhstan | Turkmenistan | Tajikistan | Uzbekistan | Iran | Kyrgyzstan | Afghanistan
0%
8Russia | Kazakhstan | Turkmenistan | Tajikistan | Uzbekistan | Iran | Kyrgyzstan | Afghanistan
0%
8Russia | Kazakhstan | Turkmenistan | Tajikistan | Uzbekistan | Iran | Kyrgyzstan | Afghanistan
0%
8Russia | Kazakhstan | Turkmenistan | Tajikistan | Uzbekistan | Iran | Kyrgyzstan | Afghanistan
0%
8Russia | Kazakhstan | Turkmenistan | Tajikistan | Uzbekistan | Iran | Kyrgyzstan | Afghanistan
0%
8Russia | Kazakhstan | Turkmenistan | Tajikistan | Uzbekistan | Iran | Kyrgyzstan | Afghanistan
0%
8Russia | Kazakhstan | Turkmenistan | Tajikistan | Uzbekistan | Iran | Kyrgyzstan | Afghanistan
0%
8Russia | Kazakhstan | Turkmenistan | Tajikistan | Uzbekistan | Iran | Kyrgyzstan | Afghanistan
0%
8Russia | Kazakhstan | Turkmenistan | Tajikistan | Uzbekistan | Iran | Kyrgyzstan | Afghanistan
0%
8Russia | Kazakhstan | Turkmenistan | Tajikistan | Uzbekistan | Iran | Kyrgyzstan | Afghanistan
0%
8Russia | Kazakhstan | Turkmenistan | Tajikistan | Uzbekistan | Iran | Kyrgyzstan | Afghanistan
0%
8Russia | Kazakhstan | Turkmenistan | Tajikistan | Uzbekistan | Iran | Kyrgyzstan | Afghanistan
0%
8Russia | Kazakhstan | Turkmenistan | Tajikistan | Uzbekistan | Iran | Kyrgyzstan | Afghanistan
0%
8Russia | Kazakhstan | Turkmenistan | Tajikistan | Uzbekistan | Iran | Kyrgyzstan | Afghanistan
0%
8Russia | Kazakhstan | Turkmenistan | Tajikistan | Uzbekistan | Iran | Kyrgyzstan | Afghanistan
0%
8Russia | Kazakhstan | Turkmenistan | Tajikistan | Uzbekistan | Iran | Kyrgyzstan | Afghanistan
0%
8Russia | Kazakhstan | Turkmenistan | Tajikistan | Uzbekistan | Iran | Kyrgyzstan | Afghanistan
0%
8Russia | Kazakhstan | Turkmenistan | Tajikistan | Uzbekistan | Iran | Kyrgyzstan | Afghanistan
0%
8Russia | Kazakhstan | Turkmenistan | Tajikistan | Uzbekistan | Iran | Kyrgyzstan | Afghanistan
0%
8Russia | Kazakhstan | Turkmenistan | Tajikistan | Uzbekistan | Iran | Kyrgyzstan | Afghanistan
0%
8Russia | Kazakhstan | Turkmenistan | Tajikistan | Uzbekistan | Iran | Kyrgyzstan | Afghanistan
0%
8Russia | Kazakhstan | Turkmenistan | Tajikistan | Uzbekistan | Iran | Kyrgyzstan | Afghanistan
0%
8Russia | Kazakhstan | Turkmenistan | Tajikistan | Uzbekistan | Iran | Kyrgyzstan | Afghanistan
0%
8Russia | Kazakhstan | Turkmenistan | Tajikistan | Uzbekistan | Iran | Kyrgyzstan | Afghanistan
0%
8Russia | Kazakhstan | Turkmenistan | Tajikistan | Uzbekistan | Iran | Kyrgyzstan | Afghanistan
0%
8Russia | Kazakhstan | Turkmenistan | Tajikistan | Uzbekistan | Iran | Kyrgyzstan | Afghanistan
0%
8Russia | Kazakhstan | Turkmenistan | Tajikistan | Uzbekistan | Iran | Kyrgyzstan | Afghanistan
0%
8Russia | Kazakhstan | Turkmenistan | Tajikistan | Uzbekistan | Iran | Kyrgyzstan | Afghanistan
0%
8Russia | Kazakhstan | Turkmenistan | Tajikistan | Uzbekistan | Iran | Kyrgyzstan | Afghanistan
0%
8Russia | Kazakhstan | Turkmenistan | Tajikistan | Uzbekistan | Iran | Kyrgyzstan | Afghanistan
0%
8Russia | Kazakhstan | Turkmenistan | Tajikistan | Uzbekistan | Iran | Kyrgyzstan | Afghanistan
0%
8Russia | Kazakhstan | Turkmenistan | Tajikistan | Uzbekistan | Iran | Kyrgyzstan | Afghanistan
0%
8Russia | Kazakhstan | Turkmenistan | Tajikistan | Uzbekistan | Iran | Kyrgyzstan | Afghanistan
0%
2Russia | Mongolia
0%
2Russia | Mongolia
0%
2Russia | Mongolia
0%
2Russia | Mongolia
0%
2Russia | Mongolia
0%
2Russia | Mongolia
0%
2Russia | Mongolia
0%
2Russia | Mongolia
0%
2Russia | Mongolia
0%
2Russia | Mongolia
0%
2Russia | Mongolia
0%
2Russia | Mongolia
0%
2Russia | Mongolia
0%
2Russia | Mongolia
0%
2Russia | Mongolia
0%
2Russia | Mongolia
0%
2Russia | Mongolia
0%
2Russia | Mongolia
0%
2Russia | Mongolia
0%
2Russia | Mongolia
0%
2Russia | Mongolia
0%
2Russia | Mongolia
0%
2Russia | Mongolia
0%
2Russia | Mongolia
0%
2Russia | Mongolia
0%
2Russia | Mongolia
0%
2Russia | Mongolia
0%
2Russia | Mongolia
0%
2Russia | Mongolia
0%
2Russia | Mongolia
0%
2Russia | Mongolia
0%
2Russia | Mongolia
0%
2Russia | Mongolia
0%
2Russia | Mongolia
0%
2Russia | Mongolia
0%
2Russia | Mongolia
0%
2Russia | Mongolia
0%
2Russia | Mongolia
0%
2Russia | Mongolia
0%
2Russia | Mongolia
0%
2Russia | Mongolia
0%
2Russia | Mongolia
0%
2Russia | Mongolia
0%
2Russia | Mongolia
0%
2Russia | Mongolia
0%
2Russia | Mongolia
0%
2Russia | Mongolia
0%
2Russia | Mongolia
0%
2Russia | Mongolia
0%
2Russia | Mongolia
0%
2Russia | Mongolia
0%
2Russia | Mongolia
0%
2Russia | Mongolia
0%
2Russia | Mongolia
0%
2Russia | Mongolia
0%
2Russia | Mongolia
0%
2Russia | Mongolia
0%
2Russia | Mongolia
0%
2Russia | Mongolia
0%
2Russia | Mongolia
0%
2Russia | Mongolia
0%
2Russia | Mongolia
0%
2Russia | Mongolia
0%
2Russia | Mongolia
0%
2Russia | Mongolia
0%
2Russia | Mongolia
0%
2Russia | Mongolia
0%
2Russia | Mongolia
0%
2Russia | Mongolia
0%
2Russia | Mongolia
0%
2Russia | Mongolia
0%
2Russia | Mongolia
0%
2Russia | Mongolia
0%
2Russia | Mongolia
0%
6Saudi Arabia | United Arab Emirates | Oman | Yemen | India | Pakistan
0%
6Saudi Arabia | United Arab Emirates | Oman | Yemen | India | Pakistan
0%
6Saudi Arabia | United Arab Emirates | Oman | Yemen | India | Pakistan
0%
6Saudi Arabia | United Arab Emirates | Oman | Yemen | India | Pakistan
0%
6Saudi Arabia | United Arab Emirates | Oman | Yemen | India | Pakistan
0%
6Saudi Arabia | United Arab Emirates | Oman | Yemen | India | Pakistan
0%
6Saudi Arabia | United Arab Emirates | Oman | Yemen | India | Pakistan
0%
6Saudi Arabia | United Arab Emirates | Oman | Yemen | India | Pakistan
0%
6Saudi Arabia | United Arab Emirates | Oman | Yemen | India | Pakistan
0%
6Saudi Arabia | United Arab Emirates | Oman | Yemen | India | Pakistan
0%
6Saudi Arabia | United Arab Emirates | Oman | Yemen | India | Pakistan
0%
6Saudi Arabia | United Arab Emirates | Oman | Yemen | India | Pakistan
0%
6Saudi Arabia | United Arab Emirates | Oman | Yemen | India | Pakistan
0%
6Saudi Arabia | United Arab Emirates | Oman | Yemen | India | Pakistan
0%
6Saudi Arabia | United Arab Emirates | Oman | Yemen | India | Pakistan
0%
6Saudi Arabia | United Arab Emirates | Oman | Yemen | India | Pakistan
0%
6Saudi Arabia | United Arab Emirates | Oman | Yemen | India | Pakistan
0%
6Saudi Arabia | United Arab Emirates | Oman | Yemen | India | Pakistan
0%
6Saudi Arabia | United Arab Emirates | Oman | Yemen | India | Pakistan
0%
6Saudi Arabia | United Arab Emirates | Oman | Yemen | India | Pakistan
0%
6Saudi Arabia | United Arab Emirates | Oman | Yemen | India | Pakistan
0%
6Saudi Arabia | United Arab Emirates | Oman | Yemen | India | Pakistan
0%
6Saudi Arabia | United Arab Emirates | Oman | Yemen | India | Pakistan
0%
6Saudi Arabia | United Arab Emirates | Oman | Yemen | India | Pakistan
0%
6Saudi Arabia | United Arab Emirates | Oman | Yemen | India | Pakistan
0%
6Saudi Arabia | United Arab Emirates | Oman | Yemen | India | Pakistan
0%
6Saudi Arabia | United Arab Emirates | Oman | Yemen | India | Pakistan
0%
6Saudi Arabia | United Arab Emirates | Oman | Yemen | India | Pakistan
0%
6Saudi Arabia | United Arab Emirates | Oman | Yemen | India | Pakistan
0%
6Saudi Arabia | United Arab Emirates | Oman | Yemen | India | Pakistan
0%
6Saudi Arabia | United Arab Emirates | Oman | Yemen | India | Pakistan
0%
6Saudi Arabia | United Arab Emirates | Oman | Yemen | India | Pakistan
0%
6Saudi Arabia | United Arab Emirates | Oman | Yemen | India | Pakistan
0%
6Saudi Arabia | United Arab Emirates | Oman | Yemen | India | Pakistan
0%
6Saudi Arabia | United Arab Emirates | Oman | Yemen | India | Pakistan
0%
6Saudi Arabia | United Arab Emirates | Oman | Yemen | India | Pakistan
0%
6Saudi Arabia | United Arab Emirates | Oman | Yemen | India | Pakistan
0%
6Saudi Arabia | United Arab Emirates | Oman | Yemen | India | Pakistan
0%
6Saudi Arabia | United Arab Emirates | Oman | Yemen | India | Pakistan
0%
6Saudi Arabia | United Arab Emirates | Oman | Yemen | India | Pakistan
0%
6Saudi Arabia | United Arab Emirates | Oman | Yemen | India | Pakistan
0%
6Saudi Arabia | United Arab Emirates | Oman | Yemen | India | Pakistan
0%
6Saudi Arabia | United Arab Emirates | Oman | Yemen | India | Pakistan
0%
6Saudi Arabia | United Arab Emirates | Oman | Yemen | India | Pakistan
0%
6Saudi Arabia | United Arab Emirates | Oman | Yemen | India | Pakistan
0%
6Saudi Arabia | United Arab Emirates | Oman | Yemen | India | Pakistan
0%
6Saudi Arabia | United Arab Emirates | Oman | Yemen | India | Pakistan
0%
6Saudi Arabia | United Arab Emirates | Oman | Yemen | India | Pakistan
0%
6Saudi Arabia | United Arab Emirates | Oman | Yemen | India | Pakistan
0%
6Saudi Arabia | United Arab Emirates | Oman | Yemen | India | Pakistan
0%
6Saudi Arabia | United Arab Emirates | Oman | Yemen | India | Pakistan
0%
6Saudi Arabia | United Arab Emirates | Oman | Yemen | India | Pakistan
0%
6Saudi Arabia | United Arab Emirates | Oman | Yemen | India | Pakistan
0%
6Saudi Arabia | United Arab Emirates | Oman | Yemen | India | Pakistan
0%
6Saudi Arabia | United Arab Emirates | Oman | Yemen | India | Pakistan
0%
6Saudi Arabia | United Arab Emirates | Oman | Yemen | India | Pakistan
0%
6Saudi Arabia | United Arab Emirates | Oman | Yemen | India | Pakistan
0%
6Saudi Arabia | United Arab Emirates | Oman | Yemen | India | Pakistan
0%
6Saudi Arabia | United Arab Emirates | Oman | Yemen | India | Pakistan
0%
6Saudi Arabia | United Arab Emirates | Oman | Yemen | India | Pakistan
0%
6Saudi Arabia | United Arab Emirates | Oman | Yemen | India | Pakistan
0%
6Saudi Arabia | United Arab Emirates | Oman | Yemen | India | Pakistan
0%
6Saudi Arabia | United Arab Emirates | Oman | Yemen | India | Pakistan
0%
6Saudi Arabia | United Arab Emirates | Oman | Yemen | India | Pakistan
0%
6Saudi Arabia | United Arab Emirates | Oman | Yemen | India | Pakistan
0%
6Saudi Arabia | United Arab Emirates | Oman | Yemen | India | Pakistan
0%
6Saudi Arabia | United Arab Emirates | Oman | Yemen | India | Pakistan
0%
6Saudi Arabia | United Arab Emirates | Oman | Yemen | India | Pakistan
0%
6Saudi Arabia | United Arab Emirates | Oman | Yemen | India | Pakistan
0%
6Saudi Arabia | United Arab Emirates | Oman | Yemen | India | Pakistan
0%
6Saudi Arabia | United Arab Emirates | Oman | Yemen | India | Pakistan
0%
6Saudi Arabia | United Arab Emirates | Oman | Yemen | India | Pakistan
0%
6Saudi Arabia | United Arab Emirates | Oman | Yemen | India | Pakistan
0%
6Saudi Arabia | United Arab Emirates | Oman | Yemen | India | Pakistan
0%
6Saudi Arabia | United Arab Emirates | Oman | Yemen | India | Pakistan
0%
6Saudi Arabia | United Arab Emirates | Oman | Yemen | India | Pakistan
0%
6Saudi Arabia | United Arab Emirates | Oman | Yemen | India | Pakistan
0%
6Saudi Arabia | United Arab Emirates | Oman | Yemen | India | Pakistan
0%
6Saudi Arabia | United Arab Emirates | Oman | Yemen | India | Pakistan
0%
1Seychelles
0%
1Seychelles
0%
1Seychelles
0%
1Seychelles
0%
1Seychelles
0%
1Seychelles
0%
1Seychelles
0%
1Seychelles
0%
1Seychelles
0%
1Seychelles
0%
1Seychelles
0%
1Seychelles
0%
1Seychelles
0%
1Seychelles
0%
1Seychelles
0%
1Seychelles
0%
1Seychelles
0%
1Seychelles
0%
1Seychelles
0%
1Seychelles
0%
1Seychelles
0%
1Seychelles
0%
1Seychelles
0%
1Seychelles
0%
1Seychelles
0%
1Seychelles
0%
1Seychelles
0%
1Seychelles
0%
1Seychelles
0%
1Seychelles
0%
1Seychelles
0%
1Seychelles
0%
1Seychelles
0%
1Seychelles
0%
1Seychelles
0%
1Seychelles
0%
1Seychelles
0%
1Seychelles
0%
1Seychelles
0%
1Seychelles
0%
1Seychelles
0%
1Seychelles
0%
1Seychelles
0%
1Seychelles
0%
1Seychelles
0%
1Seychelles
0%
1Seychelles
0%
1Seychelles
0%
1Seychelles
0%
1Seychelles
0%
1Seychelles
0%
1Seychelles
0%
1Seychelles
0%
1Seychelles
0%
1Seychelles
0%
1Seychelles
0%
1Seychelles
0%
1Seychelles
0%
1Seychelles
0%
1Seychelles
0%
1Seychelles
0%
1Seychelles
0%
1Seychelles
0%
1Seychelles
0%
1Seychelles
0%
1Seychelles
0%
1Seychelles
0%
1Seychelles
0%
1Seychelles
0%
1Seychelles
0%
1Seychelles
0%
2South Africa | Lesotho
0%
2South Africa | Lesotho
0%
2South Africa | Lesotho
0%
2South Africa | Lesotho
0%
2South Africa | Lesotho
0%
2South Africa | Lesotho
0%
2South Africa | Lesotho
0%
2South Africa | Lesotho
0%
2South Africa | Lesotho
0%
2South Africa | Lesotho
0%
2South Africa | Lesotho
0%
2South Africa | Lesotho
0%
2South Africa | Lesotho
0%
2South Africa | Lesotho
0%
2South Africa | Lesotho
0%
2South Africa | Lesotho
0%
2South Africa | Lesotho
0%
2South Africa | Lesotho
0%
2South Africa | Lesotho
0%
2South Africa | Lesotho
0%
2South Africa | Lesotho
0%
2South Africa | Lesotho
0%
2South Africa | Lesotho
0%
2South Africa | Lesotho
0%
2South Africa | Lesotho
0%
2South Africa | Lesotho
0%
2South Africa | Lesotho
0%
2South Africa | Lesotho
0%
2South Africa | Lesotho
0%
2South Africa | Lesotho
0%
2South Africa | Lesotho
0%
2South Africa | Lesotho
0%
2South Africa | Lesotho
0%
2South Africa | Lesotho
0%
2South Africa | Lesotho
0%
2South Africa | Lesotho
0%
2South Africa | Lesotho
0%
2South Africa | Lesotho
0%
2South Africa | Lesotho
0%
2South Africa | Lesotho
0%
2South Africa | Lesotho
0%
2South Africa | Lesotho
0%
2South Africa | Lesotho
0%
2South Africa | Lesotho
0%
2South Africa | Lesotho
0%
2South Africa | Lesotho
0%
2South Africa | Lesotho
0%
2South Africa | Lesotho
0%
2South Africa | Lesotho
0%
2South Africa | Lesotho
0%
2South Africa | Lesotho
0%
2South Africa | Lesotho
0%
2South Africa | Lesotho
0%
2South Africa | Lesotho
0%
2South Africa | Lesotho
0%
2South Africa | Lesotho
0%
2South Africa | Lesotho
0%
2South Africa | Lesotho
0%
2South Africa | Lesotho
0%
2South Africa | Lesotho
0%
2South Africa | Lesotho
0%
2South Africa | Lesotho
0%
2South Africa | Lesotho
0%
2South Africa | Lesotho
0%
2South Africa | Lesotho
0%
2South Africa | Lesotho
0%
2South Africa | Lesotho
0%
2South Africa | Lesotho
0%
2South Africa | Lesotho
0%
2South Africa | Lesotho
0%
2South Africa | Lesotho
0%
2South Africa | Lesotho
0%
2South Africa | Lesotho
0%
8Spain | Portugal | Morocco | Mauritania | Algeria | Tunisia | Mali | Libya
0%
8Spain | Portugal | Morocco | Mauritania | Algeria | Tunisia | Mali | Libya
0%
8Spain | Portugal | Morocco | Mauritania | Algeria | Tunisia | Mali | Libya
0%
8Spain | Portugal | Morocco | Mauritania | Algeria | Tunisia | Mali | Libya
0%
8Spain | Portugal | Morocco | Mauritania | Algeria | Tunisia | Mali | Libya
0%
8Spain | Portugal | Morocco | Mauritania | Algeria | Tunisia | Mali | Libya
0%
8Spain | Portugal | Morocco | Mauritania | Algeria | Tunisia | Mali | Libya
0%
8Spain | Portugal | Morocco | Mauritania | Algeria | Tunisia | Mali | Libya
0%
8Spain | Portugal | Morocco | Mauritania | Algeria | Tunisia | Mali | Libya
0%
8Spain | Portugal | Morocco | Mauritania | Algeria | Tunisia | Mali | Libya
0%
8Spain | Portugal | Morocco | Mauritania | Algeria | Tunisia | Mali | Libya
0%
8Spain | Portugal | Morocco | Mauritania | Algeria | Tunisia | Mali | Libya
0%
8Spain | Portugal | Morocco | Mauritania | Algeria | Tunisia | Mali | Libya
0%
8Spain | Portugal | Morocco | Mauritania | Algeria | Tunisia | Mali | Libya
0%
8Spain | Portugal | Morocco | Mauritania | Algeria | Tunisia | Mali | Libya
0%
8Spain | Portugal | Morocco | Mauritania | Algeria | Tunisia | Mali | Libya
0%
8Spain | Portugal | Morocco | Mauritania | Algeria | Tunisia | Mali | Libya
0%
8Spain | Portugal | Morocco | Mauritania | Algeria | Tunisia | Mali | Libya
0%
8Spain | Portugal | Morocco | Mauritania | Algeria | Tunisia | Mali | Libya
0%
8Spain | Portugal | Morocco | Mauritania | Algeria | Tunisia | Mali | Libya
0%
8Spain | Portugal | Morocco | Mauritania | Algeria | Tunisia | Mali | Libya
0%
8Spain | Portugal | Morocco | Mauritania | Algeria | Tunisia | Mali | Libya
0%
8Spain | Portugal | Morocco | Mauritania | Algeria | Tunisia | Mali | Libya
0%
8Spain | Portugal | Morocco | Mauritania | Algeria | Tunisia | Mali | Libya
0%
8Spain | Portugal | Morocco | Mauritania | Algeria | Tunisia | Mali | Libya
0%
8Spain | Portugal | Morocco | Mauritania | Algeria | Tunisia | Mali | Libya
0%
8Spain | Portugal | Morocco | Mauritania | Algeria | Tunisia | Mali | Libya
0%
8Spain | Portugal | Morocco | Mauritania | Algeria | Tunisia | Mali | Libya
0%
8Spain | Portugal | Morocco | Mauritania | Algeria | Tunisia | Mali | Libya
0%
8Spain | Portugal | Morocco | Mauritania | Algeria | Tunisia | Mali | Libya
0%
8Spain | Portugal | Morocco | Mauritania | Algeria | Tunisia | Mali | Libya
0%
8Spain | Portugal | Morocco | Mauritania | Algeria | Tunisia | Mali | Libya
0%
8Spain | Portugal | Morocco | Mauritania | Algeria | Tunisia | Mali | Libya
0%
8Spain | Portugal | Morocco | Mauritania | Algeria | Tunisia | Mali | Libya
0%
8Spain | Portugal | Morocco | Mauritania | Algeria | Tunisia | Mali | Libya
0%
8Spain | Portugal | Morocco | Mauritania | Algeria | Tunisia | Mali | Libya
0%
8Spain | Portugal | Morocco | Mauritania | Algeria | Tunisia | Mali | Libya
0%
8Spain | Portugal | Morocco | Mauritania | Algeria | Tunisia | Mali | Libya
0%
8Spain | Portugal | Morocco | Mauritania | Algeria | Tunisia | Mali | Libya
0%
8Spain | Portugal | Morocco | Mauritania | Algeria | Tunisia | Mali | Libya
0%
8Spain | Portugal | Morocco | Mauritania | Algeria | Tunisia | Mali | Libya
0%
8Spain | Portugal | Morocco | Mauritania | Algeria | Tunisia | Mali | Libya
0%
8Spain | Portugal | Morocco | Mauritania | Algeria | Tunisia | Mali | Libya
0%
8Spain | Portugal | Morocco | Mauritania | Algeria | Tunisia | Mali | Libya
0%
8Spain | Portugal | Morocco | Mauritania | Algeria | Tunisia | Mali | Libya
0%
8Spain | Portugal | Morocco | Mauritania | Algeria | Tunisia | Mali | Libya
0%
8Spain | Portugal | Morocco | Mauritania | Algeria | Tunisia | Mali | Libya
0%
8Spain | Portugal | Morocco | Mauritania | Algeria | Tunisia | Mali | Libya
0%
8Spain | Portugal | Morocco | Mauritania | Algeria | Tunisia | Mali | Libya
0%
8Spain | Portugal | Morocco | Mauritania | Algeria | Tunisia | Mali | Libya
0%
8Spain | Portugal | Morocco | Mauritania | Algeria | Tunisia | Mali | Libya
0%
8Spain | Portugal | Morocco | Mauritania | Algeria | Tunisia | Mali | Libya
0%
8Spain | Portugal | Morocco | Mauritania | Algeria | Tunisia | Mali | Libya
0%
8Spain | Portugal | Morocco | Mauritania | Algeria | Tunisia | Mali | Libya
0%
8Spain | Portugal | Morocco | Mauritania | Algeria | Tunisia | Mali | Libya
0%
8Spain | Portugal | Morocco | Mauritania | Algeria | Tunisia | Mali | Libya
0%
8Spain | Portugal | Morocco | Mauritania | Algeria | Tunisia | Mali | Libya
0%
8Spain | Portugal | Morocco | Mauritania | Algeria | Tunisia | Mali | Libya
0%
8Spain | Portugal | Morocco | Mauritania | Algeria | Tunisia | Mali | Libya
0%
8Spain | Portugal | Morocco | Mauritania | Algeria | Tunisia | Mali | Libya
0%
8Spain | Portugal | Morocco | Mauritania | Algeria | Tunisia | Mali | Libya
0%
8Spain | Portugal | Morocco | Mauritania | Algeria | Tunisia | Mali | Libya
0%
8Spain | Portugal | Morocco | Mauritania | Algeria | Tunisia | Mali | Libya
0%
8Spain | Portugal | Morocco | Mauritania | Algeria | Tunisia | Mali | Libya
0%
8Spain | Portugal | Morocco | Mauritania | Algeria | Tunisia | Mali | Libya
0%
8Spain | Portugal | Morocco | Mauritania | Algeria | Tunisia | Mali | Libya
0%
8Spain | Portugal | Morocco | Mauritania | Algeria | Tunisia | Mali | Libya
0%
8Spain | Portugal | Morocco | Mauritania | Algeria | Tunisia | Mali | Libya
0%
8Spain | Portugal | Morocco | Mauritania | Algeria | Tunisia | Mali | Libya
0%
8Spain | Portugal | Morocco | Mauritania | Algeria | Tunisia | Mali | Libya
0%
8Spain | Portugal | Morocco | Mauritania | Algeria | Tunisia | Mali | Libya
0%
8Spain | Portugal | Morocco | Mauritania | Algeria | Tunisia | Mali | Libya
0%
8Spain | Portugal | Morocco | Mauritania | Algeria | Tunisia | Mali | Libya
0%
8Spain | Portugal | Morocco | Mauritania | Algeria | Tunisia | Mali | Libya
0%
8Spain | Portugal | Morocco | Mauritania | Algeria | Tunisia | Mali | Libya
0%
8Spain | Portugal | Morocco | Mauritania | Algeria | Tunisia | Mali | Libya
0%
8Spain | Portugal | Morocco | Mauritania | Algeria | Tunisia | Mali | Libya
0%
8Spain | Portugal | Morocco | Mauritania | Algeria | Tunisia | Mali | Libya
0%
8Spain | Portugal | Morocco | Mauritania | Algeria | Tunisia | Mali | Libya
0%
8Spain | Portugal | Morocco | Mauritania | Algeria | Tunisia | Mali | Libya
0%
8Spain | Portugal | Morocco | Mauritania | Algeria | Tunisia | Mali | Libya
0%
8Spain | Portugal | Morocco | Mauritania | Algeria | Tunisia | Mali | Libya
0%
8Spain | Portugal | Morocco | Mauritania | Algeria | Tunisia | Mali | Libya
0%
8Spain | Portugal | Morocco | Mauritania | Algeria | Tunisia | Mali | Libya
0%
8Spain | Portugal | Morocco | Mauritania | Algeria | Tunisia | Mali | Libya
0%
14Sudan | South Sudan | Democratic Republic of the Congo | Republic of the Congo | Rwanda | Uganda | Central African Republic | Chad | Cameroon | Nigeria | Gabon | Equatorial Guinea | Burundi | Tanzania
0%
14Sudan | South Sudan | Democratic Republic of the Congo | Republic of the Congo | Rwanda | Uganda | Central African Republic | Chad | Cameroon | Nigeria | Gabon | Equatorial Guinea | Burundi | Tanzania
0%
14Sudan | South Sudan | Democratic Republic of the Congo | Republic of the Congo | Rwanda | Uganda | Central African Republic | Chad | Cameroon | Nigeria | Gabon | Equatorial Guinea | Burundi | Tanzania
0%
14Sudan | South Sudan | Democratic Republic of the Congo | Republic of the Congo | Rwanda | Uganda | Central African Republic | Chad | Cameroon | Nigeria | Gabon | Equatorial Guinea | Burundi | Tanzania
0%
14Sudan | South Sudan | Democratic Republic of the Congo | Republic of the Congo | Rwanda | Uganda | Central African Republic | Chad | Cameroon | Nigeria | Gabon | Equatorial Guinea | Burundi | Tanzania
0%
14Sudan | South Sudan | Democratic Republic of the Congo | Republic of the Congo | Rwanda | Uganda | Central African Republic | Chad | Cameroon | Nigeria | Gabon | Equatorial Guinea | Burundi | Tanzania
0%
14Sudan | South Sudan | Democratic Republic of the Congo | Republic of the Congo | Rwanda | Uganda | Central African Republic | Chad | Cameroon | Nigeria | Gabon | Equatorial Guinea | Burundi | Tanzania
0%
14Sudan | South Sudan | Democratic Republic of the Congo | Republic of the Congo | Rwanda | Uganda | Central African Republic | Chad | Cameroon | Nigeria | Gabon | Equatorial Guinea | Burundi | Tanzania
0%
14Sudan | South Sudan | Democratic Republic of the Congo | Republic of the Congo | Rwanda | Uganda | Central African Republic | Chad | Cameroon | Nigeria | Gabon | Equatorial Guinea | Burundi | Tanzania
0%
14Sudan | South Sudan | Democratic Republic of the Congo | Republic of the Congo | Rwanda | Uganda | Central African Republic | Chad | Cameroon | Nigeria | Gabon | Equatorial Guinea | Burundi | Tanzania
0%
14Sudan | South Sudan | Democratic Republic of the Congo | Republic of the Congo | Rwanda | Uganda | Central African Republic | Chad | Cameroon | Nigeria | Gabon | Equatorial Guinea | Burundi | Tanzania
0%
14Sudan | South Sudan | Democratic Republic of the Congo | Republic of the Congo | Rwanda | Uganda | Central African Republic | Chad | Cameroon | Nigeria | Gabon | Equatorial Guinea | Burundi | Tanzania
0%
14Sudan | South Sudan | Democratic Republic of the Congo | Republic of the Congo | Rwanda | Uganda | Central African Republic | Chad | Cameroon | Nigeria | Gabon | Equatorial Guinea | Burundi | Tanzania
0%
14Sudan | South Sudan | Democratic Republic of the Congo | Republic of the Congo | Rwanda | Uganda | Central African Republic | Chad | Cameroon | Nigeria | Gabon | Equatorial Guinea | Burundi | Tanzania
0%
14Sudan | South Sudan | Democratic Republic of the Congo | Republic of the Congo | Rwanda | Uganda | Central African Republic | Chad | Cameroon | Nigeria | Gabon | Equatorial Guinea | Burundi | Tanzania
0%
14Sudan | South Sudan | Democratic Republic of the Congo | Republic of the Congo | Rwanda | Uganda | Central African Republic | Chad | Cameroon | Nigeria | Gabon | Equatorial Guinea | Burundi | Tanzania
0%
14Sudan | South Sudan | Democratic Republic of the Congo | Republic of the Congo | Rwanda | Uganda | Central African Republic | Chad | Cameroon | Nigeria | Gabon | Equatorial Guinea | Burundi | Tanzania
0%
14Sudan | South Sudan | Democratic Republic of the Congo | Republic of the Congo | Rwanda | Uganda | Central African Republic | Chad | Cameroon | Nigeria | Gabon | Equatorial Guinea | Burundi | Tanzania
0%
14Sudan | South Sudan | Democratic Republic of the Congo | Republic of the Congo | Rwanda | Uganda | Central African Republic | Chad | Cameroon | Nigeria | Gabon | Equatorial Guinea | Burundi | Tanzania
0%
14Sudan | South Sudan | Democratic Republic of the Congo | Republic of the Congo | Rwanda | Uganda | Central African Republic | Chad | Cameroon | Nigeria | Gabon | Equatorial Guinea | Burundi | Tanzania
0%
14Sudan | South Sudan | Democratic Republic of the Congo | Republic of the Congo | Rwanda | Uganda | Central African Republic | Chad | Cameroon | Nigeria | Gabon | Equatorial Guinea | Burundi | Tanzania
0%
14Sudan | South Sudan | Democratic Republic of the Congo | Republic of the Congo | Rwanda | Uganda | Central African Republic | Chad | Cameroon | Nigeria | Gabon | Equatorial Guinea | Burundi | Tanzania
0%
14Sudan | South Sudan | Democratic Republic of the Congo | Republic of the Congo | Rwanda | Uganda | Central African Republic | Chad | Cameroon | Nigeria | Gabon | Equatorial Guinea | Burundi | Tanzania
0%
14Sudan | South Sudan | Democratic Republic of the Congo | Republic of the Congo | Rwanda | Uganda | Central African Republic | Chad | Cameroon | Nigeria | Gabon | Equatorial Guinea | Burundi | Tanzania
0%
14Sudan | South Sudan | Democratic Republic of the Congo | Republic of the Congo | Rwanda | Uganda | Central African Republic | Chad | Cameroon | Nigeria | Gabon | Equatorial Guinea | Burundi | Tanzania
0%
14Sudan | South Sudan | Democratic Republic of the Congo | Republic of the Congo | Rwanda | Uganda | Central African Republic | Chad | Cameroon | Nigeria | Gabon | Equatorial Guinea | Burundi | Tanzania
0%
14Sudan | South Sudan | Democratic Republic of the Congo | Republic of the Congo | Rwanda | Uganda | Central African Republic | Chad | Cameroon | Nigeria | Gabon | Equatorial Guinea | Burundi | Tanzania
0%
14Sudan | South Sudan | Democratic Republic of the Congo | Republic of the Congo | Rwanda | Uganda | Central African Republic | Chad | Cameroon | Nigeria | Gabon | Equatorial Guinea | Burundi | Tanzania
0%
14Sudan | South Sudan | Democratic Republic of the Congo | Republic of the Congo | Rwanda | Uganda | Central African Republic | Chad | Cameroon | Nigeria | Gabon | Equatorial Guinea | Burundi | Tanzania
0%
14Sudan | South Sudan | Democratic Republic of the Congo | Republic of the Congo | Rwanda | Uganda | Central African Republic | Chad | Cameroon | Nigeria | Gabon | Equatorial Guinea | Burundi | Tanzania
0%
14Sudan | South Sudan | Democratic Republic of the Congo | Republic of the Congo | Rwanda | Uganda | Central African Republic | Chad | Cameroon | Nigeria | Gabon | Equatorial Guinea | Burundi | Tanzania
0%
14Sudan | South Sudan | Democratic Republic of the Congo | Republic of the Congo | Rwanda | Uganda | Central African Republic | Chad | Cameroon | Nigeria | Gabon | Equatorial Guinea | Burundi | Tanzania
0%
14Sudan | South Sudan | Democratic Republic of the Congo | Republic of the Congo | Rwanda | Uganda | Central African Republic | Chad | Cameroon | Nigeria | Gabon | Equatorial Guinea | Burundi | Tanzania
0%
14Sudan | South Sudan | Democratic Republic of the Congo | Republic of the Congo | Rwanda | Uganda | Central African Republic | Chad | Cameroon | Nigeria | Gabon | Equatorial Guinea | Burundi | Tanzania
0%
14Sudan | South Sudan | Democratic Republic of the Congo | Republic of the Congo | Rwanda | Uganda | Central African Republic | Chad | Cameroon | Nigeria | Gabon | Equatorial Guinea | Burundi | Tanzania
0%
14Sudan | South Sudan | Democratic Republic of the Congo | Republic of the Congo | Rwanda | Uganda | Central African Republic | Chad | Cameroon | Nigeria | Gabon | Equatorial Guinea | Burundi | Tanzania
0%
14Sudan | South Sudan | Democratic Republic of the Congo | Republic of the Congo | Rwanda | Uganda | Central African Republic | Chad | Cameroon | Nigeria | Gabon | Equatorial Guinea | Burundi | Tanzania
0%
14Sudan | South Sudan | Democratic Republic of the Congo | Republic of the Congo | Rwanda | Uganda | Central African Republic | Chad | Cameroon | Nigeria | Gabon | Equatorial Guinea | Burundi | Tanzania
0%
14Sudan | South Sudan | Democratic Republic of the Congo | Republic of the Congo | Rwanda | Uganda | Central African Republic | Chad | Cameroon | Nigeria | Gabon | Equatorial Guinea | Burundi | Tanzania
0%
14Sudan | South Sudan | Democratic Republic of the Congo | Republic of the Congo | Rwanda | Uganda | Central African Republic | Chad | Cameroon | Nigeria | Gabon | Equatorial Guinea | Burundi | Tanzania
0%
14Sudan | South Sudan | Democratic Republic of the Congo | Republic of the Congo | Rwanda | Uganda | Central African Republic | Chad | Cameroon | Nigeria | Gabon | Equatorial Guinea | Burundi | Tanzania
0%
14Sudan | South Sudan | Democratic Republic of the Congo | Republic of the Congo | Rwanda | Uganda | Central African Republic | Chad | Cameroon | Nigeria | Gabon | Equatorial Guinea | Burundi | Tanzania
0%
14Sudan | South Sudan | Democratic Republic of the Congo | Republic of the Congo | Rwanda | Uganda | Central African Republic | Chad | Cameroon | Nigeria | Gabon | Equatorial Guinea | Burundi | Tanzania
0%
14Sudan | South Sudan | Democratic Republic of the Congo | Republic of the Congo | Rwanda | Uganda | Central African Republic | Chad | Cameroon | Nigeria | Gabon | Equatorial Guinea | Burundi | Tanzania
0%
14Sudan | South Sudan | Democratic Republic of the Congo | Republic of the Congo | Rwanda | Uganda | Central African Republic | Chad | Cameroon | Nigeria | Gabon | Equatorial Guinea | Burundi | Tanzania
0%
14Sudan | South Sudan | Democratic Republic of the Congo | Republic of the Congo | Rwanda | Uganda | Central African Republic | Chad | Cameroon | Nigeria | Gabon | Equatorial Guinea | Burundi | Tanzania
0%
14Sudan | South Sudan | Democratic Republic of the Congo | Republic of the Congo | Rwanda | Uganda | Central African Republic | Chad | Cameroon | Nigeria | Gabon | Equatorial Guinea | Burundi | Tanzania
0%
14Sudan | South Sudan | Democratic Republic of the Congo | Republic of the Congo | Rwanda | Uganda | Central African Republic | Chad | Cameroon | Nigeria | Gabon | Equatorial Guinea | Burundi | Tanzania
0%
14Sudan | South Sudan | Democratic Republic of the Congo | Republic of the Congo | Rwanda | Uganda | Central African Republic | Chad | Cameroon | Nigeria | Gabon | Equatorial Guinea | Burundi | Tanzania
0%
14Sudan | South Sudan | Democratic Republic of the Congo | Republic of the Congo | Rwanda | Uganda | Central African Republic | Chad | Cameroon | Nigeria | Gabon | Equatorial Guinea | Burundi | Tanzania
0%
14Sudan | South Sudan | Democratic Republic of the Congo | Republic of the Congo | Rwanda | Uganda | Central African Republic | Chad | Cameroon | Nigeria | Gabon | Equatorial Guinea | Burundi | Tanzania
0%
14Sudan | South Sudan | Democratic Republic of the Congo | Republic of the Congo | Rwanda | Uganda | Central African Republic | Chad | Cameroon | Nigeria | Gabon | Equatorial Guinea | Burundi | Tanzania
0%
14Sudan | South Sudan | Democratic Republic of the Congo | Republic of the Congo | Rwanda | Uganda | Central African Republic | Chad | Cameroon | Nigeria | Gabon | Equatorial Guinea | Burundi | Tanzania
0%
14Sudan | South Sudan | Democratic Republic of the Congo | Republic of the Congo | Rwanda | Uganda | Central African Republic | Chad | Cameroon | Nigeria | Gabon | Equatorial Guinea | Burundi | Tanzania
0%
14Sudan | South Sudan | Democratic Republic of the Congo | Republic of the Congo | Rwanda | Uganda | Central African Republic | Chad | Cameroon | Nigeria | Gabon | Equatorial Guinea | Burundi | Tanzania
0%
14Sudan | South Sudan | Democratic Republic of the Congo | Republic of the Congo | Rwanda | Uganda | Central African Republic | Chad | Cameroon | Nigeria | Gabon | Equatorial Guinea | Burundi | Tanzania
0%
14Sudan | South Sudan | Democratic Republic of the Congo | Republic of the Congo | Rwanda | Uganda | Central African Republic | Chad | Cameroon | Nigeria | Gabon | Equatorial Guinea | Burundi | Tanzania
0%
14Sudan | South Sudan | Democratic Republic of the Congo | Republic of the Congo | Rwanda | Uganda | Central African Republic | Chad | Cameroon | Nigeria | Gabon | Equatorial Guinea | Burundi | Tanzania
0%
14Sudan | South Sudan | Democratic Republic of the Congo | Republic of the Congo | Rwanda | Uganda | Central African Republic | Chad | Cameroon | Nigeria | Gabon | Equatorial Guinea | Burundi | Tanzania
0%
14Sudan | South Sudan | Democratic Republic of the Congo | Republic of the Congo | Rwanda | Uganda | Central African Republic | Chad | Cameroon | Nigeria | Gabon | Equatorial Guinea | Burundi | Tanzania
0%
14Sudan | South Sudan | Democratic Republic of the Congo | Republic of the Congo | Rwanda | Uganda | Central African Republic | Chad | Cameroon | Nigeria | Gabon | Equatorial Guinea | Burundi | Tanzania
0%
14Sudan | South Sudan | Democratic Republic of the Congo | Republic of the Congo | Rwanda | Uganda | Central African Republic | Chad | Cameroon | Nigeria | Gabon | Equatorial Guinea | Burundi | Tanzania
0%
14Sudan | South Sudan | Democratic Republic of the Congo | Republic of the Congo | Rwanda | Uganda | Central African Republic | Chad | Cameroon | Nigeria | Gabon | Equatorial Guinea | Burundi | Tanzania
0%
14Sudan | South Sudan | Democratic Republic of the Congo | Republic of the Congo | Rwanda | Uganda | Central African Republic | Chad | Cameroon | Nigeria | Gabon | Equatorial Guinea | Burundi | Tanzania
0%
14Sudan | South Sudan | Democratic Republic of the Congo | Republic of the Congo | Rwanda | Uganda | Central African Republic | Chad | Cameroon | Nigeria | Gabon | Equatorial Guinea | Burundi | Tanzania
0%
14Sudan | South Sudan | Democratic Republic of the Congo | Republic of the Congo | Rwanda | Uganda | Central African Republic | Chad | Cameroon | Nigeria | Gabon | Equatorial Guinea | Burundi | Tanzania
0%
14Sudan | South Sudan | Democratic Republic of the Congo | Republic of the Congo | Rwanda | Uganda | Central African Republic | Chad | Cameroon | Nigeria | Gabon | Equatorial Guinea | Burundi | Tanzania
0%
14Sudan | South Sudan | Democratic Republic of the Congo | Republic of the Congo | Rwanda | Uganda | Central African Republic | Chad | Cameroon | Nigeria | Gabon | Equatorial Guinea | Burundi | Tanzania
0%
8Sudan | South Sudan | Ethiopia | Kenya | Uganda | Tanzania | Somalia | Democratic Republic of the Congo
0%
8Sudan | South Sudan | Ethiopia | Kenya | Uganda | Tanzania | Somalia | Democratic Republic of the Congo
0%
8Sudan | South Sudan | Ethiopia | Kenya | Uganda | Tanzania | Somalia | Democratic Republic of the Congo
0%
8Sudan | South Sudan | Ethiopia | Kenya | Uganda | Tanzania | Somalia | Democratic Republic of the Congo
0%
8Sudan | South Sudan | Ethiopia | Kenya | Uganda | Tanzania | Somalia | Democratic Republic of the Congo
0%
8Sudan | South Sudan | Ethiopia | Kenya | Uganda | Tanzania | Somalia | Democratic Republic of the Congo
0%
8Sudan | South Sudan | Ethiopia | Kenya | Uganda | Tanzania | Somalia | Democratic Republic of the Congo
0%
8Sudan | South Sudan | Ethiopia | Kenya | Uganda | Tanzania | Somalia | Democratic Republic of the Congo
0%
8Sudan | South Sudan | Ethiopia | Kenya | Uganda | Tanzania | Somalia | Democratic Republic of the Congo
0%
8Sudan | South Sudan | Ethiopia | Kenya | Uganda | Tanzania | Somalia | Democratic Republic of the Congo
0%
8Sudan | South Sudan | Ethiopia | Kenya | Uganda | Tanzania | Somalia | Democratic Republic of the Congo
0%
8Sudan | South Sudan | Ethiopia | Kenya | Uganda | Tanzania | Somalia | Democratic Republic of the Congo
0%
8Sudan | South Sudan | Ethiopia | Kenya | Uganda | Tanzania | Somalia | Democratic Republic of the Congo
0%
8Sudan | South Sudan | Ethiopia | Kenya | Uganda | Tanzania | Somalia | Democratic Republic of the Congo
0%
8Sudan | South Sudan | Ethiopia | Kenya | Uganda | Tanzania | Somalia | Democratic Republic of the Congo
0%
8Sudan | South Sudan | Ethiopia | Kenya | Uganda | Tanzania | Somalia | Democratic Republic of the Congo
0%
8Sudan | South Sudan | Ethiopia | Kenya | Uganda | Tanzania | Somalia | Democratic Republic of the Congo
0%
8Sudan | South Sudan | Ethiopia | Kenya | Uganda | Tanzania | Somalia | Democratic Republic of the Congo
0%
8Sudan | South Sudan | Ethiopia | Kenya | Uganda | Tanzania | Somalia | Democratic Republic of the Congo
0%
8Sudan | South Sudan | Ethiopia | Kenya | Uganda | Tanzania | Somalia | Democratic Republic of the Congo
0%
8Sudan | South Sudan | Ethiopia | Kenya | Uganda | Tanzania | Somalia | Democratic Republic of the Congo
0%
8Sudan | South Sudan | Ethiopia | Kenya | Uganda | Tanzania | Somalia | Democratic Republic of the Congo
0%
8Sudan | South Sudan | Ethiopia | Kenya | Uganda | Tanzania | Somalia | Democratic Republic of the Congo
0%
8Sudan | South Sudan | Ethiopia | Kenya | Uganda | Tanzania | Somalia | Democratic Republic of the Congo
0%
8Sudan | South Sudan | Ethiopia | Kenya | Uganda | Tanzania | Somalia | Democratic Republic of the Congo
0%
8Sudan | South Sudan | Ethiopia | Kenya | Uganda | Tanzania | Somalia | Democratic Republic of the Congo
0%
8Sudan | South Sudan | Ethiopia | Kenya | Uganda | Tanzania | Somalia | Democratic Republic of the Congo
0%
8Sudan | South Sudan | Ethiopia | Kenya | Uganda | Tanzania | Somalia | Democratic Republic of the Congo
0%
8Sudan | South Sudan | Ethiopia | Kenya | Uganda | Tanzania | Somalia | Democratic Republic of the Congo
0%
8Sudan | South Sudan | Ethiopia | Kenya | Uganda | Tanzania | Somalia | Democratic Republic of the Congo
0%
8Sudan | South Sudan | Ethiopia | Kenya | Uganda | Tanzania | Somalia | Democratic Republic of the Congo
0%
8Sudan | South Sudan | Ethiopia | Kenya | Uganda | Tanzania | Somalia | Democratic Republic of the Congo
0%
8Sudan | South Sudan | Ethiopia | Kenya | Uganda | Tanzania | Somalia | Democratic Republic of the Congo
0%
8Sudan | South Sudan | Ethiopia | Kenya | Uganda | Tanzania | Somalia | Democratic Republic of the Congo
0%
8Sudan | South Sudan | Ethiopia | Kenya | Uganda | Tanzania | Somalia | Democratic Republic of the Congo
0%
8Sudan | South Sudan | Ethiopia | Kenya | Uganda | Tanzania | Somalia | Democratic Republic of the Congo
0%
8Sudan | South Sudan | Ethiopia | Kenya | Uganda | Tanzania | Somalia | Democratic Republic of the Congo
0%
8Sudan | South Sudan | Ethiopia | Kenya | Uganda | Tanzania | Somalia | Democratic Republic of the Congo
0%
8Sudan | South Sudan | Ethiopia | Kenya | Uganda | Tanzania | Somalia | Democratic Republic of the Congo
0%
8Sudan | South Sudan | Ethiopia | Kenya | Uganda | Tanzania | Somalia | Democratic Republic of the Congo
0%
8Sudan | South Sudan | Ethiopia | Kenya | Uganda | Tanzania | Somalia | Democratic Republic of the Congo
0%
8Sudan | South Sudan | Ethiopia | Kenya | Uganda | Tanzania | Somalia | Democratic Republic of the Congo
0%
8Sudan | South Sudan | Ethiopia | Kenya | Uganda | Tanzania | Somalia | Democratic Republic of the Congo
0%
8Sudan | South Sudan | Ethiopia | Kenya | Uganda | Tanzania | Somalia | Democratic Republic of the Congo
0%
8Sudan | South Sudan | Ethiopia | Kenya | Uganda | Tanzania | Somalia | Democratic Republic of the Congo
0%
8Sudan | South Sudan | Ethiopia | Kenya | Uganda | Tanzania | Somalia | Democratic Republic of the Congo
0%
8Sudan | South Sudan | Ethiopia | Kenya | Uganda | Tanzania | Somalia | Democratic Republic of the Congo
0%
8Sudan | South Sudan | Ethiopia | Kenya | Uganda | Tanzania | Somalia | Democratic Republic of the Congo
0%
8Sudan | South Sudan | Ethiopia | Kenya | Uganda | Tanzania | Somalia | Democratic Republic of the Congo
0%
8Sudan | South Sudan | Ethiopia | Kenya | Uganda | Tanzania | Somalia | Democratic Republic of the Congo
0%
8Sudan | South Sudan | Ethiopia | Kenya | Uganda | Tanzania | Somalia | Democratic Republic of the Congo
0%
8Sudan | South Sudan | Ethiopia | Kenya | Uganda | Tanzania | Somalia | Democratic Republic of the Congo
0%
8Sudan | South Sudan | Ethiopia | Kenya | Uganda | Tanzania | Somalia | Democratic Republic of the Congo
0%
8Tajikistan | Pakistan | Afghanistan | India | China | Nepal | Bangladesh | Bhutan
0%
8Tajikistan | Pakistan | Afghanistan | India | China | Nepal | Bangladesh | Bhutan
0%
8Tajikistan | Pakistan | Afghanistan | India | China | Nepal | Bangladesh | Bhutan
0%
8Tajikistan | Pakistan | Afghanistan | India | China | Nepal | Bangladesh | Bhutan
0%
8Tajikistan | Pakistan | Afghanistan | India | China | Nepal | Bangladesh | Bhutan
0%
8Tajikistan | Pakistan | Afghanistan | India | China | Nepal | Bangladesh | Bhutan
0%
8Tajikistan | Pakistan | Afghanistan | India | China | Nepal | Bangladesh | Bhutan
0%
8Tajikistan | Pakistan | Afghanistan | India | China | Nepal | Bangladesh | Bhutan
0%
8Tajikistan | Pakistan | Afghanistan | India | China | Nepal | Bangladesh | Bhutan
0%
8Tajikistan | Pakistan | Afghanistan | India | China | Nepal | Bangladesh | Bhutan
0%
8Tajikistan | Pakistan | Afghanistan | India | China | Nepal | Bangladesh | Bhutan
0%
8Tajikistan | Pakistan | Afghanistan | India | China | Nepal | Bangladesh | Bhutan
0%
8Tajikistan | Pakistan | Afghanistan | India | China | Nepal | Bangladesh | Bhutan
0%
8Tajikistan | Pakistan | Afghanistan | India | China | Nepal | Bangladesh | Bhutan
0%
8Tajikistan | Pakistan | Afghanistan | India | China | Nepal | Bangladesh | Bhutan
0%
8Tajikistan | Pakistan | Afghanistan | India | China | Nepal | Bangladesh | Bhutan
0%
8Tajikistan | Pakistan | Afghanistan | India | China | Nepal | Bangladesh | Bhutan
0%
8Tajikistan | Pakistan | Afghanistan | India | China | Nepal | Bangladesh | Bhutan
0%
8Tajikistan | Pakistan | Afghanistan | India | China | Nepal | Bangladesh | Bhutan
0%
8Tajikistan | Pakistan | Afghanistan | India | China | Nepal | Bangladesh | Bhutan
0%
8Tajikistan | Pakistan | Afghanistan | India | China | Nepal | Bangladesh | Bhutan
0%
8Tajikistan | Pakistan | Afghanistan | India | China | Nepal | Bangladesh | Bhutan
0%
8Tajikistan | Pakistan | Afghanistan | India | China | Nepal | Bangladesh | Bhutan
0%
8Tajikistan | Pakistan | Afghanistan | India | China | Nepal | Bangladesh | Bhutan
0%
8Tajikistan | Pakistan | Afghanistan | India | China | Nepal | Bangladesh | Bhutan
0%
8Tajikistan | Pakistan | Afghanistan | India | China | Nepal | Bangladesh | Bhutan
0%
8Tajikistan | Pakistan | Afghanistan | India | China | Nepal | Bangladesh | Bhutan
0%
8Tajikistan | Pakistan | Afghanistan | India | China | Nepal | Bangladesh | Bhutan
0%
8Tajikistan | Pakistan | Afghanistan | India | China | Nepal | Bangladesh | Bhutan
0%
8Tajikistan | Pakistan | Afghanistan | India | China | Nepal | Bangladesh | Bhutan
0%
8Tajikistan | Pakistan | Afghanistan | India | China | Nepal | Bangladesh | Bhutan
0%
8Tajikistan | Pakistan | Afghanistan | India | China | Nepal | Bangladesh | Bhutan
0%
8Tajikistan | Pakistan | Afghanistan | India | China | Nepal | Bangladesh | Bhutan
0%
8Tajikistan | Pakistan | Afghanistan | India | China | Nepal | Bangladesh | Bhutan
0%
8Tajikistan | Pakistan | Afghanistan | India | China | Nepal | Bangladesh | Bhutan
0%
8Tajikistan | Pakistan | Afghanistan | India | China | Nepal | Bangladesh | Bhutan
0%
8Tajikistan | Pakistan | Afghanistan | India | China | Nepal | Bangladesh | Bhutan
0%
8Tajikistan | Pakistan | Afghanistan | India | China | Nepal | Bangladesh | Bhutan
0%
8Tajikistan | Pakistan | Afghanistan | India | China | Nepal | Bangladesh | Bhutan
0%
8Tajikistan | Pakistan | Afghanistan | India | China | Nepal | Bangladesh | Bhutan
0%
8Tajikistan | Pakistan | Afghanistan | India | China | Nepal | Bangladesh | Bhutan
0%
8Tajikistan | Pakistan | Afghanistan | India | China | Nepal | Bangladesh | Bhutan
0%
8Tajikistan | Pakistan | Afghanistan | India | China | Nepal | Bangladesh | Bhutan
0%
8Tajikistan | Pakistan | Afghanistan | India | China | Nepal | Bangladesh | Bhutan
0%
8Tajikistan | Pakistan | Afghanistan | India | China | Nepal | Bangladesh | Bhutan
0%
8Tajikistan | Pakistan | Afghanistan | India | China | Nepal | Bangladesh | Bhutan
0%
8Tajikistan | Pakistan | Afghanistan | India | China | Nepal | Bangladesh | Bhutan
0%
8Tajikistan | Pakistan | Afghanistan | India | China | Nepal | Bangladesh | Bhutan
0%
8Tajikistan | Pakistan | Afghanistan | India | China | Nepal | Bangladesh | Bhutan
0%
8Tajikistan | Pakistan | Afghanistan | India | China | Nepal | Bangladesh | Bhutan
0%
8Tajikistan | Pakistan | Afghanistan | India | China | Nepal | Bangladesh | Bhutan
0%
8Tajikistan | Pakistan | Afghanistan | India | China | Nepal | Bangladesh | Bhutan
0%
8Tajikistan | Pakistan | Afghanistan | India | China | Nepal | Bangladesh | Bhutan
0%
8Tajikistan | Pakistan | Afghanistan | India | China | Nepal | Bangladesh | Bhutan
0%
8Tajikistan | Pakistan | Afghanistan | India | China | Nepal | Bangladesh | Bhutan
0%
8Tajikistan | Pakistan | Afghanistan | India | China | Nepal | Bangladesh | Bhutan
0%
8Tajikistan | Pakistan | Afghanistan | India | China | Nepal | Bangladesh | Bhutan
0%
8Tajikistan | Pakistan | Afghanistan | India | China | Nepal | Bangladesh | Bhutan
0%
8Tajikistan | Pakistan | Afghanistan | India | China | Nepal | Bangladesh | Bhutan
0%
8Tajikistan | Pakistan | Afghanistan | India | China | Nepal | Bangladesh | Bhutan
0%
8Tajikistan | Pakistan | Afghanistan | India | China | Nepal | Bangladesh | Bhutan
0%
8Tajikistan | Pakistan | Afghanistan | India | China | Nepal | Bangladesh | Bhutan
0%
8Tajikistan | Pakistan | Afghanistan | India | China | Nepal | Bangladesh | Bhutan
0%
8Tajikistan | Pakistan | Afghanistan | India | China | Nepal | Bangladesh | Bhutan
0%
8Tajikistan | Pakistan | Afghanistan | India | China | Nepal | Bangladesh | Bhutan
0%
8Tajikistan | Pakistan | Afghanistan | India | China | Nepal | Bangladesh | Bhutan
0%
8Tajikistan | Pakistan | Afghanistan | India | China | Nepal | Bangladesh | Bhutan
0%
8Tajikistan | Pakistan | Afghanistan | India | China | Nepal | Bangladesh | Bhutan
0%
8Tajikistan | Pakistan | Afghanistan | India | China | Nepal | Bangladesh | Bhutan
0%
8Tajikistan | Pakistan | Afghanistan | India | China | Nepal | Bangladesh | Bhutan
0%
8Tajikistan | Pakistan | Afghanistan | India | China | Nepal | Bangladesh | Bhutan
0%
8Tajikistan | Pakistan | Afghanistan | India | China | Nepal | Bangladesh | Bhutan
0%
8Tajikistan | Pakistan | Afghanistan | India | China | Nepal | Bangladesh | Bhutan
0%
8Tunisia | Italy | Malta | Greece | Turkey | Egypt | Libya | Algeria
0%
8Tunisia | Italy | Malta | Greece | Turkey | Egypt | Libya | Algeria
0%
8Tunisia | Italy | Malta | Greece | Turkey | Egypt | Libya | Algeria
0%
8Tunisia | Italy | Malta | Greece | Turkey | Egypt | Libya | Algeria
0%
8Tunisia | Italy | Malta | Greece | Turkey | Egypt | Libya | Algeria
0%
8Tunisia | Italy | Malta | Greece | Turkey | Egypt | Libya | Algeria
0%
8Tunisia | Italy | Malta | Greece | Turkey | Egypt | Libya | Algeria
0%
8Tunisia | Italy | Malta | Greece | Turkey | Egypt | Libya | Algeria
0%
8Tunisia | Italy | Malta | Greece | Turkey | Egypt | Libya | Algeria
0%
8Tunisia | Italy | Malta | Greece | Turkey | Egypt | Libya | Algeria
0%
8Tunisia | Italy | Malta | Greece | Turkey | Egypt | Libya | Algeria
0%
8Tunisia | Italy | Malta | Greece | Turkey | Egypt | Libya | Algeria
0%
8Tunisia | Italy | Malta | Greece | Turkey | Egypt | Libya | Algeria
0%
8Tunisia | Italy | Malta | Greece | Turkey | Egypt | Libya | Algeria
0%
8Tunisia | Italy | Malta | Greece | Turkey | Egypt | Libya | Algeria
0%
8Tunisia | Italy | Malta | Greece | Turkey | Egypt | Libya | Algeria
0%
8Tunisia | Italy | Malta | Greece | Turkey | Egypt | Libya | Algeria
0%
8Tunisia | Italy | Malta | Greece | Turkey | Egypt | Libya | Algeria
0%
8Tunisia | Italy | Malta | Greece | Turkey | Egypt | Libya | Algeria
0%
8Tunisia | Italy | Malta | Greece | Turkey | Egypt | Libya | Algeria
0%
8Tunisia | Italy | Malta | Greece | Turkey | Egypt | Libya | Algeria
0%
8Tunisia | Italy | Malta | Greece | Turkey | Egypt | Libya | Algeria
0%
8Tunisia | Italy | Malta | Greece | Turkey | Egypt | Libya | Algeria
0%
8Tunisia | Italy | Malta | Greece | Turkey | Egypt | Libya | Algeria
0%
8Tunisia | Italy | Malta | Greece | Turkey | Egypt | Libya | Algeria
0%
8Tunisia | Italy | Malta | Greece | Turkey | Egypt | Libya | Algeria
0%
8Tunisia | Italy | Malta | Greece | Turkey | Egypt | Libya | Algeria
0%
8Tunisia | Italy | Malta | Greece | Turkey | Egypt | Libya | Algeria
0%
8Tunisia | Italy | Malta | Greece | Turkey | Egypt | Libya | Algeria
0%
8Tunisia | Italy | Malta | Greece | Turkey | Egypt | Libya | Algeria
0%
8Tunisia | Italy | Malta | Greece | Turkey | Egypt | Libya | Algeria
0%
8Tunisia | Italy | Malta | Greece | Turkey | Egypt | Libya | Algeria
0%
8Tunisia | Italy | Malta | Greece | Turkey | Egypt | Libya | Algeria
0%
8Tunisia | Italy | Malta | Greece | Turkey | Egypt | Libya | Algeria
0%
8Tunisia | Italy | Malta | Greece | Turkey | Egypt | Libya | Algeria
0%
8Tunisia | Italy | Malta | Greece | Turkey | Egypt | Libya | Algeria
0%
8Tunisia | Italy | Malta | Greece | Turkey | Egypt | Libya | Algeria
0%
8Tunisia | Italy | Malta | Greece | Turkey | Egypt | Libya | Algeria
0%
8Tunisia | Italy | Malta | Greece | Turkey | Egypt | Libya | Algeria
0%
8Tunisia | Italy | Malta | Greece | Turkey | Egypt | Libya | Algeria
0%
8Tunisia | Italy | Malta | Greece | Turkey | Egypt | Libya | Algeria
0%
8Tunisia | Italy | Malta | Greece | Turkey | Egypt | Libya | Algeria
0%
8Tunisia | Italy | Malta | Greece | Turkey | Egypt | Libya | Algeria
0%
8Tunisia | Italy | Malta | Greece | Turkey | Egypt | Libya | Algeria
0%
8Tunisia | Italy | Malta | Greece | Turkey | Egypt | Libya | Algeria
0%
8Tunisia | Italy | Malta | Greece | Turkey | Egypt | Libya | Algeria
0%
8Tunisia | Italy | Malta | Greece | Turkey | Egypt | Libya | Algeria
0%
8Tunisia | Italy | Malta | Greece | Turkey | Egypt | Libya | Algeria
0%
8Tunisia | Italy | Malta | Greece | Turkey | Egypt | Libya | Algeria
0%
8Tunisia | Italy | Malta | Greece | Turkey | Egypt | Libya | Algeria
0%
8Tunisia | Italy | Malta | Greece | Turkey | Egypt | Libya | Algeria
0%
8Tunisia | Italy | Malta | Greece | Turkey | Egypt | Libya | Algeria
0%
8Tunisia | Italy | Malta | Greece | Turkey | Egypt | Libya | Algeria
0%
8Tunisia | Italy | Malta | Greece | Turkey | Egypt | Libya | Algeria
0%
8Tunisia | Italy | Malta | Greece | Turkey | Egypt | Libya | Algeria
0%
8Tunisia | Italy | Malta | Greece | Turkey | Egypt | Libya | Algeria
0%
8Tunisia | Italy | Malta | Greece | Turkey | Egypt | Libya | Algeria
0%
8Tunisia | Italy | Malta | Greece | Turkey | Egypt | Libya | Algeria
0%
8Tunisia | Italy | Malta | Greece | Turkey | Egypt | Libya | Algeria
0%
8Tunisia | Italy | Malta | Greece | Turkey | Egypt | Libya | Algeria
0%
8Tunisia | Italy | Malta | Greece | Turkey | Egypt | Libya | Algeria
0%
8Tunisia | Italy | Malta | Greece | Turkey | Egypt | Libya | Algeria
0%
8Tunisia | Italy | Malta | Greece | Turkey | Egypt | Libya | Algeria
0%
8Tunisia | Italy | Malta | Greece | Turkey | Egypt | Libya | Algeria
0%
8Tunisia | Italy | Malta | Greece | Turkey | Egypt | Libya | Algeria
0%
8Tunisia | Italy | Malta | Greece | Turkey | Egypt | Libya | Algeria
0%
8Tunisia | Italy | Malta | Greece | Turkey | Egypt | Libya | Algeria
0%
8Tunisia | Italy | Malta | Greece | Turkey | Egypt | Libya | Algeria
0%
13Turkey | Syria | Cyprus | Egypt | Israel | Lebanon | Jordan | Saudi Arabia | Kuwait | Iraq | Iran | Bahrain | Qatar
0%
13Turkey | Syria | Cyprus | Egypt | Israel | Lebanon | Jordan | Saudi Arabia | Kuwait | Iraq | Iran | Bahrain | Qatar
0%
13Turkey | Syria | Cyprus | Egypt | Israel | Lebanon | Jordan | Saudi Arabia | Kuwait | Iraq | Iran | Bahrain | Qatar
0%
13Turkey | Syria | Cyprus | Egypt | Israel | Lebanon | Jordan | Saudi Arabia | Kuwait | Iraq | Iran | Bahrain | Qatar
0%
13Turkey | Syria | Cyprus | Egypt | Israel | Lebanon | Jordan | Saudi Arabia | Kuwait | Iraq | Iran | Bahrain | Qatar
0%
13Turkey | Syria | Cyprus | Egypt | Israel | Lebanon | Jordan | Saudi Arabia | Kuwait | Iraq | Iran | Bahrain | Qatar
0%
13Turkey | Syria | Cyprus | Egypt | Israel | Lebanon | Jordan | Saudi Arabia | Kuwait | Iraq | Iran | Bahrain | Qatar
0%
13Turkey | Syria | Cyprus | Egypt | Israel | Lebanon | Jordan | Saudi Arabia | Kuwait | Iraq | Iran | Bahrain | Qatar
0%
13Turkey | Syria | Cyprus | Egypt | Israel | Lebanon | Jordan | Saudi Arabia | Kuwait | Iraq | Iran | Bahrain | Qatar
0%
13Turkey | Syria | Cyprus | Egypt | Israel | Lebanon | Jordan | Saudi Arabia | Kuwait | Iraq | Iran | Bahrain | Qatar
0%
13Turkey | Syria | Cyprus | Egypt | Israel | Lebanon | Jordan | Saudi Arabia | Kuwait | Iraq | Iran | Bahrain | Qatar
0%
13Turkey | Syria | Cyprus | Egypt | Israel | Lebanon | Jordan | Saudi Arabia | Kuwait | Iraq | Iran | Bahrain | Qatar
0%
13Turkey | Syria | Cyprus | Egypt | Israel | Lebanon | Jordan | Saudi Arabia | Kuwait | Iraq | Iran | Bahrain | Qatar
0%
13Turkey | Syria | Cyprus | Egypt | Israel | Lebanon | Jordan | Saudi Arabia | Kuwait | Iraq | Iran | Bahrain | Qatar
0%
13Turkey | Syria | Cyprus | Egypt | Israel | Lebanon | Jordan | Saudi Arabia | Kuwait | Iraq | Iran | Bahrain | Qatar
0%
13Turkey | Syria | Cyprus | Egypt | Israel | Lebanon | Jordan | Saudi Arabia | Kuwait | Iraq | Iran | Bahrain | Qatar
0%
13Turkey | Syria | Cyprus | Egypt | Israel | Lebanon | Jordan | Saudi Arabia | Kuwait | Iraq | Iran | Bahrain | Qatar
0%
13Turkey | Syria | Cyprus | Egypt | Israel | Lebanon | Jordan | Saudi Arabia | Kuwait | Iraq | Iran | Bahrain | Qatar
0%
13Turkey | Syria | Cyprus | Egypt | Israel | Lebanon | Jordan | Saudi Arabia | Kuwait | Iraq | Iran | Bahrain | Qatar
0%
13Turkey | Syria | Cyprus | Egypt | Israel | Lebanon | Jordan | Saudi Arabia | Kuwait | Iraq | Iran | Bahrain | Qatar
0%
13Turkey | Syria | Cyprus | Egypt | Israel | Lebanon | Jordan | Saudi Arabia | Kuwait | Iraq | Iran | Bahrain | Qatar
0%
13Turkey | Syria | Cyprus | Egypt | Israel | Lebanon | Jordan | Saudi Arabia | Kuwait | Iraq | Iran | Bahrain | Qatar
0%
13Turkey | Syria | Cyprus | Egypt | Israel | Lebanon | Jordan | Saudi Arabia | Kuwait | Iraq | Iran | Bahrain | Qatar
0%
13Turkey | Syria | Cyprus | Egypt | Israel | Lebanon | Jordan | Saudi Arabia | Kuwait | Iraq | Iran | Bahrain | Qatar
0%
13Turkey | Syria | Cyprus | Egypt | Israel | Lebanon | Jordan | Saudi Arabia | Kuwait | Iraq | Iran | Bahrain | Qatar
0%
13Turkey | Syria | Cyprus | Egypt | Israel | Lebanon | Jordan | Saudi Arabia | Kuwait | Iraq | Iran | Bahrain | Qatar
0%
13Turkey | Syria | Cyprus | Egypt | Israel | Lebanon | Jordan | Saudi Arabia | Kuwait | Iraq | Iran | Bahrain | Qatar
0%
13Turkey | Syria | Cyprus | Egypt | Israel | Lebanon | Jordan | Saudi Arabia | Kuwait | Iraq | Iran | Bahrain | Qatar
0%
13Turkey | Syria | Cyprus | Egypt | Israel | Lebanon | Jordan | Saudi Arabia | Kuwait | Iraq | Iran | Bahrain | Qatar
0%
13Turkey | Syria | Cyprus | Egypt | Israel | Lebanon | Jordan | Saudi Arabia | Kuwait | Iraq | Iran | Bahrain | Qatar
0%
13Turkey | Syria | Cyprus | Egypt | Israel | Lebanon | Jordan | Saudi Arabia | Kuwait | Iraq | Iran | Bahrain | Qatar
0%
13Turkey | Syria | Cyprus | Egypt | Israel | Lebanon | Jordan | Saudi Arabia | Kuwait | Iraq | Iran | Bahrain | Qatar
0%
13Turkey | Syria | Cyprus | Egypt | Israel | Lebanon | Jordan | Saudi Arabia | Kuwait | Iraq | Iran | Bahrain | Qatar
0%
13Turkey | Syria | Cyprus | Egypt | Israel | Lebanon | Jordan | Saudi Arabia | Kuwait | Iraq | Iran | Bahrain | Qatar
0%
13Turkey | Syria | Cyprus | Egypt | Israel | Lebanon | Jordan | Saudi Arabia | Kuwait | Iraq | Iran | Bahrain | Qatar
0%
13Turkey | Syria | Cyprus | Egypt | Israel | Lebanon | Jordan | Saudi Arabia | Kuwait | Iraq | Iran | Bahrain | Qatar
0%
13Turkey | Syria | Cyprus | Egypt | Israel | Lebanon | Jordan | Saudi Arabia | Kuwait | Iraq | Iran | Bahrain | Qatar
0%
13Turkey | Syria | Cyprus | Egypt | Israel | Lebanon | Jordan | Saudi Arabia | Kuwait | Iraq | Iran | Bahrain | Qatar
0%
13Turkey | Syria | Cyprus | Egypt | Israel | Lebanon | Jordan | Saudi Arabia | Kuwait | Iraq | Iran | Bahrain | Qatar
0%
13Turkey | Syria | Cyprus | Egypt | Israel | Lebanon | Jordan | Saudi Arabia | Kuwait | Iraq | Iran | Bahrain | Qatar
0%
13Turkey | Syria | Cyprus | Egypt | Israel | Lebanon | Jordan | Saudi Arabia | Kuwait | Iraq | Iran | Bahrain | Qatar
0%
13Turkey | Syria | Cyprus | Egypt | Israel | Lebanon | Jordan | Saudi Arabia | Kuwait | Iraq | Iran | Bahrain | Qatar
0%
13Turkey | Syria | Cyprus | Egypt | Israel | Lebanon | Jordan | Saudi Arabia | Kuwait | Iraq | Iran | Bahrain | Qatar
0%
13Turkey | Syria | Cyprus | Egypt | Israel | Lebanon | Jordan | Saudi Arabia | Kuwait | Iraq | Iran | Bahrain | Qatar
0%
13Turkey | Syria | Cyprus | Egypt | Israel | Lebanon | Jordan | Saudi Arabia | Kuwait | Iraq | Iran | Bahrain | Qatar
0%
13Turkey | Syria | Cyprus | Egypt | Israel | Lebanon | Jordan | Saudi Arabia | Kuwait | Iraq | Iran | Bahrain | Qatar
0%
13Turkey | Syria | Cyprus | Egypt | Israel | Lebanon | Jordan | Saudi Arabia | Kuwait | Iraq | Iran | Bahrain | Qatar
0%
13Turkey | Syria | Cyprus | Egypt | Israel | Lebanon | Jordan | Saudi Arabia | Kuwait | Iraq | Iran | Bahrain | Qatar
0%
13Turkey | Syria | Cyprus | Egypt | Israel | Lebanon | Jordan | Saudi Arabia | Kuwait | Iraq | Iran | Bahrain | Qatar
0%
13Turkey | Syria | Cyprus | Egypt | Israel | Lebanon | Jordan | Saudi Arabia | Kuwait | Iraq | Iran | Bahrain | Qatar
0%
13Turkey | Syria | Cyprus | Egypt | Israel | Lebanon | Jordan | Saudi Arabia | Kuwait | Iraq | Iran | Bahrain | Qatar
0%
13Turkey | Syria | Cyprus | Egypt | Israel | Lebanon | Jordan | Saudi Arabia | Kuwait | Iraq | Iran | Bahrain | Qatar
0%
13Turkey | Syria | Cyprus | Egypt | Israel | Lebanon | Jordan | Saudi Arabia | Kuwait | Iraq | Iran | Bahrain | Qatar
0%
13Turkey | Syria | Cyprus | Egypt | Israel | Lebanon | Jordan | Saudi Arabia | Kuwait | Iraq | Iran | Bahrain | Qatar
0%
13Turkey | Syria | Cyprus | Egypt | Israel | Lebanon | Jordan | Saudi Arabia | Kuwait | Iraq | Iran | Bahrain | Qatar
0%
13Turkey | Syria | Cyprus | Egypt | Israel | Lebanon | Jordan | Saudi Arabia | Kuwait | Iraq | Iran | Bahrain | Qatar
0%
13Turkey | Syria | Cyprus | Egypt | Israel | Lebanon | Jordan | Saudi Arabia | Kuwait | Iraq | Iran | Bahrain | Qatar
0%
13Turkey | Syria | Cyprus | Egypt | Israel | Lebanon | Jordan | Saudi Arabia | Kuwait | Iraq | Iran | Bahrain | Qatar
0%
13Turkey | Syria | Cyprus | Egypt | Israel | Lebanon | Jordan | Saudi Arabia | Kuwait | Iraq | Iran | Bahrain | Qatar
0%
13Turkey | Syria | Cyprus | Egypt | Israel | Lebanon | Jordan | Saudi Arabia | Kuwait | Iraq | Iran | Bahrain | Qatar
0%
13Turkey | Syria | Cyprus | Egypt | Israel | Lebanon | Jordan | Saudi Arabia | Kuwait | Iraq | Iran | Bahrain | Qatar
0%
13Turkey | Syria | Cyprus | Egypt | Israel | Lebanon | Jordan | Saudi Arabia | Kuwait | Iraq | Iran | Bahrain | Qatar
0%
13Turkey | Syria | Cyprus | Egypt | Israel | Lebanon | Jordan | Saudi Arabia | Kuwait | Iraq | Iran | Bahrain | Qatar
0%
8Ukraine | Russia | Armenia | Georgia | Azerbaijan | Turkey | Iran | Kazakhstan
0%
8Ukraine | Russia | Armenia | Georgia | Azerbaijan | Turkey | Iran | Kazakhstan
0%
8Ukraine | Russia | Armenia | Georgia | Azerbaijan | Turkey | Iran | Kazakhstan
0%
8Ukraine | Russia | Armenia | Georgia | Azerbaijan | Turkey | Iran | Kazakhstan
0%
8Ukraine | Russia | Armenia | Georgia | Azerbaijan | Turkey | Iran | Kazakhstan
0%
8Ukraine | Russia | Armenia | Georgia | Azerbaijan | Turkey | Iran | Kazakhstan
0%
8Ukraine | Russia | Armenia | Georgia | Azerbaijan | Turkey | Iran | Kazakhstan
0%
8Ukraine | Russia | Armenia | Georgia | Azerbaijan | Turkey | Iran | Kazakhstan
0%
8Ukraine | Russia | Armenia | Georgia | Azerbaijan | Turkey | Iran | Kazakhstan
0%
8Ukraine | Russia | Armenia | Georgia | Azerbaijan | Turkey | Iran | Kazakhstan
0%
8Ukraine | Russia | Armenia | Georgia | Azerbaijan | Turkey | Iran | Kazakhstan
0%
8Ukraine | Russia | Armenia | Georgia | Azerbaijan | Turkey | Iran | Kazakhstan
0%
8Ukraine | Russia | Armenia | Georgia | Azerbaijan | Turkey | Iran | Kazakhstan
0%
8Ukraine | Russia | Armenia | Georgia | Azerbaijan | Turkey | Iran | Kazakhstan
0%
8Ukraine | Russia | Armenia | Georgia | Azerbaijan | Turkey | Iran | Kazakhstan
0%
8Ukraine | Russia | Armenia | Georgia | Azerbaijan | Turkey | Iran | Kazakhstan
0%
8Ukraine | Russia | Armenia | Georgia | Azerbaijan | Turkey | Iran | Kazakhstan
0%
8Ukraine | Russia | Armenia | Georgia | Azerbaijan | Turkey | Iran | Kazakhstan
0%
8Ukraine | Russia | Armenia | Georgia | Azerbaijan | Turkey | Iran | Kazakhstan
0%
8Ukraine | Russia | Armenia | Georgia | Azerbaijan | Turkey | Iran | Kazakhstan
0%
8Ukraine | Russia | Armenia | Georgia | Azerbaijan | Turkey | Iran | Kazakhstan
0%
8Ukraine | Russia | Armenia | Georgia | Azerbaijan | Turkey | Iran | Kazakhstan
0%
8Ukraine | Russia | Armenia | Georgia | Azerbaijan | Turkey | Iran | Kazakhstan
0%
8Ukraine | Russia | Armenia | Georgia | Azerbaijan | Turkey | Iran | Kazakhstan
0%
8Ukraine | Russia | Armenia | Georgia | Azerbaijan | Turkey | Iran | Kazakhstan
0%
8Ukraine | Russia | Armenia | Georgia | Azerbaijan | Turkey | Iran | Kazakhstan
0%
8Ukraine | Russia | Armenia | Georgia | Azerbaijan | Turkey | Iran | Kazakhstan
0%
8Ukraine | Russia | Armenia | Georgia | Azerbaijan | Turkey | Iran | Kazakhstan
0%
8Ukraine | Russia | Armenia | Georgia | Azerbaijan | Turkey | Iran | Kazakhstan
0%
8Ukraine | Russia | Armenia | Georgia | Azerbaijan | Turkey | Iran | Kazakhstan
0%
8Ukraine | Russia | Armenia | Georgia | Azerbaijan | Turkey | Iran | Kazakhstan
0%
8Ukraine | Russia | Armenia | Georgia | Azerbaijan | Turkey | Iran | Kazakhstan
0%
8Ukraine | Russia | Armenia | Georgia | Azerbaijan | Turkey | Iran | Kazakhstan
0%
8Ukraine | Russia | Armenia | Georgia | Azerbaijan | Turkey | Iran | Kazakhstan
0%
8Ukraine | Russia | Armenia | Georgia | Azerbaijan | Turkey | Iran | Kazakhstan
0%
8Ukraine | Russia | Armenia | Georgia | Azerbaijan | Turkey | Iran | Kazakhstan
0%
8Ukraine | Russia | Armenia | Georgia | Azerbaijan | Turkey | Iran | Kazakhstan
0%
8Ukraine | Russia | Armenia | Georgia | Azerbaijan | Turkey | Iran | Kazakhstan
0%
8Ukraine | Russia | Armenia | Georgia | Azerbaijan | Turkey | Iran | Kazakhstan
0%
8Ukraine | Russia | Armenia | Georgia | Azerbaijan | Turkey | Iran | Kazakhstan
0%
8Ukraine | Russia | Armenia | Georgia | Azerbaijan | Turkey | Iran | Kazakhstan
0%
8Ukraine | Russia | Armenia | Georgia | Azerbaijan | Turkey | Iran | Kazakhstan
0%
8Ukraine | Russia | Armenia | Georgia | Azerbaijan | Turkey | Iran | Kazakhstan
0%
8Ukraine | Russia | Armenia | Georgia | Azerbaijan | Turkey | Iran | Kazakhstan
0%
8Ukraine | Russia | Armenia | Georgia | Azerbaijan | Turkey | Iran | Kazakhstan
0%
8Ukraine | Russia | Armenia | Georgia | Azerbaijan | Turkey | Iran | Kazakhstan
0%
8Ukraine | Russia | Armenia | Georgia | Azerbaijan | Turkey | Iran | Kazakhstan
0%
8Ukraine | Russia | Armenia | Georgia | Azerbaijan | Turkey | Iran | Kazakhstan
0%
8Ukraine | Russia | Armenia | Georgia | Azerbaijan | Turkey | Iran | Kazakhstan
0%
8Ukraine | Russia | Armenia | Georgia | Azerbaijan | Turkey | Iran | Kazakhstan
0%
8Ukraine | Russia | Armenia | Georgia | Azerbaijan | Turkey | Iran | Kazakhstan
0%
8Ukraine | Russia | Armenia | Georgia | Azerbaijan | Turkey | Iran | Kazakhstan
0%
8Ukraine | Russia | Armenia | Georgia | Azerbaijan | Turkey | Iran | Kazakhstan
0%
8Ukraine | Russia | Armenia | Georgia | Azerbaijan | Turkey | Iran | Kazakhstan
0%
8Ukraine | Russia | Armenia | Georgia | Azerbaijan | Turkey | Iran | Kazakhstan
0%
8Ukraine | Russia | Armenia | Georgia | Azerbaijan | Turkey | Iran | Kazakhstan
0%
8Ukraine | Russia | Armenia | Georgia | Azerbaijan | Turkey | Iran | Kazakhstan
0%
8Ukraine | Russia | Armenia | Georgia | Azerbaijan | Turkey | Iran | Kazakhstan
0%
8Ukraine | Russia | Armenia | Georgia | Azerbaijan | Turkey | Iran | Kazakhstan
0%
8Ukraine | Russia | Armenia | Georgia | Azerbaijan | Turkey | Iran | Kazakhstan
0%
8Ukraine | Russia | Armenia | Georgia | Azerbaijan | Turkey | Iran | Kazakhstan
0%
8Ukraine | Russia | Armenia | Georgia | Azerbaijan | Turkey | Iran | Kazakhstan
0%
8Ukraine | Russia | Armenia | Georgia | Azerbaijan | Turkey | Iran | Kazakhstan
0%
1United States
0%
1United States
0%
1United States
0%
1United States
0%
1United States
0%
1United States
0%
1United States
0%
1United States
0%
1United States
0%
1United States
0%
1United States
0%
1United States
0%
1United States
0%
1United States
0%
1United States
0%
1United States
0%
1United States
0%
1United States
0%
1United States
0%
1United States
0%
1United States
0%
1United States
0%
1United States
0%
1United States
0%
1United States
0%
1United States
0%
1United States
0%
1United States
0%
1United States
0%
1United States
0%
1United States
0%
1United States
0%
1United States
0%
1United States
0%
1United States
0%
1United States
0%
1United States
0%
1United States
0%
1United States
0%
1United States
0%
1United States
0%
1United States
0%
1United States
0%
1United States
0%
1United States
0%
1United States
0%
1United States
0%
1United States
0%
1United States
0%
1United States
0%
1United States
0%
1United States
0%
1United States
0%
1United States
0%
1United States
0%
1United States
0%
1United States
0%
1United States
0%
1United States
0%
1United States
0%
1United States
0%
1United States
0%
1United States
0%
1United States
0%
1United States
0%
1United States
0%
1United States
0%
1United States
0%
1United States
0%
1United States
0%
1United States
0%
1United States
0%
1United States
0%
1United States
0%
1United States
0%
1United States
0%
1United States
0%
1United States
0%
1United States
0%
1United States
0%
1United States
0%
1United States
0%
1United States
0%
1United States
0%
1United States
0%
1United States
0%
1United States
0%
1United States
0%
1United States
0%
1United States
0%
1United States
0%
1United States
0%
1United States
0%
1United States
0%
1United States
0%
1United States
0%
1United States
0%
1United States
0%
1United States
0%
1United States
0%
1United States
0%
1United States
0%
1United States
0%
1United States
0%
1United States
0%
1United States
0%
1United States
0%
1United States
0%
1United States
0%
1United States
0%
1United States
0%
1United States
0%
1United States
0%
1United States
0%
1United States
0%
1United States
0%
1United States
0%
1United States
0%
1United States
0%
1United States
0%
1United States
0%
1United States
0%
1United States
0%
1United States
0%
1United States
0%
1United States
0%
1United States
0%
1United States
0%
1United States
0%
1United States
0%
1United States
0%
1United States
0%
1United States
0%
1United States
0%
1United States
0%
1United States
0%
1United States
0%
1United States
0%
1United States
0%
1United States
0%
1United States
0%
1United States
0%
1United States
0%
1United States
0%
1United States
0%
1United States
0%
1United States
0%
1United States
0%
1United States
0%
1United States
0%
1United States
0%
1United States
0%
1United States
0%
1United States
0%
1United States
0%
1United States
0%
1United States
0%
1United States
0%
1United States
0%
1United States
0%
1United States
0%
1United States
0%
1United States
0%
1United States
0%
1United States
0%
1United States
0%
1United States
0%
1United States
0%
1United States
0%
1United States
0%
1United States
0%
1United States
0%
1United States
0%
1United States
0%
1United States
0%
1United States
0%
1United States
0%
1United States
0%
1United States
0%
1United States
0%
1United States
0%
1United States
0%
1United States
0%
1United States
0%
1United States
0%
1United States
0%
1United States
0%
1United States
0%
1United States
0%
1United States
0%
1United States
0%
1United States
0%
1United States
0%
1United States
0%
1United States
0%
1United States
0%
1United States
0%
1United States
0%
1United States
0%
1United States
0%
1United States
0%
2United States | Bahamas
0%
2United States | Bahamas
0%
2United States | Bahamas
0%
2United States | Bahamas
0%
2United States | Bahamas
0%
2United States | Bahamas
0%
2United States | Bahamas
0%
2United States | Bahamas
0%
2United States | Bahamas
0%
2United States | Bahamas
0%
2United States | Bahamas
0%
2United States | Bahamas
0%
2United States | Bahamas
0%
2United States | Bahamas
0%
2United States | Bahamas
0%
2United States | Bahamas
0%
2United States | Bahamas
0%
2United States | Bahamas
0%
2United States | Bahamas
0%
2United States | Bahamas
0%
2United States | Bahamas
0%
2United States | Bahamas
0%
2United States | Bahamas
0%
2United States | Bahamas
0%
2United States | Bahamas
0%
2United States | Bahamas
0%
2United States | Bahamas
0%
2United States | Bahamas
0%
2United States | Bahamas
0%
2United States | Bahamas
0%
2United States | Bahamas
0%
2United States | Bahamas
0%
2United States | Bahamas
0%
2United States | Bahamas
0%
2United States | Bahamas
0%
2United States | Bahamas
0%
2United States | Bahamas
0%
2United States | Bahamas
0%
2United States | Bahamas
0%
2United States | Bahamas
0%
2United States | Bahamas
0%
2United States | Bahamas
0%
2United States | Bahamas
0%
2United States | Bahamas
0%
2United States | Bahamas
0%
2United States | Bahamas
0%
2United States | Bahamas
0%
2United States | Bahamas
0%
2United States | Bahamas
0%
2United States | Bahamas
0%
2United States | Bahamas
0%
2United States | Bahamas
0%
2United States | Bahamas
0%
2United States | Bahamas
0%
2United States | Bahamas
0%
2United States | Bahamas
0%
2United States | Bahamas
0%
2United States | Bahamas
0%
2United States | Bahamas
0%
2United States | Bahamas
0%
2United States | Bahamas
0%
2United States | Bahamas
0%
2United States | Bahamas
0%
2United States | Bahamas
0%
2United States | Bahamas
0%
2United States | Bahamas
0%
2United States | Bahamas
0%
2United States | Bahamas
0%
2United States | Bahamas
0%
2United States | Bahamas
0%
2United States | Bahamas
0%
2United States | Bahamas
0%
2United States | Bahamas
0%
2United States | Bahamas
0%
2United States | Bahamas
0%
2United States | Bahamas
0%
2United States | Bahamas
0%
2United States | Bahamas
0%
2United States | Bahamas
0%
2United States | Bahamas
0%
2United States | Bahamas
0%
2United States | Bahamas
0%
2United States | Bahamas
0%
2United States | Bahamas
0%
2United States | Bahamas
0%
2United States | Bahamas
0%
2United States | Canada
0%
2United States | Canada
0%
2United States | Canada
0%
2United States | Canada
0%
2United States | Canada
0%
2United States | Canada
0%
2United States | Canada
0%
2United States | Canada
0%
2United States | Canada
0%
2United States | Canada
0%
2United States | Canada
0%
2United States | Canada
0%
2United States | Canada
0%
2United States | Canada
0%
2United States | Canada
0%
2United States | Canada
0%
2United States | Canada
0%
2United States | Canada
0%
2United States | Canada
0%
2United States | Canada
0%
2United States | Canada
0%
2United States | Canada
0%
2United States | Canada
0%
2United States | Canada
0%
2United States | Canada
0%
2United States | Canada
0%
2United States | Canada
0%
2United States | Canada
0%
2United States | Canada
0%
2United States | Canada
0%
2United States | Canada
0%
2United States | Canada
0%
2United States | Canada
0%
2United States | Canada
0%
2United States | Canada
0%
2United States | Canada
0%
2United States | Canada
0%
2United States | Canada
0%
2United States | Canada
0%
2United States | Canada
0%
2United States | Canada
0%
2United States | Canada
0%
2United States | Canada
0%
2United States | Canada
0%
2United States | Canada
0%
2United States | Canada
0%
2United States | Canada
0%
2United States | Canada
0%
2United States | Canada
0%
2United States | Canada
0%
2United States | Canada
0%
2United States | Canada
0%
2United States | Canada
0%
2United States | Canada
0%
2United States | Canada
0%
2United States | Canada
0%
2United States | Canada
0%
2United States | Canada
0%
2United States | Canada
0%
2United States | Canada
0%
2United States | Canada
0%
2United States | Canada
0%
2United States | Canada
0%
2United States | Canada
0%
2United States | Canada
0%
2United States | Canada
0%
2United States | Canada
0%
2United States | Canada
0%
2United States | Canada
0%
2United States | Canada
0%
2United States | Canada
0%
2United States | Canada
0%
2United States | Canada
0%
2United States | Canada
0%
2United States | Canada
0%
2United States | Canada
0%
2United States | Canada
0%
2United States | Canada
0%
2United States | Canada
0%
2United States | Canada
0%
2United States | Canada
0%
2United States | Canada
0%
2United States | Canada
0%
2United States | Canada
0%
2United States | Canada
0%
2United States | Canada
0%
2United States | Canada
0%
2United States | Canada
0%
2United States | Canada
0%
2United States | Canada
0%
2United States | Canada
0%
2United States | Canada
0%
2United States | Canada
0%
2United States | Canada
0%
2United States | Canada
0%
2United States | Canada
0%
2United States | Canada
0%
2United States | Canada
0%
2United States | Canada
0%
2United States | Canada
0%
2United States | Canada
0%
2United States | Canada
0%
2United States | Canada
0%
2United States | Canada
0%
2United States | Canada
0%
2United States | Canada
0%
2United States | Canada
0%
2United States | Canada
0%
2United States | Canada
0%
2United States | Canada
0%
2United States | Canada
0%
2United States | Canada
0%
2United States | Canada
0%
2United States | Canada
0%
2United States | Canada
0%
2United States | Canada
0%
2United States | Canada
0%
2United States | Canada
0%
2United States | Canada
0%
2United States | Canada
0%
2United States | Canada
0%
2United States | Canada
0%
2United States | Canada
0%
2United States | Canada
0%
2United States | Canada
0%
2United States | Canada
0%
2United States | Canada
0%
2United States | Canada
0%
2United States | Canada
0%
2United States | Canada
0%
2United States | Canada
0%
2United States | Canada
0%
2United States | Canada
0%
2United States | Canada
0%
2United States | Canada
0%
2United States | Canada
0%
2United States | Canada
0%
2United States | Canada
0%
2United States | Canada
0%
2United States | Canada
0%
2United States | Canada
0%
2United States | Canada
0%
2United States | Canada
0%
2United States | Canada
0%
2United States | Canada
0%
2United States | Canada
0%
2United States | Canada
0%
2United States | Canada
0%
2United States | Canada
0%
2United States | Canada
0%
2United States | Canada
0%
2United States | Canada
0%
2United States | Canada
0%
2United States | Canada
0%
2United States | Canada
0%
2United States | Canada
0%
2United States | Canada
0%
2United States | Canada
0%
2United States | Canada
0%
2United States | Canada
0%
2United States | Canada
0%
2United States | Canada
0%
2United States | Canada
0%
2United States | Canada
0%
2United States | Canada
0%
2United States | Canada
0%
2United States | Canada
0%
2United States | Canada
0%
2United States | Canada
0%
2United States | Canada
0%
2United States | Canada
0%
2United States | Canada
0%
2United States | Canada
0%
2United States | Canada
0%
2United States | Canada
0%
2United States | Canada
0%
2United States | Canada
0%
2United States | Canada
0%
2United States | Canada
0%
2United States | Canada
0%
2United States | Canada
0%
2United States | Canada
0%
2United States | Canada
0%
2United States | Canada
0%
2United States | Canada
0%
2United States | Canada
0%
2United States | Canada
0%
2United States | Canada
0%
2United States | Canada
0%
2United States | Canada
0%
2United States | Canada
0%
2United States | Canada
0%
2United States | Canada
0%
2United States | Canada
0%
2United States | Canada
0%
2United States | Canada
0%
2United States | Canada
0%
2United States | Canada
0%
2United States | Canada
0%
2United States | Canada
0%
2United States | Canada
0%
2United States | Canada
0%
2United States | Canada
0%
2United States | Canada
0%
2United States | Canada
0%
2United States | Canada
0%
2United States | Canada
0%
2United States | Canada
0%
2United States | Canada
0%
2United States | Canada
0%
2United States | Canada
0%
2United States | Canada
0%
2United States | Canada
0%
2United States | Canada
0%
2United States | Canada
0%
2United States | Canada
0%
2United States | Canada
0%
2United States | Canada
0%
2United States | Canada
0%
2United States | Canada
0%
2United States | Canada
0%
2United States | Canada
0%
2United States | Canada
0%
2United States | Canada
0%
2United States | Canada
0%
2United States | Canada
0%
2United States | Canada
0%
2United States | Canada
0%
2United States | Canada
0%
2United States | Canada
0%
2United States | Canada
0%
2United States | Canada
0%
2United States | Canada
0%
2United States | Canada
0%
2United States | Canada
0%
2United States | Canada
0%
2United States | Canada
0%
2United States | Canada
0%
2United States | Canada
0%
2United States | Canada
0%
2United States | Canada
0%
2United States | Canada
0%
2United States | Canada
0%
2United States | Canada
0%
2United States | Canada
0%
2United States | Canada
0%
2United States | Canada
0%
2United States | Canada
0%
2United States | Canada
0%
2United States | Canada
0%
2United States | Canada
0%
2United States | Canada
0%
2United States | Canada
0%
2United States | Canada
0%
2United States | Canada
0%
2United States | Canada
0%
2United States | Canada
0%
2United States | Canada
0%
2United States | Canada
0%
2United States | Canada
0%
2United States | Canada
0%
2United States | Canada
0%
2United States | Canada
0%
2United States | Canada
0%
2United States | Canada
0%
2United States | Canada
0%
2United States | Canada
0%
2United States | Canada
0%
2United States | Canada
0%
2United States | Canada
0%
2United States | Canada
0%
2United States | Canada
0%
2United States | Canada
0%
2United States | Canada
0%
2United States | Canada
0%
2United States | Canada
0%
2United States | Canada
0%
2United States | Canada
0%
2United States | Canada
0%
2United States | Canada
0%
2United States | Canada
0%
2United States | Canada
0%
2United States | Canada
0%
2United States | Canada
0%
2United States | Canada
0%
2United States | Canada
0%
2United States | Canada
0%
2United States | Canada
0%
2United States | Canada
0%
2United States | Canada
0%
2United States | Canada
0%
2United States | Canada
0%
2United States | Canada
0%
2United States | Canada
0%
2United States | Canada
0%
2United States | Canada
0%
2United States | Canada
0%
2United States | Canada
0%
2United States | Canada
0%
2United States | Canada
0%
2United States | Canada
0%
2United States | Canada
0%
2United States | Canada
0%
2United States | Canada
0%
2United States | Canada
0%
2United States | Canada
0%
2United States | Canada
0%
2United States | Canada
0%
2United States | Canada
0%
2United States | Canada
0%
2United States | Canada
0%
2United States | Canada
0%
2United States | Canada
0%
2United States | Canada
0%
2United States | Canada
0%
2United States | Canada
0%
2United States | Canada
0%
2United States | Canada
0%
2United States | Canada
0%
2United States | Canada
0%
2United States | Canada
0%
2United States | Canada
0%
2United States | Canada
0%
2United States | Canada
0%
2United States | Canada
0%
2United States | Canada
0%
2United States | Canada
0%
2United States | Canada
0%
2United States | Canada
0%
2United States | Canada
0%
2United States | Canada
0%
2United States | Canada
0%
2United States | Canada
0%
2United States | Canada
0%
2United States | Canada
0%
2United States | Canada
0%
2United States | Canada
0%
2United States | Canada
0%
2United States | Canada
0%
2United States | Canada
0%
2United States | Canada
0%
2United States | Canada
0%
2United States | Canada
0%
2United States | Canada
0%
2United States | Canada
0%
2United States | Canada
0%
2United States | Canada
0%
2United States | Canada
0%
2United States | Canada
0%
2United States | Canada
0%
2United States | Canada
0%
2United States | Canada
0%
2United States | Canada
0%
2United States | Canada
0%
2United States | Canada
0%
2United States | Canada
0%
2United States | Canada
0%
2United States | Canada
0%
2United States | Canada
0%
2United States | Canada
0%
2United States | Canada
0%
2United States | Canada
0%
2United States | Canada
0%
2United States | Canada
0%
2United States | Canada
0%
2United States | Canada
0%
2United States | Canada
0%
2United States | Canada
0%
2United States | Canada
0%
2United States | Canada
0%
2United States | Canada
0%
2United States | Canada
0%
2United States | Canada
0%
2United States | Canada
0%
2United States | Canada
0%
2United States | Canada
0%
2United States | Canada
0%
2United States | Canada
0%
2United States | Canada
0%
2United States | Canada
0%
2United States | Canada
0%
2United States | Canada
0%
2United States | Canada
0%
2United States | Canada
0%
2United States | Canada
0%
2United States | Canada
0%
2United States | Canada
0%
2United States | Canada
0%
2United States | Canada
0%
2United States | Canada
0%
2United States | Canada
0%
2United States | Canada
0%
2United States | Canada
0%
2United States | Canada
0%
2United States | Canada
0%
2United States | Canada
0%
2United States | Canada
0%
2United States | Canada
0%
2United States | Canada
0%
2United States | Canada
0%
2United States | Canada
0%
2United States | Canada
0%
2United States | Canada
0%
2United States | Canada
0%
2United States | Canada
0%
2United States | Canada
0%
2United States | Canada
0%
2United States | Canada
0%
2United States | Canada
0%
2United States | Canada
0%
2United States | Canada
0%
2United States | Canada
0%
2United States | Canada
0%
2United States | Canada
0%
2United States | Canada
0%
2United States | Canada
0%
2United States | Canada
0%
2United States | Canada
0%
2United States | Canada
0%
2United States | Canada
0%
2United States | Canada
0%
2United States | Canada
0%
2United States | Canada
0%
2United States | Canada
0%
2United States | Canada
0%
2United States | Canada
0%
2United States | Canada
0%
2United States | Canada
0%
2United States | Canada
0%
2United States | Canada
0%
2United States | Canada
0%
2United States | Canada
0%
2United States | Canada
0%
2United States | Canada
0%
2United States | Canada
0%
2United States | Canada
0%
2United States | Canada
0%
2United States | Canada
0%
2United States | Canada
0%
2United States | Canada
0%
2United States | Mexico
0%
2United States | Mexico
0%
2United States | Mexico
0%
2United States | Mexico
0%
2United States | Mexico
0%
2United States | Mexico
0%
2United States | Mexico
0%
2United States | Mexico
0%
2United States | Mexico
0%
2United States | Mexico
0%
2United States | Mexico
0%
2United States | Mexico
0%
2United States | Mexico
0%
2United States | Mexico
0%
2United States | Mexico
0%
2United States | Mexico
0%
2United States | Mexico
0%
2United States | Mexico
0%
2United States | Mexico
0%
2United States | Mexico
0%
2United States | Mexico
0%
2United States | Mexico
0%
2United States | Mexico
0%
2United States | Mexico
0%
2United States | Mexico
0%
2United States | Mexico
0%
2United States | Mexico
0%
2United States | Mexico
0%
2United States | Mexico
0%
2United States | Mexico
0%
2United States | Mexico
0%
2United States | Mexico
0%
2United States | Mexico
0%
2United States | Mexico
0%
2United States | Mexico
0%
2United States | Mexico
0%
2United States | Mexico
0%
2United States | Mexico
0%
2United States | Mexico
0%
2United States | Mexico
0%
2United States | Mexico
0%
2United States | Mexico
0%
2United States | Mexico
0%
2United States | Mexico
0%
2United States | Mexico
0%
2United States | Mexico
0%
2United States | Mexico
0%
2United States | Mexico
0%
2United States | Mexico
0%
2United States | Mexico
0%
2United States | Mexico
0%
2United States | Mexico
0%
2United States | Mexico
0%
2United States | Mexico
0%
2United States | Mexico
0%
2United States | Mexico
0%
2United States | Mexico
0%
2United States | Mexico
0%
2United States | Mexico
0%
2United States | Mexico
0%
2United States | Mexico
0%
2United States | Mexico
0%
2United States | Mexico
0%
2United States | Mexico
0%
2United States | Mexico
0%
2United States | Mexico
0%
2United States | Mexico
0%
2United States | Mexico
0%
2United States | Mexico
0%
2United States | Mexico
0%
2United States | Mexico
0%
2United States | Mexico
0%
2United States | Mexico
0%
2United States | Mexico
0%
2United States | Mexico
0%
2United States | Mexico
0%
2United States | Mexico
0%
2United States | Mexico
0%
2United States | Mexico
0%
2United States | Mexico
0%
2United States | Mexico
0%
2United States | Mexico
0%
2United States | Mexico
0%
2United States | Mexico
0%
2United States | Mexico
0%
2United States | Mexico
0%
2United States | Mexico
0%
2United States | Mexico
0%
2United States | Mexico
0%
2United States | Mexico
0%
2United States | Mexico
0%
2United States | Mexico
0%
2United States | Mexico
0%
2United States | Mexico
0%
2United States | Mexico
0%
2United States | Mexico
0%
2United States | Mexico
0%
2United States | Mexico
0%
2United States | Mexico
0%
2United States | Mexico
0%
2United States | Mexico
0%
2United States | Mexico
0%
2United States | Mexico
0%
2United States | Mexico
0%
2United States | Mexico
0%
2United States | Mexico
0%
2United States | Mexico
0%
2United States | Mexico
0%
2United States | Mexico
0%
2United States | Mexico
0%
2United States | Mexico
0%
2United States | Mexico
0%
2United States | Mexico
0%
2United States | Mexico
0%
2United States | Mexico
0%
2United States | Mexico
0%
2United States | Mexico
0%
2United States | Mexico
0%
2United States | Mexico
0%
2United States | Mexico
0%
2United States | Mexico
0%
2United States | Mexico
0%
2United States | Mexico
0%
2United States | Mexico
0%
2United States | Mexico
0%
2United States | Mexico
0%
2United States | Mexico
0%
2United States | Mexico
0%
2United States | Mexico
0%
2United States | Mexico
0%
2United States | Mexico
0%
2United States | Mexico
0%
2United States | Mexico
0%
2United States | Mexico
0%
2United States | Mexico
0%
2United States | Mexico
0%
2United States | Mexico
0%
2United States | Mexico
0%
2United States | Mexico
0%
2United States | Mexico
0%
2United States | Mexico
0%
2United States | Mexico
0%
2United States | Mexico
0%
2United States | Mexico
0%
2United States | Mexico
0%
7Vietnam | Cambodia | Myanmar | Malaysia | Thailand | Singapore | Indonesia
0%
7Vietnam | Cambodia | Myanmar | Malaysia | Thailand | Singapore | Indonesia
0%
7Vietnam | Cambodia | Myanmar | Malaysia | Thailand | Singapore | Indonesia
0%
7Vietnam | Cambodia | Myanmar | Malaysia | Thailand | Singapore | Indonesia
0%
7Vietnam | Cambodia | Myanmar | Malaysia | Thailand | Singapore | Indonesia
0%
7Vietnam | Cambodia | Myanmar | Malaysia | Thailand | Singapore | Indonesia
0%
7Vietnam | Cambodia | Myanmar | Malaysia | Thailand | Singapore | Indonesia
0%
7Vietnam | Cambodia | Myanmar | Malaysia | Thailand | Singapore | Indonesia
0%
7Vietnam | Cambodia | Myanmar | Malaysia | Thailand | Singapore | Indonesia
0%
7Vietnam | Cambodia | Myanmar | Malaysia | Thailand | Singapore | Indonesia
0%
7Vietnam | Cambodia | Myanmar | Malaysia | Thailand | Singapore | Indonesia
0%
7Vietnam | Cambodia | Myanmar | Malaysia | Thailand | Singapore | Indonesia
0%
7Vietnam | Cambodia | Myanmar | Malaysia | Thailand | Singapore | Indonesia
0%
7Vietnam | Cambodia | Myanmar | Malaysia | Thailand | Singapore | Indonesia
0%
7Vietnam | Cambodia | Myanmar | Malaysia | Thailand | Singapore | Indonesia
0%
7Vietnam | Cambodia | Myanmar | Malaysia | Thailand | Singapore | Indonesia
0%
7Vietnam | Cambodia | Myanmar | Malaysia | Thailand | Singapore | Indonesia
0%
7Vietnam | Cambodia | Myanmar | Malaysia | Thailand | Singapore | Indonesia
0%
7Vietnam | Cambodia | Myanmar | Malaysia | Thailand | Singapore | Indonesia
0%
7Vietnam | Cambodia | Myanmar | Malaysia | Thailand | Singapore | Indonesia
0%
7Vietnam | Cambodia | Myanmar | Malaysia | Thailand | Singapore | Indonesia
0%
7Vietnam | Cambodia | Myanmar | Malaysia | Thailand | Singapore | Indonesia
0%
7Vietnam | Cambodia | Myanmar | Malaysia | Thailand | Singapore | Indonesia
0%
7Vietnam | Cambodia | Myanmar | Malaysia | Thailand | Singapore | Indonesia
0%
7Vietnam | Cambodia | Myanmar | Malaysia | Thailand | Singapore | Indonesia
0%
7Vietnam | Cambodia | Myanmar | Malaysia | Thailand | Singapore | Indonesia
0%
7Vietnam | Cambodia | Myanmar | Malaysia | Thailand | Singapore | Indonesia
0%
7Vietnam | Cambodia | Myanmar | Malaysia | Thailand | Singapore | Indonesia
0%
7Vietnam | Cambodia | Myanmar | Malaysia | Thailand | Singapore | Indonesia
0%
7Vietnam | Cambodia | Myanmar | Malaysia | Thailand | Singapore | Indonesia
0%
7Vietnam | Cambodia | Myanmar | Malaysia | Thailand | Singapore | Indonesia
0%
7Vietnam | Cambodia | Myanmar | Malaysia | Thailand | Singapore | Indonesia
0%
7Vietnam | Cambodia | Myanmar | Malaysia | Thailand | Singapore | Indonesia
0%
7Vietnam | Cambodia | Myanmar | Malaysia | Thailand | Singapore | Indonesia
0%
7Vietnam | Cambodia | Myanmar | Malaysia | Thailand | Singapore | Indonesia
0%
7Vietnam | Cambodia | Myanmar | Malaysia | Thailand | Singapore | Indonesia
0%
7Vietnam | Cambodia | Myanmar | Malaysia | Thailand | Singapore | Indonesia
0%
7Vietnam | Cambodia | Myanmar | Malaysia | Thailand | Singapore | Indonesia
0%
7Vietnam | Cambodia | Myanmar | Malaysia | Thailand | Singapore | Indonesia
0%
7Vietnam | Cambodia | Myanmar | Malaysia | Thailand | Singapore | Indonesia
0%
7Vietnam | Cambodia | Myanmar | Malaysia | Thailand | Singapore | Indonesia
0%
7Vietnam | Cambodia | Myanmar | Malaysia | Thailand | Singapore | Indonesia
0%
7Vietnam | Cambodia | Myanmar | Malaysia | Thailand | Singapore | Indonesia
0%
7Vietnam | Cambodia | Myanmar | Malaysia | Thailand | Singapore | Indonesia
0%
7Vietnam | Cambodia | Myanmar | Malaysia | Thailand | Singapore | Indonesia
0%
7Vietnam | Cambodia | Myanmar | Malaysia | Thailand | Singapore | Indonesia
0%
7Vietnam | Cambodia | Myanmar | Malaysia | Thailand | Singapore | Indonesia
0%
7Vietnam | Cambodia | Myanmar | Malaysia | Thailand | Singapore | Indonesia
0%
7Vietnam | Cambodia | Myanmar | Malaysia | Thailand | Singapore | Indonesia
0%
7Vietnam | Cambodia | Myanmar | Malaysia | Thailand | Singapore | Indonesia
0%
7Vietnam | Cambodia | Myanmar | Malaysia | Thailand | Singapore | Indonesia
0%
7Vietnam | Cambodia | Myanmar | Malaysia | Thailand | Singapore | Indonesia
0%
7Vietnam | Cambodia | Myanmar | Malaysia | Thailand | Singapore | Indonesia
0%
7Vietnam | Cambodia | Myanmar | Malaysia | Thailand | Singapore | Indonesia
0%
7Vietnam | Cambodia | Myanmar | Malaysia | Thailand | Singapore | Indonesia
0%
7Vietnam | Cambodia | Myanmar | Malaysia | Thailand | Singapore | Indonesia
0%
7Vietnam | Cambodia | Myanmar | Malaysia | Thailand | Singapore | Indonesia
0%
7Vietnam | Cambodia | Myanmar | Malaysia | Thailand | Singapore | Indonesia
0%
7Vietnam | Cambodia | Myanmar | Malaysia | Thailand | Singapore | Indonesia
0%
7Vietnam | Cambodia | Myanmar | Malaysia | Thailand | Singapore | Indonesia
0%
7Vietnam | Cambodia | Myanmar | Malaysia | Thailand | Singapore | Indonesia
0%
7Vietnam | Cambodia | Myanmar | Malaysia | Thailand | Singapore | Indonesia
0%
7Vietnam | Cambodia | Myanmar | Malaysia | Thailand | Singapore | Indonesia
0%
7Vietnam | Cambodia | Myanmar | Malaysia | Thailand | Singapore | Indonesia
0%
7Vietnam | Cambodia | Myanmar | Malaysia | Thailand | Singapore | Indonesia
0%
7Vietnam | Cambodia | Myanmar | Malaysia | Thailand | Singapore | Indonesia
0%
7Vietnam | Cambodia | Myanmar | Malaysia | Thailand | Singapore | Indonesia
0%
7Vietnam | Cambodia | Myanmar | Malaysia | Thailand | Singapore | Indonesia
0%
7Vietnam | Cambodia | Myanmar | Malaysia | Thailand | Singapore | Indonesia
0%
7Vietnam | Cambodia | Myanmar | Malaysia | Thailand | Singapore | Indonesia
0%
7Vietnam | Cambodia | Myanmar | Malaysia | Thailand | Singapore | Indonesia
0%
7Vietnam | Cambodia | Myanmar | Malaysia | Thailand | Singapore | Indonesia
0%

Score Distribution

Percentile by Number Answered

Percent of People with Each Score

Your Score History

You have not taken this quiz